{"text_format":"3","workbook":"xls","n_sheets":7,"sheets":["Rekapitulácia stavby","01 - SO 01 Pavilon D,  I....","02 - SO 02 Pavilon D   I....","03 - SO 03 Pavilon D - IV...","04 - SO 04 Pavilon D,  IV...","05 - SO 05 Výmena radiato...","06 - SO 06 Pavilon D - IV..."],"not_rendered":{"external_links":1,"defined_names":20},"read":"whole","date_system":"1900","formulas":"cached_only"}

{"sheet":"Rekapitulácia stavby","index":0,"n_rows":100,"n_cols":91,"rows_kept":100,"merged":[[1,43,1,56],[4,10,4,40],[5,10,5,40],[22,4,22,39],[25,36,25,40],[27,11,27,15],[27,22,27,30],[27,36,27,40],[28,11,28,15],[28,22,28,30],[28,36,28,40],[29,11,29,15],[29,22,29,30],[29,36,29,40],[30,11,30,15],[30,22,30,30],[30,36,30,40],[31,11,31,15],[31,22,31,30],[31,36,31,40],[32,11,32,15],[32,22,32,30],[32,36,32,40],[34,23,34,27],[34,36,34,40],[84,11,84,40],[86,38,86,39],[88,38,88,41],[88,44,90,45],[89,38,89,41],[91,2,91,6],[91,8,91,31],[91,32,91,38],[91,39,91,41],[93,32,93,38],[93,39,93,41],[94,3,94,7],[94,9,94,31],[94,32,94,38],[94,39,94,41],[95,3,95,7],[95,9,95,31],[95,32,95,38],[95,39,95,41],[96,3,96,7],[96,9,96,31],[96,32,96,38],[96,39,96,41],[97,3,97,7],[97,9,97,31],[97,32,97,38],[97,39,97,41],[98,3,98,7],[98,9,98,31],[98,32,98,38],[98,39,98,41],[99,3,99,7],[99,9,99,31],[99,32,99,38],[99,39,99,41]],"flags":["formulas_cached_only"]}
["Export Komplet",{"$nulls":50},"","2.0","",{"$nulls":17},"False","False","{215b020e-925e-43ca-a195-5482d76b4672}"]
[{"$nulls":43},">>  skryté stĺpce  <<",{"$nulls":26},"0,001","20"]
[{"$nulls":70},"0,001","20"]
[{"$nulls":3},"REKAPITULÁCIA STAVBY",{"$nulls":40},"v ---  nižšie sa nachádzajú doplnkové a pomocné údaje k zostavám  --- v",{"$nulls":25},"0,001"]
[{"$nulls":3},"Kód:",{"$nulls":6},"13714-3",{"$nulls":59},"0,001"]
[{"$nulls":3},"Stavba:",{"$nulls":6},"Rekonštrukcia izieb a chodbových priestorov v pavilóne \"D\"",{"$nulls":59},"0,001"]
[{"$nulls":3},"JKSO:",{"$nulls":6},"",{"$nulls":25},"KS:",null,null,"",{"$nulls":30},"0,001"]
[{"$nulls":3},"Miesto:",{"$nulls":6},"Trebišov ",{"$nulls":25},"Dátum:",null,null,"1. 10. 2019",{"$nulls":30},"0,001"]
[{"$nulls":70},"0,001"]
[{"$nulls":3},"Objednávateľ:",{"$nulls":32},"IČO:",null,null,"",{"$nulls":30},"0,001"]
[{"$nulls":4},"LUMEN ŠZ, ZpS a DSS Trebišov",{"$nulls":31},"IČ DPH:",null,null,"",{"$nulls":30},"0,001"]
[{"$nulls":70},"0,001"]
[{"$nulls":3},"Zhotoviteľ:",{"$nulls":32},"IČO:",null,null,"",{"$nulls":30},"0,001"]
[{"$nulls":4}," ",{"$nulls":31},"IČ DPH:",null,null,"",{"$nulls":30},"0,001"]
[{"$nulls":70},"False"]
[{"$nulls":3},"Projektant:",{"$nulls":32},"IČO:",null,null,"",{"$nulls":30},"False"]
[{"$nulls":4}," ",{"$nulls":31},"IČ DPH:",null,null,"",{"$nulls":30},"True"]
[{"$nulls":70},"0,01"]
[{"$nulls":3},"Spracovateľ:",{"$nulls":32},"IČO:",null,null,"",{"$nulls":30},"0,01"]
[{"$nulls":4}," ",{"$nulls":31},"IČ DPH:",null,null,"",{"$nulls":30},"True"]
[]
[{"$nulls":3},"Poznámka:"]
[{"$nulls":4},""]
[]
[]
[{"$nulls":3},"Cena bez DPH",{"$nulls":32},{"v":0,"d":"0.00"}]
[]
[{"$nulls":11},"Sadzba dane",{"$nulls":10},"Základ dane",{"$nulls":13},"Výška dane"]
[{"$nulls":3},"DPH",null,"základná",{"$nulls":5},{"v":0.2,"d":"20.00%"},{"$nulls":10},{"v":0,"d":"0.00"},{"$nulls":13},{"v":0,"d":"0.00"}]
[{"$nulls":5},"znížená",{"$nulls":5},{"v":0.2,"d":"20.00%"},{"$nulls":10},{"v":0,"d":"0.00"},{"$nulls":13},{"v":0,"d":"0.00"}]
[{"$nulls":5},"zákl. prenesená",{"$nulls":5},{"v":0.2,"d":"20.00%"},{"$nulls":10},{"v":0,"d":"0.00"},{"$nulls":13},{"v":0,"d":"0.00"}]
[{"$nulls":5},"zníž. prenesená",{"$nulls":5},{"v":0.2,"d":"20.00%"},{"$nulls":10},{"v":0,"d":"0.00"},{"$nulls":13},{"v":0,"d":"0.00"}]
[{"$nulls":5},"nulová",{"$nulls":5},{"v":0,"d":"0.00%"},{"$nulls":10},{"v":0,"d":"0.00"},{"$nulls":13},{"v":0,"d":"0.00"}]
[]
[{"$nulls":3},"Cena s DPH",{"$nulls":15},"v",{"$nulls":3},"EUR",{"$nulls":12},{"v":0,"d":"0.00"}]
{"$rows_empty":13}
[{"$nulls":3},"Projektant",{"$nulls":29},"Spracovateľ"]
{"$rows_empty":10}
[{"$nulls":3},"Dátum a podpis:",{"$nulls":17},"Pečiatka",{"$nulls":11},"Dátum a podpis:",{"$nulls":4},"Pečiatka"]
[]
[]
[]
[{"$nulls":3},"Objednávateľ",{"$nulls":29},"Zhotoviteľ"]
{"$rows_empty":10}
[{"$nulls":3},"Dátum a podpis:",{"$nulls":17},"Pečiatka",{"$nulls":11},"Dátum a podpis:",{"$nulls":4},"Pečiatka"]
[]
[]
[]
[]
[]
[]
[null,null,"REKAPITULÁCIA OBJEKTOV STAVBY"]
[]
[null,null,"Kód:",{"$nulls":8},"13714-3"]
[null,null,"Stavba:",{"$nulls":8},"Rekonštrukcia izieb a chodbových priestorov v pavilóne \"D\""]
[]
[null,null,"Miesto:",{"$nulls":8},"Trebišov ",{"$nulls":22},"Dátum:",{"$nulls":3},"1. 10. 2019"]
[]
[null,null,"Objednávateľ:",{"$nulls":8},"LUMEN ŠZ, ZpS a DSS Trebišov",{"$nulls":22},"Projektant:",{"$nulls":3}," ",{"$nulls":5},"Informatívne údaje z listov zákaziek"]
[null,null,"Zhotoviteľ:",{"$nulls":8}," ",{"$nulls":22},"Spracovateľ:",{"$nulls":3}," "]
[]
[null,null,"Kód",{"$nulls":5},"Popis",{"$nulls":23},"Cena bez DPH [EUR]",{"$nulls":6},"Cena s DPH [EUR]",null,null,"Typ",null,"z toho Ostat.\r\nnáklady [EUR]","DPH [EUR]","Normohodiny [h]","DPH základná [EUR]","DPH znížená [EUR]","DPH základná prenesená\r\n[EUR]","DPH znížená prenesená\r\n[EUR]","Základňa\r\nDPH základná","Základňa\r\nDPH znížená","Základňa\r\nDPH zákl. prenesená","Základňa\r\nDPH zníž. prenesená","Základňa\r\nDPH nulová"]
[]
[null,null,"Náklady z rozpočtov",{"$nulls":29},{"v":0,"d":"0.00"},{"$nulls":6},{"v":0,"d":"0.00"},null,null,"",null,{"v":0,"d":"0.00"},{"v":0,"d":"0.00"},{"v":2867.38357,"d":"2,867.38357"},{"v":0,"d":"0.00"},{"v":0,"d":"0.00"},{"v":0,"d":"0.00"},{"v":0,"d":"0.00"},{"v":0,"d":"0.00"},{"v":0,"d":"0.00"},{"v":0,"d":"0.00"},{"v":0,"d":"0.00"},{"v":0,"d":"0.00"},{"$nulls":14},"D","0","###NOIMPORT###","IMPORT","{215b020e-925e-43ca-a195-5482d76b4672}","{00000000-0000-0000-0000-000000000000}",{"$nulls":13},""]
["/",null,null,"01",{"$nulls":5},"SO 01 Pavilon D,  I.N.P. -  Ergoterapeutické priestory  ",{"$nulls":22},{"v":0,"d":"0.00"},{"$nulls":6},{"v":0,"d":"0.00"},null,null,"STA",null,{"v":0,"d":"0.00"},{"v":0,"d":"0.00"},{"v":545.3507622999998,"d":"545.35076"},{"v":0,"d":"0.00"},{"v":0,"d":"0.00"},{"v":0,"d":"0.00"},{"v":0,"d":"0.00"},{"v":0,"d":"0.00"},{"v":0,"d":"0.00"},{"v":0,"d":"0.00"},{"v":0,"d":"0.00"},{"v":0,"d":"0.00"},{"$nulls":15},"1",null,"IMPORT","{30cb9ba7-bf92-4c09-8916-8b14df0a6159}","{215b020e-925e-43ca-a195-5482d76b4672}",{"$nulls":13},"","0"]
["/",null,null,"02",{"$nulls":5},"SO 02 Pavilon D   I.N.P. - Miestnosť pre stravovacie účely  ",{"$nulls":22},{"v":0,"d":"0.00"},{"$nulls":6},{"v":0,"d":"0.00"},null,null,"STA",null,{"v":0,"d":"0.00"},{"v":0,"d":"0.00"},{"v":264.6254009,"d":"264.62540"},{"v":0,"d":"0.00"},{"v":0,"d":"0.00"},{"v":0,"d":"0.00"},{"v":0,"d":"0.00"},{"v":0,"d":"0.00"},{"v":0,"d":"0.00"},{"v":0,"d":"0.00"},{"v":0,"d":"0.00"},{"v":0,"d":"0.00"},{"$nulls":15},"1",null,"IMPORT","{165b913a-d63a-4bc6-bece-2807aee9feba}","{215b020e-925e-43ca-a195-5482d76b4672}",{"$nulls":13},"","0"]
["/",null,null,"03",{"$nulls":5},"SO 03 Pavilon D - IV.N.P. - Spoločenská miestnosť ",{"$nulls":22},{"v":0,"d":"0.00"},{"$nulls":6},{"v":0,"d":"0.00"},null,null,"STA",null,{"v":0,"d":"0.00"},{"v":0,"d":"0.00"},{"v":192.32903819999999,"d":"192.32904"},{"v":0,"d":"0.00"},{"v":0,"d":"0.00"},{"v":0,"d":"0.00"},{"v":0,"d":"0.00"},{"v":0,"d":"0.00"},{"v":0,"d":"0.00"},{"v":0,"d":"0.00"},{"v":0,"d":"0.00"},{"v":0,"d":"0.00"},{"$nulls":15},"1",null,"IMPORT","{77160dec-ac6a-4a85-baa3-2bad44027dcf}","{215b020e-925e-43ca-a195-5482d76b4672}",{"$nulls":13},"","0"]
["/",null,null,"04",{"$nulls":5},"SO 04 Pavilon D,  IV.N.P. -  Izolačka ",{"$nulls":22},{"v":0,"d":"0.00"},{"$nulls":6},{"v":0,"d":"0.00"},null,null,"STA",null,{"v":0,"d":"0.00"},{"v":0,"d":"0.00"},{"v":337.27548779999995,"d":"337.27549"},{"v":0,"d":"0.00"},{"v":0,"d":"0.00"},{"v":0,"d":"0.00"},{"v":0,"d":"0.00"},{"v":0,"d":"0.00"},{"v":0,"d":"0.00"},{"v":0,"d":"0.00"},{"v":0,"d":"0.00"},{"v":0,"d":"0.00"},{"$nulls":15},"1",null,"IMPORT","{8f5eed83-33dd-4c8f-8739-61959cdf652a}","{215b020e-925e-43ca-a195-5482d76b4672}",{"$nulls":13},"","0"]
["/",null,null,"05",{"$nulls":5},"SO 05 Výmena radiatorových ventilov a nátery radiatorov a potrubia ",{"$nulls":22},{"v":0,"d":"0.00"},{"$nulls":6},{"v":0,"d":"0.00"},null,null,"STA",null,{"v":0,"d":"0.00"},{"v":0,"d":"0.00"},{"v":484.2878036,"d":"484.28780"},{"v":0,"d":"0.00"},{"v":0,"d":"0.00"},{"v":0,"d":"0.00"},{"v":0,"d":"0.00"},{"v":0,"d":"0.00"},{"v":0,"d":"0.00"},{"v":0,"d":"0.00"},{"v":0,"d":"0.00"},{"v":0,"d":"0.00"},{"$nulls":15},"1",null,"IMPORT","{dde4ec87-112c-463a-9d05-0362379c873c}","{215b020e-925e-43ca-a195-5482d76b4672}",{"$nulls":13},"","0"]
["/",null,null,"06",{"$nulls":5},"SO 06 Pavilon D - IV.N.P.  -  Výmena podláh a maľby ",{"$nulls":22},{"v":0,"d":"0.00"},{"$nulls":6},{"v":0,"d":"0.00"},null,null,"STA",null,{"v":0,"d":"0.00"},{"v":0,"d":"0.00"},{"v":1043.5150765,"d":"1,043.51508"},{"v":0,"d":"0.00"},{"v":0,"d":"0.00"},{"v":0,"d":"0.00"},{"v":0,"d":"0.00"},{"v":0,"d":"0.00"},{"v":0,"d":"0.00"},{"v":0,"d":"0.00"},{"v":0,"d":"0.00"},{"v":0,"d":"0.00"},{"$nulls":15},"1",null,"IMPORT","{dd8cf32e-2b5a-4c6c-9f9d-2a4960b3313a}","{215b020e-925e-43ca-a195-5482d76b4672}",{"$nulls":13},"","0"]

{"sheet":"01 - SO 01 Pavilon D,  I....","index":1,"n_rows":277,"n_cols":65,"rows_kept":277,"merged":[[1,11,1,21],[6,4,6,7],[8,4,8,7],[17,4,17,7],[26,4,26,7],[84,4,84,7],[86,4,86,7],[127,4,127,7],[129,4,129,7]],"flags":["formulas_cached_only"]}
[]
[{"$nulls":11},">>  skryté stĺpce  <<",{"$nulls":33},"{30cb9ba7-bf92-4c09-8916-8b14df0a6159}"]
[{"$nulls":45},"0"]
[{"$nulls":3},"KRYCÍ LIST ROZPOČTU",{"$nulls":8},"v ---  nižšie sa nachádzajú doplnkové a pomocné údaje k zostavám  --- v",{"$nulls":32},"False"]
[]
[{"$nulls":3},"Stavba:"]
[{"$nulls":4},"Rekonštrukcia izieb a chodbových priestorov v pavilóne \"D\""]
[{"$nulls":3},"Objekt:"]
[{"$nulls":4},"01 - SO 01 Pavilon D,  I.N.P. -  Ergoterapeutické priestory  "]
[]
[{"$nulls":3},"JKSO:",null,"",null,null,"KS:",""]
[{"$nulls":3},"Miesto:",null,"Trebišov ",null,null,"Dátum:","1. 10. 2019"]
[]
[{"$nulls":3},"Objednávateľ:",{"$nulls":4},"IČO:",""]
[{"$nulls":4},"LUMEN ŠZ, ZpS a DSS Trebišov",{"$nulls":3},"IČ DPH:",""]
[]
[{"$nulls":3},"Zhotoviteľ:",{"$nulls":4},"IČO:",""]
[{"$nulls":4}," ",{"$nulls":3},"IČ DPH:",""]
[]
[{"$nulls":3},"Projektant:",{"$nulls":4},"IČO:",""]
[{"$nulls":4}," ",{"$nulls":3},"IČ DPH:",""]
[]
[{"$nulls":3},"Spracovateľ:",{"$nulls":4},"IČO:",""]
[{"$nulls":4}," ",{"$nulls":3},"IČ DPH:",""]
[]
[{"$nulls":3},"Poznámka:"]
[{"$nulls":4},""]
[]
[]
[{"$nulls":3},"Cena bez DPH",{"$nulls":5},{"v":0,"d":"0.00"}]
[]
[{"$nulls":5},"Základ dane",null,null,"Sadzba dane","Výška dane"]
[{"$nulls":3},"DPH","základná",{"v":0,"d":"0.00"},null,null,{"v":0.2,"d":"20.00%"},{"v":0,"d":"0.00"}]
[{"$nulls":4},"znížená",{"v":0,"d":"0.00"},null,null,{"v":0.2,"d":"20.00%"},{"v":0,"d":"0.00"}]
[{"$nulls":4},"zákl. prenesená",{"v":0,"d":"0.00"},null,null,{"v":0.2,"d":"20.00%"},{"v":0,"d":"0.00"}]
[{"$nulls":4},"zníž. prenesená",{"v":0,"d":"0.00"},null,null,{"v":0.2,"d":"20.00%"},{"v":0,"d":"0.00"}]
[{"$nulls":4},"nulová",{"v":0,"d":"0.00"},null,null,{"v":0,"d":"0.00%"},{"v":0,"d":"0.00"}]
[]
[{"$nulls":3},"Cena s DPH",null,null,"v","EUR",null,{"v":0,"d":"0.00"}]
{"$rows_empty":10}
[{"$nulls":3},"Projektant",null,null,"Spracovateľ"]
{"$rows_empty":10}
[{"$nulls":3},"Dátum a podpis:",null,"Pečiatka","Dátum a podpis:",null,null,"Pečiatka"]
[]
[]
[]
[{"$nulls":3},"Objednávateľ",null,null,"Zhotoviteľ"]
{"$rows_empty":10}
[{"$nulls":3},"Dátum a podpis:",null,"Pečiatka","Dátum a podpis:",null,null,"Pečiatka"]
[]
[]
[]
[]
[]
[null,null,"REKAPITULÁCIA ROZPOČTU"]
[]
[null,null,"Stavba:"]
[{"$nulls":4},"Rekonštrukcia izieb a chodbových priestorov v pavilóne \"D\""]
[null,null,"Objekt:"]
[{"$nulls":4},"01 - SO 01 Pavilon D,  I.N.P. -  Ergoterapeutické priestory  "]
[]
[null,null,"Miesto:",null,null,"Trebišov ",null,null,"Dátum:","1. 10. 2019"]
[]
[null,null,"Objednávateľ:",null,null,"LUMEN ŠZ, ZpS a DSS Trebišov",null,null,"Projektant:"," "]
[null,null,"Zhotoviteľ:",null,null," ",null,null,"Spracovateľ:"," "]
[]
[null,null,"Kód dielu - Popis",{"$nulls":6},"Cena celkom [EUR]"]
[]
[null,null,"Náklady z rozpočtu",{"$nulls":6},{"v":0,"d":"0.00"},{"$nulls":36},"-1"]
[{"$nulls":3},"HSV - Práce a dodávky HSV",{"$nulls":5},{"v":0,"d":"0.00"}]
[{"$nulls":3},"    4 - Vodorovné konštrukcie",{"$nulls":5},{"v":0,"d":"0.00"}]
[{"$nulls":3},"    6 - Úpravy povrchov, podlahy, osadenie",{"$nulls":5},{"v":0,"d":"0.00"}]
[{"$nulls":3},"    9 - Ostatné konštrukcie a práce-búranie",{"$nulls":5},{"v":0,"d":"0.00"}]
[{"$nulls":3},"    99 - Presun hmôt HSV",{"$nulls":5},{"v":0,"d":"0.00"}]
[{"$nulls":3},"PSV - Práce a dodávky PSV",{"$nulls":5},{"v":0,"d":"0.00"}]
[{"$nulls":3},"    711 - Izolácie proti vode a vlhkosti",{"$nulls":5},{"v":0,"d":"0.00"}]
[{"$nulls":3},"    721 - Zdravotechnika - vnútorná kanalizácia",{"$nulls":5},{"v":0,"d":"0.00"}]
[{"$nulls":3},"    722 - Zdravotechnika - vnútorný vodovod",{"$nulls":5},{"v":0,"d":"0.00"}]
[{"$nulls":3},"    725 - Zdravotechnika - zariaďovacie predmety",{"$nulls":5},{"v":0,"d":"0.00"}]
[{"$nulls":3},"    734 - Ústredné kúrenie - armatúry",{"$nulls":5},{"v":0,"d":"0.00"}]
[{"$nulls":3},"    763 - Konštrukcie - drevostavby",{"$nulls":5},{"v":0,"d":"0.00"}]
[{"$nulls":3},"    766 - Konštrukcie stolárske",{"$nulls":5},{"v":0,"d":"0.00"}]
[{"$nulls":3},"    767 - Konštrukcie doplnkové kovové",{"$nulls":5},{"v":0,"d":"0.00"}]
[{"$nulls":3},"    771 - Podlahy z dlaždíc",{"$nulls":5},{"v":0,"d":"0.00"}]
[{"$nulls":3},"    773 - Podlahy z liateho teraca",{"$nulls":5},{"v":0,"d":"0.00"}]
[{"$nulls":3},"    776 - Podlahy povlakové",{"$nulls":5},{"v":0,"d":"0.00"}]
[{"$nulls":3},"    781 - Obklady",{"$nulls":5},{"v":0,"d":"0.00"}]
[{"$nulls":3},"    783 - Nátery",{"$nulls":5},{"v":0,"d":"0.00"}]
[{"$nulls":3},"    784 - Maľby",{"$nulls":5},{"v":0,"d":"0.00"}]
[{"$nulls":3},"M - Práce a dodávky M",{"$nulls":5},{"v":0,"d":"0.00"}]
[{"$nulls":3},"    21-M - Elektromontáže",{"$nulls":5},{"v":0,"d":"0.00"}]
[]
[]
[]
[]
[]
[]
[null,null,"ROZPOČET"]
[]
[null,null,"Stavba:"]
[{"$nulls":4},"Rekonštrukcia izieb a chodbových priestorov v pavilóne \"D\""]
[null,null,"Objekt:"]
[{"$nulls":4},"01 - SO 01 Pavilon D,  I.N.P. -  Ergoterapeutické priestory  "]
[]
[null,null,"Miesto:",null,null,"Trebišov ",null,null,"Dátum:","1. 10. 2019"]
[]
[null,null,"Objednávateľ:",null,null,"LUMEN ŠZ, ZpS a DSS Trebišov",null,null,"Projektant:"," "]
[null,null,"Zhotoviteľ:",null,null," ",null,null,"Spracovateľ:"," "]
[]
[null,null,"PČ","Typ","Kód","Popis","MJ","Množstvo","J.cena [EUR]","Cena celkom [EUR]","Cenová sústava",null,"","DPH","J. Nh [h]","Nh celkom [h]","J. hmotnosť [t]","Hmotnosť celkom [t]","J. suť [t]","Suť Celkom [t]"]
[null,null,"Náklady z rozpočtu",{"$nulls":6},{"v":0,"d":"0.000"},{"$nulls":5},{"v":545.3507622999998,"d":"545.35076"},null,{"v":7.98927686,"d":"7.98928"},null,{"v":5.468538,"d":"5.46854"},{"$nulls":25},"D","-1",{"$nulls":15},{"v":0,"d":"0.000"}]
[{"$nulls":3},"D","HSV","Práce a dodávky HSV",{"$nulls":3},{"v":0,"d":"0.000"},{"$nulls":5},{"v":211.54687867999996,"d":"211.54688"},null,{"v":5.0853567900000005,"d":"5.08536"},null,{"v":5.151888,"d":"5.15189"},{"$nulls":23},"1",null,"D","0",{"$nulls":3},"ROZPOCET",{"$nulls":11},{"v":0,"d":"0.000"}]
[{"$nulls":3},"D","4","Vodorovné konštrukcie",{"$nulls":3},{"v":0,"d":"0.000"},{"$nulls":5},{"v":1.62741072,"d":"1.62741"},null,{"v":0.0064132799999999995,"d":"0.00641"},null,{"v":0,"d":"0.00000"},{"$nulls":23},"1",null,"D","1",{"$nulls":3},"ROZPOCET",{"$nulls":11},{"v":0,"d":"0.000"}]
[null,null,"1","K","434351141","Debnenie stupňov na podstupňovej doske alebo na teréne pôdorysne priamočiarych zhotovenie","m2",1.488,null,{"v":0,"d":"0.000"},null,null,"","znížená",0.83469,{"v":1.2420187200000001,"d":"1.24202"},0.00431,{"v":0.0064132799999999995,"d":"0.00641"},{"v":0,"d":"0.00000"},{"v":0,"d":"0.00000"},{"$nulls":23},"4",null,"K","2",{"$nulls":3},"ROZPOCET",{"$nulls":5},{"v":0,"d":"0.00"},{"v":0,"d":"0.00"},{"v":0,"d":"0.00"},{"v":0,"d":"0.00"},{"v":0,"d":"0.00"},"2",{"v":0,"d":"0.000"},"4","490661182"]
[null,null,"2","K","434351142","Debnenie stupňov na podstupňovej doske alebo na teréne pôdorysne priamočiarych odstránenie","m2",1.488,null,{"v":0,"d":"0.000"},null,null,"","znížená",{"v":0.259,"d":"0.25900"},{"v":0.385392,"d":"0.38539"},{"v":0,"d":"0.00000"},{"v":0,"d":"0.00000"},{"v":0,"d":"0.00000"},{"v":0,"d":"0.00000"},{"$nulls":23},"4",null,"K","2",{"$nulls":3},"ROZPOCET",{"$nulls":5},{"v":0,"d":"0.00"},{"v":0,"d":"0.00"},{"v":0,"d":"0.00"},{"v":0,"d":"0.00"},{"v":0,"d":"0.00"},"2",{"v":0,"d":"0.000"},"4","1701341511"]
[{"$nulls":3},"D","6","Úpravy povrchov, podlahy, osadenie",{"$nulls":3},{"v":0,"d":"0.000"},{"$nulls":5},{"v":107.12598996,"d":"107.12599"},null,{"v":5.07526851,"d":"5.07527"},null,{"v":0,"d":"0.00000"},{"$nulls":23},"1",null,"D","1",{"$nulls":3},"ROZPOCET",{"$nulls":11},{"v":0,"d":"0.000"}]
[null,null,"3","K","612421431","Oprava vnútorných vápenných omietok stien, v množstve opravenej plochy nad 30 do 50 % štukových","m2",192.254,null,{"v":0,"d":"0.000"},null,null,"","znížená",0.42804,{"v":82.29240216,"d":"82.29240"},0.01899,{"v":3.65090346,"d":"3.65090"},{"v":0,"d":"0.00000"},{"v":0,"d":"0.00000"},{"$nulls":23},"4",null,"K","2",{"$nulls":3},"ROZPOCET",{"$nulls":5},{"v":0,"d":"0.00"},{"v":0,"d":"0.00"},{"v":0,"d":"0.00"},{"v":0,"d":"0.00"},{"v":0,"d":"0.00"},"2",{"v":0,"d":"0.000"},"4","-611278296"]
[null,null,"4","K","612465181","Vnútorná omietka stien štuková napr.BAUMIT, strojné miešanie, ručné nanášanie, VivaMaxima, hr. 3 mm","m2",{"v":15.39,"d":"15.390"},null,{"v":0,"d":"0.000"},null,null,"","znížená",0.31822,{"v":4.8974058000000005,"d":"4.89741"},0.00472,{"v":0.0726408,"d":"0.07264"},{"v":0,"d":"0.00000"},{"v":0,"d":"0.00000"},{"$nulls":23},"4",null,"K","2",{"$nulls":3},"ROZPOCET",{"$nulls":5},{"v":0,"d":"0.00"},{"v":0,"d":"0.00"},{"v":0,"d":"0.00"},{"v":0,"d":"0.00"},{"v":0,"d":"0.00"},"2",{"v":0,"d":"0.000"},"4","-839561388"]
[null,null,"5","K","612481119","Potiahnutie vnútorných stien sklotextílnou mriežkou s celoplošným prilepením nad obklad v kupelni ","m2",{"v":15.39,"d":"15.390"},null,{"v":0,"d":"0.000"},null,null,"","znížená",0.11118,{"v":1.7110602000000001,"d":"1.71106"},0.00415,{"v":0.06386850000000001,"d":"0.06387"},{"v":0,"d":"0.00000"},{"v":0,"d":"0.00000"},{"$nulls":23},"4",null,"K","2",{"$nulls":3},"ROZPOCET",{"$nulls":5},{"v":0,"d":"0.00"},{"v":0,"d":"0.00"},{"v":0,"d":"0.00"},{"v":0,"d":"0.00"},{"v":0,"d":"0.00"},"2",{"v":0,"d":"0.000"},"4","1585451866"]
[null,null,"6","K","631312141","Doplnenie existujúcich mazanín prostým betónom (s dodaním hmôt) bez poteru schodnic v mazaninách","m3",0.335,null,{"v":0,"d":"0.000"},null,null,"","znížená",5.16428,{"v":1.7300338,"d":"1.73003"},2.09525,{"v":0.7019087500000001,"d":"0.70191"},{"v":0,"d":"0.00000"},{"v":0,"d":"0.00000"},{"$nulls":23},"4",null,"K","2",{"$nulls":3},"ROZPOCET",{"$nulls":5},{"v":0,"d":"0.00"},{"v":0,"d":"0.00"},{"v":0,"d":"0.00"},{"v":0,"d":"0.00"},{"v":0,"d":"0.00"},"2",{"v":0,"d":"0.000"},"4","1614403046"]
[null,null,"7","K","632001051","Zhotovenie jednonásobného penetračného náteru pre potery a stierky","m2",{"v":66.4,"d":"66.400"},null,{"v":0,"d":"0.000"},null,null,"","znížená",0.03501,{"v":2.3246640000000003,"d":"2.32466"},{"v":0,"d":"0.00000"},{"v":0,"d":"0.00000"},{"v":0,"d":"0.00000"},{"v":0,"d":"0.00000"},{"$nulls":23},"4",null,"K","2",{"$nulls":3},"ROZPOCET",{"$nulls":5},{"v":0,"d":"0.00"},{"v":0,"d":"0.00"},{"v":0,"d":"0.00"},{"v":0,"d":"0.00"},{"v":0,"d":"0.00"},"2",{"v":0,"d":"0.000"},"4","-1756381404"]
[null,null,"8","M","585520001900","Penetračný náter na báze disperzie napr.BAUMIT Grund, pre samonivelizačné potery a sierky, 25 kg","kg",10.259,null,{"v":0,"d":"0.000"},null,null,"","znížená",{"v":0,"d":"0.00000"},{"v":0,"d":"0.00000"},{"v":0.001,"d":"0.00100"},{"v":0.010259,"d":"0.01026"},{"v":0,"d":"0.00000"},{"v":0,"d":"0.00000"},{"$nulls":23},"8",null,"M","2",{"$nulls":3},"ROZPOCET",{"$nulls":5},{"v":0,"d":"0.00"},{"v":0,"d":"0.00"},{"v":0,"d":"0.00"},{"v":0,"d":"0.00"},{"v":0,"d":"0.00"},"2",{"v":0,"d":"0.000"},"4","-1990185495"]
[null,null,"9","K","632450295","Cementová samonivelizačná stierka napr. BAUMIT Nivello 30, triedy CT-C25-F5, hr. 5 mm","m2",{"v":66.4,"d":"66.400"},null,{"v":0,"d":"0.000"},null,null,"","znížená",0.21341,{"v":14.170424,"d":"14.17042"},0.00867,{"v":0.5756880000000001,"d":"0.57569"},{"v":0,"d":"0.00000"},{"v":0,"d":"0.00000"},{"$nulls":23},"4",null,"K","2",{"$nulls":3},"ROZPOCET",{"$nulls":5},{"v":0,"d":"0.00"},{"v":0,"d":"0.00"},{"v":0,"d":"0.00"},{"v":0,"d":"0.00"},{"v":0,"d":"0.00"},"2",{"v":0,"d":"0.000"},"4","-1418115778"]
[{"$nulls":3},"D","9","Ostatné konštrukcie a práce-búranie",{"$nulls":3},{"v":0,"d":"0.000"},{"$nulls":5},{"v":90.14843599999999,"d":"90.14844"},null,{"v":0.0036750000000000003,"d":"0.00368"},null,{"v":5.151888,"d":"5.15189"},{"$nulls":23},"1",null,"D","1",{"$nulls":3},"ROZPOCET",{"$nulls":11},{"v":0,"d":"0.000"}]
[null,null,"10","K","952901111","Vyčistenie budov pri výške podlaží do 4 m","m2",{"v":73.5,"d":"73.500"},null,{"v":0,"d":"0.000"},null,null,"","znížená",{"v":0.324,"d":"0.32400"},{"v":23.814,"d":"23.81400"},{"v":5e-05,"d":"0.00005"},{"v":0.0036750000000000003,"d":"0.00368"},{"v":0,"d":"0.00000"},{"v":0,"d":"0.00000"},{"$nulls":23},"4",null,"K","2",{"$nulls":3},"ROZPOCET",{"$nulls":5},{"v":0,"d":"0.00"},{"v":0,"d":"0.00"},{"v":0,"d":"0.00"},{"v":0,"d":"0.00"},{"v":0,"d":"0.00"},"2",{"v":0,"d":"0.000"},"4","32014370"]
[null,null,"11","K","965081812","Búranie dlažieb, z kamen., cement., terazzových, čadičových alebo keramických, hr. nad 10 mm,  -0,06500t","m2",{"v":12.9,"d":"12.900"},null,{"v":0,"d":"0.000"},null,null,"","znížená",{"v":0.291,"d":"0.29100"},{"v":3.7539,"d":"3.75390"},{"v":0,"d":"0.00000"},{"v":0,"d":"0.00000"},{"v":0.065,"d":"0.06500"},{"v":0.8385,"d":"0.83850"},{"$nulls":23},"4",null,"K","2",{"$nulls":3},"ROZPOCET",{"$nulls":5},{"v":0,"d":"0.00"},{"v":0,"d":"0.00"},{"v":0,"d":"0.00"},{"v":0,"d":"0.00"},{"v":0,"d":"0.00"},"2",{"v":0,"d":"0.000"},"4","-334060644"]
[null,null,"12","K","974031133","Vysekanie rýh v akomkoľvek murive tehlovom na akúkoľvek maltu do hĺbky 50 mm   -0,00900t rozvody elektroinštalácie ","m",{"v":206.2,"d":"206.200"},null,{"v":0,"d":"0.000"},null,null,"","znížená",{"v":0.236,"d":"0.23600"},{"v":48.663199999999996,"d":"48.66320"},{"v":0,"d":"0.00000"},{"v":0,"d":"0.00000"},{"v":0.009,"d":"0.00900"},{"v":1.8557999999999997,"d":"1.85580"},{"$nulls":23},"4",null,"K","2",{"$nulls":3},"ROZPOCET",{"$nulls":5},{"v":0,"d":"0.00"},{"v":0,"d":"0.00"},{"v":0,"d":"0.00"},{"v":0,"d":"0.00"},{"v":0,"d":"0.00"},"2",{"v":0,"d":"0.000"},"4","-760387893"]
[null,null,"13","K","978059531","Odsekanie a odobratie obkladov stien z obkladačiek vnútorných vrátane podkladovej omietky nad 2 m2,  -0,06800t","m2",36.141,null,{"v":0,"d":"0.000"},null,null,"","znížená",{"v":0.284,"d":"0.28400"},{"v":10.264043999999998,"d":"10.26404"},{"v":0,"d":"0.00000"},{"v":0,"d":"0.00000"},{"v":0.068,"d":"0.06800"},{"v":2.457588,"d":"2.45759"},{"$nulls":23},"4",null,"K","2",{"$nulls":3},"ROZPOCET",{"$nulls":5},{"v":0,"d":"0.00"},{"v":0,"d":"0.00"},{"v":0,"d":"0.00"},{"v":0,"d":"0.00"},{"v":0,"d":"0.00"},"2",{"v":0,"d":"0.000"},"4","-2110244544"]
[null,null,"14","K","979081111","Odvoz sutiny a vybúraných hmôt na skládku do 1 km","t",5.469,null,{"v":0,"d":"0.000"},null,null,"","znížená",{"v":0.598,"d":"0.59800"},{"v":3.270462,"d":"3.27046"},{"v":0,"d":"0.00000"},{"v":0,"d":"0.00000"},{"v":0,"d":"0.00000"},{"v":0,"d":"0.00000"},{"$nulls":23},"4",null,"K","2",{"$nulls":3},"ROZPOCET",{"$nulls":5},{"v":0,"d":"0.00"},{"v":0,"d":"0.00"},{"v":0,"d":"0.00"},{"v":0,"d":"0.00"},{"v":0,"d":"0.00"},"2",{"v":0,"d":"0.000"},"4","287636826"]
[null,null,"15","K","979081121","Odvoz sutiny a vybúraných hmôt na skládku za každý ďalší 1 km","t",{"v":54.69,"d":"54.690"},null,{"v":0,"d":"0.000"},null,null,"","znížená",{"v":0.007,"d":"0.00700"},0.38283,{"v":0,"d":"0.00000"},{"v":0,"d":"0.00000"},{"v":0,"d":"0.00000"},{"v":0,"d":"0.00000"},{"$nulls":23},"4",null,"K","2",{"$nulls":3},"ROZPOCET",{"$nulls":5},{"v":0,"d":"0.00"},{"v":0,"d":"0.00"},{"v":0,"d":"0.00"},{"v":0,"d":"0.00"},{"v":0,"d":"0.00"},"2",{"v":0,"d":"0.000"},"4","-344385576"]
[null,null,"16","K","979089012","Poplatok za skladovanie - betón, tehly, dlaždice (17 01 ), ostatné","t",5.469,null,{"v":0,"d":"0.000"},null,null,"","znížená",{"v":0,"d":"0.00000"},{"v":0,"d":"0.00000"},{"v":0,"d":"0.00000"},{"v":0,"d":"0.00000"},{"v":0,"d":"0.00000"},{"v":0,"d":"0.00000"},{"$nulls":23},"4",null,"K","2",{"$nulls":3},"ROZPOCET",{"$nulls":5},{"v":0,"d":"0.00"},{"v":0,"d":"0.00"},{"v":0,"d":"0.00"},{"v":0,"d":"0.00"},{"v":0,"d":"0.00"},"2",{"v":0,"d":"0.000"},"4","-1825586842"]
[{"$nulls":3},"D","99","Presun hmôt HSV",{"$nulls":3},{"v":0,"d":"0.000"},{"$nulls":5},{"v":12.645042000000002,"d":"12.64504"},null,{"v":0,"d":"0.00000"},null,{"v":0,"d":"0.00000"},{"$nulls":23},"1",null,"D","1",{"$nulls":3},"ROZPOCET",{"$nulls":11},{"v":0,"d":"0.000"}]
[null,null,"17","K","999281111","Presun hmôt pre opravy a údržbu objektov vrátane vonkajších plášťov výšky do 25 m","t",5.134,null,{"v":0,"d":"0.000"},null,null,"","znížená",{"v":2.463,"d":"2.46300"},{"v":12.645042000000002,"d":"12.64504"},{"v":0,"d":"0.00000"},{"v":0,"d":"0.00000"},{"v":0,"d":"0.00000"},{"v":0,"d":"0.00000"},{"$nulls":23},"4",null,"K","2",{"$nulls":3},"ROZPOCET",{"$nulls":5},{"v":0,"d":"0.00"},{"v":0,"d":"0.00"},{"v":0,"d":"0.00"},{"v":0,"d":"0.00"},{"v":0,"d":"0.00"},"2",{"v":0,"d":"0.000"},"4","681861317"]
[{"$nulls":3},"D","PSV","Práce a dodávky PSV",{"$nulls":3},{"v":0,"d":"0.000"},{"$nulls":5},{"v":315.08088361999995,"d":"315.08088"},null,{"v":2.83520607,"d":"2.83521"},null,0.31665,{"$nulls":23},"2",null,"D","0",{"$nulls":3},"ROZPOCET",{"$nulls":11},{"v":0,"d":"0.000"}]
[{"$nulls":3},"D","711","Izolácie proti vode a vlhkosti",{"$nulls":3},{"v":0,"d":"0.000"},{"$nulls":5},{"v":1.0283434,"d":"1.02834"},null,{"v":0.006334000000000001,"d":"0.00633"},null,{"v":0,"d":"0.00000"},{"$nulls":23},"2",null,"D","1",{"$nulls":3},"ROZPOCET",{"$nulls":11},{"v":0,"d":"0.000"}]
[null,null,"18","K","711210230","Zhotovenie izolácie impregnáciou vodorovných povrchov keramických obkladov a dlažieb","m2",{"v":5.8,"d":"5.800"},null,{"v":0,"d":"0.000"},null,null,"","znížená",0.03002,{"v":0.174116,"d":"0.17412"},{"v":0,"d":"0.00000"},{"v":0,"d":"0.00000"},{"v":0,"d":"0.00000"},{"v":0,"d":"0.00000"},{"$nulls":23},"16",null,"K","2",{"$nulls":3},"ROZPOCET",{"$nulls":5},{"v":0,"d":"0.00"},{"v":0,"d":"0.00"},{"v":0,"d":"0.00"},{"v":0,"d":"0.00"},{"v":0,"d":"0.00"},"2",{"v":0,"d":"0.000"},"16","1131390323"]
[null,null,"19","M","245920000800","Impregnácia silikónová napr.CERESIT CT 10 pre škáry a dlažby","l",{"v":1.16,"d":"1.160"},null,{"v":0,"d":"0.000"},null,null,"","znížená",{"v":0,"d":"0.00000"},{"v":0,"d":"0.00000"},{"v":0.001,"d":"0.00100"},0.00116,{"v":0,"d":"0.00000"},{"v":0,"d":"0.00000"},{"$nulls":23},"32",null,"M","2",{"$nulls":3},"ROZPOCET",{"$nulls":5},{"v":0,"d":"0.00"},{"v":0,"d":"0.00"},{"v":0,"d":"0.00"},{"v":0,"d":"0.00"},{"v":0,"d":"0.00"},"2",{"v":0,"d":"0.000"},"16","563666145"]
[null,null,"20","K","711210235","Zhotovenie izolácie impregnáciou zvislých povrchov keramických obkladov a dlažieb","m2",{"v":25.87,"d":"25.870"},null,{"v":0,"d":"0.000"},null,null,"","znížená",0.03302,{"v":0.8542274000000001,"d":"0.85423"},{"v":0,"d":"0.00000"},{"v":0,"d":"0.00000"},{"v":0,"d":"0.00000"},{"v":0,"d":"0.00000"},{"$nulls":23},"16",null,"K","2",{"$nulls":3},"ROZPOCET",{"$nulls":5},{"v":0,"d":"0.00"},{"v":0,"d":"0.00"},{"v":0,"d":"0.00"},{"v":0,"d":"0.00"},{"v":0,"d":"0.00"},"2",{"v":0,"d":"0.000"},"16","1758896369"]
[null,null,"21","M","245920000800","Impregnácia silikónová napr.CERESIT CT 10 pre škáry a dlažby","l",5.174,null,{"v":0,"d":"0.000"},null,null,"","znížená",{"v":0,"d":"0.00000"},{"v":0,"d":"0.00000"},{"v":0.001,"d":"0.00100"},{"v":0.005174000000000001,"d":"0.00517"},{"v":0,"d":"0.00000"},{"v":0,"d":"0.00000"},{"$nulls":23},"32",null,"M","2",{"$nulls":3},"ROZPOCET",{"$nulls":5},{"v":0,"d":"0.00"},{"v":0,"d":"0.00"},{"v":0,"d":"0.00"},{"v":0,"d":"0.00"},{"v":0,"d":"0.00"},"2",{"v":0,"d":"0.000"},"16","-560536559"]
[null,null,"22","K","998711201","Presun hmôt pre izoláciu proti vode v objektoch výšky do 6 m","%",0.562,null,{"v":0,"d":"0.000"},null,null,"","znížená",{"v":0,"d":"0.00000"},{"v":0,"d":"0.00000"},{"v":0,"d":"0.00000"},{"v":0,"d":"0.00000"},{"v":0,"d":"0.00000"},{"v":0,"d":"0.00000"},{"$nulls":23},"16",null,"K","2",{"$nulls":3},"ROZPOCET",{"$nulls":5},{"v":0,"d":"0.00"},{"v":0,"d":"0.00"},{"v":0,"d":"0.00"},{"v":0,"d":"0.00"},{"v":0,"d":"0.00"},"2",{"v":0,"d":"0.000"},"16","1064307575"]
[{"$nulls":3},"D","721","Zdravotechnika - vnútorná kanalizácia",{"$nulls":3},{"v":0,"d":"0.000"},{"$nulls":5},{"v":3.003596,"d":"3.00360"},null,{"v":0.0036739999999999997,"d":"0.00367"},null,{"v":0,"d":"0.00000"},{"$nulls":23},"2",null,"D","1",{"$nulls":3},"ROZPOCET",{"$nulls":11},{"v":0,"d":"0.000"}]
[null,null,"23","K","721170909","Oprava odpadového potrubia novodurového vsadenie odbočky do potrubia D 110, D 114","ks",{"v":1,"d":"1.000"},null,{"v":0,"d":"0.000"},null,null,"","znížená",0.87778,0.87778,{"v":0.0009,"d":"0.00090"},{"v":0.0009,"d":"0.00090"},{"v":0,"d":"0.00000"},{"v":0,"d":"0.00000"},{"$nulls":23},"16",null,"K","2",{"$nulls":3},"ROZPOCET",{"$nulls":5},{"v":0,"d":"0.00"},{"v":0,"d":"0.00"},{"v":0,"d":"0.00"},{"v":0,"d":"0.00"},{"v":0,"d":"0.00"},"2",{"v":0,"d":"0.000"},"16","39456944"]
[null,null,"24","K","721170929","Oprava odpadového potrubia novodurového zhotovenie kolena na sklze do D 114","ks",{"v":1,"d":"1.000"},null,{"v":0,"d":"0.000"},null,null,"","znížená",0.27302,0.27302,{"v":0.0002,"d":"0.00020"},{"v":0.0002,"d":"0.00020"},{"v":0,"d":"0.00000"},{"v":0,"d":"0.00000"},{"$nulls":23},"16",null,"K","2",{"$nulls":3},"ROZPOCET",{"$nulls":5},{"v":0,"d":"0.00"},{"v":0,"d":"0.00"},{"v":0,"d":"0.00"},{"v":0,"d":"0.00"},{"v":0,"d":"0.00"},"2",{"v":0,"d":"0.000"},"16","38391506"]
[null,null,"25","M","286510003600","Koleno PVC-U, DN 110x87° hladká pre gravitačnú kanalizáciu KG potrubia, napr.WAVIN","ks",{"v":1,"d":"1.000"},null,{"v":0,"d":"0.000"},null,null,"","znížená",{"v":0,"d":"0.00000"},{"v":0,"d":"0.00000"},0.00039,0.00039,{"v":0,"d":"0.00000"},{"v":0,"d":"0.00000"},{"$nulls":23},"32",null,"M","2",{"$nulls":3},"ROZPOCET",{"$nulls":5},{"v":0,"d":"0.00"},{"v":0,"d":"0.00"},{"v":0,"d":"0.00"},{"v":0,"d":"0.00"},{"v":0,"d":"0.00"},"2",{"v":0,"d":"0.000"},"16","1676567384"]
[null,null,"26","K","721173204","Potrubie z PVC - U odpadné pripájacie D 40x1, 8","m",{"v":2.4,"d":"2.400"},null,{"v":0,"d":"0.000"},null,null,"","znížená",0.30617,{"v":0.734808,"d":"0.73481"},0.00059,{"v":0.001416,"d":"0.00142"},{"v":0,"d":"0.00000"},{"v":0,"d":"0.00000"},{"$nulls":23},"16",null,"K","2",{"$nulls":3},"ROZPOCET",{"$nulls":5},{"v":0,"d":"0.00"},{"v":0,"d":"0.00"},{"v":0,"d":"0.00"},{"v":0,"d":"0.00"},{"v":0,"d":"0.00"},"2",{"v":0,"d":"0.000"},"16","421864981"]
[null,null,"27","K","721173205","Potrubie z PVC - U odpadné pripájacie D 50x1, 8","m",{"v":1.2,"d":"1.200"},null,{"v":0,"d":"0.000"},null,null,"","znížená",0.34249,{"v":0.410988,"d":"0.41099"},0.00064,{"v":0.000768,"d":"0.00077"},{"v":0,"d":"0.00000"},{"v":0,"d":"0.00000"},{"$nulls":23},"16",null,"K","2",{"$nulls":3},"ROZPOCET",{"$nulls":5},{"v":0,"d":"0.00"},{"v":0,"d":"0.00"},{"v":0,"d":"0.00"},{"v":0,"d":"0.00"},{"v":0,"d":"0.00"},"2",{"v":0,"d":"0.000"},"16","882570704"]
[null,null,"28","K","721194104","Zriadenie prípojky na potrubí vyvedenie a upevnenie odpadových výpustiek D 40x1, 8","ks",{"v":2,"d":"2.000"},null,{"v":0,"d":"0.000"},null,null,"","znížená",{"v":0.149,"d":"0.14900"},{"v":0.298,"d":"0.29800"},{"v":0,"d":"0.00000"},{"v":0,"d":"0.00000"},{"v":0,"d":"0.00000"},{"v":0,"d":"0.00000"},{"$nulls":23},"16",null,"K","2",{"$nulls":3},"ROZPOCET",{"$nulls":5},{"v":0,"d":"0.00"},{"v":0,"d":"0.00"},{"v":0,"d":"0.00"},{"v":0,"d":"0.00"},{"v":0,"d":"0.00"},"2",{"v":0,"d":"0.000"},"16","-169676185"]
[null,null,"29","K","721194105","Zriadenie prípojky na potrubí vyvedenie a upevnenie odpadových výpustiek D 50x1, 8","ks",{"v":1,"d":"1.000"},null,{"v":0,"d":"0.000"},null,null,"","znížená",{"v":0.165,"d":"0.16500"},{"v":0.165,"d":"0.16500"},{"v":0,"d":"0.00000"},{"v":0,"d":"0.00000"},{"v":0,"d":"0.00000"},{"v":0,"d":"0.00000"},{"$nulls":23},"16",null,"K","2",{"$nulls":3},"ROZPOCET",{"$nulls":5},{"v":0,"d":"0.00"},{"v":0,"d":"0.00"},{"v":0,"d":"0.00"},{"v":0,"d":"0.00"},{"v":0,"d":"0.00"},"2",{"v":0,"d":"0.000"},"16","-736563918"]
[null,null,"30","K","721194109","Zriadenie prípojky na potrubí vyvedenie a upevnenie odpadových výpustiek D 110x2, 3","ks",{"v":1,"d":"1.000"},null,{"v":0,"d":"0.000"},null,null,"","znížená",{"v":0.244,"d":"0.24400"},{"v":0.244,"d":"0.24400"},{"v":0,"d":"0.00000"},{"v":0,"d":"0.00000"},{"v":0,"d":"0.00000"},{"v":0,"d":"0.00000"},{"$nulls":23},"16",null,"K","2",{"$nulls":3},"ROZPOCET",{"$nulls":5},{"v":0,"d":"0.00"},{"v":0,"d":"0.00"},{"v":0,"d":"0.00"},{"v":0,"d":"0.00"},{"v":0,"d":"0.00"},"2",{"v":0,"d":"0.000"},"16","-2116994547"]
[null,null,"31","K","998721201","Presun hmôt pre vnútornú kanalizáciu v objektoch výšky do 6 m","%",{"v":0.69,"d":"0.690"},null,{"v":0,"d":"0.000"},null,null,"","znížená",{"v":0,"d":"0.00000"},{"v":0,"d":"0.00000"},{"v":0,"d":"0.00000"},{"v":0,"d":"0.00000"},{"v":0,"d":"0.00000"},{"v":0,"d":"0.00000"},{"$nulls":23},"16",null,"K","2",{"$nulls":3},"ROZPOCET",{"$nulls":5},{"v":0,"d":"0.00"},{"v":0,"d":"0.00"},{"v":0,"d":"0.00"},{"v":0,"d":"0.00"},{"v":0,"d":"0.00"},"2",{"v":0,"d":"0.000"},"16","878788263"]
[{"$nulls":3},"D","722","Zdravotechnika - vnútorný vodovod",{"$nulls":3},{"v":0,"d":"0.000"},{"$nulls":5},{"v":8.103958,"d":"8.10396"},null,{"v":0.004717600000000001,"d":"0.00472"},null,{"v":0,"d":"0.00000"},{"$nulls":23},"2",null,"D","1",{"$nulls":3},"ROZPOCET",{"$nulls":11},{"v":0,"d":"0.000"}]
[null,null,"32","K","722170911","Oprava vodovodného potrubia z PE rúrok vsadenie odbočky do potrubia D 32","ks",{"v":2,"d":"2.000"},null,{"v":0,"d":"0.000"},null,null,"","znížená",0.65251,1.30502,0.00074,0.00148,{"v":0,"d":"0.00000"},{"v":0,"d":"0.00000"},{"$nulls":23},"16",null,"K","2",{"$nulls":3},"ROZPOCET",{"$nulls":5},{"v":0,"d":"0.00"},{"v":0,"d":"0.00"},{"v":0,"d":"0.00"},{"v":0,"d":"0.00"},{"v":0,"d":"0.00"},"2",{"v":0,"d":"0.000"},"16","1068629645"]
[null,null,"33","K","722172110","Potrubie z plastických rúr PP-R D16/2.2 - PN16, polyfúznym zváraním","m",{"v":11.4,"d":"11.400"},null,{"v":0,"d":"0.000"},null,null,"","znížená",0.30047,{"v":3.425358,"d":"3.42536"},0.00011,{"v":0.0012540000000000001,"d":"0.00125"},{"v":0,"d":"0.00000"},{"v":0,"d":"0.00000"},{"$nulls":23},"16",null,"K","2",{"$nulls":3},"ROZPOCET",{"$nulls":5},{"v":0,"d":"0.00"},{"v":0,"d":"0.00"},{"v":0,"d":"0.00"},{"v":0,"d":"0.00"},{"v":0,"d":"0.00"},"2",{"v":0,"d":"0.000"},"16","958637367"]
[null,null,"34","K","722181111","Ochrana potrubia  do DN 20","m",{"v":11.4,"d":"11.400"},null,{"v":0,"d":"0.000"},null,null,"","znížená",{"v":0.0497,"d":"0.04970"},{"v":0.5665800000000001,"d":"0.56658"},0.00013,{"v":0.0014819999999999998,"d":"0.00148"},{"v":0,"d":"0.00000"},{"v":0,"d":"0.00000"},{"$nulls":23},"16",null,"K","2",{"$nulls":3},"ROZPOCET",{"$nulls":5},{"v":0,"d":"0.00"},{"v":0,"d":"0.00"},{"v":0,"d":"0.00"},{"v":0,"d":"0.00"},{"v":0,"d":"0.00"},"2",{"v":0,"d":"0.000"},"16","857074205"]
[null,null,"35","M","283310007900","Izolačná PE trubica napr.MIRELON PRO 18x6 mm (d x hr. izolácie), dĺ. 2 m","m",{"v":12.54,"d":"12.540"},null,{"v":0,"d":"0.000"},null,null,"","znížená",{"v":0,"d":"0.00000"},{"v":0,"d":"0.00000"},{"v":4e-05,"d":"0.00004"},{"v":0.0005016,"d":"0.00050"},{"v":0,"d":"0.00000"},{"v":0,"d":"0.00000"},{"$nulls":23},"32",null,"M","2",{"$nulls":3},"ROZPOCET",{"$nulls":5},{"v":0,"d":"0.00"},{"v":0,"d":"0.00"},{"v":0,"d":"0.00"},{"v":0,"d":"0.00"},{"v":0,"d":"0.00"},"2",{"v":0,"d":"0.000"},"16","-2007068822"]
[null,null,"36","K","722190401","Vyvedenie a upevnenie výpustky DN 15","ks",{"v":7,"d":"7.000"},null,{"v":0,"d":"0.000"},null,null,"","znížená",{"v":0.401,"d":"0.40100"},{"v":2.8070000000000004,"d":"2.80700"},{"v":0,"d":"0.00000"},{"v":0,"d":"0.00000"},{"v":0,"d":"0.00000"},{"v":0,"d":"0.00000"},{"$nulls":23},"16",null,"K","2",{"$nulls":3},"ROZPOCET",{"$nulls":5},{"v":0,"d":"0.00"},{"v":0,"d":"0.00"},{"v":0,"d":"0.00"},{"v":0,"d":"0.00"},{"v":0,"d":"0.00"},"2",{"v":0,"d":"0.000"},"16","1159460755"]
[null,null,"37","K","998722201","Presun hmôt pre vnútorný vodovod v objektoch výšky do 6 m","%",1.866,null,{"v":0,"d":"0.000"},null,null,"","znížená",{"v":0,"d":"0.00000"},{"v":0,"d":"0.00000"},{"v":0,"d":"0.00000"},{"v":0,"d":"0.00000"},{"v":0,"d":"0.00000"},{"v":0,"d":"0.00000"},{"$nulls":23},"16",null,"K","2",{"$nulls":3},"ROZPOCET",{"$nulls":5},{"v":0,"d":"0.00"},{"v":0,"d":"0.00"},{"v":0,"d":"0.00"},{"v":0,"d":"0.00"},{"v":0,"d":"0.00"},"2",{"v":0,"d":"0.000"},"16","1035442041"]
[{"$nulls":3},"D","725","Zdravotechnika - zariaďovacie predmety",{"$nulls":3},{"v":0,"d":"0.000"},{"$nulls":5},{"v":15.874769999999998,"d":"15.87477"},null,0.14424,null,0.25605,{"$nulls":23},"2",null,"D","1",{"$nulls":3},"ROZPOCET",{"$nulls":11},{"v":0,"d":"0.000"}]
[null,null,"38","K","725110811","Demontáž záchoda splachovacieho s nádržou alebo s tlakovým splachovačom,  -0,01933t","súb.",{"v":3,"d":"3.000"},null,{"v":0,"d":"0.000"},null,null,"","znížená",{"v":0.518,"d":"0.51800"},{"v":1.554,"d":"1.55400"},{"v":0,"d":"0.00000"},{"v":0,"d":"0.00000"},0.01933,0.05799,{"$nulls":23},"16",null,"K","2",{"$nulls":3},"ROZPOCET",{"$nulls":5},{"v":0,"d":"0.00"},{"v":0,"d":"0.00"},{"v":0,"d":"0.00"},{"v":0,"d":"0.00"},{"v":0,"d":"0.00"},"2",{"v":0,"d":"0.000"},"16","854297878"]
[null,null,"39","K","725119307","Montáž záchodovej misy keramickej kombinovanej s rovným odpadom","súb.",{"v":1,"d":"1.000"},null,{"v":0,"d":"0.000"},null,null,"","znížená",1.27398,1.27398,0.00027,0.00027,{"v":0,"d":"0.00000"},{"v":0,"d":"0.00000"},{"$nulls":23},"16",null,"K","2",{"$nulls":3},"ROZPOCET",{"$nulls":5},{"v":0,"d":"0.00"},{"v":0,"d":"0.00"},{"v":0,"d":"0.00"},{"v":0,"d":"0.00"},{"v":0,"d":"0.00"},"2",{"v":0,"d":"0.000"},"16","-1082626833"]
[null,null,"40","M","642340001230","Kombinované WC keramické so šikmým odpadom, bočným napúšťaním, napr. JIKA","ks",{"v":1,"d":"1.000"},null,{"v":0,"d":"0.000"},null,null,"","znížená",{"v":0,"d":"0.00000"},{"v":0,"d":"0.00000"},{"v":0.028,"d":"0.02800"},{"v":0.028,"d":"0.02800"},{"v":0,"d":"0.00000"},{"v":0,"d":"0.00000"},{"$nulls":23},"32",null,"M","2",{"$nulls":3},"ROZPOCET",{"$nulls":5},{"v":0,"d":"0.00"},{"v":0,"d":"0.00"},{"v":0,"d":"0.00"},{"v":0,"d":"0.00"},{"v":0,"d":"0.00"},"2",{"v":0,"d":"0.000"},"16","785214698"]
[null,null,"41","K","725210821","Demontáž umývadiel alebo umývadielok bez výtokovej armatúry,  -0,01946t","súb.",{"v":1,"d":"1.000"},null,{"v":0,"d":"0.000"},null,null,"","znížená",{"v":0.342,"d":"0.34200"},{"v":0.342,"d":"0.34200"},{"v":0,"d":"0.00000"},{"v":0,"d":"0.00000"},0.01946,0.01946,{"$nulls":23},"16",null,"K","2",{"$nulls":3},"ROZPOCET",{"$nulls":5},{"v":0,"d":"0.00"},{"v":0,"d":"0.00"},{"v":0,"d":"0.00"},{"v":0,"d":"0.00"},{"v":0,"d":"0.00"},"2",{"v":0,"d":"0.000"},"16","-2017545178"]
[null,null,"42","K","725219201","Montáž umývadla keramického na konzoly, bez výtokovej armatúry","ks",{"v":2,"d":"2.000"},null,{"v":0,"d":"0.000"},null,null,"","znížená",1.20477,2.40954,{"v":0.0023,"d":"0.00230"},{"v":0.0046,"d":"0.00460"},{"v":0,"d":"0.00000"},{"v":0,"d":"0.00000"},{"$nulls":23},"16",null,"K","2",{"$nulls":3},"ROZPOCET",{"$nulls":5},{"v":0,"d":"0.00"},{"v":0,"d":"0.00"},{"v":0,"d":"0.00"},{"v":0,"d":"0.00"},{"v":0,"d":"0.00"},"2",{"v":0,"d":"0.000"},"16","-183484988"]
[null,null,"43","M","642110000100","Umývadlo keramické  napr. CUBITO, rozmer 550x420x185 mm, biela","ks",{"v":1,"d":"1.000"},null,{"v":0,"d":"0.000"},null,null,"","znížená",{"v":0,"d":"0.00000"},{"v":0,"d":"0.00000"},{"v":0.0131,"d":"0.01310"},{"v":0.0131,"d":"0.01310"},{"v":0,"d":"0.00000"},{"v":0,"d":"0.00000"},{"$nulls":23},"32",null,"M","2",{"$nulls":3},"ROZPOCET",{"$nulls":5},{"v":0,"d":"0.00"},{"v":0,"d":"0.00"},{"v":0,"d":"0.00"},{"v":0,"d":"0.00"},{"v":0,"d":"0.00"},"2",{"v":0,"d":"0.000"},"16","1052639075"]
[null,null,"44","M","642110000300","Umývadlo keramické napr. CUBITO, rozmer 650x485x170 mm, biela","ks",{"v":1,"d":"1.000"},null,{"v":0,"d":"0.000"},null,null,"","znížená",{"v":0,"d":"0.00000"},{"v":0,"d":"0.00000"},{"v":0.0168,"d":"0.01680"},{"v":0.0168,"d":"0.01680"},{"v":0,"d":"0.00000"},{"v":0,"d":"0.00000"},{"$nulls":23},"32",null,"M","2",{"$nulls":3},"ROZPOCET",{"$nulls":5},{"v":0,"d":"0.00"},{"v":0,"d":"0.00"},{"v":0,"d":"0.00"},{"v":0,"d":"0.00"},{"v":0,"d":"0.00"},"2",{"v":0,"d":"0.000"},"16","-1401484057"]
[null,null,"45","K","725240811","Demontáž kabíny vrataner dveri  kabín,  -0,08800t","súb.",{"v":2,"d":"2.000"},null,{"v":0,"d":"0.000"},null,null,"","znížená",{"v":0.655,"d":"0.65500"},{"v":1.31,"d":"1.31000"},{"v":0,"d":"0.00000"},{"v":0,"d":"0.00000"},{"v":0.088,"d":"0.08800"},{"v":0.176,"d":"0.17600"},{"$nulls":23},"16",null,"K","2",{"$nulls":3},"ROZPOCET",{"$nulls":5},{"v":0,"d":"0.00"},{"v":0,"d":"0.00"},{"v":0,"d":"0.00"},{"v":0,"d":"0.00"},{"v":0,"d":"0.00"},"2",{"v":0,"d":"0.000"},"16","-1415996017"]
[null,null,"46","K","725241112","Montáž - vanička sprchová akrylátová štvorcová 900x900 mm","súb.",{"v":1,"d":"1.000"},null,{"v":0,"d":"0.000"},null,null,"","znížená",2.29881,2.29881,0.00044,0.00044,{"v":0,"d":"0.00000"},{"v":0,"d":"0.00000"},{"$nulls":23},"16",null,"K","2",{"$nulls":3},"ROZPOCET",{"$nulls":5},{"v":0,"d":"0.00"},{"v":0,"d":"0.00"},{"v":0,"d":"0.00"},{"v":0,"d":"0.00"},{"v":0,"d":"0.00"},"2",{"v":0,"d":"0.000"},"16","-2126806731"]
[null,null,"47","M","554230002300","Sprchová vanička akrylátová rozmer 900x900x80 mm, biela, napr.JIKA","ks",{"v":1,"d":"1.000"},null,{"v":0,"d":"0.000"},null,null,"","znížená",{"v":0,"d":"0.00000"},{"v":0,"d":"0.00000"},{"v":0.018,"d":"0.01800"},{"v":0.018,"d":"0.01800"},{"v":0,"d":"0.00000"},{"v":0,"d":"0.00000"},{"$nulls":23},"32",null,"M","2",{"$nulls":3},"ROZPOCET",{"$nulls":5},{"v":0,"d":"0.00"},{"v":0,"d":"0.00"},{"v":0,"d":"0.00"},{"v":0,"d":"0.00"},{"v":0,"d":"0.00"},"2",{"v":0,"d":"0.000"},"16","-593637657"]
[null,null,"48","K","725245271","Montáž sprchových kútov kompletných štvorcových od 900x900 mm","súb.",{"v":1,"d":"1.000"},null,{"v":0,"d":"0.000"},null,null,"","znížená",3.65961,3.65961,0.00105,0.00105,{"v":0,"d":"0.00000"},{"v":0,"d":"0.00000"},{"$nulls":23},"16",null,"K","2",{"$nulls":3},"ROZPOCET",{"$nulls":5},{"v":0,"d":"0.00"},{"v":0,"d":"0.00"},{"v":0,"d":"0.00"},{"v":0,"d":"0.00"},{"v":0,"d":"0.00"},"2",{"v":0,"d":"0.000"},"16","-2099494755"]
[null,null,"49","M","552230000800","Kút sprchový napr. CUBITO PURE štvorcový, štvordielny, rozmer 900x900x1950 mm, 6 mm bezpečnostné sklo","ks",{"v":1,"d":"1.000"},null,{"v":0,"d":"0.000"},null,null,"","znížená",{"v":0,"d":"0.00000"},{"v":0,"d":"0.00000"},{"v":0.052,"d":"0.05200"},{"v":0.052,"d":"0.05200"},{"v":0,"d":"0.00000"},{"v":0,"d":"0.00000"},{"$nulls":23},"32",null,"M","2",{"$nulls":3},"ROZPOCET",{"$nulls":5},{"v":0,"d":"0.00"},{"v":0,"d":"0.00"},{"v":0,"d":"0.00"},{"v":0,"d":"0.00"},{"v":0,"d":"0.00"},"2",{"v":0,"d":"0.000"},"16","-702230289"]
[null,null,"50","K","725819401","Montáž ventilu rohového s pripojovacou rúrkou G 1/2","súb.",{"v":1,"d":"1.000"},null,{"v":0,"d":"0.000"},null,null,"","znížená",0.21567,0.21567,0.00028,0.00028,{"v":0,"d":"0.00000"},{"v":0,"d":"0.00000"},{"$nulls":23},"16",null,"K","2",{"$nulls":3},"ROZPOCET",{"$nulls":5},{"v":0,"d":"0.00"},{"v":0,"d":"0.00"},{"v":0,"d":"0.00"},{"v":0,"d":"0.00"},{"v":0,"d":"0.00"},"2",{"v":0,"d":"0.000"},"16","82309955"]
[null,null,"51","M","551110007700","Guľový uzáver pre vodu rohový, 1/2\" FF, motýľ, séria 59, niklovaná mosadz,  napr.IVAR","ks",{"v":1,"d":"1.000"},null,{"v":0,"d":"0.000"},null,null,"","znížená",{"v":0,"d":"0.00000"},{"v":0,"d":"0.00000"},0.00025,0.00025,{"v":0,"d":"0.00000"},{"v":0,"d":"0.00000"},{"$nulls":23},"32",null,"M","2",{"$nulls":3},"ROZPOCET",{"$nulls":5},{"v":0,"d":"0.00"},{"v":0,"d":"0.00"},{"v":0,"d":"0.00"},{"v":0,"d":"0.00"},{"v":0,"d":"0.00"},"2",{"v":0,"d":"0.000"},"16","-995837753"]
[null,null,"52","K","725819402","Montáž ventilu bez pripojovacej rúrky G 1/2","súb.",{"v":4,"d":"4.000"},null,{"v":0,"d":"0.000"},null,null,"","znížená",0.27661,1.10644,0.00028,0.00112,{"v":0,"d":"0.00000"},{"v":0,"d":"0.00000"},{"$nulls":23},"16",null,"K","2",{"$nulls":3},"ROZPOCET",{"$nulls":5},{"v":0,"d":"0.00"},{"v":0,"d":"0.00"},{"v":0,"d":"0.00"},{"v":0,"d":"0.00"},{"v":0,"d":"0.00"},"2",{"v":0,"d":"0.000"},"16","2128158914"]
[null,null,"53","M","551110020700","Ventil rohový, 1/2\" - 1/2\" Luxor, chrómovaná mosadz, napr.IVAR","ks",{"v":4,"d":"4.000"},null,{"v":0,"d":"0.000"},null,null,"","znížená",{"v":0,"d":"0.00000"},{"v":0,"d":"0.00000"},0.00048,0.00192,{"v":0,"d":"0.00000"},{"v":0,"d":"0.00000"},{"$nulls":23},"32",null,"M","2",{"$nulls":3},"ROZPOCET",{"$nulls":5},{"v":0,"d":"0.00"},{"v":0,"d":"0.00"},{"v":0,"d":"0.00"},{"v":0,"d":"0.00"},{"v":0,"d":"0.00"},"2",{"v":0,"d":"0.000"},"16","502945844"]
[null,null,"54","K","725820810","Demontáž batérie drezovej, umývadlovej nástennej,  -0,0026t","súb.",{"v":1,"d":"1.000"},null,{"v":0,"d":"0.000"},null,null,"","znížená",{"v":0.25,"d":"0.25000"},{"v":0.25,"d":"0.25000"},{"v":0,"d":"0.00000"},{"v":0,"d":"0.00000"},{"v":0.0026,"d":"0.00260"},{"v":0.0026,"d":"0.00260"},{"$nulls":23},"16",null,"K","2",{"$nulls":3},"ROZPOCET",{"$nulls":5},{"v":0,"d":"0.00"},{"v":0,"d":"0.00"},{"v":0,"d":"0.00"},{"v":0,"d":"0.00"},{"v":0,"d":"0.00"},"2",{"v":0,"d":"0.000"},"16","-1195650232"]
[null,null,"55","K","725829201","Montáž batérie umývadlovej a drezovej nástennej pákovej alebo klasickej s mechanickým ovládaním","ks",{"v":2,"d":"2.000"},null,{"v":0,"d":"0.000"},null,null,"","znížená",0.39272,0.78544,{"v":0,"d":"0.00000"},{"v":0,"d":"0.00000"},{"v":0,"d":"0.00000"},{"v":0,"d":"0.00000"},{"$nulls":23},"16",null,"K","2",{"$nulls":3},"ROZPOCET",{"$nulls":5},{"v":0,"d":"0.00"},{"v":0,"d":"0.00"},{"v":0,"d":"0.00"},{"v":0,"d":"0.00"},{"v":0,"d":"0.00"},"2",{"v":0,"d":"0.000"},"16","-637831174"]
[null,null,"56","M","551450003800","Batéria umývadlová stojanková páková napr. Lyra, s pop-up 5/4\", rozmer 290x215x270 mm, chróm","ks",{"v":2,"d":"2.000"},null,{"v":0,"d":"0.000"},null,null,"","znížená",{"v":0,"d":"0.00000"},{"v":0,"d":"0.00000"},{"v":0.0016,"d":"0.00160"},{"v":0.0032,"d":"0.00320"},{"v":0,"d":"0.00000"},{"v":0,"d":"0.00000"},{"$nulls":23},"32",null,"M","2",{"$nulls":3},"ROZPOCET",{"$nulls":5},{"v":0,"d":"0.00"},{"v":0,"d":"0.00"},{"v":0,"d":"0.00"},{"v":0,"d":"0.00"},{"v":0,"d":"0.00"},"2",{"v":0,"d":"0.000"},"16","-5802231"]
[null,null,"57","K","725849201","Montáž batérie sprchovej nástennej pákovej, klasickej","ks",{"v":1,"d":"1.000"},null,{"v":0,"d":"0.000"},null,null,"","znížená",0.20075,0.20075,{"v":0,"d":"0.00000"},{"v":0,"d":"0.00000"},{"v":0,"d":"0.00000"},{"v":0,"d":"0.00000"},{"$nulls":23},"16",null,"K","2",{"$nulls":3},"ROZPOCET",{"$nulls":5},{"v":0,"d":"0.00"},{"v":0,"d":"0.00"},{"v":0,"d":"0.00"},{"v":0,"d":"0.00"},{"v":0,"d":"0.00"},"2",{"v":0,"d":"0.000"},"16","-177389417"]
[null,null,"58","M","551450002700","Batéria sprchová nástenná páková napr. Mio, rozteč 150 mm, vratane sprchovej sady, chróm","ks",{"v":1,"d":"1.000"},null,{"v":0,"d":"0.000"},null,null,"","znížená",{"v":0,"d":"0.00000"},{"v":0,"d":"0.00000"},{"v":0.0023,"d":"0.00230"},{"v":0.0023,"d":"0.00230"},{"v":0,"d":"0.00000"},{"v":0,"d":"0.00000"},{"$nulls":23},"32",null,"M","2",{"$nulls":3},"ROZPOCET",{"$nulls":5},{"v":0,"d":"0.00"},{"v":0,"d":"0.00"},{"v":0,"d":"0.00"},{"v":0,"d":"0.00"},{"v":0,"d":"0.00"},"2",{"v":0,"d":"0.000"},"16","26547511"]
[null,null,"59","K","725869301","Montáž zápachovej uzávierky pre zariaďovacie predmety, umývadlovej do D 40","ks",{"v":2,"d":"2.000"},null,{"v":0,"d":"0.000"},null,null,"","znížená",0.15616,0.31232,{"v":0,"d":"0.00000"},{"v":0,"d":"0.00000"},{"v":0,"d":"0.00000"},{"v":0,"d":"0.00000"},{"$nulls":23},"16",null,"K","2",{"$nulls":3},"ROZPOCET",{"$nulls":5},{"v":0,"d":"0.00"},{"v":0,"d":"0.00"},{"v":0,"d":"0.00"},{"v":0,"d":"0.00"},{"v":0,"d":"0.00"},"2",{"v":0,"d":"0.000"},"16","-1930856302"]
[null,null,"60","M","551620005900","Zápachová uzávierka kolenová pre umývadlá, d 40 mm, G 1 1/2\" x 1 1/4\", priestorovo úsporné pripojenie, vodorovný odtok, alpská biela, plast, napr.GEBERIT","ks",{"v":2,"d":"2.000"},null,{"v":0,"d":"0.000"},null,null,"","znížená",{"v":0,"d":"0.00000"},{"v":0,"d":"0.00000"},0.00029,0.00058,{"v":0,"d":"0.00000"},{"v":0,"d":"0.00000"},{"$nulls":23},"32",null,"M","2",{"$nulls":3},"ROZPOCET",{"$nulls":5},{"v":0,"d":"0.00"},{"v":0,"d":"0.00"},{"v":0,"d":"0.00"},{"v":0,"d":"0.00"},{"v":0,"d":"0.00"},"2",{"v":0,"d":"0.000"},"16","-1166595443"]
[null,null,"61","K","725869340","Montáž zápachovej uzávierky pre zariaďovacie predmety, sprchovej do D 50","ks",{"v":1,"d":"1.000"},null,{"v":0,"d":"0.000"},null,null,"","znížená",0.15621,0.15621,{"v":0,"d":"0.00000"},{"v":0,"d":"0.00000"},{"v":0,"d":"0.00000"},{"v":0,"d":"0.00000"},{"$nulls":23},"16",null,"K","2",{"$nulls":3},"ROZPOCET",{"$nulls":5},{"v":0,"d":"0.00"},{"v":0,"d":"0.00"},{"v":0,"d":"0.00"},{"v":0,"d":"0.00"},{"v":0,"d":"0.00"},"2",{"v":0,"d":"0.000"},"16","147137682"]
[null,null,"62","M","551620002800","Odtok sprchovej vaničky s otvorom pre ventil d 52 mm, pripájacie koleno d 50 mm s guľovým kĺbom, plast, napr.GEBERIT","ks",{"v":1,"d":"1.000"},null,{"v":0,"d":"0.000"},null,null,"","znížená",{"v":0,"d":"0.00000"},{"v":0,"d":"0.00000"},0.00033,0.00033,{"v":0,"d":"0.00000"},{"v":0,"d":"0.00000"},{"$nulls":23},"32",null,"M","2",{"$nulls":3},"ROZPOCET",{"$nulls":5},{"v":0,"d":"0.00"},{"v":0,"d":"0.00"},{"v":0,"d":"0.00"},{"v":0,"d":"0.00"},{"v":0,"d":"0.00"},"2",{"v":0,"d":"0.000"},"16","1645537161"]
[null,null,"63","K","998725201","Presun hmôt pre zariaďovacie predmety v objektoch výšky do 6 m","%",15.421,null,{"v":0,"d":"0.000"},null,null,"","znížená",{"v":0,"d":"0.00000"},{"v":0,"d":"0.00000"},{"v":0,"d":"0.00000"},{"v":0,"d":"0.00000"},{"v":0,"d":"0.00000"},{"v":0,"d":"0.00000"},{"$nulls":23},"16",null,"K","2",{"$nulls":3},"ROZPOCET",{"$nulls":5},{"v":0,"d":"0.00"},{"v":0,"d":"0.00"},{"v":0,"d":"0.00"},{"v":0,"d":"0.00"},{"v":0,"d":"0.00"},"2",{"v":0,"d":"0.000"},"16","648445261"]
[{"$nulls":3},"D","734","Ústredné kúrenie - armatúry",{"$nulls":3},{"v":0,"d":"0.000"},{"$nulls":5},0.33248,null,{"v":0.0008,"d":"0.00080"},null,{"v":0,"d":"0.00000"},{"$nulls":23},"2",null,"D","1",{"$nulls":3},"ROZPOCET",{"$nulls":11},{"v":0,"d":"0.000"}]
[null,null,"64","K","734222612","Ventil regulačný závitový s hlavicou termostatického ovládania V 4262 A - priamy G 1/2","ks",{"v":2,"d":"2.000"},null,{"v":0,"d":"0.000"},null,null,"","znížená",0.16624,0.33248,{"v":0.0004,"d":"0.00040"},{"v":0.0008,"d":"0.00080"},{"v":0,"d":"0.00000"},{"v":0,"d":"0.00000"},{"$nulls":23},"16",null,"K","2",{"$nulls":3},"ROZPOCET",{"$nulls":5},{"v":0,"d":"0.00"},{"v":0,"d":"0.00"},{"v":0,"d":"0.00"},{"v":0,"d":"0.00"},{"v":0,"d":"0.00"},"2",{"v":0,"d":"0.000"},"16","-1185431639"]
[{"$nulls":3},"D","763","Konštrukcie - drevostavby",{"$nulls":3},{"v":0,"d":"0.000"},{"$nulls":5},{"v":60.81576000000001,"d":"60.81576"},null,{"v":0.7861760000000001,"d":"0.78618"},null,{"v":0,"d":"0.00000"},{"$nulls":23},"2",null,"D","1",{"$nulls":3},"ROZPOCET",{"$nulls":11},{"v":0,"d":"0.000"}]
[null,null,"65","K","763132310","SDK podhľad napr.KNAUF D112, závesná dvojvrstvová kca profil montažný CD a nosný UD, dosky GKBI hr. 12,5 mm","m2",{"v":66.4,"d":"66.400"},null,{"v":0,"d":"0.000"},null,null,"","znížená",{"v":0.9159,"d":"0.91590"},{"v":60.81576000000001,"d":"60.81576"},0.01184,{"v":0.7861760000000001,"d":"0.78618"},{"v":0,"d":"0.00000"},{"v":0,"d":"0.00000"},{"$nulls":23},"16",null,"K","2",{"$nulls":3},"ROZPOCET",{"$nulls":5},{"v":0,"d":"0.00"},{"v":0,"d":"0.00"},{"v":0,"d":"0.00"},{"v":0,"d":"0.00"},{"v":0,"d":"0.00"},"2",{"v":0,"d":"0.000"},"16","2046103773"]
[null,null,"66","K","998763201","Presun hmôt pre drevostavby v objektoch výšky do 12 m","%",16.642,null,{"v":0,"d":"0.000"},null,null,"","znížená",{"v":0,"d":"0.00000"},{"v":0,"d":"0.00000"},{"v":0,"d":"0.00000"},{"v":0,"d":"0.00000"},{"v":0,"d":"0.00000"},{"v":0,"d":"0.00000"},{"$nulls":23},"16",null,"K","2",{"$nulls":3},"ROZPOCET",{"$nulls":5},{"v":0,"d":"0.00"},{"v":0,"d":"0.00"},{"v":0,"d":"0.00"},{"v":0,"d":"0.00"},{"v":0,"d":"0.00"},"2",{"v":0,"d":"0.000"},"16","1780758612"]
[{"$nulls":3},"D","766","Konštrukcie stolárske",{"$nulls":3},{"v":0,"d":"0.000"},{"$nulls":5},8.57507,null,{"v":0.18200000000000002,"d":"0.18200"},null,{"v":0,"d":"0.00000"},{"$nulls":23},"2",null,"D","1",{"$nulls":3},"ROZPOCET",{"$nulls":11},{"v":0,"d":"0.000"}]
[null,null,"67","K","766662112","Montáž dverového krídla otočného jednokrídlového poldrážkového, do existujúcej zárubne, vrátane kovania","ks",{"v":7,"d":"7.000"},null,{"v":0,"d":"0.000"},null,null,"","znížená",1.22501,8.57507,{"v":0,"d":"0.00000"},{"v":0,"d":"0.00000"},{"v":0,"d":"0.00000"},{"v":0,"d":"0.00000"},{"$nulls":23},"16",null,"K","2",{"$nulls":3},"ROZPOCET",{"$nulls":5},{"v":0,"d":"0.00"},{"v":0,"d":"0.00"},{"v":0,"d":"0.00"},{"v":0,"d":"0.00"},{"v":0,"d":"0.00"},"2",{"v":0,"d":"0.000"},"16","-1783340133"]
[null,null,"68","M","549150000600","Kľučka dverová 2x, 2x rozeta BB, FAB, nehrdzavejúca oceľ, povrch nerez brúsený, napr. SAPELI","ks",{"v":7,"d":"7.000"},null,{"v":0,"d":"0.000"},null,null,"","znížená",{"v":0,"d":"0.00000"},{"v":0,"d":"0.00000"},{"v":0.001,"d":"0.00100"},{"v":0.007,"d":"0.00700"},{"v":0,"d":"0.00000"},{"v":0,"d":"0.00000"},{"$nulls":23},"32",null,"M","2",{"$nulls":3},"ROZPOCET",{"$nulls":5},{"v":0,"d":"0.00"},{"v":0,"d":"0.00"},{"v":0,"d":"0.00"},{"v":0,"d":"0.00"},{"v":0,"d":"0.00"},"2",{"v":0,"d":"0.000"},"16","426410142"]
[null,null,"69","M","611610000400","Dvere vnútorné jednokrídlové, šírka 600-900 mm, výplň papierová voština, povrch fólia M10, plné, SAPELI","ks",{"v":7,"d":"7.000"},null,{"v":0,"d":"0.000"},null,null,"","znížená",{"v":0,"d":"0.00000"},{"v":0,"d":"0.00000"},{"v":0.025,"d":"0.02500"},{"v":0.17500000000000002,"d":"0.17500"},{"v":0,"d":"0.00000"},{"v":0,"d":"0.00000"},{"$nulls":23},"32",null,"M","2",{"$nulls":3},"ROZPOCET",{"$nulls":5},{"v":0,"d":"0.00"},{"v":0,"d":"0.00"},{"v":0,"d":"0.00"},{"v":0,"d":"0.00"},{"v":0,"d":"0.00"},"2",{"v":0,"d":"0.000"},"16","1961210145"]
[{"$nulls":3},"D","767","Konštrukcie doplnkové kovové",{"$nulls":3},{"v":0,"d":"0.000"},{"$nulls":5},{"v":1.3569799999999999,"d":"1.35698"},null,0.01919,null,{"v":0,"d":"0.00000"},{"$nulls":23},"2",null,"D","1",{"$nulls":3},"ROZPOCET",{"$nulls":11},{"v":0,"d":"0.000"}]
[null,null,"70","K","767161220","Montáž zábradlia rovného z rúrok na oceľovú konštrukciu, s hmotnosťou 1 m zábradlia do 30 kg","m",{"v":3.8,"d":"3.800"},null,{"v":0,"d":"0.000"},null,null,"","znížená",{"v":0.3571,"d":"0.35710"},{"v":1.3569799999999999,"d":"1.35698"},{"v":5e-05,"d":"0.00005"},0.00019,{"v":0,"d":"0.00000"},{"v":0,"d":"0.00000"},{"$nulls":23},"16",null,"K","2",{"$nulls":3},"ROZPOCET",{"$nulls":5},{"v":0,"d":"0.00"},{"v":0,"d":"0.00"},{"v":0,"d":"0.00"},{"v":0,"d":"0.00"},{"v":0,"d":"0.00"},"2",{"v":0,"d":"0.000"},"16","877816055"]
[null,null,"71","M","553520001400","Zábradlie na schody, vertikálna výplň, hliníkové eloxované, výška do 1200 mm, kotvenie do podlahy, vhodné do interiéru aj exteriéru","m",{"v":3.8,"d":"3.800"},null,{"v":0,"d":"0.000"},null,null,"","znížená",{"v":0,"d":"0.00000"},{"v":0,"d":"0.00000"},{"v":0.005,"d":"0.00500"},{"v":0.019,"d":"0.01900"},{"v":0,"d":"0.00000"},{"v":0,"d":"0.00000"},{"$nulls":23},"32",null,"M","2",{"$nulls":3},"ROZPOCET",{"$nulls":5},{"v":0,"d":"0.00"},{"v":0,"d":"0.00"},{"v":0,"d":"0.00"},{"v":0,"d":"0.00"},{"v":0,"d":"0.00"},"2",{"v":0,"d":"0.000"},"16","-2017112564"]
[null,null,"72","K","998767201","Presun hmôt pre kovové stavebné doplnkové konštrukcie v objektoch výšky do 6 m","%",3.001,null,{"v":0,"d":"0.000"},null,null,"","znížená",{"v":0,"d":"0.00000"},{"v":0,"d":"0.00000"},{"v":0,"d":"0.00000"},{"v":0,"d":"0.00000"},{"v":0,"d":"0.00000"},{"v":0,"d":"0.00000"},{"$nulls":23},"16",null,"K","2",{"$nulls":3},"ROZPOCET",{"$nulls":5},{"v":0,"d":"0.00"},{"v":0,"d":"0.00"},{"v":0,"d":"0.00"},{"v":0,"d":"0.00"},{"v":0,"d":"0.00"},"2",{"v":0,"d":"0.000"},"16","-1277103729"]
[{"$nulls":3},"D","771","Podlahy z dlaždíc",{"$nulls":3},{"v":0,"d":"0.000"},{"$nulls":5},{"v":16.784930459999998,"d":"16.78493"},null,{"v":0.29519955000000003,"d":"0.29520"},null,{"v":0,"d":"0.00000"},{"$nulls":23},"2",null,"D","1",{"$nulls":3},"ROZPOCET",{"$nulls":11},{"v":0,"d":"0.000"}]
[null,null,"73","K","771275107","Montáž obkladov schodiskových stupňov dlaždicami do tmelu veľ. 300 x 300 mm","m2",7.413,null,{"v":0,"d":"0.000"},null,null,"","znížená",1.16942,{"v":8.66891046,"d":"8.66891"},0.00375,{"v":0.02779875,"d":"0.02780"},{"v":0,"d":"0.00000"},{"v":0,"d":"0.00000"},{"$nulls":23},"16",null,"K","2",{"$nulls":3},"ROZPOCET",{"$nulls":5},{"v":0,"d":"0.00"},{"v":0,"d":"0.00"},{"v":0,"d":"0.00"},{"v":0,"d":"0.00"},{"v":0,"d":"0.00"},"2",{"v":0,"d":"0.000"},"16","1265590287"]
[null,null,"74","M","597740001000","Dlaždice keramické napr.Taunus gres Mackenzie lxv 300x300 mm","m2",7.561,null,{"v":0,"d":"0.000"},null,null,"","znížená",{"v":0,"d":"0.00000"},{"v":0,"d":"0.00000"},{"v":0.012,"d":"0.01200"},{"v":0.09073200000000001,"d":"0.09073"},{"v":0,"d":"0.00000"},{"v":0,"d":"0.00000"},{"$nulls":23},"32",null,"M","2",{"$nulls":3},"ROZPOCET",{"$nulls":5},{"v":0,"d":"0.00"},{"v":0,"d":"0.00"},{"v":0,"d":"0.00"},{"v":0,"d":"0.00"},{"v":0,"d":"0.00"},"2",{"v":0,"d":"0.000"},"16","1792871782"]
[null,null,"75","K","771411063","Montáž soklíkov z obkladačiek schodiskových stupňovitých do malty veľ. 300 x 72 mm","m",{"v":14.04,"d":"14.040"},null,{"v":0,"d":"0.000"},null,null,"","znížená",0.20125,2.82555,0.00245,{"v":0.034398,"d":"0.03440"},{"v":0,"d":"0.00000"},{"v":0,"d":"0.00000"},{"$nulls":23},"16",null,"K","2",{"$nulls":3},"ROZPOCET",{"$nulls":5},{"v":0,"d":"0.00"},{"v":0,"d":"0.00"},{"v":0,"d":"0.00"},{"v":0,"d":"0.00"},{"v":0,"d":"0.00"},"2",{"v":0,"d":"0.000"},"16","2016354307"]
[null,null,"76","M","597740001000","Dlaždice keramické napr.Taunus gres Mackenzie lxv 300x300 mm","m2",{"v":1.5,"d":"1.500"},null,{"v":0,"d":"0.000"},null,null,"","znížená",{"v":0,"d":"0.00000"},{"v":0,"d":"0.00000"},{"v":0.012,"d":"0.01200"},{"v":0.018000000000000002,"d":"0.01800"},{"v":0,"d":"0.00000"},{"v":0,"d":"0.00000"},{"$nulls":23},"32",null,"M","2",{"$nulls":3},"ROZPOCET",{"$nulls":5},{"v":0,"d":"0.00"},{"v":0,"d":"0.00"},{"v":0,"d":"0.00"},{"v":0,"d":"0.00"},{"v":0,"d":"0.00"},"2",{"v":0,"d":"0.000"},"16","1542735669"]
[null,null,"77","K","771576119","Montáž podláh z dlaždíc keramických do tmelu flexibilného mrazuvzdorného v obmedzenom priestore veľ. 300 x 300 mm","m2",{"v":5.8,"d":"5.800"},null,{"v":0,"d":"0.000"},null,null,"","znížená",0.91215,5.29047,0.00327,{"v":0.018966,"d":"0.01897"},{"v":0,"d":"0.00000"},{"v":0,"d":"0.00000"},{"$nulls":23},"16",null,"K","2",{"$nulls":3},"ROZPOCET",{"$nulls":5},{"v":0,"d":"0.00"},{"v":0,"d":"0.00"},{"v":0,"d":"0.00"},{"v":0,"d":"0.00"},{"v":0,"d":"0.00"},"2",{"v":0,"d":"0.000"},"16","-1318618544"]
[null,null,"78","M","597740001600","Dlaždice keramické lxvxhr 297x297x8 mm, farba biela, napr.RAKO","m2",5.916,null,{"v":0,"d":"0.000"},null,null,"","znížená",{"v":0,"d":"0.00000"},{"v":0,"d":"0.00000"},{"v":0.0178,"d":"0.01780"},{"v":0.1053048,"d":"0.10530"},{"v":0,"d":"0.00000"},{"v":0,"d":"0.00000"},{"$nulls":23},"32",null,"M","2",{"$nulls":3},"ROZPOCET",{"$nulls":5},{"v":0,"d":"0.00"},{"v":0,"d":"0.00"},{"v":0,"d":"0.00"},{"v":0,"d":"0.00"},{"v":0,"d":"0.00"},"2",{"v":0,"d":"0.000"},"16","1997376415"]
[null,null,"79","K","998771201","Presun hmôt pre podlahy z dlaždíc v objektoch výšky do 6m","%",6.179,null,{"v":0,"d":"0.000"},null,null,"","znížená",{"v":0,"d":"0.00000"},{"v":0,"d":"0.00000"},{"v":0,"d":"0.00000"},{"v":0,"d":"0.00000"},{"v":0,"d":"0.00000"},{"v":0,"d":"0.00000"},{"$nulls":23},"16",null,"K","2",{"$nulls":3},"ROZPOCET",{"$nulls":5},{"v":0,"d":"0.00"},{"v":0,"d":"0.00"},{"v":0,"d":"0.00"},{"v":0,"d":"0.00"},{"v":0,"d":"0.00"},"2",{"v":0,"d":"0.000"},"16","283443791"]
[{"$nulls":3},"D","773","Podlahy z liateho teraca",{"$nulls":3},{"v":0,"d":"0.000"},{"$nulls":5},4.19331,null,0.16761,null,{"v":0,"d":"0.00000"},{"$nulls":23},"2",null,"D","1",{"$nulls":3},"ROZPOCET",{"$nulls":11},{"v":0,"d":"0.000"}]
[null,null,"80","K","632001051","Zhotovenie jednonásobného penetračného náteru pre potery a stierky","m2",{"v":5.5,"d":"5.500"},null,{"v":0,"d":"0.000"},null,null,"","znížená",0.03501,{"v":0.192555,"d":"0.19256"},{"v":0,"d":"0.00000"},{"v":0,"d":"0.00000"},{"v":0,"d":"0.00000"},{"v":0,"d":"0.00000"},{"$nulls":23},"4",null,"K","2",{"$nulls":3},"ROZPOCET",{"$nulls":5},{"v":0,"d":"0.00"},{"v":0,"d":"0.00"},{"v":0,"d":"0.00"},{"v":0,"d":"0.00"},{"v":0,"d":"0.00"},"2",{"v":0,"d":"0.000"},"4","1016463023"]
[null,null,"81","M","585520001900","Penetračný náter na báze disperzie napr. BAUMIT Grund, pre samonivelizačné potery a sierky, 25 kg","kg",{"v":0.85,"d":"0.850"},null,{"v":0,"d":"0.000"},null,null,"","znížená",{"v":0,"d":"0.00000"},{"v":0,"d":"0.00000"},{"v":0.001,"d":"0.00100"},0.00085,{"v":0,"d":"0.00000"},{"v":0,"d":"0.00000"},{"$nulls":23},"8",null,"M","2",{"$nulls":3},"ROZPOCET",{"$nulls":5},{"v":0,"d":"0.00"},{"v":0,"d":"0.00"},{"v":0,"d":"0.00"},{"v":0,"d":"0.00"},{"v":0,"d":"0.00"},"2",{"v":0,"d":"0.000"},"4","701821992"]
[null,null,"82","K","632450295","Cementová samonivelizačná stierka napr.BAUMIT Nivello 30, triedy CT-C25-F5, hr. 5 mm","m2",{"v":5.5,"d":"5.500"},null,{"v":0,"d":"0.000"},null,null,"","znížená",0.21341,{"v":1.1737549999999999,"d":"1.17376"},0.00867,{"v":0.047685000000000005,"d":"0.04769"},{"v":0,"d":"0.00000"},{"v":0,"d":"0.00000"},{"$nulls":23},"4",null,"K","2",{"$nulls":3},"ROZPOCET",{"$nulls":5},{"v":0,"d":"0.00"},{"v":0,"d":"0.00"},{"v":0,"d":"0.00"},{"v":0,"d":"0.00"},{"v":0,"d":"0.00"},"2",{"v":0,"d":"0.000"},"4","-470629925"]
[null,null,"83","K","773510015","Položenie podlahy z kamenného koberca hr. 14 mm","m2",{"v":5.5,"d":"5.500"},null,{"v":0,"d":"0.000"},null,null,"","znížená",{"v":0.514,"d":"0.51400"},{"v":2.827,"d":"2.82700"},0.00065,{"v":0.003575,"d":"0.00358"},{"v":0,"d":"0.00000"},{"v":0,"d":"0.00000"},{"$nulls":23},"16",null,"K","2",{"$nulls":3},"ROZPOCET",{"$nulls":5},{"v":0,"d":"0.00"},{"v":0,"d":"0.00"},{"v":0,"d":"0.00"},{"v":0,"d":"0.00"},{"v":0,"d":"0.00"},"2",{"v":0,"d":"0.000"},"16","-307568256"]
[null,null,"84","M","583990000100","Kamenný koberec napr.PRESSTONE Venus 4-8 mm, 1bal/m2, hrúbka 14 mm, z prírodného kameňa","bal",{"v":5.5,"d":"5.500"},null,{"v":0,"d":"0.000"},null,null,"","znížená",{"v":0,"d":"0.00000"},{"v":0,"d":"0.00000"},{"v":0.021,"d":"0.02100"},{"v":0.1155,"d":"0.11550"},{"v":0,"d":"0.00000"},{"v":0,"d":"0.00000"},{"$nulls":23},"32",null,"M","2",{"$nulls":3},"ROZPOCET",{"$nulls":5},{"v":0,"d":"0.00"},{"v":0,"d":"0.00"},{"v":0,"d":"0.00"},{"v":0,"d":"0.00"},{"v":0,"d":"0.00"},"2",{"v":0,"d":"0.000"},"16","2066201773"]
[null,null,"85","K","998773201","Presun hmôt pre podlahy terazzové v objektoch výšky do 6 m","%",1.461,null,{"v":0,"d":"0.000"},null,null,"","znížená",{"v":0,"d":"0.00000"},{"v":0,"d":"0.00000"},{"v":0,"d":"0.00000"},{"v":0,"d":"0.00000"},{"v":0,"d":"0.00000"},{"v":0,"d":"0.00000"},{"$nulls":23},"16",null,"K","2",{"$nulls":3},"ROZPOCET",{"$nulls":5},{"v":0,"d":"0.00"},{"v":0,"d":"0.00"},{"v":0,"d":"0.00"},{"v":0,"d":"0.00"},{"v":0,"d":"0.00"},"2",{"v":0,"d":"0.000"},"16","1944788394"]
[{"$nulls":3},"D","776","Podlahy povlakové",{"$nulls":3},{"v":0,"d":"0.000"},{"$nulls":5},{"v":91.20904389999998,"d":"91.20904"},null,{"v":0.61963968,"d":"0.61964"},null,{"v":0.0606,"d":"0.06060"},{"$nulls":23},"2",null,"D","1",{"$nulls":3},"ROZPOCET",{"$nulls":11},{"v":0,"d":"0.000"}]
[null,null,"86","K","776411000","Lepenie podlahových líšt soklových","m",{"v":60.57,"d":"60.570"},null,{"v":0,"d":"0.000"},null,null,"","znížená",0.11807,{"v":7.1514999,"d":"7.15150"},{"v":4e-05,"d":"0.00004"},{"v":0.0024228,"d":"0.00242"},{"v":0,"d":"0.00000"},{"v":0,"d":"0.00000"},{"$nulls":23},"16",null,"K","2",{"$nulls":3},"ROZPOCET",{"$nulls":5},{"v":0,"d":"0.00"},{"v":0,"d":"0.00"},{"v":0,"d":"0.00"},{"v":0,"d":"0.00"},{"v":0,"d":"0.00"},"2",{"v":0,"d":"0.000"},"16","1515581258"]
[null,null,"87","M","283410017900","Soklová PVC lišta DSL 60, ochranný lem 5 mm, napr.BRENO","m",61.176,null,{"v":0,"d":"0.000"},null,null,"","znížená",{"v":0,"d":"0.00000"},{"v":0,"d":"0.00000"},0.00163,{"v":0.09971688,"d":"0.09972"},{"v":0,"d":"0.00000"},{"v":0,"d":"0.00000"},{"$nulls":23},"32",null,"M","2",{"$nulls":3},"ROZPOCET",{"$nulls":5},{"v":0,"d":"0.00"},{"v":0,"d":"0.00"},{"v":0,"d":"0.00"},{"v":0,"d":"0.00"},{"v":0,"d":"0.00"},"2",{"v":0,"d":"0.000"},"16","586415118"]
[null,null,"88","K","776511820","Odstránenie povlakových podláh z nášľapnej plochy lepených s podložkou,  -0,00100t","m2",{"v":60.6,"d":"60.600"},null,{"v":0,"d":"0.000"},null,null,"","znížená",{"v":0.241,"d":"0.24100"},{"v":14.6046,"d":"14.60460"},{"v":0,"d":"0.00000"},{"v":0,"d":"0.00000"},{"v":0.001,"d":"0.00100"},{"v":0.0606,"d":"0.06060"},{"$nulls":23},"16",null,"K","2",{"$nulls":3},"ROZPOCET",{"$nulls":5},{"v":0,"d":"0.00"},{"v":0,"d":"0.00"},{"v":0,"d":"0.00"},{"v":0,"d":"0.00"},{"v":0,"d":"0.00"},"2",{"v":0,"d":"0.000"},"16","1992334113"]
[null,null,"89","K","776541100","Lepenie povlakových podláh PVC heterogénnych v pásoch","m2",{"v":60.6,"d":"60.600"},null,{"v":0,"d":"0.000"},null,null,"","znížená",0.30854,{"v":18.697523999999998,"d":"18.69752"},{"v":0.0003,"d":"0.00030"},{"v":0.018179999999999998,"d":"0.01818"},{"v":0,"d":"0.00000"},{"v":0,"d":"0.00000"},{"$nulls":23},"16",null,"K","2",{"$nulls":3},"ROZPOCET",{"$nulls":5},{"v":0,"d":"0.00"},{"v":0,"d":"0.00"},{"v":0,"d":"0.00"},{"v":0,"d":"0.00"},{"v":0,"d":"0.00"},"2",{"v":0,"d":"0.000"},"16","214825644"]
[null,null,90,"M","284110003400","Podlaha PVC","m2",62.415,null,{"v":0,"d":"0.000"},null,null,"","znížená",{"v":0,"d":"0.00000"},{"v":0,"d":"0.00000"},{"v":0.008,"d":"0.00800"},0.49932,{"v":0,"d":"0.00000"},{"v":0,"d":"0.00000"},{"$nulls":23},"32",null,"M","2",{"$nulls":3},"ROZPOCET",{"$nulls":5},{"v":0,"d":"0.00"},{"v":0,"d":"0.00"},{"v":0,"d":"0.00"},{"v":0,"d":"0.00"},{"v":0,"d":"0.00"},"2",{"v":0,"d":"0.000"},"16","-953498732"]
[null,null,91,"K","776992210","Príprava podkladu prebrúsením betónu ručným elektrickým náradím","m2",{"v":60.6,"d":"60.600"},null,{"v":0,"d":"0.000"},null,null,"","znížená",{"v":0.827,"d":"0.82700"},{"v":50.1162,"d":"50.11620"},{"v":0,"d":"0.00000"},{"v":0,"d":"0.00000"},{"v":0,"d":"0.00000"},{"v":0,"d":"0.00000"},{"$nulls":23},"16",null,"K","2",{"$nulls":3},"ROZPOCET",{"$nulls":5},{"v":0,"d":"0.00"},{"v":0,"d":"0.00"},{"v":0,"d":"0.00"},{"v":0,"d":"0.00"},{"v":0,"d":"0.00"},"2",{"v":0,"d":"0.000"},"16","1623551398"]
[null,null,"92","K","998776101","Presun hmôt pre podlahy povlakové v objektoch výšky do 6 m","t",{"v":0.62,"d":"0.620"},null,{"v":0,"d":"0.000"},null,null,"","znížená",{"v":1.031,"d":"1.03100"},{"v":0.6392199999999999,"d":"0.63922"},{"v":0,"d":"0.00000"},{"v":0,"d":"0.00000"},{"v":0,"d":"0.00000"},{"v":0,"d":"0.00000"},{"$nulls":23},"16",null,"K","2",{"$nulls":3},"ROZPOCET",{"$nulls":5},{"v":0,"d":"0.00"},{"v":0,"d":"0.00"},{"v":0,"d":"0.00"},{"v":0,"d":"0.00"},{"v":0,"d":"0.00"},"2",{"v":0,"d":"0.000"},"16","115045984"]
[{"$nulls":3},"D","781","Obklady",{"$nulls":3},{"v":0,"d":"0.000"},{"$nulls":5},46.83159,null,{"v":0.41732969999999997,"d":"0.41733"},null,{"v":0,"d":"0.00000"},{"$nulls":23},"2",null,"D","1",{"$nulls":3},"ROZPOCET",{"$nulls":11},{"v":0,"d":"0.000"}]
[null,null,"93","K","781445121","Montáž obkladov vnútor. stien z obkladačiek kladených do tmelu v obmedzenom priestore veľ. 200x250 mm","m2",{"v":30.79,"d":"30.790"},null,{"v":0,"d":"0.000"},null,null,"","znížená",{"v":1.521,"d":"1.52100"},46.83159,0.00315,{"v":0.09698849999999999,"d":"0.09699"},{"v":0,"d":"0.00000"},{"v":0,"d":"0.00000"},{"$nulls":23},"16",null,"K","2",{"$nulls":3},"ROZPOCET",{"$nulls":5},{"v":0,"d":"0.00"},{"v":0,"d":"0.00"},{"v":0,"d":"0.00"},{"v":0,"d":"0.00"},{"v":0,"d":"0.00"},"2",{"v":0,"d":"0.000"},"16","972893777"]
[null,null,"94","M","597640002300","Obkladačky keramické , lxvxhr 148x198x6 mm, farba biela, napr.RAKO","m2",31.406,null,{"v":0,"d":"0.000"},null,null,"","znížená",{"v":0,"d":"0.00000"},{"v":0,"d":"0.00000"},{"v":0.0102,"d":"0.01020"},{"v":0.3203412,"d":"0.32034"},{"v":0,"d":"0.00000"},{"v":0,"d":"0.00000"},{"$nulls":23},"32",null,"M","2",{"$nulls":3},"ROZPOCET",{"$nulls":5},{"v":0,"d":"0.00"},{"v":0,"d":"0.00"},{"v":0,"d":"0.00"},{"v":0,"d":"0.00"},{"v":0,"d":"0.00"},"2",{"v":0,"d":"0.000"},"16","-116245152"]
[null,null,"95","K","998781201","Presun hmôt pre obklady keramické v objektoch výšky do 6 m","%",12.067,null,{"v":0,"d":"0.000"},null,null,"","znížená",{"v":0,"d":"0.00000"},{"v":0,"d":"0.00000"},{"v":0,"d":"0.00000"},{"v":0,"d":"0.00000"},{"v":0,"d":"0.00000"},{"v":0,"d":"0.00000"},{"$nulls":23},"16",null,"K","2",{"$nulls":3},"ROZPOCET",{"$nulls":5},{"v":0,"d":"0.00"},{"v":0,"d":"0.00"},{"v":0,"d":"0.00"},{"v":0,"d":"0.00"},{"v":0,"d":"0.00"},"2",{"v":0,"d":"0.000"},"16","-34579861"]
[{"$nulls":3},"D","783","Nátery",{"$nulls":3},{"v":0,"d":"0.000"},{"$nulls":5},{"v":13.157650800000003,"d":"13.15765"},null,{"v":0.004651200000000001,"d":"0.00465"},null,{"v":0,"d":"0.00000"},{"$nulls":23},"2",null,"D","1",{"$nulls":3},"ROZPOCET",{"$nulls":11},{"v":0,"d":"0.000"}]
[null,null,"96","K","783222100","Nátery kov.stav.doplnk.konštr. syntetické farby šedej na vzduchu schnúce dvojnásobné - 70µm","m2",{"v":21.12,"d":"21.120"},null,{"v":0,"d":"0.000"},null,null,"","znížená",0.26529,{"v":5.602924800000001,"d":"5.60292"},0.00016,{"v":0.0033792000000000006,"d":"0.00338"},{"v":0,"d":"0.00000"},{"v":0,"d":"0.00000"},{"$nulls":23},"16",null,"K","2",{"$nulls":3},"ROZPOCET",{"$nulls":5},{"v":0,"d":"0.00"},{"v":0,"d":"0.00"},{"v":0,"d":"0.00"},{"v":0,"d":"0.00"},{"v":0,"d":"0.00"},"2",{"v":0,"d":"0.000"},"16","-1644683551"]
[null,null,"97","K","783802822","Odstránenie starých náterov z omietok opálením s obrúsením stien","m2",{"v":15.9,"d":"15.900"},null,{"v":0,"d":"0.000"},null,null,"","znížená",0.47514,{"v":7.5547260000000005,"d":"7.55473"},{"v":8e-05,"d":"0.00008"},{"v":0.0012720000000000001,"d":"0.00127"},{"v":0,"d":"0.00000"},{"v":0,"d":"0.00000"},{"$nulls":23},"16",null,"K","2",{"$nulls":3},"ROZPOCET",{"$nulls":5},{"v":0,"d":"0.00"},{"v":0,"d":"0.00"},{"v":0,"d":"0.00"},{"v":0,"d":"0.00"},{"v":0,"d":"0.00"},"2",{"v":0,"d":"0.000"},"16","-1855488618"]
[{"$nulls":3},"D","784","Maľby",{"$nulls":3},{"v":0,"d":"0.000"},{"$nulls":5},{"v":43.81340106,"d":"43.81340"},null,{"v":0.18364434000000002,"d":"0.18364"},null,{"v":0,"d":"0.00000"},{"$nulls":23},"2",null,"D","1",{"$nulls":3},"ROZPOCET",{"$nulls":11},{"v":0,"d":"0.000"}]
[null,null,"98","K","784410120","Penetrovanie jednonásobné hrubozrnných, savých podkladov výšky do 3,80 m","m2",258.654,null,{"v":0,"d":"0.000"},null,null,"","znížená",0.05031,{"v":13.01288274,"d":"13.01288"},0.00017,{"v":0.043971180000000006,"d":"0.04397"},{"v":0,"d":"0.00000"},{"v":0,"d":"0.00000"},{"$nulls":23},"16",null,"K","2",{"$nulls":3},"ROZPOCET",{"$nulls":5},{"v":0,"d":"0.00"},{"v":0,"d":"0.00"},{"v":0,"d":"0.00"},{"v":0,"d":"0.00"},{"v":0,"d":"0.00"},"2",{"v":0,"d":"0.000"},"16","-1933313734"]
[null,null,"99","K","784410501","Prebrúsenie a oprášenie hrubozrnných povrchov výšky do 3,80 m","m2",258.654,null,{"v":0,"d":"0.000"},null,null,"","znížená",0.00998,{"v":2.58136692,"d":"2.58137"},{"v":1e-05,"d":"0.00001"},{"v":0.00258654,"d":"0.00259"},{"v":0,"d":"0.00000"},{"v":0,"d":"0.00000"},{"$nulls":23},"16",null,"K","2",{"$nulls":3},"ROZPOCET",{"$nulls":5},{"v":0,"d":"0.00"},{"v":0,"d":"0.00"},{"v":0,"d":"0.00"},{"v":0,"d":"0.00"},{"v":0,"d":"0.00"},"2",{"v":0,"d":"0.000"},"16","-365577196"]
[null,null,"100","K","784410620","Vyrovnanie trhlín a nerovností na hrubozrnných povrchoch výšky do 3,80 m","m2",258.654,null,{"v":0,"d":"0.000"},null,null,"","znížená",{"v":0.0124,"d":"0.01240"},{"v":3.2073096,"d":"3.20731"},{"v":5e-05,"d":"0.00005"},{"v":0.0129327,"d":"0.01293"},{"v":0,"d":"0.00000"},{"v":0,"d":"0.00000"},{"$nulls":23},"16",null,"K","2",{"$nulls":3},"ROZPOCET",{"$nulls":5},{"v":0,"d":"0.00"},{"v":0,"d":"0.00"},{"v":0,"d":"0.00"},{"v":0,"d":"0.00"},{"v":0,"d":"0.00"},"2",{"v":0,"d":"0.000"},"16","-2015965585"]
[null,null,"101","K","784422273","Maľby vápenné základné dvojnásobné, ručne nanášané na hrubozrnný podklad výšky do 3,80 m","m2",258.654,null,{"v":0,"d":"0.000"},null,null,"","znížená",{"v":0.0967,"d":"0.09670"},{"v":25.0118418,"d":"25.01184"},0.00048,{"v":0.12415392,"d":"0.12415"},{"v":0,"d":"0.00000"},{"v":0,"d":"0.00000"},{"$nulls":23},"16",null,"K","2",{"$nulls":3},"ROZPOCET",{"$nulls":5},{"v":0,"d":"0.00"},{"v":0,"d":"0.00"},{"v":0,"d":"0.00"},{"v":0,"d":"0.00"},{"v":0,"d":"0.00"},"2",{"v":0,"d":"0.000"},"16","-1506286272"]
[{"$nulls":3},"D","M","Práce a dodávky M",{"$nulls":3},{"v":0,"d":"0.000"},{"$nulls":5},{"v":18.723,"d":"18.72300"},null,{"v":0.068714,"d":"0.06871"},null,{"v":0,"d":"0.00000"},{"$nulls":23},"3",null,"D","0",{"$nulls":3},"ROZPOCET",{"$nulls":11},{"v":0,"d":"0.000"}]
[{"$nulls":3},"D","21-M","Elektromontáže",{"$nulls":3},{"v":0,"d":"0.000"},{"$nulls":5},{"v":18.723,"d":"18.72300"},null,{"v":0.068714,"d":"0.06871"},null,{"v":0,"d":"0.00000"},{"$nulls":23},"3",null,"D","1",{"$nulls":3},"ROZPOCET",{"$nulls":11},{"v":0,"d":"0.000"}]
[null,null,"102","K","210010301","Krabica prístrojová bez zapojenia (1901, KP 68, KZ 3)","ks",{"v":7,"d":"7.000"},null,{"v":0,"d":"0.000"},null,null,"","znížená",{"v":0.086,"d":"0.08600"},{"v":0.602,"d":"0.60200"},{"v":0,"d":"0.00000"},{"v":0,"d":"0.00000"},{"v":0,"d":"0.00000"},{"v":0,"d":"0.00000"},{"$nulls":23},"64",null,"K","2",{"$nulls":3},"ROZPOCET",{"$nulls":5},{"v":0,"d":"0.00"},{"v":0,"d":"0.00"},{"v":0,"d":"0.00"},{"v":0,"d":"0.00"},{"v":0,"d":"0.00"},"2",{"v":0,"d":"0.000"},"64","755591729"]
[null,null,"103","M","345410002400","Krabica univerzálna z PVC pod omietku KU 68-1901,Dxh 73x42 mm, napr.KOPOS","ks",{"v":7,"d":"7.000"},null,{"v":0,"d":"0.000"},null,null,"","znížená",{"v":0,"d":"0.00000"},{"v":0,"d":"0.00000"},{"v":3e-05,"d":"0.00003"},0.00021,{"v":0,"d":"0.00000"},{"v":0,"d":"0.00000"},{"$nulls":23},"128",null,"M","2",{"$nulls":3},"ROZPOCET",{"$nulls":5},{"v":0,"d":"0.00"},{"v":0,"d":"0.00"},{"v":0,"d":"0.00"},{"v":0,"d":"0.00"},{"v":0,"d":"0.00"},"2",{"v":0,"d":"0.000"},"128","1686086433"]
[null,null,"104","K","210110021","Spínač nástenný pre prostredie vonkajšie a mokré, vrátane zapojenia jednopólový - radenie 1","ks",{"v":7,"d":"7.000"},null,{"v":0,"d":"0.000"},null,null,"","znížená",{"v":0.367,"d":"0.36700"},{"v":2.569,"d":"2.56900"},{"v":0,"d":"0.00000"},{"v":0,"d":"0.00000"},{"v":0,"d":"0.00000"},{"v":0,"d":"0.00000"},{"$nulls":23},"64",null,"K","2",{"$nulls":3},"ROZPOCET",{"$nulls":5},{"v":0,"d":"0.00"},{"v":0,"d":"0.00"},{"v":0,"d":"0.00"},{"v":0,"d":"0.00"},{"v":0,"d":"0.00"},"2",{"v":0,"d":"0.000"},"64","-1905540349"]
[null,null,"105","M","345320003100","Vypínač jednoduchý, radenie 1, IP 43","ks",{"v":7,"d":"7.000"},null,{"v":0,"d":"0.000"},null,null,"","znížená",{"v":0,"d":"0.00000"},{"v":0,"d":"0.00000"},{"v":0.0001,"d":"0.00010"},{"v":0.0007,"d":"0.00070"},{"v":0,"d":"0.00000"},{"v":0,"d":"0.00000"},{"$nulls":23},"128",null,"M","2",{"$nulls":3},"ROZPOCET",{"$nulls":5},{"v":0,"d":"0.00"},{"v":0,"d":"0.00"},{"v":0,"d":"0.00"},{"v":0,"d":"0.00"},{"v":0,"d":"0.00"},"2",{"v":0,"d":"0.000"},"128","1278075257"]
[null,null,"106","K","210111011","Domová zásuvka polozapustená alebo zapustená vrátane zapojenia 10/16 A 250 V 2P + Z","ks",{"v":14,"d":"14.000"},null,{"v":0,"d":"0.000"},null,null,"","znížená",{"v":0.258,"d":"0.25800"},{"v":3.612,"d":"3.61200"},{"v":0,"d":"0.00000"},{"v":0,"d":"0.00000"},{"v":0,"d":"0.00000"},{"v":0,"d":"0.00000"},{"$nulls":23},"64",null,"K","2",{"$nulls":3},"ROZPOCET",{"$nulls":5},{"v":0,"d":"0.00"},{"v":0,"d":"0.00"},{"v":0,"d":"0.00"},{"v":0,"d":"0.00"},{"v":0,"d":"0.00"},"2",{"v":0,"d":"0.000"},"64","-349856851"]
[null,null,"107","M","345510002000","Zásuvka ŠTANDARD 4FN 15038 BM dvojitá, napr.TESLA","ks",{"v":14,"d":"14.000"},null,{"v":0,"d":"0.000"},null,null,"","znížená",{"v":0,"d":"0.00000"},{"v":0,"d":"0.00000"},{"v":0.0001,"d":"0.00010"},{"v":0.0014,"d":"0.00140"},{"v":0,"d":"0.00000"},{"v":0,"d":"0.00000"},{"$nulls":23},"128",null,"M","2",{"$nulls":3},"ROZPOCET",{"$nulls":5},{"v":0,"d":"0.00"},{"v":0,"d":"0.00"},{"v":0,"d":"0.00"},{"v":0,"d":"0.00"},{"v":0,"d":"0.00"},"2",{"v":0,"d":"0.000"},"128","357798782"]
[null,null,"108","K","210203040","Montáž a zapojenie stropného LED svietidla 3-18 W","ks",{"v":10,"d":"10.000"},null,{"v":0,"d":"0.000"},null,null,"","znížená",{"v":0.65,"d":"0.65000"},{"v":6.5,"d":"6.50000"},{"v":0,"d":"0.00000"},{"v":0,"d":"0.00000"},{"v":0,"d":"0.00000"},{"v":0,"d":"0.00000"},{"$nulls":23},"64",null,"K","2",{"$nulls":3},"ROZPOCET",{"$nulls":5},{"v":0,"d":"0.00"},{"v":0,"d":"0.00"},{"v":0,"d":"0.00"},{"v":0,"d":"0.00"},{"v":0,"d":"0.00"},"2",{"v":0,"d":"0.000"},"64","1711268362"]
[null,null,"109","M","348120000100","LED svietidlo DL03 kruh teplá biela 3W","ks",{"v":4,"d":"4.000"},null,{"v":0,"d":"0.000"},null,null,"","znížená",{"v":0,"d":"0.00000"},{"v":0,"d":"0.00000"},0.00019,0.00076,{"v":0,"d":"0.00000"},{"v":0,"d":"0.00000"},{"$nulls":23},"128",null,"M","2",{"$nulls":3},"ROZPOCET",{"$nulls":5},{"v":0,"d":"0.00"},{"v":0,"d":"0.00"},{"v":0,"d":"0.00"},{"v":0,"d":"0.00"},{"v":0,"d":"0.00"},"2",{"v":0,"d":"0.000"},"128","1021143172"]
[null,null,"110","M","348130002400","LED panel 600x600 mm studená biela 48W","ks",{"v":6,"d":"6.000"},null,{"v":0,"d":"0.000"},null,null,"","znížená",{"v":0,"d":"0.00000"},{"v":0,"d":"0.00000"},{"v":0.0065,"d":"0.00650"},{"v":0.039,"d":"0.03900"},{"v":0,"d":"0.00000"},{"v":0,"d":"0.00000"},{"$nulls":23},"128",null,"M","2",{"$nulls":3},"ROZPOCET",{"$nulls":5},{"v":0,"d":"0.00"},{"v":0,"d":"0.00"},{"v":0,"d":"0.00"},{"v":0,"d":"0.00"},{"v":0,"d":"0.00"},"2",{"v":0,"d":"0.000"},"128","911351272"]
[null,null,"111","K","210800101","Kábel medený uložený voľne CYKY 450/750 V 2x1,5","m",{"v":111.2,"d":"111.200"},null,{"v":0,"d":"0.000"},null,null,"","znížená",{"v":0.025,"d":"0.02500"},{"v":2.7800000000000002,"d":"2.78000"},{"v":0,"d":"0.00000"},{"v":0,"d":"0.00000"},{"v":0,"d":"0.00000"},{"v":0,"d":"0.00000"},{"$nulls":23},"64",null,"K","2",{"$nulls":3},"ROZPOCET",{"$nulls":5},{"v":0,"d":"0.00"},{"v":0,"d":"0.00"},{"v":0,"d":"0.00"},{"v":0,"d":"0.00"},{"v":0,"d":"0.00"},"2",{"v":0,"d":"0.000"},"64","-1630502015"]
[null,null,"112","M","341110000100","Kábel medený CYKY 2x1,5 mm2","m",{"v":111.2,"d":"111.200"},null,{"v":0,"d":"0.000"},null,null,"","znížená",{"v":0,"d":"0.00000"},{"v":0,"d":"0.00000"},0.00012,{"v":0.013344,"d":"0.01334"},{"v":0,"d":"0.00000"},{"v":0,"d":"0.00000"},{"$nulls":23},"128",null,"M","2",{"$nulls":3},"ROZPOCET",{"$nulls":5},{"v":0,"d":"0.00"},{"v":0,"d":"0.00"},{"v":0,"d":"0.00"},{"v":0,"d":"0.00"},{"v":0,"d":"0.00"},"2",{"v":0,"d":"0.000"},"128","-1142101762"]
[null,null,"113","K","210800107","Kábel medený uložený voľne CYKY 450/750 V 3x1,5","m",{"v":95,"d":"95.000"},null,{"v":0,"d":"0.000"},null,null,"","znížená",{"v":0.028,"d":"0.02800"},{"v":2.66,"d":"2.66000"},{"v":0,"d":"0.00000"},{"v":0,"d":"0.00000"},{"v":0,"d":"0.00000"},{"v":0,"d":"0.00000"},{"$nulls":23},"64",null,"K","2",{"$nulls":3},"ROZPOCET",{"$nulls":5},{"v":0,"d":"0.00"},{"v":0,"d":"0.00"},{"v":0,"d":"0.00"},{"v":0,"d":"0.00"},{"v":0,"d":"0.00"},"2",{"v":0,"d":"0.000"},"64","-2141089834"]
[null,null,"114","M","341110000700","Kábel medený CYKY 3x1,5 mm2","m",{"v":95,"d":"95.000"},null,{"v":0,"d":"0.000"},null,null,"","znížená",{"v":0,"d":"0.00000"},{"v":0,"d":"0.00000"},0.00014,{"v":0.0133,"d":"0.01330"},{"v":0,"d":"0.00000"},{"v":0,"d":"0.00000"},{"$nulls":23},"128",null,"M","2",{"$nulls":3},"ROZPOCET",{"$nulls":5},{"v":0,"d":"0.00"},{"v":0,"d":"0.00"},{"v":0,"d":"0.00"},{"v":0,"d":"0.00"},{"v":0,"d":"0.00"},"2",{"v":0,"d":"0.000"},"128","-978970218"]
[null,null,"115","K","MV","Murárske výpomoci","%",14.116,null,{"v":0,"d":"0.000"},null,null,"","znížená",{"v":0,"d":"0.00000"},{"v":0,"d":"0.00000"},{"v":0,"d":"0.00000"},{"v":0,"d":"0.00000"},{"v":0,"d":"0.00000"},{"v":0,"d":"0.00000"},{"$nulls":23},"64",null,"K","2",{"$nulls":3},"ROZPOCET",{"$nulls":5},{"v":0,"d":"0.00"},{"v":0,"d":"0.00"},{"v":0,"d":"0.00"},{"v":0,"d":"0.00"},{"v":0,"d":"0.00"},"2",{"v":0,"d":"0.000"},"64","-1843082363"]
[null,null,"116","K","PM","Podružný materiál","%",11.334,null,{"v":0,"d":"0.000"},null,null,"","znížená",{"v":0,"d":"0.00000"},{"v":0,"d":"0.00000"},{"v":0,"d":"0.00000"},{"v":0,"d":"0.00000"},{"v":0,"d":"0.00000"},{"v":0,"d":"0.00000"},{"$nulls":23},"128",null,"K","2",{"$nulls":3},"ROZPOCET",{"$nulls":5},{"v":0,"d":"0.00"},{"v":0,"d":"0.00"},{"v":0,"d":"0.00"},{"v":0,"d":"0.00"},{"v":0,"d":"0.00"},"2",{"v":0,"d":"0.000"},"128","2113091258"]
[null,null,"117","K","PPV","Podiel pridružených výkonov","%",14.116,null,{"v":0,"d":"0.000"},null,null,"","znížená",{"v":0,"d":"0.00000"},{"v":0,"d":"0.00000"},{"v":0,"d":"0.00000"},{"v":0,"d":"0.00000"},{"v":0,"d":"0.00000"},{"v":0,"d":"0.00000"},{"$nulls":23},"64",null,"K","2",{"$nulls":3},"ROZPOCET",{"$nulls":5},{"v":0,"d":"0.00"},{"v":0,"d":"0.00"},{"v":0,"d":"0.00"},{"v":0,"d":"0.00"},{"v":0,"d":"0.00"},"2",{"v":0,"d":"0.000"},"64","-1179062385"]

{"sheet":"02 - SO 02 Pavilon D   I....","index":2,"n_rows":220,"n_cols":65,"rows_kept":220,"merged":[[1,11,1,21],[6,4,6,7],[8,4,8,7],[17,4,17,7],[26,4,26,7],[84,4,84,7],[86,4,86,7],[123,4,123,7],[125,4,125,7]],"flags":["formulas_cached_only"]}
[]
[{"$nulls":11},">>  skryté stĺpce  <<",{"$nulls":33},"{165b913a-d63a-4bc6-bece-2807aee9feba}"]
[{"$nulls":45},"0"]
[{"$nulls":3},"KRYCÍ LIST ROZPOČTU",{"$nulls":8},"v ---  nižšie sa nachádzajú doplnkové a pomocné údaje k zostavám  --- v",{"$nulls":32},"False"]
[]
[{"$nulls":3},"Stavba:"]
[{"$nulls":4},"Rekonštrukcia izieb a chodbových priestorov v pavilóne \"D\""]
[{"$nulls":3},"Objekt:"]
[{"$nulls":4},"02 - SO 02 Pavilon D   I.N.P. - Miestnosť pre stravovacie účely  "]
[]
[{"$nulls":3},"JKSO:",null,"",null,null,"KS:",""]
[{"$nulls":3},"Miesto:",null,"Trebišov ",null,null,"Dátum:","1. 10. 2019"]
[]
[{"$nulls":3},"Objednávateľ:",{"$nulls":4},"IČO:",""]
[{"$nulls":4},"LUMEN ŠZ, ZpS a DSS Trebišov",{"$nulls":3},"IČ DPH:",""]
[]
[{"$nulls":3},"Zhotoviteľ:",{"$nulls":4},"IČO:",""]
[{"$nulls":4}," ",{"$nulls":3},"IČ DPH:",""]
[]
[{"$nulls":3},"Projektant:",{"$nulls":4},"IČO:",""]
[{"$nulls":4}," ",{"$nulls":3},"IČ DPH:",""]
[]
[{"$nulls":3},"Spracovateľ:",{"$nulls":4},"IČO:",""]
[{"$nulls":4}," ",{"$nulls":3},"IČ DPH:",""]
[]
[{"$nulls":3},"Poznámka:"]
[{"$nulls":4},""]
[]
[]
[{"$nulls":3},"Cena bez DPH",{"$nulls":5},{"v":0,"d":"0.00"}]
[]
[{"$nulls":5},"Základ dane",null,null,"Sadzba dane","Výška dane"]
[{"$nulls":3},"DPH","základná",{"v":0,"d":"0.00"},null,null,{"v":0.2,"d":"20.00%"},{"v":0,"d":"0.00"}]
[{"$nulls":4},"znížená",{"v":0,"d":"0.00"},null,null,{"v":0.2,"d":"20.00%"},{"v":0,"d":"0.00"}]
[{"$nulls":4},"zákl. prenesená",{"v":0,"d":"0.00"},null,null,{"v":0.2,"d":"20.00%"},{"v":0,"d":"0.00"}]
[{"$nulls":4},"zníž. prenesená",{"v":0,"d":"0.00"},null,null,{"v":0.2,"d":"20.00%"},{"v":0,"d":"0.00"}]
[{"$nulls":4},"nulová",{"v":0,"d":"0.00"},null,null,{"v":0,"d":"0.00%"},{"v":0,"d":"0.00"}]
[]
[{"$nulls":3},"Cena s DPH",null,null,"v","EUR",null,{"v":0,"d":"0.00"}]
{"$rows_empty":10}
[{"$nulls":3},"Projektant",null,null,"Spracovateľ"]
{"$rows_empty":10}
[{"$nulls":3},"Dátum a podpis:",null,"Pečiatka","Dátum a podpis:",null,null,"Pečiatka"]
[]
[]
[]
[{"$nulls":3},"Objednávateľ",null,null,"Zhotoviteľ"]
{"$rows_empty":10}
[{"$nulls":3},"Dátum a podpis:",null,"Pečiatka","Dátum a podpis:",null,null,"Pečiatka"]
[]
[]
[]
[]
[]
[null,null,"REKAPITULÁCIA ROZPOČTU"]
[]
[null,null,"Stavba:"]
[{"$nulls":4},"Rekonštrukcia izieb a chodbových priestorov v pavilóne \"D\""]
[null,null,"Objekt:"]
[{"$nulls":4},"02 - SO 02 Pavilon D   I.N.P. - Miestnosť pre stravovacie účely  "]
[]
[null,null,"Miesto:",null,null,"Trebišov ",null,null,"Dátum:","1. 10. 2019"]
[]
[null,null,"Objednávateľ:",null,null,"LUMEN ŠZ, ZpS a DSS Trebišov",null,null,"Projektant:"," "]
[null,null,"Zhotoviteľ:",null,null," ",null,null,"Spracovateľ:"," "]
[]
[null,null,"Kód dielu - Popis",{"$nulls":6},"Cena celkom [EUR]"]
[]
[null,null,"Náklady z rozpočtu",{"$nulls":6},{"v":0,"d":"0.00"},{"$nulls":36},"-1"]
[{"$nulls":3},"HSV - Práce a dodávky HSV",{"$nulls":5},{"v":0,"d":"0.00"}]
[{"$nulls":3},"    3 - Zvislé a kompletné konštrukcie",{"$nulls":5},{"v":0,"d":"0.00"}]
[{"$nulls":3},"    6 - Úpravy povrchov, podlahy, osadenie",{"$nulls":5},{"v":0,"d":"0.00"}]
[{"$nulls":3},"    9 - Ostatné konštrukcie a práce-búranie",{"$nulls":5},{"v":0,"d":"0.00"}]
[{"$nulls":3},"    99 - Presun hmôt HSV",{"$nulls":5},{"v":0,"d":"0.00"}]
[{"$nulls":3},"PSV - Práce a dodávky PSV",{"$nulls":5},{"v":0,"d":"0.00"}]
[{"$nulls":3},"    721 - Zdravotechnika - vnútorná kanalizácia",{"$nulls":5},{"v":0,"d":"0.00"}]
[{"$nulls":3},"    722 - Zdravotechnika - vnútorný vodovod",{"$nulls":5},{"v":0,"d":"0.00"}]
[{"$nulls":3},"    725 - Zdravotechnika - zariaďovacie predmety",{"$nulls":5},{"v":0,"d":"0.00"}]
[{"$nulls":3},"    763 - Konštrukcie - drevostavby",{"$nulls":5},{"v":0,"d":"0.00"}]
[{"$nulls":3},"    766 - Konštrukcie stolárske",{"$nulls":5},{"v":0,"d":"0.00"}]
[{"$nulls":3},"    771 - Podlahy z dlaždíc",{"$nulls":5},{"v":0,"d":"0.00"}]
[{"$nulls":3},"    781 - Obklady",{"$nulls":5},{"v":0,"d":"0.00"}]
[{"$nulls":3},"    783 - Nátery",{"$nulls":5},{"v":0,"d":"0.00"}]
[{"$nulls":3},"    784 - Maľby",{"$nulls":5},{"v":0,"d":"0.00"}]
[{"$nulls":3},"M - Práce a dodávky M",{"$nulls":5},{"v":0,"d":"0.00"}]
[{"$nulls":3},"    21-M - Elektromontáže",{"$nulls":5},{"v":0,"d":"0.00"}]
[{"$nulls":3},"HZS - Hodinové zúčtovacie sadzby",{"$nulls":5},{"v":0,"d":"0.00"}]
[]
[]
[]
[]
[]
[]
[null,null,"ROZPOČET"]
[]
[null,null,"Stavba:"]
[{"$nulls":4},"Rekonštrukcia izieb a chodbových priestorov v pavilóne \"D\""]
[null,null,"Objekt:"]
[{"$nulls":4},"02 - SO 02 Pavilon D   I.N.P. - Miestnosť pre stravovacie účely  "]
[]
[null,null,"Miesto:",null,null,"Trebišov ",null,null,"Dátum:","1. 10. 2019"]
[]
[null,null,"Objednávateľ:",null,null,"LUMEN ŠZ, ZpS a DSS Trebišov",null,null,"Projektant:"," "]
[null,null,"Zhotoviteľ:",null,null," ",null,null,"Spracovateľ:"," "]
[]
[null,null,"PČ","Typ","Kód","Popis","MJ","Množstvo","J.cena [EUR]","Cena celkom [EUR]","Cenová sústava",null,"","DPH","J. Nh [h]","Nh celkom [h]","J. hmotnosť [t]","Hmotnosť celkom [t]","J. suť [t]","Suť Celkom [t]"]
[null,null,"Náklady z rozpočtu",{"$nulls":6},{"v":0,"d":"0.000"},{"$nulls":5},{"v":264.6254009,"d":"264.62540"},null,{"v":2.1321134,"d":"2.13211"},null,{"v":1.2277,"d":"1.22770"},{"$nulls":25},"D","-1",{"$nulls":15},{"v":0,"d":"0.000"}]
[{"$nulls":3},"D","HSV","Práce a dodávky HSV",{"$nulls":3},{"v":0,"d":"0.000"},{"$nulls":5},{"v":39.1297707,"d":"39.12977"},null,{"v":0.3243242,"d":"0.32432"},null,{"v":1.2277,"d":"1.22770"},{"$nulls":23},"1",null,"D","0",{"$nulls":3},"ROZPOCET",{"$nulls":11},{"v":0,"d":"0.000"}]
[{"$nulls":3},"D","3","Zvislé a kompletné konštrukcie",{"$nulls":3},{"v":0,"d":"0.000"},{"$nulls":5},0.31019,null,0.02273,null,{"v":0,"d":"0.00000"},{"$nulls":23},"1",null,"D","1",{"$nulls":3},"ROZPOCET",{"$nulls":11},{"v":0,"d":"0.000"}]
[null,null,"1","K","317162103","Keramický predpätý preklad napr.POROTHERM KPP, šírky 120 mm, výšky 65 mm, dĺžky 1500 mm","ks",{"v":1,"d":"1.000"},null,{"v":0,"d":"0.000"},null,null,"","znížená",0.31019,0.31019,0.02273,0.02273,{"v":0,"d":"0.00000"},{"v":0,"d":"0.00000"},{"$nulls":23},"4",null,"K","2",{"$nulls":3},"ROZPOCET",{"$nulls":5},{"v":0,"d":"0.00"},{"v":0,"d":"0.00"},{"v":0,"d":"0.00"},{"v":0,"d":"0.00"},{"v":0,"d":"0.00"},"2",{"v":0,"d":"0.000"},"4","-1412313169"]
[{"$nulls":3},"D","6","Úpravy povrchov, podlahy, osadenie",{"$nulls":3},{"v":0,"d":"0.000"},{"$nulls":5},{"v":8.7239995,"d":"8.72400"},null,{"v":0.2985882,"d":"0.29859"},null,{"v":0,"d":"0.00000"},{"$nulls":23},"1",null,"D","1",{"$nulls":3},"ROZPOCET",{"$nulls":11},{"v":0,"d":"0.000"}]
[null,null,"2","K","612425931","Omietka vápenná vnútorného ostenia okenného alebo dverného štuková","m2",7.095,null,{"v":0,"d":"0.000"},null,null,"","znížená",{"v":0.8001,"d":"0.80010"},{"v":5.6767095,"d":"5.67671"},0.03756,{"v":0.2664882,"d":"0.26649"},{"v":0,"d":"0.00000"},{"v":0,"d":"0.00000"},{"$nulls":23},"4",null,"K","2",{"$nulls":3},"ROZPOCET",{"$nulls":5},{"v":0,"d":"0.00"},{"v":0,"d":"0.00"},{"v":0,"d":"0.00"},{"v":0,"d":"0.00"},{"v":0,"d":"0.00"},"2",{"v":0,"d":"0.000"},"4","-1203478713"]
[null,null,"3","K","642942111","Osadenie oceľovej dverovej zárubne alebo rámu, plochy otvoru do 2,5 m2","ks",{"v":1,"d":"1.000"},null,{"v":0,"d":"0.000"},null,null,"","znížená",3.04729,3.04729,{"v":0.0175,"d":"0.01750"},{"v":0.0175,"d":"0.01750"},{"v":0,"d":"0.00000"},{"v":0,"d":"0.00000"},{"$nulls":23},"4",null,"K","2",{"$nulls":3},"ROZPOCET",{"$nulls":5},{"v":0,"d":"0.00"},{"v":0,"d":"0.00"},{"v":0,"d":"0.00"},{"v":0,"d":"0.00"},{"v":0,"d":"0.00"},"2",{"v":0,"d":"0.000"},"4","-1659302774"]
[null,null,"4","M","553310008900","Zárubňa oceľová CgU šxvxhr 900x1970x160 mm L","ks",{"v":1,"d":"1.000"},null,{"v":0,"d":"0.000"},null,null,"","znížená",{"v":0,"d":"0.00000"},{"v":0,"d":"0.00000"},{"v":0.0146,"d":"0.01460"},{"v":0.0146,"d":"0.01460"},{"v":0,"d":"0.00000"},{"v":0,"d":"0.00000"},{"$nulls":23},"8",null,"M","2",{"$nulls":3},"ROZPOCET",{"$nulls":5},{"v":0,"d":"0.00"},{"v":0,"d":"0.00"},{"v":0,"d":"0.00"},{"v":0,"d":"0.00"},{"v":0,"d":"0.00"},"2",{"v":0,"d":"0.000"},"4","1433292620"]
[{"$nulls":3},"D","9","Ostatné konštrukcie a práce-búranie",{"$nulls":3},{"v":0,"d":"0.000"},{"$nulls":5},{"v":28.667041200000003,"d":"28.66704"},null,{"v":0.003006,"d":"0.00301"},null,{"v":1.2277,"d":"1.22770"},{"$nulls":23},"1",null,"D","1",{"$nulls":3},"ROZPOCET",{"$nulls":11},{"v":0,"d":"0.000"}]
[null,null,"5","K","952901111","Vyčistenie budov pri výške podlaží do 4 m","m2",{"v":60.12,"d":"60.120"},null,{"v":0,"d":"0.000"},null,null,"","znížená",0.32401,{"v":19.479481200000002,"d":"19.47948"},{"v":5e-05,"d":"0.00005"},{"v":0.003006,"d":"0.00301"},{"v":0,"d":"0.00000"},{"v":0,"d":"0.00000"},{"$nulls":23},"4",null,"K","2",{"$nulls":3},"ROZPOCET",{"$nulls":5},{"v":0,"d":"0.00"},{"v":0,"d":"0.00"},{"v":0,"d":"0.00"},{"v":0,"d":"0.00"},{"v":0,"d":"0.00"},"2",{"v":0,"d":"0.000"},"4","2139704610"]
[null,null,"6","K","962031135","Búranie priečok alebo vybúranie otvorov plochy nad 4 m2 z tvárnic alebo priečkoviek hr. do150 mm,  -0,11500t","m2",{"v":2.5,"d":"2.500"},null,{"v":0,"d":"0.000"},null,null,"","znížená",{"v":0.112,"d":"0.11200"},{"v":0.28,"d":"0.28000"},{"v":0,"d":"0.00000"},{"v":0,"d":"0.00000"},{"v":0.115,"d":"0.11500"},{"v":0.28750000000000003,"d":"0.28750"},{"$nulls":23},"4",null,"K","2",{"$nulls":3},"ROZPOCET",{"$nulls":5},{"v":0,"d":"0.00"},{"v":0,"d":"0.00"},{"v":0,"d":"0.00"},{"v":0,"d":"0.00"},{"v":0,"d":"0.00"},"2",{"v":0,"d":"0.000"},"4","1865820596"]
[null,null,"7","K","968072456","Vybúranie kovových dverových zárubní plochy nad 2 m2,  -0,06300t","m2",{"v":2.9,"d":"2.900"},null,{"v":0,"d":"0.000"},null,null,"","znížená",{"v":1.2,"d":"1.20000"},{"v":3.48,"d":"3.48000"},{"v":0,"d":"0.00000"},{"v":0,"d":"0.00000"},{"v":0.063,"d":"0.06300"},{"v":0.1827,"d":"0.18270"},{"$nulls":23},"4",null,"K","2",{"$nulls":3},"ROZPOCET",{"$nulls":5},{"v":0,"d":"0.00"},{"v":0,"d":"0.00"},{"v":0,"d":"0.00"},{"v":0,"d":"0.00"},{"v":0,"d":"0.00"},"2",{"v":0,"d":"0.000"},"4","-555124187"]
[null,null,"8","K","971033541","Vybúranie otvorov v murive tehl. plochy do 1 m2 hr. do 300 mm,  -1,87500t","m3",0.404,null,{"v":0,"d":"0.000"},null,null,"","znížená",{"v":5.41,"d":"5.41000"},{"v":2.1856400000000002,"d":"2.18564"},{"v":0,"d":"0.00000"},{"v":0,"d":"0.00000"},{"v":1.875,"d":"1.87500"},{"v":0.7575000000000001,"d":"0.75750"},{"$nulls":23},"4",null,"K","2",{"$nulls":3},"ROZPOCET",{"$nulls":5},{"v":0,"d":"0.00"},{"v":0,"d":"0.00"},{"v":0,"d":"0.00"},{"v":0,"d":"0.00"},{"v":0,"d":"0.00"},"2",{"v":0,"d":"0.000"},"4","1942549687"]
[null,null,"9","K","979011131","Zvislá doprava sutiny po schodoch ručne do 3,5 m","t",1.228,null,{"v":0,"d":"0.000"},null,null,"","znížená",{"v":1.972,"d":"1.97200"},{"v":2.4216159999999998,"d":"2.42162"},{"v":0,"d":"0.00000"},{"v":0,"d":"0.00000"},{"v":0,"d":"0.00000"},{"v":0,"d":"0.00000"},{"$nulls":23},"4",null,"K","2",{"$nulls":3},"ROZPOCET",{"$nulls":5},{"v":0,"d":"0.00"},{"v":0,"d":"0.00"},{"v":0,"d":"0.00"},{"v":0,"d":"0.00"},{"v":0,"d":"0.00"},"2",{"v":0,"d":"0.000"},"4","1544236071"]
[null,null,"10","K","979081111","Odvoz sutiny a vybúraných hmôt na skládku do 1 km","t",1.228,null,{"v":0,"d":"0.000"},null,null,"","znížená",{"v":0.598,"d":"0.59800"},{"v":0.734344,"d":"0.73434"},{"v":0,"d":"0.00000"},{"v":0,"d":"0.00000"},{"v":0,"d":"0.00000"},{"v":0,"d":"0.00000"},{"$nulls":23},"4",null,"K","2",{"$nulls":3},"ROZPOCET",{"$nulls":5},{"v":0,"d":"0.00"},{"v":0,"d":"0.00"},{"v":0,"d":"0.00"},{"v":0,"d":"0.00"},{"v":0,"d":"0.00"},"2",{"v":0,"d":"0.000"},"4","-531172127"]
[null,null,"11","K","979081121","Odvoz sutiny a vybúraných hmôt na skládku za každý ďalší 1 km","t",{"v":12.28,"d":"12.280"},null,{"v":0,"d":"0.000"},null,null,"","znížená",{"v":0.007,"d":"0.00700"},0.08596,{"v":0,"d":"0.00000"},{"v":0,"d":"0.00000"},{"v":0,"d":"0.00000"},{"v":0,"d":"0.00000"},{"$nulls":23},"4",null,"K","2",{"$nulls":3},"ROZPOCET",{"$nulls":5},{"v":0,"d":"0.00"},{"v":0,"d":"0.00"},{"v":0,"d":"0.00"},{"v":0,"d":"0.00"},{"v":0,"d":"0.00"},"2",{"v":0,"d":"0.000"},"4","-759601276"]
[null,null,"12","K","979089012","Poplatok za skladovanie - betón, tehly, dlaždice (17 01 ), ostatné","t",1.228,null,{"v":0,"d":"0.000"},null,null,"","znížená",{"v":0,"d":"0.00000"},{"v":0,"d":"0.00000"},{"v":0,"d":"0.00000"},{"v":0,"d":"0.00000"},{"v":0,"d":"0.00000"},{"v":0,"d":"0.00000"},{"$nulls":23},"4",null,"K","2",{"$nulls":3},"ROZPOCET",{"$nulls":5},{"v":0,"d":"0.00"},{"v":0,"d":"0.00"},{"v":0,"d":"0.00"},{"v":0,"d":"0.00"},{"v":0,"d":"0.00"},"2",{"v":0,"d":"0.000"},"4","-303290405"]
[{"$nulls":3},"D","99","Presun hmôt HSV",{"$nulls":3},{"v":0,"d":"0.000"},{"$nulls":5},1.42854,null,{"v":0,"d":"0.00000"},null,{"v":0,"d":"0.00000"},{"$nulls":23},"1",null,"D","1",{"$nulls":3},"ROZPOCET",{"$nulls":11},{"v":0,"d":"0.000"}]
[null,null,"13","K","999281111","Presun hmôt pre opravy a údržbu objektov vrátane vonkajších plášťov výšky do 25 m","t",{"v":0.58,"d":"0.580"},null,{"v":0,"d":"0.000"},null,null,"","znížená",{"v":2.463,"d":"2.46300"},1.42854,{"v":0,"d":"0.00000"},{"v":0,"d":"0.00000"},{"v":0,"d":"0.00000"},{"v":0,"d":"0.00000"},{"$nulls":23},"4",null,"K","2",{"$nulls":3},"ROZPOCET",{"$nulls":5},{"v":0,"d":"0.00"},{"v":0,"d":"0.00"},{"v":0,"d":"0.00"},{"v":0,"d":"0.00"},{"v":0,"d":"0.00"},"2",{"v":0,"d":"0.000"},"4","356531758"]
[{"$nulls":3},"D","PSV","Práce a dodávky PSV",{"$nulls":3},{"v":0,"d":"0.000"},{"$nulls":5},{"v":165.7516302,"d":"165.75163"},null,{"v":1.7941692,"d":"1.79417"},null,{"v":0,"d":"0.00000"},{"$nulls":23},"2",null,"D","0",{"$nulls":3},"ROZPOCET",{"$nulls":11},{"v":0,"d":"0.000"}]
[{"$nulls":3},"D","721","Zdravotechnika - vnútorná kanalizácia",{"$nulls":3},{"v":0,"d":"0.000"},{"$nulls":5},{"v":6.222188,"d":"6.22219"},null,{"v":0.023042,"d":"0.02304"},null,{"v":0,"d":"0.00000"},{"$nulls":23},"2",null,"D","1",{"$nulls":3},"ROZPOCET",{"$nulls":11},{"v":0,"d":"0.000"}]
[null,null,"14","K","721140902","Oprava odpadového potrubia liatinového vsadenie odbočky do potrubia DN 50","ks",{"v":1,"d":"1.000"},null,{"v":0,"d":"0.000"},null,null,"","znížená",2.47762,2.47762,0.01649,0.01649,{"v":0,"d":"0.00000"},{"v":0,"d":"0.00000"},{"$nulls":23},"16",null,"K","2",{"$nulls":3},"ROZPOCET",{"$nulls":5},{"v":0,"d":"0.00"},{"v":0,"d":"0.00"},{"v":0,"d":"0.00"},{"v":0,"d":"0.00"},{"v":0,"d":"0.00"},"2",{"v":0,"d":"0.000"},"16","2073334948"]
[null,null,"15","K","721171106","Potrubie z PVC - U odpadové ležaté hrdlové D 50 x1, 8","m",{"v":5.6,"d":"5.600"},null,{"v":0,"d":"0.000"},null,null,"","znížená",0.58028,{"v":3.249568,"d":"3.24957"},0.00117,{"v":0.006552,"d":"0.00655"},{"v":0,"d":"0.00000"},{"v":0,"d":"0.00000"},{"$nulls":23},"16",null,"K","2",{"$nulls":3},"ROZPOCET",{"$nulls":5},{"v":0,"d":"0.00"},{"v":0,"d":"0.00"},{"v":0,"d":"0.00"},{"v":0,"d":"0.00"},{"v":0,"d":"0.00"},"2",{"v":0,"d":"0.000"},"16","467545093"]
[null,null,"16","K","721194105","Zriadenie prípojky na potrubí vyvedenie a upevnenie odpadových výpustiek D 50x1, 8","ks",{"v":3,"d":"3.000"},null,{"v":0,"d":"0.000"},null,null,"","znížená",{"v":0.165,"d":"0.16500"},{"v":0.495,"d":"0.49500"},{"v":0,"d":"0.00000"},{"v":0,"d":"0.00000"},{"v":0,"d":"0.00000"},{"v":0,"d":"0.00000"},{"$nulls":23},"16",null,"K","2",{"$nulls":3},"ROZPOCET",{"$nulls":5},{"v":0,"d":"0.00"},{"v":0,"d":"0.00"},{"v":0,"d":"0.00"},{"v":0,"d":"0.00"},{"v":0,"d":"0.00"},"2",{"v":0,"d":"0.000"},"16","-1776008629"]
[null,null,"17","K","998721201","Presun hmôt pre vnútornú kanalizáciu v objektoch výšky do 6 m","%",1.783,null,{"v":0,"d":"0.000"},null,null,"","znížená",{"v":0,"d":"0.00000"},{"v":0,"d":"0.00000"},{"v":0,"d":"0.00000"},{"v":0,"d":"0.00000"},{"v":0,"d":"0.00000"},{"v":0,"d":"0.00000"},{"$nulls":23},"16",null,"K","2",{"$nulls":3},"ROZPOCET",{"$nulls":5},{"v":0,"d":"0.00"},{"v":0,"d":"0.00"},{"v":0,"d":"0.00"},{"v":0,"d":"0.00"},{"v":0,"d":"0.00"},"2",{"v":0,"d":"0.000"},"16","-867077880"]
[{"$nulls":3},"D","722","Zdravotechnika - vnútorný vodovod",{"$nulls":3},{"v":0,"d":"0.000"},{"$nulls":5},{"v":6.137908,"d":"6.13791"},null,{"v":0.0112824,"d":"0.01128"},null,{"v":0,"d":"0.00000"},{"$nulls":23},"2",null,"D","1",{"$nulls":3},"ROZPOCET",{"$nulls":11},{"v":0,"d":"0.000"}]
[null,null,"18","K","722131913","Oprava vodovodného potrubia závitového vsadenie odbočky do potrubia DN 25","súb.",{"v":2,"d":"2.000"},null,{"v":0,"d":"0.000"},null,null,"","znížená",{"v":0.8787,"d":"0.87870"},{"v":1.7574,"d":"1.75740"},0.00403,0.00806,{"v":0,"d":"0.00000"},{"v":0,"d":"0.00000"},{"$nulls":23},"16",null,"K","2",{"$nulls":3},"ROZPOCET",{"$nulls":5},{"v":0,"d":"0.00"},{"v":0,"d":"0.00"},{"v":0,"d":"0.00"},{"v":0,"d":"0.00"},{"v":0,"d":"0.00"},"2",{"v":0,"d":"0.000"},"16","1547493783"]
[null,null,"19","K","722172100","Potrubie z plastických rúr PP-R D20/1.9 - PN10, polyfúznym zváraním","m",{"v":7.6,"d":"7.600"},null,{"v":0,"d":"0.000"},null,null,"","znížená",0.31563,{"v":2.398788,"d":"2.39879"},0.00014,{"v":0.0010639999999999998,"d":"0.00106"},{"v":0,"d":"0.00000"},{"v":0,"d":"0.00000"},{"$nulls":23},"16",null,"K","2",{"$nulls":3},"ROZPOCET",{"$nulls":5},{"v":0,"d":"0.00"},{"v":0,"d":"0.00"},{"v":0,"d":"0.00"},{"v":0,"d":"0.00"},{"v":0,"d":"0.00"},"2",{"v":0,"d":"0.000"},"16","-126476676"]
[null,null,"20","K","722181111","Ochrana potrubia i do DN 20","m",{"v":7.6,"d":"7.600"},null,{"v":0,"d":"0.000"},null,null,"","znížená",{"v":0.0497,"d":"0.04970"},0.37772,0.00013,{"v":0.000988,"d":"0.00099"},{"v":0,"d":"0.00000"},{"v":0,"d":"0.00000"},{"$nulls":23},"16",null,"K","2",{"$nulls":3},"ROZPOCET",{"$nulls":5},{"v":0,"d":"0.00"},{"v":0,"d":"0.00"},{"v":0,"d":"0.00"},{"v":0,"d":"0.00"},{"v":0,"d":"0.00"},"2",{"v":0,"d":"0.000"},"16","1750802143"]
[null,null,"21","M","283310009000","Izolačná PE trubica napr. MIRELON PRO 22x13 mm (d x hr. izolácie), dĺ. 2 m, ","m",{"v":8.36,"d":"8.360"},null,{"v":0,"d":"0.000"},null,null,"","znížená",{"v":0,"d":"0.00000"},{"v":0,"d":"0.00000"},0.00014,{"v":0.0011703999999999998,"d":"0.00117"},{"v":0,"d":"0.00000"},{"v":0,"d":"0.00000"},{"$nulls":23},"32",null,"M","2",{"$nulls":3},"ROZPOCET",{"$nulls":5},{"v":0,"d":"0.00"},{"v":0,"d":"0.00"},{"v":0,"d":"0.00"},{"v":0,"d":"0.00"},{"v":0,"d":"0.00"},"2",{"v":0,"d":"0.000"},"16","1869208511"]
[null,null,"22","K","722190401","Vyvedenie a upevnenie výpustky DN 15","ks",{"v":4,"d":"4.000"},null,{"v":0,"d":"0.000"},null,null,"","znížená",{"v":0.401,"d":"0.40100"},{"v":1.604,"d":"1.60400"},{"v":0,"d":"0.00000"},{"v":0,"d":"0.00000"},{"v":0,"d":"0.00000"},{"v":0,"d":"0.00000"},{"$nulls":23},"16",null,"K","2",{"$nulls":3},"ROZPOCET",{"$nulls":5},{"v":0,"d":"0.00"},{"v":0,"d":"0.00"},{"v":0,"d":"0.00"},{"v":0,"d":"0.00"},{"v":0,"d":"0.00"},"2",{"v":0,"d":"0.000"},"16","666268835"]
[null,null,"23","K","998722201","Presun hmôt pre vnútorný vodovod v objektoch výšky do 6 m","%",1.508,null,{"v":0,"d":"0.000"},null,null,"","znížená",{"v":0,"d":"0.00000"},{"v":0,"d":"0.00000"},{"v":0,"d":"0.00000"},{"v":0,"d":"0.00000"},{"v":0,"d":"0.00000"},{"v":0,"d":"0.00000"},{"$nulls":23},"16",null,"K","2",{"$nulls":3},"ROZPOCET",{"$nulls":5},{"v":0,"d":"0.00"},{"v":0,"d":"0.00"},{"v":0,"d":"0.00"},{"v":0,"d":"0.00"},{"v":0,"d":"0.00"},"2",{"v":0,"d":"0.000"},"16","-672982864"]
[{"$nulls":3},"D","725","Zdravotechnika - zariaďovacie predmety",{"$nulls":3},{"v":0,"d":"0.000"},{"$nulls":5},4.85923,null,{"v":0.036072,"d":"0.03607"},null,{"v":0,"d":"0.00000"},{"$nulls":23},"2",null,"D","1",{"$nulls":3},"ROZPOCET",{"$nulls":11},{"v":0,"d":"0.000"}]
[null,null,"24","K","725219201","Montáž umývadla keramického na konzoly, bez výtokovej armatúry","ks",{"v":1,"d":"1.000"},null,{"v":0,"d":"0.000"},null,null,"","znížená",1.20477,1.20477,{"v":0.0023,"d":"0.00230"},{"v":0.0023,"d":"0.00230"},{"v":0,"d":"0.00000"},{"v":0,"d":"0.00000"},{"$nulls":23},"16",null,"K","2",{"$nulls":3},"ROZPOCET",{"$nulls":5},{"v":0,"d":"0.00"},{"v":0,"d":"0.00"},{"v":0,"d":"0.00"},{"v":0,"d":"0.00"},{"v":0,"d":"0.00"},"2",{"v":0,"d":"0.000"},"16","-1833020880"]
[null,null,"25","M","642110000300","Umývadlo keramické napr.CUBITO, rozmer 650x485x170 mm, biela,","ks",{"v":1,"d":"1.000"},null,{"v":0,"d":"0.000"},null,null,"","znížená",{"v":0,"d":"0.00000"},{"v":0,"d":"0.00000"},{"v":0.0168,"d":"0.01680"},{"v":0.0168,"d":"0.01680"},{"v":0,"d":"0.00000"},{"v":0,"d":"0.00000"},{"$nulls":23},"32",null,"M","2",{"$nulls":3},"ROZPOCET",{"$nulls":5},{"v":0,"d":"0.00"},{"v":0,"d":"0.00"},{"v":0,"d":"0.00"},{"v":0,"d":"0.00"},{"v":0,"d":"0.00"},"2",{"v":0,"d":"0.000"},"16","-1859783764"]
[null,null,"26","K","725329103","Montáž kuchynských drezov dvojitých s dvoma drezmi, alebo okapovým drezom s rozmerom do 1110x510 mm, bez výtokových armatúr","súb.",{"v":1,"d":"1.000"},null,{"v":0,"d":"0.000"},null,null,"","znížená",1.00302,1.00302,0.00031,0.00031,{"v":0,"d":"0.00000"},{"v":0,"d":"0.00000"},{"$nulls":23},"16",null,"K","2",{"$nulls":3},"ROZPOCET",{"$nulls":5},{"v":0,"d":"0.00"},{"v":0,"d":"0.00"},{"v":0,"d":"0.00"},{"v":0,"d":"0.00"},{"v":0,"d":"0.00"},"2",{"v":0,"d":"0.000"},"16","-1546412960"]
[null,null,"27","M","552310001700","Kuchynský dvojdrez nerezový  napr. FUTUR 50 na zapustenie do dosky, 845x510 mm, hĺbka 195/135 mm, sifón (pop-up), napr.DEXTRADE","ks",{"v":1,"d":"1.000"},null,{"v":0,"d":"0.000"},null,null,"","znížená",{"v":0,"d":"0.00000"},{"v":0,"d":"0.00000"},0.01177,0.01177,{"v":0,"d":"0.00000"},{"v":0,"d":"0.00000"},{"$nulls":23},"32",null,"M","2",{"$nulls":3},"ROZPOCET",{"$nulls":5},{"v":0,"d":"0.00"},{"v":0,"d":"0.00"},{"v":0,"d":"0.00"},{"v":0,"d":"0.00"},{"v":0,"d":"0.00"},"2",{"v":0,"d":"0.000"},"16","-802937269"]
[null,null,"28","K","725819402","Montáž ventilu bez pripojovacej rúrky G 1/2","súb.",{"v":4,"d":"4.000"},null,{"v":0,"d":"0.000"},null,null,"","znížená",0.27661,1.10644,0.00028,0.00112,{"v":0,"d":"0.00000"},{"v":0,"d":"0.00000"},{"$nulls":23},"16",null,"K","2",{"$nulls":3},"ROZPOCET",{"$nulls":5},{"v":0,"d":"0.00"},{"v":0,"d":"0.00"},{"v":0,"d":"0.00"},{"v":0,"d":"0.00"},{"v":0,"d":"0.00"},"2",{"v":0,"d":"0.000"},"16","-1458046100"]
[null,null,"29","M","551110020000","Guľový ventil rohový, 1/2\" - 1/2\", s filtrom, chrómovaná mosadz, napr.IVAR","ks",{"v":4,"d":"4.000"},null,{"v":0,"d":"0.000"},null,null,"","znížená",{"v":0,"d":"0.00000"},{"v":0,"d":"0.00000"},{"v":0.000163,"d":"0.00016"},{"v":0.000652,"d":"0.00065"},{"v":0,"d":"0.00000"},{"v":0,"d":"0.00000"},{"$nulls":23},"32",null,"M","2",{"$nulls":3},"ROZPOCET",{"$nulls":5},{"v":0,"d":"0.00"},{"v":0,"d":"0.00"},{"v":0,"d":"0.00"},{"v":0,"d":"0.00"},{"v":0,"d":"0.00"},"2",{"v":0,"d":"0.000"},"16","536914686"]
[null,null,"30","K","725829601","Montáž batérie umývadlovej a drezovej stojankovej, pákovej alebo klasickej s mechanickým ovládaním","ks",{"v":2,"d":"2.000"},null,{"v":0,"d":"0.000"},null,null,"","znížená",0.53054,1.06108,{"v":0.0001,"d":"0.00010"},{"v":0.0002,"d":"0.00020"},{"v":0,"d":"0.00000"},{"v":0,"d":"0.00000"},{"$nulls":23},"16",null,"K","2",{"$nulls":3},"ROZPOCET",{"$nulls":5},{"v":0,"d":"0.00"},{"v":0,"d":"0.00"},{"v":0,"d":"0.00"},{"v":0,"d":"0.00"},{"v":0,"d":"0.00"},"2",{"v":0,"d":"0.000"},"16","1097558537"]
[null,null,"31","M","551450003800","Batéria umývadlová stojanková páková napr.Lyra, s pop-up 5/4\", rozmer 290x215x270 mm, chróm","ks",{"v":1,"d":"1.000"},null,{"v":0,"d":"0.000"},null,null,"","znížená",{"v":0,"d":"0.00000"},{"v":0,"d":"0.00000"},{"v":0.0016,"d":"0.00160"},{"v":0.0016,"d":"0.00160"},{"v":0,"d":"0.00000"},{"v":0,"d":"0.00000"},{"$nulls":23},"32",null,"M","2",{"$nulls":3},"ROZPOCET",{"$nulls":5},{"v":0,"d":"0.00"},{"v":0,"d":"0.00"},{"v":0,"d":"0.00"},{"v":0,"d":"0.00"},{"v":0,"d":"0.00"},"2",{"v":0,"d":"0.000"},"16","798216899"]
[null,null,"32","M","551450000500","Batéria drezová stojanková páková napr.Mio s výsuvnou sprchou a otočným výtokovým ramienkom, rozmer 417x340 mm, chróm","ks",{"v":1,"d":"1.000"},null,{"v":0,"d":"0.000"},null,null,"","znížená",{"v":0,"d":"0.00000"},{"v":0,"d":"0.00000"},{"v":0.0004,"d":"0.00040"},{"v":0.0004,"d":"0.00040"},{"v":0,"d":"0.00000"},{"v":0,"d":"0.00000"},{"$nulls":23},"32",null,"M","2",{"$nulls":3},"ROZPOCET",{"$nulls":5},{"v":0,"d":"0.00"},{"v":0,"d":"0.00"},{"v":0,"d":"0.00"},{"v":0,"d":"0.00"},{"v":0,"d":"0.00"},"2",{"v":0,"d":"0.000"},"16","-1221707916"]
[null,null,"33","K","725869302","Montáž zápachovej uzávierky pre zariaďovacie predmety, umývadlovej do D 50 (podomietková)","ks",{"v":1,"d":"1.000"},null,{"v":0,"d":"0.000"},null,null,"","znížená",0.23654,0.23654,{"v":0,"d":"0.00000"},{"v":0,"d":"0.00000"},{"v":0,"d":"0.00000"},{"v":0,"d":"0.00000"},{"$nulls":23},"16",null,"K","2",{"$nulls":3},"ROZPOCET",{"$nulls":5},{"v":0,"d":"0.00"},{"v":0,"d":"0.00"},{"v":0,"d":"0.00"},{"v":0,"d":"0.00"},{"v":0,"d":"0.00"},"2",{"v":0,"d":"0.000"},"16","1473358813"]
[null,null,"34","M","551620005900","Zápachová uzávierka kolenová pre umývadlá, d 40 mm, G 1 1/2\" x 1 1/4\", priestorovo úsporné pripojenie, vodorovný odtok, alpská biela, plast, napr.GEBERIT","ks",{"v":1,"d":"1.000"},null,{"v":0,"d":"0.000"},null,null,"","znížená",{"v":0,"d":"0.00000"},{"v":0,"d":"0.00000"},0.00029,0.00029,{"v":0,"d":"0.00000"},{"v":0,"d":"0.00000"},{"$nulls":23},"32",null,"M","2",{"$nulls":3},"ROZPOCET",{"$nulls":5},{"v":0,"d":"0.00"},{"v":0,"d":"0.00"},{"v":0,"d":"0.00"},{"v":0,"d":"0.00"},{"v":0,"d":"0.00"},"2",{"v":0,"d":"0.000"},"16","1940284505"]
[null,null,"35","K","725869313","Montáž zápachovej uzávierky pre zariaďovacie predmety, drezovej do D 50 (pre dva drezy)","ks",{"v":1,"d":"1.000"},null,{"v":0,"d":"0.000"},null,null,"","znížená",0.24738,0.24738,{"v":1e-05,"d":"0.00001"},{"v":1e-05,"d":"0.00001"},{"v":0,"d":"0.00000"},{"v":0,"d":"0.00000"},{"$nulls":23},"16",null,"K","2",{"$nulls":3},"ROZPOCET",{"$nulls":5},{"v":0,"d":"0.00"},{"v":0,"d":"0.00"},{"v":0,"d":"0.00"},{"v":0,"d":"0.00"},{"v":0,"d":"0.00"},"2",{"v":0,"d":"0.000"},"16","2011665713"]
[null,null,"36","M","551620007500","Zápachová uzávierka kolenová pre dvojdielne drezy, d 50 mm, G 1 1/2\", vodorovný odtok, úsporný, s uhlovou hadicovou prípojkou, plast, napr.GEBERIT","ks",{"v":1,"d":"1.000"},null,{"v":0,"d":"0.000"},null,null,"","znížená",{"v":0,"d":"0.00000"},{"v":0,"d":"0.00000"},0.00062,0.00062,{"v":0,"d":"0.00000"},{"v":0,"d":"0.00000"},{"$nulls":23},"32",null,"M","2",{"$nulls":3},"ROZPOCET",{"$nulls":5},{"v":0,"d":"0.00"},{"v":0,"d":"0.00"},{"v":0,"d":"0.00"},{"v":0,"d":"0.00"},{"v":0,"d":"0.00"},"2",{"v":0,"d":"0.000"},"16","1151694225"]
[null,null,"37","K","998725201","Presun hmôt pre zariaďovacie predmety v objektoch výšky do 6 m","%",{"v":8.18,"d":"8.180"},null,{"v":0,"d":"0.000"},null,null,"","znížená",{"v":0,"d":"0.00000"},{"v":0,"d":"0.00000"},{"v":0,"d":"0.00000"},{"v":0,"d":"0.00000"},{"v":0,"d":"0.00000"},{"v":0,"d":"0.00000"},{"$nulls":23},"16",null,"K","2",{"$nulls":3},"ROZPOCET",{"$nulls":5},{"v":0,"d":"0.00"},{"v":0,"d":"0.00"},{"v":0,"d":"0.00"},{"v":0,"d":"0.00"},{"v":0,"d":"0.00"},"2",{"v":0,"d":"0.000"},"16","-435224782"]
[{"$nulls":3},"D","763","Konštrukcie - drevostavby",{"$nulls":3},{"v":0,"d":"0.000"},{"$nulls":5},{"v":15.361347,"d":"15.36135"},null,{"v":0.5031059999999999,"d":"0.50311"},null,{"v":0,"d":"0.00000"},{"$nulls":23},"2",null,"D","1",{"$nulls":3},"ROZPOCET",{"$nulls":11},{"v":0,"d":"0.000"}]
[null,null,"38","K","763114235","Inštalačná priečka SDK napr. KNAUF W116, dvojitá kca 2xCW 50, 2xUW 50, dosky GKBI hr. 12,5 + 15 mm s TI 2x50 mm","m2",{"v":10.65,"d":"10.650"},null,{"v":0,"d":"0.000"},null,null,"","znížená",1.44238,{"v":15.361347,"d":"15.36135"},0.04724,{"v":0.5031059999999999,"d":"0.50311"},{"v":0,"d":"0.00000"},{"v":0,"d":"0.00000"},{"$nulls":23},"16",null,"K","2",{"$nulls":3},"ROZPOCET",{"$nulls":5},{"v":0,"d":"0.00"},{"v":0,"d":"0.00"},{"v":0,"d":"0.00"},{"v":0,"d":"0.00"},{"v":0,"d":"0.00"},"2",{"v":0,"d":"0.000"},"16","-1869178606"]
[{"$nulls":3},"D","766","Konštrukcie stolárske",{"$nulls":3},{"v":0,"d":"0.000"},{"$nulls":5},5.28465,null,{"v":0.10600000000000001,"d":"0.10600"},null,{"v":0,"d":"0.00000"},{"$nulls":23},"2",null,"D","1",{"$nulls":3},"ROZPOCET",{"$nulls":11},{"v":0,"d":"0.000"}]
[null,null,"39","K","766662112","Montáž dverového krídla otočného jednokrídlového poldrážkového, do existujúcej zárubne, vrátane kovania","ks",{"v":1,"d":"1.000"},null,{"v":0,"d":"0.000"},null,null,"","znížená",1.22501,1.22501,{"v":0,"d":"0.00000"},{"v":0,"d":"0.00000"},{"v":0,"d":"0.00000"},{"v":0,"d":"0.00000"},{"$nulls":23},"16",null,"K","2",{"$nulls":3},"ROZPOCET",{"$nulls":5},{"v":0,"d":"0.00"},{"v":0,"d":"0.00"},{"v":0,"d":"0.00"},{"v":0,"d":"0.00"},{"v":0,"d":"0.00"},"2",{"v":0,"d":"0.000"},"16","-1206917308"]
[null,null,"40","M","549150000600","Kľučka dverová 2x, 2x rozeta BB, FAB, nehrdzavejúca oceľ, povrch nerez brúsený,  napr.SAPELI","ks",{"v":1,"d":"1.000"},null,{"v":0,"d":"0.000"},null,null,"","znížená",{"v":0,"d":"0.00000"},{"v":0,"d":"0.00000"},{"v":0.001,"d":"0.00100"},{"v":0.001,"d":"0.00100"},{"v":0,"d":"0.00000"},{"v":0,"d":"0.00000"},{"$nulls":23},"32",null,"M","2",{"$nulls":3},"ROZPOCET",{"$nulls":5},{"v":0,"d":"0.00"},{"v":0,"d":"0.00"},{"v":0,"d":"0.00"},{"v":0,"d":"0.00"},{"v":0,"d":"0.00"},"2",{"v":0,"d":"0.000"},"16","876828175"]
[null,null,"41","M","611610000400","Dvere vnútorné jednokrídlové, šírka 600-900 mm, výplň papierová voština, povrch fólia M10, plné, SAPELI","ks",{"v":1,"d":"1.000"},null,{"v":0,"d":"0.000"},null,null,"","znížená",{"v":0,"d":"0.00000"},{"v":0,"d":"0.00000"},{"v":0.025,"d":"0.02500"},{"v":0.025,"d":"0.02500"},{"v":0,"d":"0.00000"},{"v":0,"d":"0.00000"},{"$nulls":23},"32",null,"M","2",{"$nulls":3},"ROZPOCET",{"$nulls":5},{"v":0,"d":"0.00"},{"v":0,"d":"0.00"},{"v":0,"d":"0.00"},{"v":0,"d":"0.00"},{"v":0,"d":"0.00"},"2",{"v":0,"d":"0.000"},"16","744273891"]
[null,null,"42","K","766662133","Montáž dverového krídla otočného dvojkrídlového bezpoldrážkového, do existujúcej zárubne, vrátane kovania","ks",{"v":1,"d":"1.000"},null,{"v":0,"d":"0.000"},null,null,"","znížená",4.05964,4.05964,{"v":0,"d":"0.00000"},{"v":0,"d":"0.00000"},{"v":0,"d":"0.00000"},{"v":0,"d":"0.00000"},{"$nulls":23},"16",null,"K","2",{"$nulls":3},"ROZPOCET",{"$nulls":5},{"v":0,"d":"0.00"},{"v":0,"d":"0.00"},{"v":0,"d":"0.00"},{"v":0,"d":"0.00"},{"v":0,"d":"0.00"},"2",{"v":0,"d":"0.000"},"16","661050818"]
[null,null,"43","M","549150000600","Kľučka dverová 2x, 2x rozeta BB, FAB, nehrdzavejúca oceľ, povrch nerez brúsený, napr.SAPELI","ks",{"v":2,"d":"2.000"},null,{"v":0,"d":"0.000"},null,null,"","znížená",{"v":0,"d":"0.00000"},{"v":0,"d":"0.00000"},{"v":0.001,"d":"0.00100"},{"v":0.002,"d":"0.00200"},{"v":0,"d":"0.00000"},{"v":0,"d":"0.00000"},{"$nulls":23},"32",null,"M","2",{"$nulls":3},"ROZPOCET",{"$nulls":5},{"v":0,"d":"0.00"},{"v":0,"d":"0.00"},{"v":0,"d":"0.00"},{"v":0,"d":"0.00"},{"v":0,"d":"0.00"},"2",{"v":0,"d":"0.000"},"16","1062490445"]
[null,null,"44","M","611650001210-r","Dvere vnútorné protipožiarne drevené EI EW 30 D3, šxv 1780x1970 mm, požiarna výplň DTD, SK certifikát, CPL lamino 0,2 mm,+ nadsvetlik 1780x1000","ks",{"v":1,"d":"1.000"},null,{"v":0,"d":"0.000"},null,null,"","znížená",{"v":0,"d":"0.00000"},{"v":0,"d":"0.00000"},{"v":0.076,"d":"0.07600"},{"v":0.076,"d":"0.07600"},{"v":0,"d":"0.00000"},{"v":0,"d":"0.00000"},{"$nulls":23},"32",null,"M","2",{"$nulls":3},"ROZPOCET",{"$nulls":5},{"v":0,"d":"0.00"},{"v":0,"d":"0.00"},{"v":0,"d":"0.00"},{"v":0,"d":"0.00"},{"v":0,"d":"0.00"},"2",{"v":0,"d":"0.000"},"16","1563126845"]
[null,null,"45","M","549170000100","Samozatvárač dverí do 80 kg, rozmer 123x259x47 mm, pre dvere šírky max. 900 mm, napr. JAP","ks",{"v":2,"d":"2.000"},null,{"v":0,"d":"0.000"},null,null,"","znížená",{"v":0,"d":"0.00000"},{"v":0,"d":"0.00000"},{"v":0.001,"d":"0.00100"},{"v":0.002,"d":"0.00200"},{"v":0,"d":"0.00000"},{"v":0,"d":"0.00000"},{"$nulls":23},"32",null,"M","2",{"$nulls":3},"ROZPOCET",{"$nulls":5},{"v":0,"d":"0.00"},{"v":0,"d":"0.00"},{"v":0,"d":"0.00"},{"v":0,"d":"0.00"},{"v":0,"d":"0.00"},"2",{"v":0,"d":"0.000"},"16","653550125"]
[null,null,"46","K","998766201","Presun hmot pre konštrukcie stolárske v objektoch výšky do 6 m","%",{"v":38.98,"d":"38.980"},null,{"v":0,"d":"0.000"},null,null,"","znížená",{"v":0,"d":"0.00000"},{"v":0,"d":"0.00000"},{"v":0,"d":"0.00000"},{"v":0,"d":"0.00000"},{"v":0,"d":"0.00000"},{"v":0,"d":"0.00000"},{"$nulls":23},"16",null,"K","2",{"$nulls":3},"ROZPOCET",{"$nulls":5},{"v":0,"d":"0.00"},{"v":0,"d":"0.00"},{"v":0,"d":"0.00"},{"v":0,"d":"0.00"},{"v":0,"d":"0.00"},"2",{"v":0,"d":"0.000"},"16","1304562244"]
[{"$nulls":3},"D","771","Podlahy z dlaždíc",{"$nulls":3},{"v":0,"d":"0.000"},{"$nulls":5},4.56498,null,0.13734,null,{"v":0,"d":"0.00000"},{"$nulls":23},"2",null,"D","1",{"$nulls":3},"ROZPOCET",{"$nulls":11},{"v":0,"d":"0.000"}]
[null,null,"71","K","771541937","Opravy podláh z dlaždíc hutných, glazovaných alebo keramických ","ks",{"v":14,"d":"14.000"},null,{"v":0,"d":"0.000"},null,null,"","znížená",0.32607,4.56498,0.00981,0.13734,{"v":0,"d":"0.00000"},{"v":0,"d":"0.00000"},{"$nulls":23},"16",null,"K","2",{"$nulls":3},"ROZPOCET",{"$nulls":5},{"v":0,"d":"0.00"},{"v":0,"d":"0.00"},{"v":0,"d":"0.00"},{"v":0,"d":"0.00"},{"v":0,"d":"0.00"},"2",{"v":0,"d":"0.000"},"16","-1657307690"]
[null,null,"49","K","998771201","Presun hmôt pre podlahy z dlaždíc v objektoch výšky do 6m","%",3.453,null,{"v":0,"d":"0.000"},null,null,"","znížená",{"v":0,"d":"0.00000"},{"v":0,"d":"0.00000"},{"v":0,"d":"0.00000"},{"v":0,"d":"0.00000"},{"v":0,"d":"0.00000"},{"v":0,"d":"0.00000"},{"$nulls":23},"16",null,"K","2",{"$nulls":3},"ROZPOCET",{"$nulls":5},{"v":0,"d":"0.00"},{"v":0,"d":"0.00"},{"v":0,"d":"0.00"},{"v":0,"d":"0.00"},{"v":0,"d":"0.00"},"2",{"v":0,"d":"0.000"},"16","92918369"]
[{"$nulls":3},"D","781","Obklady",{"$nulls":3},{"v":0,"d":"0.000"},{"$nulls":5},{"v":30.5573,"d":"30.55730"},null,{"v":0.631449,"d":"0.63145"},null,{"v":0,"d":"0.00000"},{"$nulls":23},"2",null,"D","1",{"$nulls":3},"ROZPOCET",{"$nulls":11},{"v":0,"d":"0.000"}]
[null,null,"50","K","781445137","Oprava obkladov stien z obkladačiek keramických kladených do tmelu 200x200 mm, -0,021t","m2",{"v":25.7,"d":"25.700"},null,{"v":0,"d":"0.000"},null,null,"","znížená",{"v":1.189,"d":"1.18900"},{"v":30.5573,"d":"30.55730"},0.00315,{"v":0.080955,"d":"0.08096"},{"v":0,"d":"0.00000"},{"v":0,"d":"0.00000"},{"$nulls":23},"16",null,"K","2",{"$nulls":3},"ROZPOCET",{"$nulls":5},{"v":0,"d":"0.00"},{"v":0,"d":"0.00"},{"v":0,"d":"0.00"},{"v":0,"d":"0.00"},{"v":0,"d":"0.00"},"2",{"v":0,"d":"0.000"},"16","1986281136"]
[null,null,"51","M","597640000400","Obkladačky keramické glazované jednofarebné hladké lxv 200x200x14 mm","m2",26.214,null,{"v":0,"d":"0.000"},null,null,"","znížená",{"v":0,"d":"0.00000"},{"v":0,"d":"0.00000"},{"v":0.021,"d":"0.02100"},{"v":0.550494,"d":"0.55049"},{"v":0,"d":"0.00000"},{"v":0,"d":"0.00000"},{"$nulls":23},"32",null,"M","2",{"$nulls":3},"ROZPOCET",{"$nulls":5},{"v":0,"d":"0.00"},{"v":0,"d":"0.00"},{"v":0,"d":"0.00"},{"v":0,"d":"0.00"},{"v":0,"d":"0.00"},"2",{"v":0,"d":"0.000"},"16","1766784181"]
[null,null,"52","K","998781201","Presun hmôt pre obklady keramické v objektoch výšky do 6 m","%",9.928,null,{"v":0,"d":"0.000"},null,null,"","znížená",{"v":0,"d":"0.00000"},{"v":0,"d":"0.00000"},{"v":0,"d":"0.00000"},{"v":0,"d":"0.00000"},{"v":0,"d":"0.00000"},{"v":0,"d":"0.00000"},{"$nulls":23},"16",null,"K","2",{"$nulls":3},"ROZPOCET",{"$nulls":5},{"v":0,"d":"0.00"},{"v":0,"d":"0.00"},{"v":0,"d":"0.00"},{"v":0,"d":"0.00"},{"v":0,"d":"0.00"},"2",{"v":0,"d":"0.000"},"16","-165434744"]
[{"$nulls":3},"D","783","Nátery",{"$nulls":3},{"v":0,"d":"0.000"},{"$nulls":5},{"v":58.0610046,"d":"58.06100"},null,{"v":0.06316980000000001,"d":"0.06317"},null,{"v":0,"d":"0.00000"},{"$nulls":23},"2",null,"D","1",{"$nulls":3},"ROZPOCET",{"$nulls":11},{"v":0,"d":"0.000"}]
[null,null,"70","K","783820421","Syntetický náter - systém M 43 zvislých konštrukcií z cementových mált, dvojnásobná penetrácia,  stien ","m2",{"v":49.74,"d":"49.740"},null,{"v":0,"d":"0.000"},null,null,"","znížená",1.16729,{"v":58.0610046,"d":"58.06100"},0.00127,{"v":0.06316980000000001,"d":"0.06317"},{"v":0,"d":"0.00000"},{"v":0,"d":"0.00000"},{"$nulls":23},"16",null,"K","2",{"$nulls":3},"ROZPOCET",{"$nulls":5},{"v":0,"d":"0.00"},{"v":0,"d":"0.00"},{"v":0,"d":"0.00"},{"v":0,"d":"0.00"},{"v":0,"d":"0.00"},"2",{"v":0,"d":"0.000"},"16","-1926290409"]
[{"$nulls":3},"D","784","Maľby",{"$nulls":3},{"v":0,"d":"0.000"},{"$nulls":5},{"v":34.7030226,"d":"34.70302"},null,{"v":0.28270799999999996,"d":"0.28271"},null,{"v":0,"d":"0.00000"},{"$nulls":23},"2",null,"D","1",{"$nulls":3},"ROZPOCET",{"$nulls":11},{"v":0,"d":"0.000"}]
[null,null,"54","K","784410120","Penetrovanie jednonásobné hrubozrnných, savých podkladov výšky do 3,80 m","m2",{"v":116.07,"d":"116.070"},null,{"v":0,"d":"0.000"},null,null,"","znížená",{"v":0.05,"d":"0.05000"},{"v":5.8035,"d":"5.80350"},0.00017,{"v":0.0197319,"d":"0.01973"},{"v":0,"d":"0.00000"},{"v":0,"d":"0.00000"},{"$nulls":23},"16",null,"K","2",{"$nulls":3},"ROZPOCET",{"$nulls":5},{"v":0,"d":"0.00"},{"v":0,"d":"0.00"},{"v":0,"d":"0.00"},{"v":0,"d":"0.00"},{"v":0,"d":"0.00"},"2",{"v":0,"d":"0.000"},"16","2143640847"]
[null,null,"55","K","784422273","Maľby vápenné základné dvojnásobné, ručne nanášané na hrubozrnný podklad výšky do 3,80 m","m2",{"v":116.07,"d":"116.070"},null,{"v":0,"d":"0.000"},null,null,"","znížená",{"v":0.0967,"d":"0.09670"},{"v":11.223968999999999,"d":"11.22397"},0.00048,{"v":0.055713599999999995,"d":"0.05571"},{"v":0,"d":"0.00000"},{"v":0,"d":"0.00000"},{"$nulls":23},"16",null,"K","2",{"$nulls":3},"ROZPOCET",{"$nulls":5},{"v":0,"d":"0.00"},{"v":0,"d":"0.00"},{"v":0,"d":"0.00"},{"v":0,"d":"0.00"},{"v":0,"d":"0.00"},"2",{"v":0,"d":"0.000"},"16","-1576349196"]
[null,null,"56","K","784482921","Oprava stierky stien v rozsahu 30 %  výšky nad 3,80 m","m2",{"v":105.69,"d":"105.690"},null,{"v":0,"d":"0.000"},null,null,"","znížená",0.09576,{"v":10.1208744,"d":"10.12087"},0.00125,{"v":0.1321125,"d":"0.13211"},{"v":0,"d":"0.00000"},{"v":0,"d":"0.00000"},{"$nulls":23},"16",null,"K","2",{"$nulls":3},"ROZPOCET",{"$nulls":5},{"v":0,"d":"0.00"},{"v":0,"d":"0.00"},{"v":0,"d":"0.00"},{"v":0,"d":"0.00"},{"v":0,"d":"0.00"},"2",{"v":0,"d":"0.000"},"16","-1033640670"]
[null,null,"57","K","784483921","Oprava stierky stropov v rozsahu 30 % výšky nad 3,80 m","m2",{"v":60.12,"d":"60.120"},null,{"v":0,"d":"0.000"},null,null,"","znížená",0.12566,{"v":7.554679199999999,"d":"7.55468"},0.00125,0.07515,{"v":0,"d":"0.00000"},{"v":0,"d":"0.00000"},{"$nulls":23},"16",null,"K","2",{"$nulls":3},"ROZPOCET",{"$nulls":5},{"v":0,"d":"0.00"},{"v":0,"d":"0.00"},{"v":0,"d":"0.00"},{"v":0,"d":"0.00"},{"v":0,"d":"0.00"},"2",{"v":0,"d":"0.000"},"16","-2023535695"]
[{"$nulls":3},"D","M","Práce a dodávky M",{"$nulls":3},{"v":0,"d":"0.000"},{"$nulls":5},{"v":8.864,"d":"8.86400"},null,{"v":0.013619999999999998,"d":"0.01362"},null,{"v":0,"d":"0.00000"},{"$nulls":23},"3",null,"D","0",{"$nulls":3},"ROZPOCET",{"$nulls":11},{"v":0,"d":"0.000"}]
[{"$nulls":3},"D","21-M","Elektromontáže",{"$nulls":3},{"v":0,"d":"0.000"},{"$nulls":5},{"v":8.864,"d":"8.86400"},null,{"v":0.013619999999999998,"d":"0.01362"},null,{"v":0,"d":"0.00000"},{"$nulls":23},"3",null,"D","1",{"$nulls":3},"ROZPOCET",{"$nulls":11},{"v":0,"d":"0.000"}]
[null,null,"58","K","210110022","Spínač nástenný pre prostredie vonkajšie a mokré, vrátane zapojenia dvojpólový - radenie 2","ks",{"v":2,"d":"2.000"},null,{"v":0,"d":"0.000"},null,null,"","znížená",{"v":0.476,"d":"0.47600"},{"v":0.952,"d":"0.95200"},{"v":0,"d":"0.00000"},{"v":0,"d":"0.00000"},{"v":0,"d":"0.00000"},{"v":0,"d":"0.00000"},{"$nulls":23},"64",null,"K","2",{"$nulls":3},"ROZPOCET",{"$nulls":5},{"v":0,"d":"0.00"},{"v":0,"d":"0.00"},{"v":0,"d":"0.00"},{"v":0,"d":"0.00"},{"v":0,"d":"0.00"},"2",{"v":0,"d":"0.000"},"64","-272822642"]
[null,null,"59","M","345320002600","Vypínač  napr.TANGO dvojpólový plastový IP44, ABB","ks",{"v":2,"d":"2.000"},null,{"v":0,"d":"0.000"},null,null,"","znížená",{"v":0,"d":"0.00000"},{"v":0,"d":"0.00000"},{"v":0.0001,"d":"0.00010"},{"v":0.0002,"d":"0.00020"},{"v":0,"d":"0.00000"},{"v":0,"d":"0.00000"},{"$nulls":23},"128",null,"M","2",{"$nulls":3},"ROZPOCET",{"$nulls":5},{"v":0,"d":"0.00"},{"v":0,"d":"0.00"},{"v":0,"d":"0.00"},{"v":0,"d":"0.00"},{"v":0,"d":"0.00"},"2",{"v":0,"d":"0.000"},"128","-1307017778"]
[null,null,"60","K","210111012","Domová zásuvka polozapustená alebo zapustená, 10/16 A 250 V 2P + Z 2 x zapojenie","ks",{"v":4,"d":"4.000"},null,{"v":0,"d":"0.000"},null,null,"","znížená",{"v":0.308,"d":"0.30800"},{"v":1.232,"d":"1.23200"},{"v":0,"d":"0.00000"},{"v":0,"d":"0.00000"},{"v":0,"d":"0.00000"},{"v":0,"d":"0.00000"},{"$nulls":23},"64",null,"K","2",{"$nulls":3},"ROZPOCET",{"$nulls":5},{"v":0,"d":"0.00"},{"v":0,"d":"0.00"},{"v":0,"d":"0.00"},{"v":0,"d":"0.00"},{"v":0,"d":"0.00"},"2",{"v":0,"d":"0.000"},"64","1114708066"]
[null,null,"61","M","345510002000","Zásuvka ŠTANDARD 4FN 15038 BM dvojitá, napr.TESLA","ks",{"v":4,"d":"4.000"},null,{"v":0,"d":"0.000"},null,null,"","znížená",{"v":0,"d":"0.00000"},{"v":0,"d":"0.00000"},{"v":0.0001,"d":"0.00010"},{"v":0.0004,"d":"0.00040"},{"v":0,"d":"0.00000"},{"v":0,"d":"0.00000"},{"$nulls":23},"128",null,"M","2",{"$nulls":3},"ROZPOCET",{"$nulls":5},{"v":0,"d":"0.00"},{"v":0,"d":"0.00"},{"v":0,"d":"0.00"},{"v":0,"d":"0.00"},{"v":0,"d":"0.00"},"2",{"v":0,"d":"0.000"},"128","989220051"]
[null,null,"62","K","210203040","Montáž a zapojenie stropného LED svietidla 3-18 W","ks",{"v":4,"d":"4.000"},null,{"v":0,"d":"0.000"},null,null,"","znížená",{"v":0.65,"d":"0.65000"},{"v":2.6,"d":"2.60000"},{"v":0,"d":"0.00000"},{"v":0,"d":"0.00000"},{"v":0,"d":"0.00000"},{"v":0,"d":"0.00000"},{"$nulls":23},"64",null,"K","2",{"$nulls":3},"ROZPOCET",{"$nulls":5},{"v":0,"d":"0.00"},{"v":0,"d":"0.00"},{"v":0,"d":"0.00"},{"v":0,"d":"0.00"},{"v":0,"d":"0.00"},"2",{"v":0,"d":"0.000"},"64","1587723240"]
[null,null,"63","M","348120001500","LED svietidlo stropné DH12 teplá biela 12W - mliečny difúzor","ks",{"v":4,"d":"4.000"},null,{"v":0,"d":"0.000"},null,null,"","znížená",{"v":0,"d":"0.00000"},{"v":0,"d":"0.00000"},0.00028,0.00112,{"v":0,"d":"0.00000"},{"v":0,"d":"0.00000"},{"$nulls":23},"128",null,"M","2",{"$nulls":3},"ROZPOCET",{"$nulls":5},{"v":0,"d":"0.00"},{"v":0,"d":"0.00"},{"v":0,"d":"0.00"},{"v":0,"d":"0.00"},{"v":0,"d":"0.00"},"2",{"v":0,"d":"0.000"},"128","-1148544849"]
[null,null,"64","K","210800146","Kábel medený uložený pevne CYKY 450/750 V 3x1,5","m",{"v":85,"d":"85.000"},null,{"v":0,"d":"0.000"},null,null,"","znížená",{"v":0.048,"d":"0.04800"},{"v":4.08,"d":"4.08000"},{"v":0,"d":"0.00000"},{"v":0,"d":"0.00000"},{"v":0,"d":"0.00000"},{"v":0,"d":"0.00000"},{"$nulls":23},"64",null,"K","2",{"$nulls":3},"ROZPOCET",{"$nulls":5},{"v":0,"d":"0.00"},{"v":0,"d":"0.00"},{"v":0,"d":"0.00"},{"v":0,"d":"0.00"},{"v":0,"d":"0.00"},"2",{"v":0,"d":"0.000"},"64","-2092012563"]
[null,null,"65","M","341110000700","Kábel medený CYKY 3x1,5 mm2","m",{"v":85,"d":"85.000"},null,{"v":0,"d":"0.000"},null,null,"","znížená",{"v":0,"d":"0.00000"},{"v":0,"d":"0.00000"},0.00014,{"v":0.011899999999999999,"d":"0.01190"},{"v":0,"d":"0.00000"},{"v":0,"d":"0.00000"},{"$nulls":23},"128",null,"M","2",{"$nulls":3},"ROZPOCET",{"$nulls":5},{"v":0,"d":"0.00"},{"v":0,"d":"0.00"},{"v":0,"d":"0.00"},{"v":0,"d":"0.00"},{"v":0,"d":"0.00"},"2",{"v":0,"d":"0.000"},"128","-1584597979"]
[null,null,"66","K","MV","Murárske výpomoci","%",5.724,null,{"v":0,"d":"0.000"},null,null,"","znížená",{"v":0,"d":"0.00000"},{"v":0,"d":"0.00000"},{"v":0,"d":"0.00000"},{"v":0,"d":"0.00000"},{"v":0,"d":"0.00000"},{"v":0,"d":"0.00000"},{"$nulls":23},"64",null,"K","2",{"$nulls":3},"ROZPOCET",{"$nulls":5},{"v":0,"d":"0.00"},{"v":0,"d":"0.00"},{"v":0,"d":"0.00"},{"v":0,"d":"0.00"},{"v":0,"d":"0.00"},"2",{"v":0,"d":"0.000"},"64","1363952520"]
[null,null,"67","K","PM","Podružný materiál","%",4.409,null,{"v":0,"d":"0.000"},null,null,"","znížená",{"v":0,"d":"0.00000"},{"v":0,"d":"0.00000"},{"v":0,"d":"0.00000"},{"v":0,"d":"0.00000"},{"v":0,"d":"0.00000"},{"v":0,"d":"0.00000"},{"$nulls":23},"128",null,"K","2",{"$nulls":3},"ROZPOCET",{"$nulls":5},{"v":0,"d":"0.00"},{"v":0,"d":"0.00"},{"v":0,"d":"0.00"},{"v":0,"d":"0.00"},{"v":0,"d":"0.00"},"2",{"v":0,"d":"0.000"},"128","-672081088"]
[null,null,"68","K","PPV","Podiel pridružených výkonov","%",5.724,null,{"v":0,"d":"0.000"},null,null,"","znížená",{"v":0,"d":"0.00000"},{"v":0,"d":"0.00000"},{"v":0,"d":"0.00000"},{"v":0,"d":"0.00000"},{"v":0,"d":"0.00000"},{"v":0,"d":"0.00000"},{"$nulls":23},"64",null,"K","2",{"$nulls":3},"ROZPOCET",{"$nulls":5},{"v":0,"d":"0.00"},{"v":0,"d":"0.00"},{"v":0,"d":"0.00"},{"v":0,"d":"0.00"},{"v":0,"d":"0.00"},"2",{"v":0,"d":"0.000"},"64","262459311"]
[{"$nulls":3},"D","HZS","Hodinové zúčtovacie sadzby",{"$nulls":3},{"v":0,"d":"0.000"},{"$nulls":5},{"v":50.88,"d":"50.88000"},null,{"v":0,"d":"0.00000"},null,{"v":0,"d":"0.00000"},{"$nulls":23},"4",null,"D","0",{"$nulls":3},"ROZPOCET",{"$nulls":11},{"v":0,"d":"0.000"}]
[null,null,"69","K","HZS000111","Príprava miestnosti na maľovanie - sťahovanie nábytku ","hod",{"v":48,"d":"48.000"},null,{"v":0,"d":"0.000"},null,null,"","znížená",{"v":1.06,"d":"1.06000"},{"v":50.88,"d":"50.88000"},{"v":0,"d":"0.00000"},{"v":0,"d":"0.00000"},{"v":0,"d":"0.00000"},{"v":0,"d":"0.00000"},{"$nulls":23},"512",null,"K","1",{"$nulls":3},"ROZPOCET",{"$nulls":5},{"v":0,"d":"0.00"},{"v":0,"d":"0.00"},{"v":0,"d":"0.00"},{"v":0,"d":"0.00"},{"v":0,"d":"0.00"},"2",{"v":0,"d":"0.000"},"512","-1795244608"]

{"sheet":"03 - SO 03 Pavilon D - IV...","index":3,"n_rows":196,"n_cols":65,"rows_kept":196,"merged":[[1,11,1,21],[6,4,6,7],[8,4,8,7],[17,4,17,7],[26,4,26,7],[84,4,84,7],[86,4,86,7],[119,4,119,7],[121,4,121,7]],"flags":["formulas_cached_only"]}
[]
[{"$nulls":11},">>  skryté stĺpce  <<",{"$nulls":33},"{77160dec-ac6a-4a85-baa3-2bad44027dcf}"]
[{"$nulls":45},"0"]
[{"$nulls":3},"KRYCÍ LIST ROZPOČTU",{"$nulls":8},"v ---  nižšie sa nachádzajú doplnkové a pomocné údaje k zostavám  --- v",{"$nulls":32},"False"]
[]
[{"$nulls":3},"Stavba:"]
[{"$nulls":4},"Rekonštrukcia izieb a chodbových priestorov v pavilóne \"D\""]
[{"$nulls":3},"Objekt:"]
[{"$nulls":4},"03 - SO 03 Pavilon D - IV.N.P. - Spoločenská miestnosť "]
[]
[{"$nulls":3},"JKSO:",null,"",null,null,"KS:",""]
[{"$nulls":3},"Miesto:",null,"Trebišov ",null,null,"Dátum:","1. 10. 2019"]
[]
[{"$nulls":3},"Objednávateľ:",{"$nulls":4},"IČO:",""]
[{"$nulls":4},"LUMEN ŠZ, ZpS a DSS Trebišov",{"$nulls":3},"IČ DPH:",""]
[]
[{"$nulls":3},"Zhotoviteľ:",{"$nulls":4},"IČO:",""]
[{"$nulls":4}," ",{"$nulls":3},"IČ DPH:",""]
[]
[{"$nulls":3},"Projektant:",{"$nulls":4},"IČO:",""]
[{"$nulls":4}," ",{"$nulls":3},"IČ DPH:",""]
[]
[{"$nulls":3},"Spracovateľ:",{"$nulls":4},"IČO:",""]
[{"$nulls":4}," ",{"$nulls":3},"IČ DPH:",""]
[]
[{"$nulls":3},"Poznámka:"]
[{"$nulls":4},""]
[]
[]
[{"$nulls":3},"Cena bez DPH",{"$nulls":5},{"v":0,"d":"0.00"}]
[]
[{"$nulls":5},"Základ dane",null,null,"Sadzba dane","Výška dane"]
[{"$nulls":3},"DPH","základná",{"v":0,"d":"0.00"},null,null,{"v":0.2,"d":"20.00%"},{"v":0,"d":"0.00"}]
[{"$nulls":4},"znížená",{"v":0,"d":"0.00"},null,null,{"v":0.2,"d":"20.00%"},{"v":0,"d":"0.00"}]
[{"$nulls":4},"zákl. prenesená",{"v":0,"d":"0.00"},null,null,{"v":0.2,"d":"20.00%"},{"v":0,"d":"0.00"}]
[{"$nulls":4},"zníž. prenesená",{"v":0,"d":"0.00"},null,null,{"v":0.2,"d":"20.00%"},{"v":0,"d":"0.00"}]
[{"$nulls":4},"nulová",{"v":0,"d":"0.00"},null,null,{"v":0,"d":"0.00%"},{"v":0,"d":"0.00"}]
[]
[{"$nulls":3},"Cena s DPH",null,null,"v","EUR",null,{"v":0,"d":"0.00"}]
{"$rows_empty":10}
[{"$nulls":3},"Projektant",null,null,"Spracovateľ"]
{"$rows_empty":10}
[{"$nulls":3},"Dátum a podpis:",null,"Pečiatka","Dátum a podpis:",null,null,"Pečiatka"]
[]
[]
[]
[{"$nulls":3},"Objednávateľ",null,null,"Zhotoviteľ"]
{"$rows_empty":10}
[{"$nulls":3},"Dátum a podpis:",null,"Pečiatka","Dátum a podpis:",null,null,"Pečiatka"]
[]
[]
[]
[]
[]
[null,null,"REKAPITULÁCIA ROZPOČTU"]
[]
[null,null,"Stavba:"]
[{"$nulls":4},"Rekonštrukcia izieb a chodbových priestorov v pavilóne \"D\""]
[null,null,"Objekt:"]
[{"$nulls":4},"03 - SO 03 Pavilon D - IV.N.P. - Spoločenská miestnosť "]
[]
[null,null,"Miesto:",null,null,"Trebišov ",null,null,"Dátum:","1. 10. 2019"]
[]
[null,null,"Objednávateľ:",null,null,"LUMEN ŠZ, ZpS a DSS Trebišov",null,null,"Projektant:"," "]
[null,null,"Zhotoviteľ:",null,null," ",null,null,"Spracovateľ:"," "]
[]
[null,null,"Kód dielu - Popis",{"$nulls":6},"Cena celkom [EUR]"]
[]
[null,null,"Náklady z rozpočtu",{"$nulls":6},{"v":0,"d":"0.00"},{"$nulls":36},"-1"]
[{"$nulls":3},"HSV - Práce a dodávky HSV",{"$nulls":5},{"v":0,"d":"0.00"}]
[{"$nulls":3},"    3 - Zvislé a kompletné konštrukcie",{"$nulls":5},{"v":0,"d":"0.00"}]
[{"$nulls":3},"    6 - Úpravy povrchov, podlahy, osadenie",{"$nulls":5},{"v":0,"d":"0.00"}]
[{"$nulls":3},"    9 - Ostatné konštrukcie a práce-búranie",{"$nulls":5},{"v":0,"d":"0.00"}]
[{"$nulls":3},"    99 - Presun hmôt HSV",{"$nulls":5},{"v":0,"d":"0.00"}]
[{"$nulls":3},"PSV - Práce a dodávky PSV",{"$nulls":5},{"v":0,"d":"0.00"}]
[{"$nulls":3},"    763 - Konštrukcie - drevostavby",{"$nulls":5},{"v":0,"d":"0.00"}]
[{"$nulls":3},"    766 - Konštrukcie stolárske",{"$nulls":5},{"v":0,"d":"0.00"}]
[{"$nulls":3},"    775 - Podlahy vlysové a parketové",{"$nulls":5},{"v":0,"d":"0.00"}]
[{"$nulls":3},"    776 - Podlahy povlakové",{"$nulls":5},{"v":0,"d":"0.00"}]
[{"$nulls":3},"    783 - Nátery",{"$nulls":5},{"v":0,"d":"0.00"}]
[{"$nulls":3},"    784 - Maľby",{"$nulls":5},{"v":0,"d":"0.00"}]
[{"$nulls":3},"M - Práce a dodávky M",{"$nulls":5},{"v":0,"d":"0.00"}]
[{"$nulls":3},"    21-M - Elektromontáže",{"$nulls":5},{"v":0,"d":"0.00"}]
[]
[]
[]
[]
[]
[]
[null,null,"ROZPOČET"]
[]
[null,null,"Stavba:"]
[{"$nulls":4},"Rekonštrukcia izieb a chodbových priestorov v pavilóne \"D\""]
[null,null,"Objekt:"]
[{"$nulls":4},"03 - SO 03 Pavilon D - IV.N.P. - Spoločenská miestnosť "]
[]
[null,null,"Miesto:",null,null,"Trebišov ",null,null,"Dátum:","1. 10. 2019"]
[]
[null,null,"Objednávateľ:",null,null,"LUMEN ŠZ, ZpS a DSS Trebišov",null,null,"Projektant:"," "]
[null,null,"Zhotoviteľ:",null,null," ",null,null,"Spracovateľ:"," "]
[]
[null,null,"PČ","Typ","Kód","Popis","MJ","Množstvo","J.cena [EUR]","Cena celkom [EUR]","Cenová sústava",null,"","DPH","J. Nh [h]","Nh celkom [h]","J. hmotnosť [t]","Hmotnosť celkom [t]","J. suť [t]","Suť Celkom [t]"]
[null,null,"Náklady z rozpočtu",{"$nulls":6},{"v":0,"d":"0.000"},{"$nulls":5},{"v":192.32903819999999,"d":"192.32904"},null,{"v":2.32699698,"d":"2.32700"},null,{"v":2.4328,"d":"2.43280"},{"$nulls":25},"D","-1",{"$nulls":15},{"v":0,"d":"0.000"}]
[{"$nulls":3},"D","HSV","Práce a dodávky HSV",{"$nulls":3},{"v":0,"d":"0.000"},{"$nulls":5},{"v":75.00876699999999,"d":"75.00877"},null,{"v":1.610319,"d":"1.61032"},null,{"v":2.4055,"d":"2.40550"},{"$nulls":23},"1",null,"D","0",{"$nulls":3},"ROZPOCET",{"$nulls":11},{"v":0,"d":"0.000"}]
[{"$nulls":3},"D","3","Zvislé a kompletné konštrukcie",{"$nulls":3},{"v":0,"d":"0.000"},{"$nulls":5},0.97698,null,0.20932,null,{"v":0,"d":"0.00000"},{"$nulls":23},"1",null,"D","1",{"$nulls":3},"ROZPOCET",{"$nulls":11},{"v":0,"d":"0.000"}]
[null,null,"1","K","340238235","Zamurovanie otvorov plochy od 0,25 do 1 m2 tvárnicami  napr.YTONG (150x599x249)","m2",{"v":2,"d":"2.000"},null,{"v":0,"d":"0.000"},null,null,"","znížená",0.48849,0.97698,0.10466,0.20932,{"v":0,"d":"0.00000"},{"v":0,"d":"0.00000"},{"$nulls":23},"4",null,"K","2",{"$nulls":3},"ROZPOCET",{"$nulls":5},{"v":0,"d":"0.00"},{"v":0,"d":"0.00"},{"v":0,"d":"0.00"},{"v":0,"d":"0.00"},{"v":0,"d":"0.00"},"2",{"v":0,"d":"0.000"},"4","-1031871778"]
[{"$nulls":3},"D","6","Úpravy povrchov, podlahy, osadenie",{"$nulls":3},{"v":0,"d":"0.000"},{"$nulls":5},{"v":35.158756,"d":"35.15876"},null,{"v":1.3996190000000002,"d":"1.39962"},null,{"v":0,"d":"0.00000"},{"$nulls":23},"1",null,"D","1",{"$nulls":3},"ROZPOCET",{"$nulls":11},{"v":0,"d":"0.000"}]
[null,null,"2","K","612421431","Oprava vnútorných vápenných omietok stien, v množstve opravenej plochy nad 30 do 50 % štukových","m2",{"v":56.3,"d":"56.300"},null,{"v":0,"d":"0.000"},null,null,"","znížená",{"v":0.428,"d":"0.42800"},{"v":24.0964,"d":"24.09640"},0.01899,{"v":1.069137,"d":"1.06914"},{"v":0,"d":"0.00000"},{"v":0,"d":"0.00000"},{"$nulls":23},"4",null,"K","2",{"$nulls":3},"ROZPOCET",{"$nulls":5},{"v":0,"d":"0.00"},{"v":0,"d":"0.00"},{"v":0,"d":"0.00"},{"v":0,"d":"0.00"},{"v":0,"d":"0.00"},"2",{"v":0,"d":"0.000"},"4","-1138363593"]
[null,null,"3","K","612465181","Vnútorná omietka stien štuková napr.BAUMIT, strojné miešanie, ručné nanášanie, VivaMaxima, hr. 3 mm","m2",{"v":9.8,"d":"9.800"},null,{"v":0,"d":"0.000"},null,null,"","znížená",{"v":0.318,"d":"0.31800"},{"v":3.1164,"d":"3.11640"},0.00472,{"v":0.046256000000000005,"d":"0.04626"},{"v":0,"d":"0.00000"},{"v":0,"d":"0.00000"},{"$nulls":23},"4",null,"K","2",{"$nulls":3},"ROZPOCET",{"$nulls":5},{"v":0,"d":"0.00"},{"v":0,"d":"0.00"},{"v":0,"d":"0.00"},{"v":0,"d":"0.00"},{"v":0,"d":"0.00"},"2",{"v":0,"d":"0.000"},"4","1887151436"]
[null,null,"4","K","612481119","Potiahnutie vnútorných stien sklotextílnou mriežkou s celoplošným prilepením","m2",{"v":9.8,"d":"9.800"},null,{"v":0,"d":"0.000"},null,null,"","znížená",0.11118,{"v":1.0895640000000002,"d":"1.08956"},0.00415,{"v":0.040670000000000005,"d":"0.04067"},{"v":0,"d":"0.00000"},{"v":0,"d":"0.00000"},{"$nulls":23},"4",null,"K","2",{"$nulls":3},"ROZPOCET",{"$nulls":5},{"v":0,"d":"0.00"},{"v":0,"d":"0.00"},{"v":0,"d":"0.00"},{"v":0,"d":"0.00"},{"v":0,"d":"0.00"},"2",{"v":0,"d":"0.000"},"4","-2111180360"]
[null,null,"5","K","632001051","Zhotovenie jednonásobného penetračného náteru pre potery a stierky","m2",{"v":27.6,"d":"27.600"},null,{"v":0,"d":"0.000"},null,null,"","znížená",0.03501,{"v":0.966276,"d":"0.96628"},{"v":0,"d":"0.00000"},{"v":0,"d":"0.00000"},{"v":0,"d":"0.00000"},{"v":0,"d":"0.00000"},{"$nulls":23},"4",null,"K","2",{"$nulls":3},"ROZPOCET",{"$nulls":5},{"v":0,"d":"0.00"},{"v":0,"d":"0.00"},{"v":0,"d":"0.00"},{"v":0,"d":"0.00"},{"v":0,"d":"0.00"},"2",{"v":0,"d":"0.000"},"4","-2009190038"]
[null,null,"6","M","585520001900","Penetračný náter na báze disperzie napr.BAUMIT Grund, pre samonivelizačné potery a sierky, 25 kg","kg",4.264,null,{"v":0,"d":"0.000"},null,null,"","znížená",{"v":0,"d":"0.00000"},{"v":0,"d":"0.00000"},{"v":0.001,"d":"0.00100"},{"v":0.004264,"d":"0.00426"},{"v":0,"d":"0.00000"},{"v":0,"d":"0.00000"},{"$nulls":23},"8",null,"M","2",{"$nulls":3},"ROZPOCET",{"$nulls":5},{"v":0,"d":"0.00"},{"v":0,"d":"0.00"},{"v":0,"d":"0.00"},{"v":0,"d":"0.00"},{"v":0,"d":"0.00"},"2",{"v":0,"d":"0.000"},"4","446091683"]
[null,null,"7","K","632450295","Cementová samonivelizačná stierka napr.BAUMIT Nivello 30, triedy CT-C25-F5, hr. 5 mm","m2",{"v":27.6,"d":"27.600"},null,{"v":0,"d":"0.000"},null,null,"","znížená",0.21341,{"v":5.890116,"d":"5.89012"},0.00867,{"v":0.23929200000000003,"d":"0.23929"},{"v":0,"d":"0.00000"},{"v":0,"d":"0.00000"},{"$nulls":23},"4",null,"K","2",{"$nulls":3},"ROZPOCET",{"$nulls":5},{"v":0,"d":"0.00"},{"v":0,"d":"0.00"},{"v":0,"d":"0.00"},{"v":0,"d":"0.00"},{"v":0,"d":"0.00"},"2",{"v":0,"d":"0.000"},"4","-2130058628"]
[{"$nulls":3},"D","9","Ostatné konštrukcie a práce-búranie",{"$nulls":3},{"v":0,"d":"0.000"},{"$nulls":5},{"v":34.907601,"d":"34.90760"},null,{"v":0.0013800000000000002,"d":"0.00138"},null,{"v":2.4055,"d":"2.40550"},{"$nulls":23},"1",null,"D","1",{"$nulls":3},"ROZPOCET",{"$nulls":11},{"v":0,"d":"0.000"}]
[null,null,"8","K","952901111","Vyčistenie budov pri výške podlaží do 4 m","m2",{"v":27.6,"d":"27.600"},null,{"v":0,"d":"0.000"},null,null,"","znížená",{"v":0.324,"d":"0.32400"},{"v":8.942400000000001,"d":"8.94240"},{"v":5e-05,"d":"0.00005"},{"v":0.0013800000000000002,"d":"0.00138"},{"v":0,"d":"0.00000"},{"v":0,"d":"0.00000"},{"$nulls":23},"4",null,"K","2",{"$nulls":3},"ROZPOCET",{"$nulls":5},{"v":0,"d":"0.00"},{"v":0,"d":"0.00"},{"v":0,"d":"0.00"},{"v":0,"d":"0.00"},{"v":0,"d":"0.00"},"2",{"v":0,"d":"0.000"},"4","1450234273"]
[null,null,"9","K","962031132","Búranie priečok alebo vybúranie otvorov plochy nad 4 m2 z tehál pálených, plných alebo dutých hr. do 150 mm,  -0,19600t","m2",{"v":9.5,"d":"9.500"},null,{"v":0,"d":"0.000"},null,null,"","znížená",{"v":0.164,"d":"0.16400"},{"v":1.558,"d":"1.55800"},{"v":0,"d":"0.00000"},{"v":0,"d":"0.00000"},{"v":0.196,"d":"0.19600"},{"v":1.862,"d":"1.86200"},{"$nulls":23},"4",null,"K","2",{"$nulls":3},"ROZPOCET",{"$nulls":5},{"v":0,"d":"0.00"},{"v":0,"d":"0.00"},{"v":0,"d":"0.00"},{"v":0,"d":"0.00"},{"v":0,"d":"0.00"},"2",{"v":0,"d":"0.000"},"4","703591246"]
[null,null,"10","K","968072455","Vybúranie kovových dverových zárubní plochy do 2 m2,  -0,07600t","m2",{"v":2,"d":"2.000"},null,{"v":0,"d":"0.000"},null,null,"","znížená",{"v":1.6,"d":"1.60000"},{"v":3.2,"d":"3.20000"},{"v":0,"d":"0.00000"},{"v":0,"d":"0.00000"},{"v":0.076,"d":"0.07600"},{"v":0.152,"d":"0.15200"},{"$nulls":23},"4",null,"K","2",{"$nulls":3},"ROZPOCET",{"$nulls":5},{"v":0,"d":"0.00"},{"v":0,"d":"0.00"},{"v":0,"d":"0.00"},{"v":0,"d":"0.00"},{"v":0,"d":"0.00"},"2",{"v":0,"d":"0.000"},"4","-399874040"]
[null,null,"11","K","974031133","Vysekanie rýh v akomkoľvek murive tehlovom na akúkoľvek maltu do hĺbky 50 mm   -0,00900t rozvody elektroinštalácie ","m",{"v":43.5,"d":"43.500"},null,{"v":0,"d":"0.000"},null,null,"","znížená",{"v":0.236,"d":"0.23600"},{"v":10.266,"d":"10.26600"},{"v":0,"d":"0.00000"},{"v":0,"d":"0.00000"},{"v":0.009,"d":"0.00900"},{"v":0.39149999999999996,"d":"0.39150"},{"$nulls":23},"4",null,"K","2",{"$nulls":3},"ROZPOCET",{"$nulls":5},{"v":0,"d":"0.00"},{"v":0,"d":"0.00"},{"v":0,"d":"0.00"},{"v":0,"d":"0.00"},{"v":0,"d":"0.00"},"2",{"v":0,"d":"0.000"},"4","-2081164958"]
[null,null,"12","K","979011131","Zvislá doprava sutiny po schodoch ručne do 3,5 m","t",2.433,null,{"v":0,"d":"0.000"},null,null,"","znížená",{"v":1.972,"d":"1.97200"},{"v":4.797876,"d":"4.79788"},{"v":0,"d":"0.00000"},{"v":0,"d":"0.00000"},{"v":0,"d":"0.00000"},{"v":0,"d":"0.00000"},{"$nulls":23},"4",null,"K","2",{"$nulls":3},"ROZPOCET",{"$nulls":5},{"v":0,"d":"0.00"},{"v":0,"d":"0.00"},{"v":0,"d":"0.00"},{"v":0,"d":"0.00"},{"v":0,"d":"0.00"},"2",{"v":0,"d":"0.000"},"4","-841873718"]
[null,null,"13","K","979011141","Príplatok za každých ďalších 3,5 m","t",7.299,null,{"v":0,"d":"0.000"},null,null,"","znížená",{"v":0.619,"d":"0.61900"},{"v":4.5180810000000005,"d":"4.51808"},{"v":0,"d":"0.00000"},{"v":0,"d":"0.00000"},{"v":0,"d":"0.00000"},{"v":0,"d":"0.00000"},{"$nulls":23},"4",null,"K","2",{"$nulls":3},"ROZPOCET",{"$nulls":5},{"v":0,"d":"0.00"},{"v":0,"d":"0.00"},{"v":0,"d":"0.00"},{"v":0,"d":"0.00"},{"v":0,"d":"0.00"},"2",{"v":0,"d":"0.000"},"4","-648007691"]
[null,null,"14","K","979081111","Odvoz sutiny a vybúraných hmôt na skládku do 1 km","t",2.433,null,{"v":0,"d":"0.000"},null,null,"","znížená",{"v":0.598,"d":"0.59800"},{"v":1.454934,"d":"1.45493"},{"v":0,"d":"0.00000"},{"v":0,"d":"0.00000"},{"v":0,"d":"0.00000"},{"v":0,"d":"0.00000"},{"$nulls":23},"4",null,"K","2",{"$nulls":3},"ROZPOCET",{"$nulls":5},{"v":0,"d":"0.00"},{"v":0,"d":"0.00"},{"v":0,"d":"0.00"},{"v":0,"d":"0.00"},{"v":0,"d":"0.00"},"2",{"v":0,"d":"0.000"},"4","-19279960"]
[null,null,"15","K","979081121","Odvoz sutiny a vybúraných hmôt na skládku za každý ďalší 1 km","t",{"v":24.33,"d":"24.330"},null,{"v":0,"d":"0.000"},null,null,"","znížená",{"v":0.007,"d":"0.00700"},0.17031,{"v":0,"d":"0.00000"},{"v":0,"d":"0.00000"},{"v":0,"d":"0.00000"},{"v":0,"d":"0.00000"},{"$nulls":23},"4",null,"K","2",{"$nulls":3},"ROZPOCET",{"$nulls":5},{"v":0,"d":"0.00"},{"v":0,"d":"0.00"},{"v":0,"d":"0.00"},{"v":0,"d":"0.00"},{"v":0,"d":"0.00"},"2",{"v":0,"d":"0.000"},"4","-1379868415"]
[null,null,"16","K","979089012","Poplatok za skladovanie - betón, tehly, dlaždice (17 01 ), ostatné","t",2.433,null,{"v":0,"d":"0.000"},null,null,"","znížená",{"v":0,"d":"0.00000"},{"v":0,"d":"0.00000"},{"v":0,"d":"0.00000"},{"v":0,"d":"0.00000"},{"v":0,"d":"0.00000"},{"v":0,"d":"0.00000"},{"$nulls":23},"4",null,"K","2",{"$nulls":3},"ROZPOCET",{"$nulls":5},{"v":0,"d":"0.00"},{"v":0,"d":"0.00"},{"v":0,"d":"0.00"},{"v":0,"d":"0.00"},{"v":0,"d":"0.00"},"2",{"v":0,"d":"0.000"},"4","2109171373"]
[{"$nulls":3},"D","99","Presun hmôt HSV",{"$nulls":3},{"v":0,"d":"0.000"},{"$nulls":5},{"v":3.9654300000000005,"d":"3.96543"},null,{"v":0,"d":"0.00000"},null,{"v":0,"d":"0.00000"},{"$nulls":23},"1",null,"D","1",{"$nulls":3},"ROZPOCET",{"$nulls":11},{"v":0,"d":"0.000"}]
[null,null,"17","K","999281111","Presun hmôt pre opravy a údržbu objektov vrátane vonkajších plášťov výšky do 25 m","t",{"v":1.61,"d":"1.610"},null,{"v":0,"d":"0.000"},null,null,"","znížená",{"v":2.463,"d":"2.46300"},{"v":3.9654300000000005,"d":"3.96543"},{"v":0,"d":"0.00000"},{"v":0,"d":"0.00000"},{"v":0,"d":"0.00000"},{"v":0,"d":"0.00000"},{"$nulls":23},"4",null,"K","2",{"$nulls":3},"ROZPOCET",{"$nulls":5},{"v":0,"d":"0.00"},{"v":0,"d":"0.00"},{"v":0,"d":"0.00"},{"v":0,"d":"0.00"},{"v":0,"d":"0.00"},"2",{"v":0,"d":"0.000"},"4","-717669070"]
[{"$nulls":3},"D","PSV","Práce a dodávky PSV",{"$nulls":3},{"v":0,"d":"0.000"},{"$nulls":5},{"v":112.10277119999999,"d":"112.10277"},null,{"v":0.68462798,"d":"0.68463"},null,{"v":0.0273,"d":"0.02730"},{"$nulls":23},"2",null,"D","0",{"$nulls":3},"ROZPOCET",{"$nulls":11},{"v":0,"d":"0.000"}]
[{"$nulls":3},"D","763","Konštrukcie - drevostavby",{"$nulls":3},{"v":0,"d":"0.000"},{"$nulls":5},{"v":25.2816,"d":"25.28160"},null,{"v":0.326784,"d":"0.32678"},null,{"v":0,"d":"0.00000"},{"$nulls":23},"2",null,"D","1",{"$nulls":3},"ROZPOCET",{"$nulls":11},{"v":0,"d":"0.000"}]
[null,null,"18","K","763132310","SDK podhľad napr.KNAUF D112, závesná dvojvrstvová kca profil montažný CD a nosný UD, dosky GKBI hr. 12,5 mm","m2",{"v":27.6,"d":"27.600"},null,{"v":0,"d":"0.000"},null,null,"","znížená",{"v":0.916,"d":"0.91600"},{"v":25.2816,"d":"25.28160"},0.01184,{"v":0.326784,"d":"0.32678"},{"v":0,"d":"0.00000"},{"v":0,"d":"0.00000"},{"$nulls":23},"16",null,"K","2",{"$nulls":3},"ROZPOCET",{"$nulls":5},{"v":0,"d":"0.00"},{"v":0,"d":"0.00"},{"v":0,"d":"0.00"},{"v":0,"d":"0.00"},{"v":0,"d":"0.00"},"2",{"v":0,"d":"0.000"},"16","1687405846"]
[null,null,"19","K","998763201","Presun hmôt pre drevostavby v objektoch výšky do 12 m","%",6.917,null,{"v":0,"d":"0.000"},null,null,"","znížená",{"v":0,"d":"0.00000"},{"v":0,"d":"0.00000"},{"v":0,"d":"0.00000"},{"v":0,"d":"0.00000"},{"v":0,"d":"0.00000"},{"v":0,"d":"0.00000"},{"$nulls":23},"16",null,"K","2",{"$nulls":3},"ROZPOCET",{"$nulls":5},{"v":0,"d":"0.00"},{"v":0,"d":"0.00"},{"v":0,"d":"0.00"},{"v":0,"d":"0.00"},{"v":0,"d":"0.00"},"2",{"v":0,"d":"0.000"},"16","672649574"]
[{"$nulls":3},"D","766","Konštrukcie stolárske",{"$nulls":3},{"v":0,"d":"0.000"},{"$nulls":5},1.22501,null,{"v":0.026000000000000002,"d":"0.02600"},null,{"v":0,"d":"0.00000"},{"$nulls":23},"2",null,"D","1",{"$nulls":3},"ROZPOCET",{"$nulls":11},{"v":0,"d":"0.000"}]
[null,null,"20","K","766662112","Montáž dverového krídla otočného jednokrídlového poldrážkového, do existujúcej zárubne, vrátane kovania","ks",{"v":1,"d":"1.000"},null,{"v":0,"d":"0.000"},null,null,"","znížená",1.22501,1.22501,{"v":0,"d":"0.00000"},{"v":0,"d":"0.00000"},{"v":0,"d":"0.00000"},{"v":0,"d":"0.00000"},{"$nulls":23},"16",null,"K","2",{"$nulls":3},"ROZPOCET",{"$nulls":5},{"v":0,"d":"0.00"},{"v":0,"d":"0.00"},{"v":0,"d":"0.00"},{"v":0,"d":"0.00"},{"v":0,"d":"0.00"},"2",{"v":0,"d":"0.000"},"16","-2136015265"]
[null,null,"21","M","549150000600","Kľučka dverová 2x, 2x rozeta BB, FAB, nehrdzavejúca oceľ, povrch nerez brúsený, napr.SAPELI","ks",{"v":1,"d":"1.000"},null,{"v":0,"d":"0.000"},null,null,"","znížená",{"v":0,"d":"0.00000"},{"v":0,"d":"0.00000"},{"v":0.001,"d":"0.00100"},{"v":0.001,"d":"0.00100"},{"v":0,"d":"0.00000"},{"v":0,"d":"0.00000"},{"$nulls":23},"32",null,"M","2",{"$nulls":3},"ROZPOCET",{"$nulls":5},{"v":0,"d":"0.00"},{"v":0,"d":"0.00"},{"v":0,"d":"0.00"},{"v":0,"d":"0.00"},{"v":0,"d":"0.00"},"2",{"v":0,"d":"0.000"},"16","1126983691"]
[null,null,"22","M","611610000400","Dvere vnútorné jednokrídlové, šírka 600-900 mm, výplň papierová voština, povrch fólia M10, plné, SAPELI","ks",{"v":1,"d":"1.000"},null,{"v":0,"d":"0.000"},null,null,"","znížená",{"v":0,"d":"0.00000"},{"v":0,"d":"0.00000"},{"v":0.025,"d":"0.02500"},{"v":0.025,"d":"0.02500"},{"v":0,"d":"0.00000"},{"v":0,"d":"0.00000"},{"$nulls":23},"32",null,"M","2",{"$nulls":3},"ROZPOCET",{"$nulls":5},{"v":0,"d":"0.00"},{"v":0,"d":"0.00"},{"v":0,"d":"0.00"},{"v":0,"d":"0.00"},{"v":0,"d":"0.00"},"2",{"v":0,"d":"0.000"},"16","494972744"]
[{"$nulls":3},"D","775","Podlahy vlysové a parketové",{"$nulls":3},{"v":0,"d":"0.000"},{"$nulls":5},{"v":8.526336,"d":"8.52634"},null,{"v":0.004914000000000001,"d":"0.00491"},null,{"v":0,"d":"0.00000"},{"$nulls":23},"2",null,"D","1",{"$nulls":3},"ROZPOCET",{"$nulls":11},{"v":0,"d":"0.000"}]
[null,null,"23","K","775591910","Ostatné opravy na nášľapnej ploche brúsenie podláh strojné","m2",{"v":27.3,"d":"27.300"},null,{"v":0,"d":"0.000"},null,null,"","znížená",0.31232,{"v":8.526336,"d":"8.52634"},0.00018,{"v":0.004914000000000001,"d":"0.00491"},{"v":0,"d":"0.00000"},{"v":0,"d":"0.00000"},{"$nulls":23},"16",null,"K","2",{"$nulls":3},"ROZPOCET",{"$nulls":5},{"v":0,"d":"0.00"},{"v":0,"d":"0.00"},{"v":0,"d":"0.00"},{"v":0,"d":"0.00"},{"v":0,"d":"0.00"},"2",{"v":0,"d":"0.000"},"16","2031221983"]
[{"$nulls":3},"D","776","Podlahy povlakové",{"$nulls":3},{"v":0,"d":"0.000"},{"$nulls":5},{"v":40.886914000000004,"d":"40.88691"},null,{"v":0.27388118,"d":"0.27388"},null,{"v":0.0273,"d":"0.02730"},{"$nulls":23},"2",null,"D","1",{"$nulls":3},"ROZPOCET",{"$nulls":11},{"v":0,"d":"0.000"}]
[null,null,"24","K","776411000","Lepenie podlahových líšt soklových","m",{"v":22.64,"d":"22.640"},null,{"v":0,"d":"0.000"},null,null,"","znížená",{"v":0.118,"d":"0.11800"},2.67152,{"v":4e-05,"d":"0.00004"},{"v":0.0009056000000000001,"d":"0.00091"},{"v":0,"d":"0.00000"},{"v":0,"d":"0.00000"},{"$nulls":23},"16",null,"K","2",{"$nulls":3},"ROZPOCET",{"$nulls":5},{"v":0,"d":"0.00"},{"v":0,"d":"0.00"},{"v":0,"d":"0.00"},{"v":0,"d":"0.00"},{"v":0,"d":"0.00"},"2",{"v":0,"d":"0.000"},"16","-1388145500"]
[null,null,"25","M","283410017900","Soklová PVC lišta DSL 60, ochranný lem 5 mm, napr.BRENO","m",22.866,null,{"v":0,"d":"0.000"},null,null,"","znížená",{"v":0,"d":"0.00000"},{"v":0,"d":"0.00000"},0.00163,{"v":0.03727158,"d":"0.03727"},{"v":0,"d":"0.00000"},{"v":0,"d":"0.00000"},{"$nulls":23},"32",null,"M","2",{"$nulls":3},"ROZPOCET",{"$nulls":5},{"v":0,"d":"0.00"},{"v":0,"d":"0.00"},{"v":0,"d":"0.00"},{"v":0,"d":"0.00"},{"v":0,"d":"0.00"},"2",{"v":0,"d":"0.000"},"16","2142933558"]
[null,null,"26","K","776511820","Odstránenie povlakových podláh z nášľapnej plochy lepených s podložkou,  -0,00100t","m2",{"v":27.3,"d":"27.300"},null,{"v":0,"d":"0.000"},null,null,"","znížená",{"v":0.241,"d":"0.24100"},{"v":6.5793,"d":"6.57930"},{"v":0,"d":"0.00000"},{"v":0,"d":"0.00000"},{"v":0.001,"d":"0.00100"},{"v":0.0273,"d":"0.02730"},{"$nulls":23},"16",null,"K","2",{"$nulls":3},"ROZPOCET",{"$nulls":5},{"v":0,"d":"0.00"},{"v":0,"d":"0.00"},{"v":0,"d":"0.00"},{"v":0,"d":"0.00"},{"v":0,"d":"0.00"},"2",{"v":0,"d":"0.000"},"16","-870004304"]
[null,null,"27","K","776541100","Lepenie povlakových podláh PVC heterogénnych v pásoch","m2",{"v":27.6,"d":"27.600"},null,{"v":0,"d":"0.000"},null,null,"","znížená",{"v":0.309,"d":"0.30900"},{"v":8.5284,"d":"8.52840"},{"v":0.0003,"d":"0.00030"},0.00828,{"v":0,"d":"0.00000"},{"v":0,"d":"0.00000"},{"$nulls":23},"16",null,"K","2",{"$nulls":3},"ROZPOCET",{"$nulls":5},{"v":0,"d":"0.00"},{"v":0,"d":"0.00"},{"v":0,"d":"0.00"},{"v":0,"d":"0.00"},{"v":0,"d":"0.00"},"2",{"v":0,"d":"0.000"},"16","-679735117"]
[null,null,"28","M","284110003400","Podlaha PVC heterogénna,, hrúbka 2 mm, vyššia trieda záťaže 42, nášľapná vrstva od 0,6mm","m2",28.428,null,{"v":0,"d":"0.000"},null,null,"","znížená",{"v":0,"d":"0.00000"},{"v":0,"d":"0.00000"},{"v":0.008,"d":"0.00800"},{"v":0.22742400000000002,"d":"0.22742"},{"v":0,"d":"0.00000"},{"v":0,"d":"0.00000"},{"$nulls":23},"32",null,"M","2",{"$nulls":3},"ROZPOCET",{"$nulls":5},{"v":0,"d":"0.00"},{"v":0,"d":"0.00"},{"v":0,"d":"0.00"},{"v":0,"d":"0.00"},{"v":0,"d":"0.00"},"2",{"v":0,"d":"0.000"},"16","-74591580"]
[null,null,"29","K","776992210","Príprava podkladu prebrúsením betónu ručným elektrickým náradím","m2",{"v":27.6,"d":"27.600"},null,{"v":0,"d":"0.000"},null,null,"","znížená",{"v":0.827,"d":"0.82700"},{"v":22.8252,"d":"22.82520"},{"v":0,"d":"0.00000"},{"v":0,"d":"0.00000"},{"v":0,"d":"0.00000"},{"v":0,"d":"0.00000"},{"$nulls":23},"16",null,"K","2",{"$nulls":3},"ROZPOCET",{"$nulls":5},{"v":0,"d":"0.00"},{"v":0,"d":"0.00"},{"v":0,"d":"0.00"},{"v":0,"d":"0.00"},{"v":0,"d":"0.00"},"2",{"v":0,"d":"0.000"},"16","1328508761"]
[null,null,"30","K","998776101","Presun hmôt pre podlahy povlakové v objektoch výšky do 6 m","t",0.274,null,{"v":0,"d":"0.000"},null,null,"","znížená",{"v":1.031,"d":"1.03100"},{"v":0.282494,"d":"0.28249"},{"v":0,"d":"0.00000"},{"v":0,"d":"0.00000"},{"v":0,"d":"0.00000"},{"v":0,"d":"0.00000"},{"$nulls":23},"16",null,"K","2",{"$nulls":3},"ROZPOCET",{"$nulls":5},{"v":0,"d":"0.00"},{"v":0,"d":"0.00"},{"v":0,"d":"0.00"},{"v":0,"d":"0.00"},{"v":0,"d":"0.00"},"2",{"v":0,"d":"0.000"},"16","-771210018"]
[{"$nulls":3},"D","783","Nátery",{"$nulls":3},{"v":0,"d":"0.000"},{"$nulls":5},{"v":27.570106799999998,"d":"27.57011"},null,{"v":0.016952400000000003,"d":"0.01695"},null,{"v":0,"d":"0.00000"},{"$nulls":23},"2",null,"D","1",{"$nulls":3},"ROZPOCET",{"$nulls":11},{"v":0,"d":"0.000"}]
[null,null,"31","K","783222100","Nátery kov.stav.doplnk.konštr. syntetické farby šedej na vzduchu schnúce dvojnásobné - 70µm","m2",{"v":2.64,"d":"2.640"},null,{"v":0,"d":"0.000"},null,null,"","znížená",{"v":0.265,"d":"0.26500"},{"v":0.6996000000000001,"d":"0.69960"},0.00016,{"v":0.0004224000000000001,"d":"0.00042"},{"v":0,"d":"0.00000"},{"v":0,"d":"0.00000"},{"$nulls":23},"16",null,"K","2",{"$nulls":3},"ROZPOCET",{"$nulls":5},{"v":0,"d":"0.00"},{"v":0,"d":"0.00"},{"v":0,"d":"0.00"},{"v":0,"d":"0.00"},{"v":0,"d":"0.00"},"2",{"v":0,"d":"0.000"},"16","1536431560"]
[null,null,"32","K","783802822","Odstránenie starých náterov z omietok opálením s obrúsením stien","m2",{"v":33.06,"d":"33.060"},null,{"v":0,"d":"0.000"},null,null,"","znížená",{"v":0.475,"d":"0.47500"},{"v":15.7035,"d":"15.70350"},{"v":8e-05,"d":"0.00008"},{"v":0.0026448000000000005,"d":"0.00264"},{"v":0,"d":"0.00000"},{"v":0,"d":"0.00000"},{"$nulls":23},"16",null,"K","2",{"$nulls":3},"ROZPOCET",{"$nulls":5},{"v":0,"d":"0.00"},{"v":0,"d":"0.00"},{"v":0,"d":"0.00"},{"v":0,"d":"0.00"},{"v":0,"d":"0.00"},"2",{"v":0,"d":"0.000"},"16","-1188264060"]
[null,null,"33","K","783824220","Nátery syntetické farby bielej betónových povrchov stien dvojnásobné 1x s emailovaním","m2",{"v":33.06,"d":"33.060"},null,{"v":0,"d":"0.000"},null,null,"","znížená",0.33778,{"v":11.167006800000001,"d":"11.16701"},0.00042,{"v":0.013885200000000002,"d":"0.01389"},{"v":0,"d":"0.00000"},{"v":0,"d":"0.00000"},{"$nulls":23},"16",null,"K","2",{"$nulls":3},"ROZPOCET",{"$nulls":5},{"v":0,"d":"0.00"},{"v":0,"d":"0.00"},{"v":0,"d":"0.00"},{"v":0,"d":"0.00"},{"v":0,"d":"0.00"},"2",{"v":0,"d":"0.000"},"16","1216724903"]
[{"$nulls":3},"D","784","Maľby",{"$nulls":3},{"v":0,"d":"0.000"},{"$nulls":5},{"v":8.6128044,"d":"8.61280"},null,{"v":0.03609640000000001,"d":"0.03610"},null,{"v":0,"d":"0.00000"},{"$nulls":23},"2",null,"D","1",{"$nulls":3},"ROZPOCET",{"$nulls":11},{"v":0,"d":"0.000"}]
[null,null,"34","K","784410120","Penetrovanie jednonásobné hrubozrnných, savých podkladov výšky do 3,80 m","m2",{"v":50.84,"d":"50.840"},null,{"v":0,"d":"0.000"},null,null,"","znížená",0.05031,{"v":2.5577604000000003,"d":"2.55776"},0.00017,{"v":0.0086428,"d":"0.00864"},{"v":0,"d":"0.00000"},{"v":0,"d":"0.00000"},{"$nulls":23},"16",null,"K","2",{"$nulls":3},"ROZPOCET",{"$nulls":5},{"v":0,"d":"0.00"},{"v":0,"d":"0.00"},{"v":0,"d":"0.00"},{"v":0,"d":"0.00"},{"v":0,"d":"0.00"},"2",{"v":0,"d":"0.000"},"16","-2012934195"]
[null,null,"35","K","784410501","Prebrúsenie a oprášenie hrubozrnných povrchov výšky do 3,80 m","m2",{"v":50.84,"d":"50.840"},null,{"v":0,"d":"0.000"},null,null,"","znížená",{"v":0.01,"d":"0.01000"},{"v":0.5084000000000001,"d":"0.50840"},{"v":1e-05,"d":"0.00001"},{"v":0.0005084000000000001,"d":"0.00051"},{"v":0,"d":"0.00000"},{"v":0,"d":"0.00000"},{"$nulls":23},"16",null,"K","2",{"$nulls":3},"ROZPOCET",{"$nulls":5},{"v":0,"d":"0.00"},{"v":0,"d":"0.00"},{"v":0,"d":"0.00"},{"v":0,"d":"0.00"},{"v":0,"d":"0.00"},"2",{"v":0,"d":"0.000"},"16","-910611611"]
[null,null,"36","K","784410620","Vyrovnanie trhlín a nerovností na hrubozrnných povrchoch výšky do 3,80 m","m2",{"v":50.84,"d":"50.840"},null,{"v":0,"d":"0.000"},null,null,"","znížená",{"v":0.0124,"d":"0.01240"},{"v":0.630416,"d":"0.63042"},{"v":5e-05,"d":"0.00005"},{"v":0.0025420000000000004,"d":"0.00254"},{"v":0,"d":"0.00000"},{"v":0,"d":"0.00000"},{"$nulls":23},"16",null,"K","2",{"$nulls":3},"ROZPOCET",{"$nulls":5},{"v":0,"d":"0.00"},{"v":0,"d":"0.00"},{"v":0,"d":"0.00"},{"v":0,"d":"0.00"},{"v":0,"d":"0.00"},"2",{"v":0,"d":"0.000"},"16","-611085005"]
[null,null,"37","K","784422273","Maľby vápenné základné dvojnásobné, ručne nanášané na hrubozrnný podklad výšky do 3,80 m","m2",{"v":50.84,"d":"50.840"},null,{"v":0,"d":"0.000"},null,null,"","znížená",{"v":0.0967,"d":"0.09670"},{"v":4.916228,"d":"4.91623"},0.00048,{"v":0.024403200000000003,"d":"0.02440"},{"v":0,"d":"0.00000"},{"v":0,"d":"0.00000"},{"$nulls":23},"16",null,"K","2",{"$nulls":3},"ROZPOCET",{"$nulls":5},{"v":0,"d":"0.00"},{"v":0,"d":"0.00"},{"v":0,"d":"0.00"},{"v":0,"d":"0.00"},{"v":0,"d":"0.00"},"2",{"v":0,"d":"0.000"},"16","-59692914"]
[{"$nulls":3},"D","M","Práce a dodávky M",{"$nulls":3},{"v":0,"d":"0.000"},{"$nulls":5},{"v":5.2175,"d":"5.21750"},null,{"v":0.032049999999999995,"d":"0.03205"},null,{"v":0,"d":"0.00000"},{"$nulls":23},"3",null,"D","0",{"$nulls":3},"ROZPOCET",{"$nulls":11},{"v":0,"d":"0.000"}]
[{"$nulls":3},"D","21-M","Elektromontáže",{"$nulls":3},{"v":0,"d":"0.000"},{"$nulls":5},{"v":5.2175,"d":"5.21750"},null,{"v":0.032049999999999995,"d":"0.03205"},null,{"v":0,"d":"0.00000"},{"$nulls":23},"3",null,"D","1",{"$nulls":3},"ROZPOCET",{"$nulls":11},{"v":0,"d":"0.000"}]
[null,null,"38","K","210010301","Krabica prístrojová bez zapojenia (1901, KP 68, KZ 3)","ks",{"v":1,"d":"1.000"},null,{"v":0,"d":"0.000"},null,null,"","znížená",{"v":0.086,"d":"0.08600"},{"v":0.086,"d":"0.08600"},{"v":0,"d":"0.00000"},{"v":0,"d":"0.00000"},{"v":0,"d":"0.00000"},{"v":0,"d":"0.00000"},{"$nulls":23},"64",null,"K","2",{"$nulls":3},"ROZPOCET",{"$nulls":5},{"v":0,"d":"0.00"},{"v":0,"d":"0.00"},{"v":0,"d":"0.00"},{"v":0,"d":"0.00"},{"v":0,"d":"0.00"},"2",{"v":0,"d":"0.000"},"64","-1158085598"]
[null,null,"39","M","345410002400","Krabica univerzálna z PVC pod omietku KU 68-1901,Dxh 73x42 mm, napr.KOPOS","ks",{"v":1,"d":"1.000"},null,{"v":0,"d":"0.000"},null,null,"","znížená",{"v":0,"d":"0.00000"},{"v":0,"d":"0.00000"},{"v":3e-05,"d":"0.00003"},{"v":3e-05,"d":"0.00003"},{"v":0,"d":"0.00000"},{"v":0,"d":"0.00000"},{"$nulls":23},"128",null,"M","2",{"$nulls":3},"ROZPOCET",{"$nulls":5},{"v":0,"d":"0.00"},{"v":0,"d":"0.00"},{"v":0,"d":"0.00"},{"v":0,"d":"0.00"},{"v":0,"d":"0.00"},"2",{"v":0,"d":"0.000"},"128","-865262701"]
[null,null,"40","K","210110021","Spínač nástenný pre prostredie vonkajšie a mokré, vrátane zapojenia jednopólový - radenie 1","ks",{"v":1,"d":"1.000"},null,{"v":0,"d":"0.000"},null,null,"","znížená",{"v":0.367,"d":"0.36700"},{"v":0.367,"d":"0.36700"},{"v":0,"d":"0.00000"},{"v":0,"d":"0.00000"},{"v":0,"d":"0.00000"},{"v":0,"d":"0.00000"},{"$nulls":23},"64",null,"K","2",{"$nulls":3},"ROZPOCET",{"$nulls":5},{"v":0,"d":"0.00"},{"v":0,"d":"0.00"},{"v":0,"d":"0.00"},{"v":0,"d":"0.00"},{"v":0,"d":"0.00"},"2",{"v":0,"d":"0.000"},"64","517515237"]
[null,null,"41","M","345320003100","Vypínač jednoduchý, radenie 1, IP 43","ks",{"v":1,"d":"1.000"},null,{"v":0,"d":"0.000"},null,null,"","znížená",{"v":0,"d":"0.00000"},{"v":0,"d":"0.00000"},{"v":0.0001,"d":"0.00010"},{"v":0.0001,"d":"0.00010"},{"v":0,"d":"0.00000"},{"v":0,"d":"0.00000"},{"$nulls":23},"128",null,"M","2",{"$nulls":3},"ROZPOCET",{"$nulls":5},{"v":0,"d":"0.00"},{"v":0,"d":"0.00"},{"v":0,"d":"0.00"},{"v":0,"d":"0.00"},{"v":0,"d":"0.00"},"2",{"v":0,"d":"0.000"},"128","-673706585"]
[null,null,"42","K","210111011","Domová zásuvka polozapustená alebo zapustená vrátane zapojenia 10/16 A 250 V 2P + Z","ks",{"v":4,"d":"4.000"},null,{"v":0,"d":"0.000"},null,null,"","znížená",{"v":0.258,"d":"0.25800"},{"v":1.032,"d":"1.03200"},{"v":0,"d":"0.00000"},{"v":0,"d":"0.00000"},{"v":0,"d":"0.00000"},{"v":0,"d":"0.00000"},{"$nulls":23},"64",null,"K","2",{"$nulls":3},"ROZPOCET",{"$nulls":5},{"v":0,"d":"0.00"},{"v":0,"d":"0.00"},{"v":0,"d":"0.00"},{"v":0,"d":"0.00"},{"v":0,"d":"0.00"},"2",{"v":0,"d":"0.000"},"64","319826473"]
[null,null,"43","M","345510002000","Zásuvka ŠTANDARD 4FN 15038 BM dvojitá, napr.TESLA","ks",{"v":4,"d":"4.000"},null,{"v":0,"d":"0.000"},null,null,"","znížená",{"v":0,"d":"0.00000"},{"v":0,"d":"0.00000"},{"v":0.0001,"d":"0.00010"},{"v":0.0004,"d":"0.00040"},{"v":0,"d":"0.00000"},{"v":0,"d":"0.00000"},{"$nulls":23},"128",null,"M","2",{"$nulls":3},"ROZPOCET",{"$nulls":5},{"v":0,"d":"0.00"},{"v":0,"d":"0.00"},{"v":0,"d":"0.00"},{"v":0,"d":"0.00"},{"v":0,"d":"0.00"},"2",{"v":0,"d":"0.000"},"128","-725626875"]
[null,null,"44","K","210203040","Montáž a zapojenie stropného LED svietidla 3-18 W","ks",{"v":4,"d":"4.000"},null,{"v":0,"d":"0.000"},null,null,"","znížená",{"v":0.65,"d":"0.65000"},{"v":2.6,"d":"2.60000"},{"v":0,"d":"0.00000"},{"v":0,"d":"0.00000"},{"v":0,"d":"0.00000"},{"v":0,"d":"0.00000"},{"$nulls":23},"64",null,"K","2",{"$nulls":3},"ROZPOCET",{"$nulls":5},{"v":0,"d":"0.00"},{"v":0,"d":"0.00"},{"v":0,"d":"0.00"},{"v":0,"d":"0.00"},{"v":0,"d":"0.00"},"2",{"v":0,"d":"0.000"},"64","776662269"]
[null,null,"45","M","348130002400","LED panel 600x600 mm studená biela 48W","ks",{"v":4,"d":"4.000"},null,{"v":0,"d":"0.000"},null,null,"","znížená",{"v":0,"d":"0.00000"},{"v":0,"d":"0.00000"},{"v":0.0065,"d":"0.00650"},{"v":0.026,"d":"0.02600"},{"v":0,"d":"0.00000"},{"v":0,"d":"0.00000"},{"$nulls":23},"128",null,"M","2",{"$nulls":3},"ROZPOCET",{"$nulls":5},{"v":0,"d":"0.00"},{"v":0,"d":"0.00"},{"v":0,"d":"0.00"},{"v":0,"d":"0.00"},{"v":0,"d":"0.00"},"2",{"v":0,"d":"0.000"},"128","-1947463997"]
[null,null,"46","K","210800101","Kábel medený uložený voľne CYKY 450/750 V 2x1,5","m",{"v":28.5,"d":"28.500"},null,{"v":0,"d":"0.000"},null,null,"","znížená",{"v":0.025,"d":"0.02500"},{"v":0.7125,"d":"0.71250"},{"v":0,"d":"0.00000"},{"v":0,"d":"0.00000"},{"v":0,"d":"0.00000"},{"v":0,"d":"0.00000"},{"$nulls":23},"64",null,"K","2",{"$nulls":3},"ROZPOCET",{"$nulls":5},{"v":0,"d":"0.00"},{"v":0,"d":"0.00"},{"v":0,"d":"0.00"},{"v":0,"d":"0.00"},{"v":0,"d":"0.00"},"2",{"v":0,"d":"0.000"},"64","1360179272"]
[null,null,"47","M","341110000100","Kábel medený CYKY 2x1,5 mm2","m",{"v":28.5,"d":"28.500"},null,{"v":0,"d":"0.000"},null,null,"","znížená",{"v":0,"d":"0.00000"},{"v":0,"d":"0.00000"},0.00012,{"v":0.0034200000000000003,"d":"0.00342"},{"v":0,"d":"0.00000"},{"v":0,"d":"0.00000"},{"$nulls":23},"128",null,"M","2",{"$nulls":3},"ROZPOCET",{"$nulls":5},{"v":0,"d":"0.00"},{"v":0,"d":"0.00"},{"v":0,"d":"0.00"},{"v":0,"d":"0.00"},{"v":0,"d":"0.00"},"2",{"v":0,"d":"0.000"},"128","-225805834"]
[null,null,"48","K","210800107","Kábel medený uložený voľne CYKY 450/750 V 3x1,5","m",{"v":15,"d":"15.000"},null,{"v":0,"d":"0.000"},null,null,"","znížená",{"v":0.028,"d":"0.02800"},{"v":0.42,"d":"0.42000"},{"v":0,"d":"0.00000"},{"v":0,"d":"0.00000"},{"v":0,"d":"0.00000"},{"v":0,"d":"0.00000"},{"$nulls":23},"64",null,"K","2",{"$nulls":3},"ROZPOCET",{"$nulls":5},{"v":0,"d":"0.00"},{"v":0,"d":"0.00"},{"v":0,"d":"0.00"},{"v":0,"d":"0.00"},{"v":0,"d":"0.00"},"2",{"v":0,"d":"0.000"},"64","-1518024341"]
[null,null,"49","M","341110000700","Kábel medený CYKY 3x1,5 mm2","m",{"v":15,"d":"15.000"},null,{"v":0,"d":"0.000"},null,null,"","znížená",{"v":0,"d":"0.00000"},{"v":0,"d":"0.00000"},0.00014,{"v":0.0021,"d":"0.00210"},{"v":0,"d":"0.00000"},{"v":0,"d":"0.00000"},{"$nulls":23},"128",null,"M","2",{"$nulls":3},"ROZPOCET",{"$nulls":5},{"v":0,"d":"0.00"},{"v":0,"d":"0.00"},{"v":0,"d":"0.00"},{"v":0,"d":"0.00"},{"v":0,"d":"0.00"},"2",{"v":0,"d":"0.000"},"128","-542990674"]
[null,null,"50","K","MV","Murárske výpomoci","%",7.159,null,{"v":0,"d":"0.000"},null,null,"","znížená",{"v":0,"d":"0.00000"},{"v":0,"d":"0.00000"},{"v":0,"d":"0.00000"},{"v":0,"d":"0.00000"},{"v":0,"d":"0.00000"},{"v":0,"d":"0.00000"},{"$nulls":23},"64",null,"K","2",{"$nulls":3},"ROZPOCET",{"$nulls":5},{"v":0,"d":"0.00"},{"v":0,"d":"0.00"},{"v":0,"d":"0.00"},{"v":0,"d":"0.00"},{"v":0,"d":"0.00"},"2",{"v":0,"d":"0.000"},"64","-830917827"]
[null,null,"51","K","PM","Podružný materiál","%",6.384,null,{"v":0,"d":"0.000"},null,null,"","znížená",{"v":0,"d":"0.00000"},{"v":0,"d":"0.00000"},{"v":0,"d":"0.00000"},{"v":0,"d":"0.00000"},{"v":0,"d":"0.00000"},{"v":0,"d":"0.00000"},{"$nulls":23},"128",null,"K","2",{"$nulls":3},"ROZPOCET",{"$nulls":5},{"v":0,"d":"0.00"},{"v":0,"d":"0.00"},{"v":0,"d":"0.00"},{"v":0,"d":"0.00"},{"v":0,"d":"0.00"},"2",{"v":0,"d":"0.000"},"128","834794495"]
[null,null,"52","K","PPV","Podiel pridružených výkonov","%",7.159,null,{"v":0,"d":"0.000"},null,null,"","znížená",{"v":0,"d":"0.00000"},{"v":0,"d":"0.00000"},{"v":0,"d":"0.00000"},{"v":0,"d":"0.00000"},{"v":0,"d":"0.00000"},{"v":0,"d":"0.00000"},{"$nulls":23},"64",null,"K","2",{"$nulls":3},"ROZPOCET",{"$nulls":5},{"v":0,"d":"0.00"},{"v":0,"d":"0.00"},{"v":0,"d":"0.00"},{"v":0,"d":"0.00"},{"v":0,"d":"0.00"},"2",{"v":0,"d":"0.000"},"64","5727485"]

{"sheet":"04 - SO 04 Pavilon D,  IV...","index":4,"n_rows":278,"n_cols":65,"rows_kept":278,"merged":[[1,11,1,21],[6,4,6,7],[8,4,8,7],[17,4,17,7],[26,4,26,7],[84,4,84,7],[86,4,86,7],[127,4,127,7],[129,4,129,7]],"flags":["formulas_cached_only"]}
[]
[{"$nulls":11},">>  skryté stĺpce  <<",{"$nulls":33},"{8f5eed83-33dd-4c8f-8739-61959cdf652a}"]
[{"$nulls":45},"0"]
[{"$nulls":3},"KRYCÍ LIST ROZPOČTU",{"$nulls":8},"v ---  nižšie sa nachádzajú doplnkové a pomocné údaje k zostavám  --- v",{"$nulls":32},"False"]
[]
[{"$nulls":3},"Stavba:"]
[{"$nulls":4},"Rekonštrukcia izieb a chodbových priestorov v pavilóne \"D\""]
[{"$nulls":3},"Objekt:"]
[{"$nulls":4},"04 - SO 04 Pavilon D,  IV.N.P. -  Izolačka "]
[]
[{"$nulls":3},"JKSO:",null,"",null,null,"KS:",""]
[{"$nulls":3},"Miesto:",null,"Trebišov ",null,null,"Dátum:","1. 10. 2019"]
[]
[{"$nulls":3},"Objednávateľ:",{"$nulls":4},"IČO:",""]
[{"$nulls":4},"LUMEN ŠZ, ZpS a DSS Trebišov",{"$nulls":3},"IČ DPH:",""]
[]
[{"$nulls":3},"Zhotoviteľ:",{"$nulls":4},"IČO:",""]
[{"$nulls":4}," ",{"$nulls":3},"IČ DPH:",""]
[]
[{"$nulls":3},"Projektant:",{"$nulls":4},"IČO:",""]
[{"$nulls":4}," ",{"$nulls":3},"IČ DPH:",""]
[]
[{"$nulls":3},"Spracovateľ:",{"$nulls":4},"IČO:",""]
[{"$nulls":4}," ",{"$nulls":3},"IČ DPH:",""]
[]
[{"$nulls":3},"Poznámka:"]
[{"$nulls":4},""]
[]
[]
[{"$nulls":3},"Cena bez DPH",{"$nulls":5},{"v":0,"d":"0.00"}]
[]
[{"$nulls":5},"Základ dane",null,null,"Sadzba dane","Výška dane"]
[{"$nulls":3},"DPH","základná",{"v":0,"d":"0.00"},null,null,{"v":0.2,"d":"20.00%"},{"v":0,"d":"0.00"}]
[{"$nulls":4},"znížená",{"v":0,"d":"0.00"},null,null,{"v":0.2,"d":"20.00%"},{"v":0,"d":"0.00"}]
[{"$nulls":4},"zákl. prenesená",{"v":0,"d":"0.00"},null,null,{"v":0.2,"d":"20.00%"},{"v":0,"d":"0.00"}]
[{"$nulls":4},"zníž. prenesená",{"v":0,"d":"0.00"},null,null,{"v":0.2,"d":"20.00%"},{"v":0,"d":"0.00"}]
[{"$nulls":4},"nulová",{"v":0,"d":"0.00"},null,null,{"v":0,"d":"0.00%"},{"v":0,"d":"0.00"}]
[]
[{"$nulls":3},"Cena s DPH",null,null,"v","EUR",null,{"v":0,"d":"0.00"}]
{"$rows_empty":10}
[{"$nulls":3},"Projektant",null,null,"Spracovateľ"]
{"$rows_empty":10}
[{"$nulls":3},"Dátum a podpis:",null,"Pečiatka","Dátum a podpis:",null,null,"Pečiatka"]
[]
[]
[]
[{"$nulls":3},"Objednávateľ",null,null,"Zhotoviteľ"]
{"$rows_empty":10}
[{"$nulls":3},"Dátum a podpis:",null,"Pečiatka","Dátum a podpis:",null,null,"Pečiatka"]
[]
[]
[]
[]
[]
[null,null,"REKAPITULÁCIA ROZPOČTU"]
[]
[null,null,"Stavba:"]
[{"$nulls":4},"Rekonštrukcia izieb a chodbových priestorov v pavilóne \"D\""]
[null,null,"Objekt:"]
[{"$nulls":4},"04 - SO 04 Pavilon D,  IV.N.P. -  Izolačka "]
[]
[null,null,"Miesto:",null,null,"Trebišov ",null,null,"Dátum:","1. 10. 2019"]
[]
[null,null,"Objednávateľ:",null,null,"LUMEN ŠZ, ZpS a DSS Trebišov",null,null,"Projektant:"," "]
[null,null,"Zhotoviteľ:",null,null," ",null,null,"Spracovateľ:"," "]
[]
[null,null,"Kód dielu - Popis",{"$nulls":6},"Cena celkom [EUR]"]
[]
[null,null,"Náklady z rozpočtu",{"$nulls":6},{"v":0,"d":"0.00"},{"$nulls":36},"-1"]
[{"$nulls":3},"HSV - Práce a dodávky HSV",{"$nulls":5},{"v":0,"d":"0.00"}]
[{"$nulls":3},"    3 - Zvislé a kompletné konštrukcie",{"$nulls":5},{"v":0,"d":"0.00"}]
[{"$nulls":3},"    6 - Úpravy povrchov, podlahy, osadenie",{"$nulls":5},{"v":0,"d":"0.00"}]
[{"$nulls":3},"    9 - Ostatné konštrukcie a práce-búranie",{"$nulls":5},{"v":0,"d":"0.00"}]
[{"$nulls":3},"    99 - Presun hmôt HSV",{"$nulls":5},{"v":0,"d":"0.00"}]
[{"$nulls":3},"PSV - Práce a dodávky PSV",{"$nulls":5},{"v":0,"d":"0.00"}]
[{"$nulls":3},"    711 - Izolácie proti vode a vlhkosti",{"$nulls":5},{"v":0,"d":"0.00"}]
[{"$nulls":3},"    721 - Zdravotechnika - vnútorná kanalizácia",{"$nulls":5},{"v":0,"d":"0.00"}]
[{"$nulls":3},"    722 - Zdravotechnika - vnútorný vodovod",{"$nulls":5},{"v":0,"d":"0.00"}]
[{"$nulls":3},"    725 - Zdravotechnika - zariaďovacie predmety",{"$nulls":5},{"v":0,"d":"0.00"}]
[{"$nulls":3},"    733 - Ústredné kúrenie - rozvodné potrubie",{"$nulls":5},{"v":0,"d":"0.00"}]
[{"$nulls":3},"    734 - Ústredné kúrenie - armatúry",{"$nulls":5},{"v":0,"d":"0.00"}]
[{"$nulls":3},"    735 - Ústredné kúrenie - vykurovacie telesá",{"$nulls":5},{"v":0,"d":"0.00"}]
[{"$nulls":3},"    763 - Konštrukcie - drevostavby",{"$nulls":5},{"v":0,"d":"0.00"}]
[{"$nulls":3},"    766 - Konštrukcie stolárske",{"$nulls":5},{"v":0,"d":"0.00"}]
[{"$nulls":3},"    771 - Podlahy z dlaždíc",{"$nulls":5},{"v":0,"d":"0.00"}]
[{"$nulls":3},"    776 - Podlahy povlakové",{"$nulls":5},{"v":0,"d":"0.00"}]
[{"$nulls":3},"    781 - Obklady",{"$nulls":5},{"v":0,"d":"0.00"}]
[{"$nulls":3},"    783 - Nátery",{"$nulls":5},{"v":0,"d":"0.00"}]
[{"$nulls":3},"    784 - Maľby",{"$nulls":5},{"v":0,"d":"0.00"}]
[{"$nulls":3},"M - Práce a dodávky M",{"$nulls":5},{"v":0,"d":"0.00"}]
[{"$nulls":3},"    21-M - Elektromontáže",{"$nulls":5},{"v":0,"d":"0.00"}]
[]
[]
[]
[]
[]
[]
[null,null,"ROZPOČET"]
[]
[null,null,"Stavba:"]
[{"$nulls":4},"Rekonštrukcia izieb a chodbových priestorov v pavilóne \"D\""]
[null,null,"Objekt:"]
[{"$nulls":4},"04 - SO 04 Pavilon D,  IV.N.P. -  Izolačka "]
[]
[null,null,"Miesto:",null,null,"Trebišov ",null,null,"Dátum:","1. 10. 2019"]
[]
[null,null,"Objednávateľ:",null,null,"LUMEN ŠZ, ZpS a DSS Trebišov",null,null,"Projektant:"," "]
[null,null,"Zhotoviteľ:",null,null," ",null,null,"Spracovateľ:"," "]
[]
[null,null,"PČ","Typ","Kód","Popis","MJ","Množstvo","J.cena [EUR]","Cena celkom [EUR]","Cenová sústava",null,"","DPH","J. Nh [h]","Nh celkom [h]","J. hmotnosť [t]","Hmotnosť celkom [t]","J. suť [t]","Suť Celkom [t]"]
[null,null,"Náklady z rozpočtu",{"$nulls":6},{"v":0,"d":"0.000"},{"$nulls":5},{"v":337.27548779999995,"d":"337.27549"},null,{"v":4.78972643,"d":"4.78973"},null,{"v":4.196348,"d":"4.19635"},{"$nulls":25},"D","-1",{"$nulls":15},{"v":0,"d":"0.000"}]
[{"$nulls":3},"D","HSV","Práce a dodávky HSV",{"$nulls":3},{"v":0,"d":"0.000"},{"$nulls":5},{"v":143.43794279999997,"d":"143.43794"},null,{"v":3.4044898000000003,"d":"3.40449"},null,{"v":4.168248,"d":"4.16825"},{"$nulls":23},"1",null,"D","0",{"$nulls":3},"ROZPOCET",{"$nulls":11},{"v":0,"d":"0.000"}]
[{"$nulls":3},"D","3","Zvislé a kompletné konštrukcie",{"$nulls":3},{"v":0,"d":"0.000"},{"$nulls":5},{"v":5.790238,"d":"5.79024"},null,{"v":1.3638156,"d":"1.36382"},null,{"v":0,"d":"0.00000"},{"$nulls":23},"1",null,"D","1",{"$nulls":3},"ROZPOCET",{"$nulls":11},{"v":0,"d":"0.000"}]
[null,null,"1","K","317165122","Prekladový trámec napr.YTONG šírky 150 mm, výšky 124 mm, dĺžky 1300 mm","ks",{"v":1,"d":"1.000"},null,{"v":0,"d":"0.000"},null,null,"","znížená",0.17499,0.17499,0.02065,0.02065,{"v":0,"d":"0.00000"},{"v":0,"d":"0.00000"},{"$nulls":23},"4",null,"K","2",{"$nulls":3},"ROZPOCET",{"$nulls":5},{"v":0,"d":"0.00"},{"v":0,"d":"0.00"},{"v":0,"d":"0.00"},{"v":0,"d":"0.00"},{"v":0,"d":"0.00"},"2",{"v":0,"d":"0.000"},"4","-1530358677"]
[null,null,"2","K","340238235","Zamurovanie otvorov plochy od 0,25 do 1 m2 tvárnicami napr.YTONG (150x599x249)","m2",{"v":2,"d":"2.000"},null,{"v":0,"d":"0.000"},null,null,"","znížená",0.48849,0.97698,0.10466,0.20932,{"v":0,"d":"0.00000"},{"v":0,"d":"0.00000"},{"$nulls":23},"4",null,"K","2",{"$nulls":3},"ROZPOCET",{"$nulls":5},{"v":0,"d":"0.00"},{"v":0,"d":"0.00"},{"v":0,"d":"0.00"},{"v":0,"d":"0.00"},{"v":0,"d":"0.00"},"2",{"v":0,"d":"0.000"},"4","275649131"]
[null,null,"3","K","342272104","Priečky z tvárnic  napr.YTONG hr. 150 mm P2-500 hladkých, na MVC a maltu napr. YTONG (150x249x599)","m2",{"v":10.52,"d":"10.520"},null,{"v":0,"d":"0.000"},null,null,"","znížená",{"v":0.4409,"d":"0.44090"},{"v":4.638268,"d":"4.63827"},0.10778,{"v":1.1338456,"d":"1.13385"},{"v":0,"d":"0.00000"},{"v":0,"d":"0.00000"},{"$nulls":23},"4",null,"K","2",{"$nulls":3},"ROZPOCET",{"$nulls":5},{"v":0,"d":"0.00"},{"v":0,"d":"0.00"},{"v":0,"d":"0.00"},{"v":0,"d":"0.00"},{"v":0,"d":"0.00"},"2",{"v":0,"d":"0.000"},"4","-1111606673"]
[{"$nulls":3},"D","6","Úpravy povrchov, podlahy, osadenie",{"$nulls":3},{"v":0,"d":"0.000"},{"$nulls":5},{"v":45.47590879999999,"d":"45.47591"},null,{"v":2.0352542000000002,"d":"2.03525"},null,{"v":0,"d":"0.00000"},{"$nulls":23},"1",null,"D","1",{"$nulls":3},"ROZPOCET",{"$nulls":11},{"v":0,"d":"0.000"}]
[null,null,"4","K","612421431","Oprava vnútorných vápenných omietok stien, v množstve opravenej plochy nad 30 do 50 % štukových","m2",{"v":49.91,"d":"49.910"},null,{"v":0,"d":"0.000"},null,null,"","znížená",{"v":0.428,"d":"0.42800"},{"v":21.361479999999997,"d":"21.36148"},0.01899,{"v":0.9477908999999999,"d":"0.94779"},{"v":0,"d":"0.00000"},{"v":0,"d":"0.00000"},{"$nulls":23},"4",null,"K","2",{"$nulls":3},"ROZPOCET",{"$nulls":5},{"v":0,"d":"0.00"},{"v":0,"d":"0.00"},{"v":0,"d":"0.00"},{"v":0,"d":"0.00"},{"v":0,"d":"0.00"},"2",{"v":0,"d":"0.000"},"4","-1440814868"]
[null,null,"5","K","612465181","Vnútorná omietka stien štuková napr.BAUMIT, strojné miešanie, ručné nanášanie, VivaMaxima, hr. 3 mm","m2",{"v":27.04,"d":"27.040"},null,{"v":0,"d":"0.000"},null,null,"","znížená",{"v":0.318,"d":"0.31800"},8.59872,0.00472,{"v":0.12762880000000001,"d":"0.12763"},{"v":0,"d":"0.00000"},{"v":0,"d":"0.00000"},{"$nulls":23},"4",null,"K","2",{"$nulls":3},"ROZPOCET",{"$nulls":5},{"v":0,"d":"0.00"},{"v":0,"d":"0.00"},{"v":0,"d":"0.00"},{"v":0,"d":"0.00"},{"v":0,"d":"0.00"},"2",{"v":0,"d":"0.000"},"4","-839561388"]
[null,null,"6","K","612481119","Potiahnutie vnútorných stien sklotextílnou mriežkou s celoplošným prilepením nad obklad v kupelni ","m2",{"v":27.04,"d":"27.040"},null,{"v":0,"d":"0.000"},null,null,"","znížená",{"v":0.111,"d":"0.11100"},3.00144,0.00415,{"v":0.112216,"d":"0.11222"},{"v":0,"d":"0.00000"},{"v":0,"d":"0.00000"},{"$nulls":23},"4",null,"K","2",{"$nulls":3},"ROZPOCET",{"$nulls":5},{"v":0,"d":"0.00"},{"v":0,"d":"0.00"},{"v":0,"d":"0.00"},{"v":0,"d":"0.00"},{"v":0,"d":"0.00"},"2",{"v":0,"d":"0.000"},"4","1585451866"]
[null,null,"7","K","631312141","Doplnenie existujúcich mazanín prostým betónom (s dodaním hmôt) bez poteru schodnic v mazaninách","m3",{"v":0.21,"d":"0.210"},null,{"v":0,"d":"0.000"},null,null,"","znížená",5.16428,{"v":1.0844988,"d":"1.08450"},2.09525,{"v":0.4400025,"d":"0.44000"},{"v":0,"d":"0.00000"},{"v":0,"d":"0.00000"},{"$nulls":23},"4",null,"K","2",{"$nulls":3},"ROZPOCET",{"$nulls":5},{"v":0,"d":"0.00"},{"v":0,"d":"0.00"},{"v":0,"d":"0.00"},{"v":0,"d":"0.00"},{"v":0,"d":"0.00"},"2",{"v":0,"d":"0.000"},"4","1961512937"]
[null,null,"8","K","632001051","Zhotovenie jednonásobného penetračného náteru pre potery a stierky","m2",{"v":28.4,"d":"28.400"},null,{"v":0,"d":"0.000"},null,null,"","znížená",{"v":0.035,"d":"0.03500"},{"v":0.994,"d":"0.99400"},{"v":0,"d":"0.00000"},{"v":0,"d":"0.00000"},{"v":0,"d":"0.00000"},{"v":0,"d":"0.00000"},{"$nulls":23},"4",null,"K","2",{"$nulls":3},"ROZPOCET",{"$nulls":5},{"v":0,"d":"0.00"},{"v":0,"d":"0.00"},{"v":0,"d":"0.00"},{"v":0,"d":"0.00"},{"v":0,"d":"0.00"},"2",{"v":0,"d":"0.000"},"4","-1756381404"]
[null,null,"9","M","585520001900","Penetračný náter na báze disperzie napr.BAUMIT Grund, pre samonivelizačné potery a sierky, 25 kg","kg",4.388,null,{"v":0,"d":"0.000"},null,null,"","znížená",{"v":0,"d":"0.00000"},{"v":0,"d":"0.00000"},{"v":0.001,"d":"0.00100"},{"v":0.004388,"d":"0.00439"},{"v":0,"d":"0.00000"},{"v":0,"d":"0.00000"},{"$nulls":23},"8",null,"M","2",{"$nulls":3},"ROZPOCET",{"$nulls":5},{"v":0,"d":"0.00"},{"v":0,"d":"0.00"},{"v":0,"d":"0.00"},{"v":0,"d":"0.00"},{"v":0,"d":"0.00"},"2",{"v":0,"d":"0.000"},"4","-1990185495"]
[null,null,"10","K","632450295","Cementová samonivelizačná stierka napr.BAUMIT Nivello 30, triedy CT-C25-F5, hr. 5 mm","m2",{"v":28.4,"d":"28.400"},null,{"v":0,"d":"0.000"},null,null,"","znížená",{"v":0.213,"d":"0.21300"},{"v":6.0492,"d":"6.04920"},0.00867,{"v":0.246228,"d":"0.24623"},{"v":0,"d":"0.00000"},{"v":0,"d":"0.00000"},{"$nulls":23},"4",null,"K","2",{"$nulls":3},"ROZPOCET",{"$nulls":5},{"v":0,"d":"0.00"},{"v":0,"d":"0.00"},{"v":0,"d":"0.00"},{"v":0,"d":"0.00"},{"v":0,"d":"0.00"},"2",{"v":0,"d":"0.000"},"4","-1418115778"]
[null,null,"11","K","632451653","Vyspravenie betónových podláh, prieraz pre potrubie , oprava priemeru nad 200 do 500 mm hr. do 30 mm","ks",{"v":4,"d":"4.000"},null,{"v":0,"d":"0.000"},null,null,"","znížená",0.33482,1.33928,{"v":0.031,"d":"0.03100"},{"v":0.124,"d":"0.12400"},{"v":0,"d":"0.00000"},{"v":0,"d":"0.00000"},{"$nulls":23},"4",null,"K","2",{"$nulls":3},"ROZPOCET",{"$nulls":5},{"v":0,"d":"0.00"},{"v":0,"d":"0.00"},{"v":0,"d":"0.00"},{"v":0,"d":"0.00"},{"v":0,"d":"0.00"},"2",{"v":0,"d":"0.000"},"4","305056772"]
[null,null,"12","K","642942111","Osadenie oceľovej dverovej zárubne alebo rámu, plochy otvoru do 2,5 m2","ks",{"v":1,"d":"1.000"},null,{"v":0,"d":"0.000"},null,null,"","znížená",3.04729,3.04729,{"v":0.0175,"d":"0.01750"},{"v":0.0175,"d":"0.01750"},{"v":0,"d":"0.00000"},{"v":0,"d":"0.00000"},{"$nulls":23},"4",null,"K","2",{"$nulls":3},"ROZPOCET",{"$nulls":5},{"v":0,"d":"0.00"},{"v":0,"d":"0.00"},{"v":0,"d":"0.00"},{"v":0,"d":"0.00"},{"v":0,"d":"0.00"},"2",{"v":0,"d":"0.000"},"4","-1850155040"]
[null,null,"13","M","553310009200","Zárubňa oceľová CgU šxvxhr 1100x1970x160 mm P","ks",{"v":1,"d":"1.000"},null,{"v":0,"d":"0.000"},null,null,"","znížená",{"v":0,"d":"0.00000"},{"v":0,"d":"0.00000"},{"v":0.0155,"d":"0.01550"},{"v":0.0155,"d":"0.01550"},{"v":0,"d":"0.00000"},{"v":0,"d":"0.00000"},{"$nulls":23},"8",null,"M","2",{"$nulls":3},"ROZPOCET",{"$nulls":5},{"v":0,"d":"0.00"},{"v":0,"d":"0.00"},{"v":0,"d":"0.00"},{"v":0,"d":"0.00"},{"v":0,"d":"0.00"},"2",{"v":0,"d":"0.000"},"4","1133702224"]
[{"$nulls":3},"D","9","Ostatné konštrukcie a práce-búranie",{"$nulls":3},{"v":0,"d":"0.000"},{"$nulls":5},{"v":83.78774399999999,"d":"83.78774"},null,0.00542,null,{"v":4.168248,"d":"4.16825"},{"$nulls":23},"1",null,"D","1",{"$nulls":3},"ROZPOCET",{"$nulls":11},{"v":0,"d":"0.000"}]
[null,null,"14","K","952901111","Vyčistenie budov pri výške podlaží do 4 m","m2",{"v":28.4,"d":"28.400"},null,{"v":0,"d":"0.000"},null,null,"","znížená",{"v":0.324,"d":"0.32400"},{"v":9.2016,"d":"9.20160"},{"v":5e-05,"d":"0.00005"},0.00142,{"v":0,"d":"0.00000"},{"v":0,"d":"0.00000"},{"$nulls":23},"4",null,"K","2",{"$nulls":3},"ROZPOCET",{"$nulls":5},{"v":0,"d":"0.00"},{"v":0,"d":"0.00"},{"v":0,"d":"0.00"},{"v":0,"d":"0.00"},{"v":0,"d":"0.00"},"2",{"v":0,"d":"0.000"},"4","32014370"]
[null,null,"15","K","962031132","Búranie priečok alebo vybúranie otvorov plochy nad 4 m2 z tehál pálených, plných alebo dutých hr. do 150 mm,  -0,19600t","m2",12.588,null,{"v":0,"d":"0.000"},null,null,"","znížená",{"v":0.164,"d":"0.16400"},{"v":2.064432,"d":"2.06443"},{"v":0,"d":"0.00000"},{"v":0,"d":"0.00000"},{"v":0.196,"d":"0.19600"},{"v":2.467248,"d":"2.46725"},{"$nulls":23},"4",null,"K","2",{"$nulls":3},"ROZPOCET",{"$nulls":5},{"v":0,"d":"0.00"},{"v":0,"d":"0.00"},{"v":0,"d":"0.00"},{"v":0,"d":"0.00"},{"v":0,"d":"0.00"},"2",{"v":0,"d":"0.000"},"4","1717154679"]
[null,null,"16","K","968071125","Vyvesenie kovového dverného krídla do suti plochy do 2 m2","ks",{"v":1,"d":"1.000"},null,{"v":0,"d":"0.000"},null,null,"","znížená",{"v":0.067,"d":"0.06700"},{"v":0.067,"d":"0.06700"},{"v":0,"d":"0.00000"},{"v":0,"d":"0.00000"},{"v":0.03,"d":"0.03000"},{"v":0.03,"d":"0.03000"},{"$nulls":23},"4",null,"K","2",{"$nulls":3},"ROZPOCET",{"$nulls":5},{"v":0,"d":"0.00"},{"v":0,"d":"0.00"},{"v":0,"d":"0.00"},{"v":0,"d":"0.00"},{"v":0,"d":"0.00"},"2",{"v":0,"d":"0.000"},"4","-2005902195"]
[null,null,"17","K","968071126","Vyvesenie kovového dverného krídla do suti plochy nad 2 m2","ks",{"v":1,"d":"1.000"},null,{"v":0,"d":"0.000"},null,null,"","znížená",{"v":0.11,"d":"0.11000"},{"v":0.11,"d":"0.11000"},{"v":0,"d":"0.00000"},{"v":0,"d":"0.00000"},{"v":0.06,"d":"0.06000"},{"v":0.06,"d":"0.06000"},{"$nulls":23},"4",null,"K","2",{"$nulls":3},"ROZPOCET",{"$nulls":5},{"v":0,"d":"0.00"},{"v":0,"d":"0.00"},{"v":0,"d":"0.00"},{"v":0,"d":"0.00"},{"v":0,"d":"0.00"},"2",{"v":0,"d":"0.000"},"4","2018818268"]
[null,null,"18","K","968072455","Vybúranie kovových dverových zárubní plochy do 2 m2,  -0,07600t","m2",{"v":2,"d":"2.000"},null,{"v":0,"d":"0.000"},null,null,"","znížená",{"v":1.6,"d":"1.60000"},{"v":3.2,"d":"3.20000"},{"v":0,"d":"0.00000"},{"v":0,"d":"0.00000"},{"v":0.076,"d":"0.07600"},{"v":0.152,"d":"0.15200"},{"$nulls":23},"4",null,"K","2",{"$nulls":3},"ROZPOCET",{"$nulls":5},{"v":0,"d":"0.00"},{"v":0,"d":"0.00"},{"v":0,"d":"0.00"},{"v":0,"d":"0.00"},{"v":0,"d":"0.00"},"2",{"v":0,"d":"0.000"},"4","287883841"]
[null,null,"19","K","972056019","Jadrové vrty diamantovými korunkami do D 225 mm do stropov - železobetónových -0,00095t","cm",{"v":100,"d":"100.000"},null,{"v":0,"d":"0.000"},null,null,"","znížená",0.25558,{"v":25.557999999999996,"d":"25.55800"},{"v":4e-05,"d":"0.00004"},{"v":0.004,"d":"0.00400"},0.00095,{"v":0.095,"d":"0.09500"},{"$nulls":23},"4",null,"K","2",{"$nulls":3},"ROZPOCET",{"$nulls":5},{"v":0,"d":"0.00"},{"v":0,"d":"0.00"},{"v":0,"d":"0.00"},{"v":0,"d":"0.00"},{"v":0,"d":"0.00"},"2",{"v":0,"d":"0.000"},"4","-1073747382"]
[null,null,"20","K","974031133","Vysekanie rýh v akomkoľvek murive tehlovom na akúkoľvek maltu do hĺbky 50 mm   -0,00900t rozvody elektroinštalácie ","m",{"v":66,"d":"66.000"},null,{"v":0,"d":"0.000"},null,null,"","znížená",{"v":0.236,"d":"0.23600"},{"v":15.575999999999999,"d":"15.57600"},{"v":0,"d":"0.00000"},{"v":0,"d":"0.00000"},{"v":0.009,"d":"0.00900"},{"v":0.594,"d":"0.59400"},{"$nulls":23},"4",null,"K","2",{"$nulls":3},"ROZPOCET",{"$nulls":5},{"v":0,"d":"0.00"},{"v":0,"d":"0.00"},{"v":0,"d":"0.00"},{"v":0,"d":"0.00"},{"v":0,"d":"0.00"},"2",{"v":0,"d":"0.000"},"4","1834566377"]
[null,null,"21","K","974042587","Vysekanie rýh v betónovej dlažbe do hĺbky 250 mm a šírky do 300 mm,  -0,22000t","m",{"v":3.5,"d":"3.500"},null,{"v":0,"d":"0.000"},null,null,"","znížená",{"v":2.6118,"d":"2.61180"},{"v":9.141300000000001,"d":"9.14130"},{"v":0,"d":"0.00000"},{"v":0,"d":"0.00000"},{"v":0.22,"d":"0.22000"},{"v":0.77,"d":"0.77000"},{"$nulls":23},"4",null,"K","2",{"$nulls":3},"ROZPOCET",{"$nulls":5},{"v":0,"d":"0.00"},{"v":0,"d":"0.00"},{"v":0,"d":"0.00"},{"v":0,"d":"0.00"},{"v":0,"d":"0.00"},"2",{"v":0,"d":"0.000"},"4","427928042"]
[null,null,"22","K","979011131","Zvislá doprava sutiny po schodoch ručne do 3,5 m","t",4.196,null,{"v":0,"d":"0.000"},null,null,"","znížená",{"v":1.972,"d":"1.97200"},{"v":8.274512,"d":"8.27451"},{"v":0,"d":"0.00000"},{"v":0,"d":"0.00000"},{"v":0,"d":"0.00000"},{"v":0,"d":"0.00000"},{"$nulls":23},"4",null,"K","2",{"$nulls":3},"ROZPOCET",{"$nulls":5},{"v":0,"d":"0.00"},{"v":0,"d":"0.00"},{"v":0,"d":"0.00"},{"v":0,"d":"0.00"},{"v":0,"d":"0.00"},"2",{"v":0,"d":"0.000"},"4","-461360296"]
[null,null,"23","K","979011141","Príplatok za každých ďalších 3,5 m","t",12.588,null,{"v":0,"d":"0.000"},null,null,"","znížená",{"v":0.619,"d":"0.61900"},{"v":7.7919719999999995,"d":"7.79197"},{"v":0,"d":"0.00000"},{"v":0,"d":"0.00000"},{"v":0,"d":"0.00000"},{"v":0,"d":"0.00000"},{"$nulls":23},"4",null,"K","2",{"$nulls":3},"ROZPOCET",{"$nulls":5},{"v":0,"d":"0.00"},{"v":0,"d":"0.00"},{"v":0,"d":"0.00"},{"v":0,"d":"0.00"},{"v":0,"d":"0.00"},"2",{"v":0,"d":"0.000"},"4","-209886365"]
[null,null,"24","K","979081111","Odvoz sutiny a vybúraných hmôt na skládku do 1 km","t",4.196,null,{"v":0,"d":"0.000"},null,null,"","znížená",{"v":0.598,"d":"0.59800"},{"v":2.5092079999999997,"d":"2.50921"},{"v":0,"d":"0.00000"},{"v":0,"d":"0.00000"},{"v":0,"d":"0.00000"},{"v":0,"d":"0.00000"},{"$nulls":23},"4",null,"K","2",{"$nulls":3},"ROZPOCET",{"$nulls":5},{"v":0,"d":"0.00"},{"v":0,"d":"0.00"},{"v":0,"d":"0.00"},{"v":0,"d":"0.00"},{"v":0,"d":"0.00"},"2",{"v":0,"d":"0.000"},"4","287636826"]
[null,null,"25","K","979081121","Odvoz sutiny a vybúraných hmôt na skládku za každý ďalší 1 km","t",{"v":41.96,"d":"41.960"},null,{"v":0,"d":"0.000"},null,null,"","znížená",{"v":0.007,"d":"0.00700"},{"v":0.29372000000000004,"d":"0.29372"},{"v":0,"d":"0.00000"},{"v":0,"d":"0.00000"},{"v":0,"d":"0.00000"},{"v":0,"d":"0.00000"},{"$nulls":23},"4",null,"K","2",{"$nulls":3},"ROZPOCET",{"$nulls":5},{"v":0,"d":"0.00"},{"v":0,"d":"0.00"},{"v":0,"d":"0.00"},{"v":0,"d":"0.00"},{"v":0,"d":"0.00"},"2",{"v":0,"d":"0.000"},"4","-344385576"]
[null,null,"26","K","979089012","Poplatok za skladovanie - betón, tehly, dlaždice (17 01 ), ostatné","t",4.196,null,{"v":0,"d":"0.000"},null,null,"","znížená",{"v":0,"d":"0.00000"},{"v":0,"d":"0.00000"},{"v":0,"d":"0.00000"},{"v":0,"d":"0.00000"},{"v":0,"d":"0.00000"},{"v":0,"d":"0.00000"},{"$nulls":23},"4",null,"K","2",{"$nulls":3},"ROZPOCET",{"$nulls":5},{"v":0,"d":"0.00"},{"v":0,"d":"0.00"},{"v":0,"d":"0.00"},{"v":0,"d":"0.00"},{"v":0,"d":"0.00"},"2",{"v":0,"d":"0.000"},"4","-1825586842"]
[{"$nulls":3},"D","99","Presun hmôt HSV",{"$nulls":3},{"v":0,"d":"0.000"},{"$nulls":5},{"v":8.384052,"d":"8.38405"},null,{"v":0,"d":"0.00000"},null,{"v":0,"d":"0.00000"},{"$nulls":23},"1",null,"D","1",{"$nulls":3},"ROZPOCET",{"$nulls":11},{"v":0,"d":"0.000"}]
[null,null,"27","K","999281111","Presun hmôt pre opravy a údržbu objektov vrátane vonkajších plášťov výšky do 25 m","t",3.404,null,{"v":0,"d":"0.000"},null,null,"","znížená",{"v":2.463,"d":"2.46300"},{"v":8.384052,"d":"8.38405"},{"v":0,"d":"0.00000"},{"v":0,"d":"0.00000"},{"v":0,"d":"0.00000"},{"v":0,"d":"0.00000"},{"$nulls":23},"4",null,"K","2",{"$nulls":3},"ROZPOCET",{"$nulls":5},{"v":0,"d":"0.00"},{"v":0,"d":"0.00"},{"v":0,"d":"0.00"},{"v":0,"d":"0.00"},{"v":0,"d":"0.00"},"2",{"v":0,"d":"0.000"},"4","681861317"]
[{"$nulls":3},"D","PSV","Práce a dodávky PSV",{"$nulls":3},{"v":0,"d":"0.000"},{"$nulls":5},{"v":187.76754499999998,"d":"187.76755"},null,{"v":1.3624526300000002,"d":"1.36245"},null,{"v":0.028100000000000003,"d":"0.02810"},{"$nulls":23},"2",null,"D","0",{"$nulls":3},"ROZPOCET",{"$nulls":11},{"v":0,"d":"0.000"}]
[{"$nulls":3},"D","711","Izolácie proti vode a vlhkosti",{"$nulls":3},{"v":0,"d":"0.000"},{"$nulls":5},{"v":1.3626,"d":"1.36260"},null,{"v":0.0085,"d":"0.00850"},null,{"v":0,"d":"0.00000"},{"$nulls":23},"2",null,"D","1",{"$nulls":3},"ROZPOCET",{"$nulls":11},{"v":0,"d":"0.000"}]
[null,null,"28","K","711210230","Zhotovenie izolácie impregnáciou vodorovných povrchov keramických obkladov a dlažieb","m2",{"v":13.3,"d":"13.300"},null,{"v":0,"d":"0.000"},null,null,"","znížená",{"v":0.03,"d":"0.03000"},{"v":0.399,"d":"0.39900"},{"v":0,"d":"0.00000"},{"v":0,"d":"0.00000"},{"v":0,"d":"0.00000"},{"v":0,"d":"0.00000"},{"$nulls":23},"16",null,"K","2",{"$nulls":3},"ROZPOCET",{"$nulls":5},{"v":0,"d":"0.00"},{"v":0,"d":"0.00"},{"v":0,"d":"0.00"},{"v":0,"d":"0.00"},{"v":0,"d":"0.00"},"2",{"v":0,"d":"0.000"},"16","1131390323"]
[null,null,"29","M","245920000800","Impregnácia silikónová napr.CERESIT CT 10 pre škáry a dlažby","l",{"v":2.66,"d":"2.660"},null,{"v":0,"d":"0.000"},null,null,"","znížená",{"v":0,"d":"0.00000"},{"v":0,"d":"0.00000"},{"v":0.001,"d":"0.00100"},0.00266,{"v":0,"d":"0.00000"},{"v":0,"d":"0.00000"},{"$nulls":23},"32",null,"M","2",{"$nulls":3},"ROZPOCET",{"$nulls":5},{"v":0,"d":"0.00"},{"v":0,"d":"0.00"},{"v":0,"d":"0.00"},{"v":0,"d":"0.00"},{"v":0,"d":"0.00"},"2",{"v":0,"d":"0.000"},"16","563666145"]
[null,null,"30","K","711210235","Zhotovenie izolácie impregnáciou zvislých povrchov keramických obkladov a dlažieb","m2",{"v":29.2,"d":"29.200"},null,{"v":0,"d":"0.000"},null,null,"","znížená",{"v":0.033,"d":"0.03300"},{"v":0.9636,"d":"0.96360"},{"v":0,"d":"0.00000"},{"v":0,"d":"0.00000"},{"v":0,"d":"0.00000"},{"v":0,"d":"0.00000"},{"$nulls":23},"16",null,"K","2",{"$nulls":3},"ROZPOCET",{"$nulls":5},{"v":0,"d":"0.00"},{"v":0,"d":"0.00"},{"v":0,"d":"0.00"},{"v":0,"d":"0.00"},{"v":0,"d":"0.00"},"2",{"v":0,"d":"0.000"},"16","1758896369"]
[null,null,"31","M","245920000800","Impregnácia silikónová napr.CERESIT CT 10 pre škáry a dlažby","l",{"v":5.84,"d":"5.840"},null,{"v":0,"d":"0.000"},null,null,"","znížená",{"v":0,"d":"0.00000"},{"v":0,"d":"0.00000"},{"v":0.001,"d":"0.00100"},0.00584,{"v":0,"d":"0.00000"},{"v":0,"d":"0.00000"},{"$nulls":23},"32",null,"M","2",{"$nulls":3},"ROZPOCET",{"$nulls":5},{"v":0,"d":"0.00"},{"v":0,"d":"0.00"},{"v":0,"d":"0.00"},{"v":0,"d":"0.00"},{"v":0,"d":"0.00"},"2",{"v":0,"d":"0.000"},"16","-560536559"]
[null,null,"32","K","998711201","Presun hmôt pre izoláciu proti vode v objektoch výšky do 6 m","%",0.751,null,{"v":0,"d":"0.000"},null,null,"","znížená",{"v":0,"d":"0.00000"},{"v":0,"d":"0.00000"},{"v":0,"d":"0.00000"},{"v":0,"d":"0.00000"},{"v":0,"d":"0.00000"},{"v":0,"d":"0.00000"},{"$nulls":23},"16",null,"K","2",{"$nulls":3},"ROZPOCET",{"$nulls":5},{"v":0,"d":"0.00"},{"v":0,"d":"0.00"},{"v":0,"d":"0.00"},{"v":0,"d":"0.00"},{"v":0,"d":"0.00"},"2",{"v":0,"d":"0.000"},"16","1064307575"]
[{"$nulls":3},"D","721","Zdravotechnika - vnútorná kanalizácia",{"$nulls":3},{"v":0,"d":"0.000"},{"$nulls":5},{"v":6.771602000000001,"d":"6.77160"},null,{"v":0.014718,"d":"0.01472"},null,{"v":0,"d":"0.00000"},{"$nulls":23},"2",null,"D","1",{"$nulls":3},"ROZPOCET",{"$nulls":11},{"v":0,"d":"0.000"}]
[null,null,"33","K","721170909","Oprava odpadového potrubia novodurového vsadenie odbočky do potrubia D 110, D 114","ks",{"v":1,"d":"1.000"},null,{"v":0,"d":"0.000"},null,null,"","znížená",0.87778,0.87778,{"v":0.0009,"d":"0.00090"},{"v":0.0009,"d":"0.00090"},{"v":0,"d":"0.00000"},{"v":0,"d":"0.00000"},{"$nulls":23},"16",null,"K","2",{"$nulls":3},"ROZPOCET",{"$nulls":5},{"v":0,"d":"0.00"},{"v":0,"d":"0.00"},{"v":0,"d":"0.00"},{"v":0,"d":"0.00"},{"v":0,"d":"0.00"},"2",{"v":0,"d":"0.000"},"16","39456944"]
[null,null,"34","K","721170929","Oprava odpadového potrubia novodurového zhotovenie kolena na sklze do D 114","ks",{"v":1,"d":"1.000"},null,{"v":0,"d":"0.000"},null,null,"","znížená",0.27302,0.27302,{"v":0.0002,"d":"0.00020"},{"v":0.0002,"d":"0.00020"},{"v":0,"d":"0.00000"},{"v":0,"d":"0.00000"},{"$nulls":23},"16",null,"K","2",{"$nulls":3},"ROZPOCET",{"$nulls":5},{"v":0,"d":"0.00"},{"v":0,"d":"0.00"},{"v":0,"d":"0.00"},{"v":0,"d":"0.00"},{"v":0,"d":"0.00"},"2",{"v":0,"d":"0.000"},"16","38391506"]
[null,null,"35","M","286510003600","Koleno PVC-U, DN 110x87° hladká pre gravitačnú kanalizáciu KG potrubia, napr. WAVIN","ks",{"v":1,"d":"1.000"},null,{"v":0,"d":"0.000"},null,null,"","znížená",{"v":0,"d":"0.00000"},{"v":0,"d":"0.00000"},0.00039,0.00039,{"v":0,"d":"0.00000"},{"v":0,"d":"0.00000"},{"$nulls":23},"32",null,"M","2",{"$nulls":3},"ROZPOCET",{"$nulls":5},{"v":0,"d":"0.00"},{"v":0,"d":"0.00"},{"v":0,"d":"0.00"},{"v":0,"d":"0.00"},{"v":0,"d":"0.00"},"2",{"v":0,"d":"0.000"},"16","1676567384"]
[null,null,"36","K","721173204","Potrubie z PVC - U odpadné pripájacie D 40x1, 8","m",{"v":6.8,"d":"6.800"},null,{"v":0,"d":"0.000"},null,null,"","znížená",0.30617,{"v":2.081956,"d":"2.08196"},0.00059,{"v":0.004012,"d":"0.00401"},{"v":0,"d":"0.00000"},{"v":0,"d":"0.00000"},{"$nulls":23},"16",null,"K","2",{"$nulls":3},"ROZPOCET",{"$nulls":5},{"v":0,"d":"0.00"},{"v":0,"d":"0.00"},{"v":0,"d":"0.00"},{"v":0,"d":"0.00"},{"v":0,"d":"0.00"},"2",{"v":0,"d":"0.000"},"16","421864981"]
[null,null,"37","K","721173205","Potrubie z PVC - U odpadné pripájacie D 50x1, 8","m",{"v":5.4,"d":"5.400"},null,{"v":0,"d":"0.000"},null,null,"","znížená",0.34249,{"v":1.8494460000000001,"d":"1.84945"},0.00064,{"v":0.0034560000000000003,"d":"0.00346"},{"v":0,"d":"0.00000"},{"v":0,"d":"0.00000"},{"$nulls":23},"16",null,"K","2",{"$nulls":3},"ROZPOCET",{"$nulls":5},{"v":0,"d":"0.00"},{"v":0,"d":"0.00"},{"v":0,"d":"0.00"},{"v":0,"d":"0.00"},{"v":0,"d":"0.00"},"2",{"v":0,"d":"0.000"},"16","882570704"]
[null,null,"38","K","721194104","Zriadenie prípojky na potrubí vyvedenie a upevnenie odpadových výpustiek D 40x1, 8","ks",{"v":2,"d":"2.000"},null,{"v":0,"d":"0.000"},null,null,"","znížená",{"v":0.149,"d":"0.14900"},{"v":0.298,"d":"0.29800"},{"v":0,"d":"0.00000"},{"v":0,"d":"0.00000"},{"v":0,"d":"0.00000"},{"v":0,"d":"0.00000"},{"$nulls":23},"16",null,"K","2",{"$nulls":3},"ROZPOCET",{"$nulls":5},{"v":0,"d":"0.00"},{"v":0,"d":"0.00"},{"v":0,"d":"0.00"},{"v":0,"d":"0.00"},{"v":0,"d":"0.00"},"2",{"v":0,"d":"0.000"},"16","-169676185"]
[null,null,"39","K","721194105","Zriadenie prípojky na potrubí vyvedenie a upevnenie odpadových výpustiek D 50x1, 8","ks",{"v":1,"d":"1.000"},null,{"v":0,"d":"0.000"},null,null,"","znížená",{"v":0.165,"d":"0.16500"},{"v":0.165,"d":"0.16500"},{"v":0,"d":"0.00000"},{"v":0,"d":"0.00000"},{"v":0,"d":"0.00000"},{"v":0,"d":"0.00000"},{"$nulls":23},"16",null,"K","2",{"$nulls":3},"ROZPOCET",{"$nulls":5},{"v":0,"d":"0.00"},{"v":0,"d":"0.00"},{"v":0,"d":"0.00"},{"v":0,"d":"0.00"},{"v":0,"d":"0.00"},"2",{"v":0,"d":"0.000"},"16","-736563918"]
[null,null,"40","K","721194109","Zriadenie prípojky na potrubí vyvedenie a upevnenie odpadových výpustiek D 110x2, 3","ks",{"v":1,"d":"1.000"},null,{"v":0,"d":"0.000"},null,null,"","znížená",{"v":0.244,"d":"0.24400"},{"v":0.244,"d":"0.24400"},{"v":0,"d":"0.00000"},{"v":0,"d":"0.00000"},{"v":0,"d":"0.00000"},{"v":0,"d":"0.00000"},{"$nulls":23},"16",null,"K","2",{"$nulls":3},"ROZPOCET",{"$nulls":5},{"v":0,"d":"0.00"},{"v":0,"d":"0.00"},{"v":0,"d":"0.00"},{"v":0,"d":"0.00"},{"v":0,"d":"0.00"},"2",{"v":0,"d":"0.000"},"16","-2116994547"]
[null,null,"41","K","721229022","Montáž podlahového odtokového žlabu dĺžky 900 mm pre montáž k stene","ks",{"v":1,"d":"1.000"},null,{"v":0,"d":"0.000"},null,null,"","znížená",{"v":0.9824,"d":"0.98240"},{"v":0.9824,"d":"0.98240"},0.00116,0.00116,{"v":0,"d":"0.00000"},{"v":0,"d":"0.00000"},{"$nulls":23},"16",null,"K","2",{"$nulls":3},"ROZPOCET",{"$nulls":5},{"v":0,"d":"0.00"},{"v":0,"d":"0.00"},{"v":0,"d":"0.00"},{"v":0,"d":"0.00"},{"v":0,"d":"0.00"},"2",{"v":0,"d":"0.000"},"16","935795233"]
[null,null,"42","M","552240011000","Žľab sprchový k stene dĺ. 900 mm, napr.GEBERIT","ks",{"v":1,"d":"1.000"},null,{"v":0,"d":"0.000"},null,null,"","znížená",{"v":0,"d":"0.00000"},{"v":0,"d":"0.00000"},{"v":0.0046,"d":"0.00460"},{"v":0.0046,"d":"0.00460"},{"v":0,"d":"0.00000"},{"v":0,"d":"0.00000"},{"$nulls":23},"32",null,"M","2",{"$nulls":3},"ROZPOCET",{"$nulls":5},{"v":0,"d":"0.00"},{"v":0,"d":"0.00"},{"v":0,"d":"0.00"},{"v":0,"d":"0.00"},{"v":0,"d":"0.00"},"2",{"v":0,"d":"0.000"},"16","1185177106"]
[null,null,"43","K","998721201","Presun hmôt pre vnútornú kanalizáciu v objektoch výšky do 6 m","%",{"v":6.23,"d":"6.230"},null,{"v":0,"d":"0.000"},null,null,"","znížená",{"v":0,"d":"0.00000"},{"v":0,"d":"0.00000"},{"v":0,"d":"0.00000"},{"v":0,"d":"0.00000"},{"v":0,"d":"0.00000"},{"v":0,"d":"0.00000"},{"$nulls":23},"16",null,"K","2",{"$nulls":3},"ROZPOCET",{"$nulls":5},{"v":0,"d":"0.00"},{"v":0,"d":"0.00"},{"v":0,"d":"0.00"},{"v":0,"d":"0.00"},{"v":0,"d":"0.00"},"2",{"v":0,"d":"0.000"},"16","878788263"]
[{"$nulls":3},"D","722","Zdravotechnika - vnútorný vodovod",{"$nulls":3},{"v":0,"d":"0.000"},{"$nulls":5},13.18117,null,{"v":0.0086352,"d":"0.00864"},null,{"v":0,"d":"0.00000"},{"$nulls":23},"2",null,"D","1",{"$nulls":3},"ROZPOCET",{"$nulls":11},{"v":0,"d":"0.000"}]
[null,null,"44","K","722170911","Oprava vodovodného potrubia z PE rúrok vsadenie odbočky do potrubia D 32","ks",{"v":1,"d":"1.000"},null,{"v":0,"d":"0.000"},null,null,"","znížená",0.65251,0.65251,0.00074,0.00074,{"v":0,"d":"0.00000"},{"v":0,"d":"0.00000"},{"$nulls":23},"16",null,"K","2",{"$nulls":3},"ROZPOCET",{"$nulls":5},{"v":0,"d":"0.00"},{"v":0,"d":"0.00"},{"v":0,"d":"0.00"},{"v":0,"d":"0.00"},{"v":0,"d":"0.00"},"2",{"v":0,"d":"0.000"},"16","1068629645"]
[null,null,"45","K","722172110","Potrubie z plastických rúr PP-R D16/2.2 - PN16, polyfúznym zváraním","m",{"v":27.8,"d":"27.800"},null,{"v":0,"d":"0.000"},null,null,"","znížená",{"v":0.3,"d":"0.30000"},{"v":8.34,"d":"8.34000"},0.00011,{"v":0.0030580000000000004,"d":"0.00306"},{"v":0,"d":"0.00000"},{"v":0,"d":"0.00000"},{"$nulls":23},"16",null,"K","2",{"$nulls":3},"ROZPOCET",{"$nulls":5},{"v":0,"d":"0.00"},{"v":0,"d":"0.00"},{"v":0,"d":"0.00"},{"v":0,"d":"0.00"},{"v":0,"d":"0.00"},"2",{"v":0,"d":"0.000"},"16","958637367"]
[null,null,"46","K","722181111","Ochrana potrubia  do DN 20","m",{"v":27.8,"d":"27.800"},null,{"v":0,"d":"0.000"},null,null,"","znížená",{"v":0.0497,"d":"0.04970"},1.38166,0.00013,{"v":0.0036139999999999996,"d":"0.00361"},{"v":0,"d":"0.00000"},{"v":0,"d":"0.00000"},{"$nulls":23},"16",null,"K","2",{"$nulls":3},"ROZPOCET",{"$nulls":5},{"v":0,"d":"0.00"},{"v":0,"d":"0.00"},{"v":0,"d":"0.00"},{"v":0,"d":"0.00"},{"v":0,"d":"0.00"},"2",{"v":0,"d":"0.000"},"16","857074205"]
[null,null,"47","M","283310007900","Izolačná PE trubica napr. MIRELON PRO 18x6 mm (d x hr. izolácie), dĺ. 2 m","m",{"v":30.58,"d":"30.580"},null,{"v":0,"d":"0.000"},null,null,"","znížená",{"v":0,"d":"0.00000"},{"v":0,"d":"0.00000"},{"v":4e-05,"d":"0.00004"},{"v":0.0012232,"d":"0.00122"},{"v":0,"d":"0.00000"},{"v":0,"d":"0.00000"},{"$nulls":23},"32",null,"M","2",{"$nulls":3},"ROZPOCET",{"$nulls":5},{"v":0,"d":"0.00"},{"v":0,"d":"0.00"},{"v":0,"d":"0.00"},{"v":0,"d":"0.00"},{"v":0,"d":"0.00"},"2",{"v":0,"d":"0.000"},"16","-2007068822"]
[null,null,"48","K","722190401","Vyvedenie a upevnenie výpustky DN 15","ks",{"v":7,"d":"7.000"},null,{"v":0,"d":"0.000"},null,null,"","znížená",{"v":0.401,"d":"0.40100"},{"v":2.8070000000000004,"d":"2.80700"},{"v":0,"d":"0.00000"},{"v":0,"d":"0.00000"},{"v":0,"d":"0.00000"},{"v":0,"d":"0.00000"},{"$nulls":23},"16",null,"K","2",{"$nulls":3},"ROZPOCET",{"$nulls":5},{"v":0,"d":"0.00"},{"v":0,"d":"0.00"},{"v":0,"d":"0.00"},{"v":0,"d":"0.00"},{"v":0,"d":"0.00"},"2",{"v":0,"d":"0.000"},"16","1159460755"]
[null,null,"49","K","998722201","Presun hmôt pre vnútorný vodovod v objektoch výšky do 6 m","%",{"v":3.11,"d":"3.110"},null,{"v":0,"d":"0.000"},null,null,"","znížená",{"v":0,"d":"0.00000"},{"v":0,"d":"0.00000"},{"v":0,"d":"0.00000"},{"v":0,"d":"0.00000"},{"v":0,"d":"0.00000"},{"v":0,"d":"0.00000"},{"$nulls":23},"16",null,"K","2",{"$nulls":3},"ROZPOCET",{"$nulls":5},{"v":0,"d":"0.00"},{"v":0,"d":"0.00"},{"v":0,"d":"0.00"},{"v":0,"d":"0.00"},{"v":0,"d":"0.00"},"2",{"v":0,"d":"0.000"},"16","1035442041"]
[{"$nulls":3},"D","725","Zdravotechnika - zariaďovacie predmety",{"$nulls":3},{"v":0,"d":"0.000"},{"$nulls":5},6.30414,null,0.05562,null,{"v":0,"d":"0.00000"},{"$nulls":23},"2",null,"D","1",{"$nulls":3},"ROZPOCET",{"$nulls":11},{"v":0,"d":"0.000"}]
[null,null,"50","K","725119307","Montáž záchodovej misy keramickej kombinovanej s rovným odpadom","súb.",{"v":1,"d":"1.000"},null,{"v":0,"d":"0.000"},null,null,"","znížená",1.27398,1.27398,0.00027,0.00027,{"v":0,"d":"0.00000"},{"v":0,"d":"0.00000"},{"$nulls":23},"16",null,"K","2",{"$nulls":3},"ROZPOCET",{"$nulls":5},{"v":0,"d":"0.00"},{"v":0,"d":"0.00"},{"v":0,"d":"0.00"},{"v":0,"d":"0.00"},{"v":0,"d":"0.00"},"2",{"v":0,"d":"0.000"},"16","-1082626833"]
[null,null,"51","M","642340001230","Kombinované WC keramické so šikmým odpadom, bočným napúšťaním, napr.JIKA","ks",{"v":1,"d":"1.000"},null,{"v":0,"d":"0.000"},null,null,"","znížená",{"v":0,"d":"0.00000"},{"v":0,"d":"0.00000"},{"v":0.028,"d":"0.02800"},{"v":0.028,"d":"0.02800"},{"v":0,"d":"0.00000"},{"v":0,"d":"0.00000"},{"$nulls":23},"32",null,"M","2",{"$nulls":3},"ROZPOCET",{"$nulls":5},{"v":0,"d":"0.00"},{"v":0,"d":"0.00"},{"v":0,"d":"0.00"},{"v":0,"d":"0.00"},{"v":0,"d":"0.00"},"2",{"v":0,"d":"0.000"},"16","785214698"]
[null,null,"52","K","725219201","Montáž umývadla keramického na konzoly, bez výtokovej armatúry","ks",{"v":2,"d":"2.000"},null,{"v":0,"d":"0.000"},null,null,"","znížená",1.20477,2.40954,{"v":0.0023,"d":"0.00230"},{"v":0.0046,"d":"0.00460"},{"v":0,"d":"0.00000"},{"v":0,"d":"0.00000"},{"$nulls":23},"16",null,"K","2",{"$nulls":3},"ROZPOCET",{"$nulls":5},{"v":0,"d":"0.00"},{"v":0,"d":"0.00"},{"v":0,"d":"0.00"},{"v":0,"d":"0.00"},{"v":0,"d":"0.00"},"2",{"v":0,"d":"0.000"},"16","-183484988"]
[null,null,"53","M","642110000100","Umývadlo keramické  napr.CUBITO, rozmer 550x420x185 mm, biela","ks",{"v":1,"d":"1.000"},null,{"v":0,"d":"0.000"},null,null,"","znížená",{"v":0,"d":"0.00000"},{"v":0,"d":"0.00000"},{"v":0.0131,"d":"0.01310"},{"v":0.0131,"d":"0.01310"},{"v":0,"d":"0.00000"},{"v":0,"d":"0.00000"},{"$nulls":23},"32",null,"M","2",{"$nulls":3},"ROZPOCET",{"$nulls":5},{"v":0,"d":"0.00"},{"v":0,"d":"0.00"},{"v":0,"d":"0.00"},{"v":0,"d":"0.00"},{"v":0,"d":"0.00"},"2",{"v":0,"d":"0.000"},"16","1052639075"]
[null,null,"54","M","5674","Umývadlo s možnosťou podísť invalidným vozíkom, bez prepadu, bez otvoru pre batériu 600 x 550 mm napr. Renova Nr. 1 Comfort","ks",{"v":1,"d":"1.000"},null,{"v":0,"d":"0.000"},null,null,"","znížená",{"v":0,"d":"0.00000"},{"v":0,"d":"0.00000"},{"v":0,"d":"0.00000"},{"v":0,"d":"0.00000"},{"v":0,"d":"0.00000"},{"v":0,"d":"0.00000"},{"$nulls":23},"32",null,"M","2",{"$nulls":3},"ROZPOCET",{"$nulls":5},{"v":0,"d":"0.00"},{"v":0,"d":"0.00"},{"v":0,"d":"0.00"},{"v":0,"d":"0.00"},{"v":0,"d":"0.00"},"2",{"v":0,"d":"0.000"},"16","-601326774"]
[null,null,"55","K","725819401","Montáž ventilu rohového s pripojovacou rúrkou G 1/2","súb.",{"v":1,"d":"1.000"},null,{"v":0,"d":"0.000"},null,null,"","znížená",0.21567,0.21567,0.00028,0.00028,{"v":0,"d":"0.00000"},{"v":0,"d":"0.00000"},{"$nulls":23},"16",null,"K","2",{"$nulls":3},"ROZPOCET",{"$nulls":5},{"v":0,"d":"0.00"},{"v":0,"d":"0.00"},{"v":0,"d":"0.00"},{"v":0,"d":"0.00"},{"v":0,"d":"0.00"},"2",{"v":0,"d":"0.000"},"16","82309955"]
[null,null,"56","M","551110007700","Guľový uzáver pre vodu rohový, 1/2\" FF, motýľ, séria 59, niklovaná mosadz, napr.IVAR","ks",{"v":1,"d":"1.000"},null,{"v":0,"d":"0.000"},null,null,"","znížená",{"v":0,"d":"0.00000"},{"v":0,"d":"0.00000"},0.00025,0.00025,{"v":0,"d":"0.00000"},{"v":0,"d":"0.00000"},{"$nulls":23},"32",null,"M","2",{"$nulls":3},"ROZPOCET",{"$nulls":5},{"v":0,"d":"0.00"},{"v":0,"d":"0.00"},{"v":0,"d":"0.00"},{"v":0,"d":"0.00"},{"v":0,"d":"0.00"},"2",{"v":0,"d":"0.000"},"16","-995837753"]
[null,null,"57","K","725819402","Montáž ventilu bez pripojovacej rúrky G 1/2","súb.",{"v":4,"d":"4.000"},null,{"v":0,"d":"0.000"},null,null,"","znížená",0.27661,1.10644,0.00028,0.00112,{"v":0,"d":"0.00000"},{"v":0,"d":"0.00000"},{"$nulls":23},"16",null,"K","2",{"$nulls":3},"ROZPOCET",{"$nulls":5},{"v":0,"d":"0.00"},{"v":0,"d":"0.00"},{"v":0,"d":"0.00"},{"v":0,"d":"0.00"},{"v":0,"d":"0.00"},"2",{"v":0,"d":"0.000"},"16","2128158914"]
[null,null,"58","M","551110020700","Ventil rohový, 1/2\" - 1/2\" napr. Luxor, chrómovaná mosadz, IVAR","ks",{"v":4,"d":"4.000"},null,{"v":0,"d":"0.000"},null,null,"","znížená",{"v":0,"d":"0.00000"},{"v":0,"d":"0.00000"},0.00048,0.00192,{"v":0,"d":"0.00000"},{"v":0,"d":"0.00000"},{"$nulls":23},"32",null,"M","2",{"$nulls":3},"ROZPOCET",{"$nulls":5},{"v":0,"d":"0.00"},{"v":0,"d":"0.00"},{"v":0,"d":"0.00"},{"v":0,"d":"0.00"},{"v":0,"d":"0.00"},"2",{"v":0,"d":"0.000"},"16","502945844"]
[null,null,"59","K","725829201","Montáž batérie umývadlovej a drezovej nástennej pákovej alebo klasickej s mechanickým ovládaním","ks",{"v":2,"d":"2.000"},null,{"v":0,"d":"0.000"},null,null,"","znížená",0.39272,0.78544,{"v":0,"d":"0.00000"},{"v":0,"d":"0.00000"},{"v":0,"d":"0.00000"},{"v":0,"d":"0.00000"},{"$nulls":23},"16",null,"K","2",{"$nulls":3},"ROZPOCET",{"$nulls":5},{"v":0,"d":"0.00"},{"v":0,"d":"0.00"},{"v":0,"d":"0.00"},{"v":0,"d":"0.00"},{"v":0,"d":"0.00"},"2",{"v":0,"d":"0.000"},"16","-637831174"]
[null,null,"60","M","551450003800","Batéria umývadlová stojanková páková Lyra, s pop-up 5/4\", rozmer 290x215x270 mm, chróm, napr.JIKA","ks",{"v":2,"d":"2.000"},null,{"v":0,"d":"0.000"},null,null,"","znížená",{"v":0,"d":"0.00000"},{"v":0,"d":"0.00000"},{"v":0.0016,"d":"0.00160"},{"v":0.0032,"d":"0.00320"},{"v":0,"d":"0.00000"},{"v":0,"d":"0.00000"},{"$nulls":23},"32",null,"M","2",{"$nulls":3},"ROZPOCET",{"$nulls":5},{"v":0,"d":"0.00"},{"v":0,"d":"0.00"},{"v":0,"d":"0.00"},{"v":0,"d":"0.00"},{"v":0,"d":"0.00"},"2",{"v":0,"d":"0.000"},"16","-5802231"]
[null,null,"61","K","725849201","Montáž batérie sprchovej nástennej pákovej, klasickej","ks",{"v":1,"d":"1.000"},null,{"v":0,"d":"0.000"},null,null,"","znížená",0.20075,0.20075,{"v":0,"d":"0.00000"},{"v":0,"d":"0.00000"},{"v":0,"d":"0.00000"},{"v":0,"d":"0.00000"},{"$nulls":23},"16",null,"K","2",{"$nulls":3},"ROZPOCET",{"$nulls":5},{"v":0,"d":"0.00"},{"v":0,"d":"0.00"},{"v":0,"d":"0.00"},{"v":0,"d":"0.00"},{"v":0,"d":"0.00"},"2",{"v":0,"d":"0.000"},"16","-177389417"]
[null,null,"62","M","551450002700","Batéria sprchová nástenná páková Mio, rozteč 150 mm, vratane sprchovej sady, chróm, JIKA","ks",{"v":1,"d":"1.000"},null,{"v":0,"d":"0.000"},null,null,"","znížená",{"v":0,"d":"0.00000"},{"v":0,"d":"0.00000"},{"v":0.0023,"d":"0.00230"},{"v":0.0023,"d":"0.00230"},{"v":0,"d":"0.00000"},{"v":0,"d":"0.00000"},{"$nulls":23},"32",null,"M","2",{"$nulls":3},"ROZPOCET",{"$nulls":5},{"v":0,"d":"0.00"},{"v":0,"d":"0.00"},{"v":0,"d":"0.00"},{"v":0,"d":"0.00"},{"v":0,"d":"0.00"},"2",{"v":0,"d":"0.000"},"16","26547511"]
[null,null,"63","K","725869301","Montáž zápachovej uzávierky pre zariaďovacie predmety, umývadlovej do D 40","ks",{"v":2,"d":"2.000"},null,{"v":0,"d":"0.000"},null,null,"","znížená",0.15616,0.31232,{"v":0,"d":"0.00000"},{"v":0,"d":"0.00000"},{"v":0,"d":"0.00000"},{"v":0,"d":"0.00000"},{"$nulls":23},"16",null,"K","2",{"$nulls":3},"ROZPOCET",{"$nulls":5},{"v":0,"d":"0.00"},{"v":0,"d":"0.00"},{"v":0,"d":"0.00"},{"v":0,"d":"0.00"},{"v":0,"d":"0.00"},"2",{"v":0,"d":"0.000"},"16","-1930856302"]
[null,null,"64","M","551620005900","Zápachová uzávierka kolenová pre umývadlá, d 40 mm, G 1 1/2\" x 1 1/4\", priestorovo úsporné pripojenie, vodorovný odtok, alpská biela, plast, napr.GEBERIT","ks",{"v":2,"d":"2.000"},null,{"v":0,"d":"0.000"},null,null,"","znížená",{"v":0,"d":"0.00000"},{"v":0,"d":"0.00000"},0.00029,0.00058,{"v":0,"d":"0.00000"},{"v":0,"d":"0.00000"},{"$nulls":23},"32",null,"M","2",{"$nulls":3},"ROZPOCET",{"$nulls":5},{"v":0,"d":"0.00"},{"v":0,"d":"0.00"},{"v":0,"d":"0.00"},{"v":0,"d":"0.00"},{"v":0,"d":"0.00"},"2",{"v":0,"d":"0.000"},"16","-1166595443"]
[null,null,"65","K","998725201","Presun hmôt pre zariaďovacie predmety v objektoch výšky do 6 m","%",9.672,null,{"v":0,"d":"0.000"},null,null,"","znížená",{"v":0,"d":"0.00000"},{"v":0,"d":"0.00000"},{"v":0,"d":"0.00000"},{"v":0,"d":"0.00000"},{"v":0,"d":"0.00000"},{"v":0,"d":"0.00000"},{"$nulls":23},"16",null,"K","2",{"$nulls":3},"ROZPOCET",{"$nulls":5},{"v":0,"d":"0.00"},{"v":0,"d":"0.00"},{"v":0,"d":"0.00"},{"v":0,"d":"0.00"},{"v":0,"d":"0.00"},"2",{"v":0,"d":"0.000"},"16","648445261"]
[{"$nulls":3},"D","733","Ústredné kúrenie - rozvodné potrubie",{"$nulls":3},{"v":0,"d":"0.000"},{"$nulls":5},{"v":1.683522,"d":"1.68352"},null,{"v":0.0014739999999999998,"d":"0.00147"},null,{"v":0,"d":"0.00000"},{"$nulls":23},"2",null,"D","1",{"$nulls":3},"ROZPOCET",{"$nulls":11},{"v":0,"d":"0.000"}]
[null,null,"66","K","733160296","Montáž prechodu PP-R plast/kov DN 20","ks",{"v":2,"d":"2.000"},null,{"v":0,"d":"0.000"},null,null,"","znížená",{"v":0.07,"d":"0.07000"},{"v":0.14,"d":"0.14000"},{"v":0,"d":"0.00000"},{"v":0,"d":"0.00000"},{"v":0,"d":"0.00000"},{"v":0,"d":"0.00000"},{"$nulls":23},"16",null,"K","2",{"$nulls":3},"ROZPOCET",{"$nulls":5},{"v":0,"d":"0.00"},{"v":0,"d":"0.00"},{"v":0,"d":"0.00"},{"v":0,"d":"0.00"},{"v":0,"d":"0.00"},"2",{"v":0,"d":"0.000"},"16","977841312"]
[null,null,"67","M","286540034900","Prechodka napr. INSTAPLAST DG PP-R D 20x3/4\" MZV kovový vonkajší závit, systém pre rozvod vody a stlačeného vzduchu, PIPELIFE","ks",{"v":2,"d":"2.000"},null,{"v":0,"d":"0.000"},null,null,"","znížená",{"v":0,"d":"0.00000"},{"v":0,"d":"0.00000"},0.00011,0.00022,{"v":0,"d":"0.00000"},{"v":0,"d":"0.00000"},{"$nulls":23},"32",null,"M","2",{"$nulls":3},"ROZPOCET",{"$nulls":5},{"v":0,"d":"0.00"},{"v":0,"d":"0.00"},{"v":0,"d":"0.00"},{"v":0,"d":"0.00"},{"v":0,"d":"0.00"},"2",{"v":0,"d":"0.000"},"16","1363253074"]
[null,null,"68","K","733167002","Potrubie z rúr  napr. REHAU, rúrka univerzálna RAUTITAN stabil DN 20,0x2,9 mm v kotúčoch","m",{"v":3.8,"d":"3.800"},null,{"v":0,"d":"0.000"},null,null,"","znížená",0.40619,{"v":1.5435219999999998,"d":"1.54352"},0.00033,{"v":0.001254,"d":"0.00125"},{"v":0,"d":"0.00000"},{"v":0,"d":"0.00000"},{"$nulls":23},"16",null,"K","2",{"$nulls":3},"ROZPOCET",{"$nulls":5},{"v":0,"d":"0.00"},{"v":0,"d":"0.00"},{"v":0,"d":"0.00"},{"v":0,"d":"0.00"},{"v":0,"d":"0.00"},"2",{"v":0,"d":"0.000"},"16","901155249"]
[null,null,"69","K","998733201","Presun hmôt pre rozvody potrubia v objektoch výšky do 6 m","%",0.695,null,{"v":0,"d":"0.000"},null,null,"","znížená",{"v":0,"d":"0.00000"},{"v":0,"d":"0.00000"},{"v":0,"d":"0.00000"},{"v":0,"d":"0.00000"},{"v":0,"d":"0.00000"},{"v":0,"d":"0.00000"},{"$nulls":23},"16",null,"K","2",{"$nulls":3},"ROZPOCET",{"$nulls":5},{"v":0,"d":"0.00"},{"v":0,"d":"0.00"},{"v":0,"d":"0.00"},{"v":0,"d":"0.00"},{"v":0,"d":"0.00"},"2",{"v":0,"d":"0.000"},"16","193835250"]
[{"$nulls":3},"D","734","Ústredné kúrenie - armatúry",{"$nulls":3},{"v":0,"d":"0.000"},{"$nulls":5},0.16624,null,{"v":0.0004,"d":"0.00040"},null,{"v":0,"d":"0.00000"},{"$nulls":23},"2",null,"D","1",{"$nulls":3},"ROZPOCET",{"$nulls":11},{"v":0,"d":"0.000"}]
[null,null,"70","K","734222612","Ventil regulačný závitový s hlavicou termostatického ovládania V 4262 A - priamy G 1/2","ks",{"v":1,"d":"1.000"},null,{"v":0,"d":"0.000"},null,null,"","znížená",0.16624,0.16624,{"v":0.0004,"d":"0.00040"},{"v":0.0004,"d":"0.00040"},{"v":0,"d":"0.00000"},{"v":0,"d":"0.00000"},{"$nulls":23},"16",null,"K","2",{"$nulls":3},"ROZPOCET",{"$nulls":5},{"v":0,"d":"0.00"},{"v":0,"d":"0.00"},{"v":0,"d":"0.00"},{"v":0,"d":"0.00"},{"v":0,"d":"0.00"},"2",{"v":0,"d":"0.000"},"16","-1185431639"]
[null,null,"71","K","998734201","Presun hmôt pre armatúry v objektoch výšky do 6 m","%",0.226,null,{"v":0,"d":"0.000"},null,null,"","znížená",{"v":0,"d":"0.00000"},{"v":0,"d":"0.00000"},{"v":0,"d":"0.00000"},{"v":0,"d":"0.00000"},{"v":0,"d":"0.00000"},{"v":0,"d":"0.00000"},{"$nulls":23},"16",null,"K","2",{"$nulls":3},"ROZPOCET",{"$nulls":5},{"v":0,"d":"0.00"},{"v":0,"d":"0.00"},{"v":0,"d":"0.00"},{"v":0,"d":"0.00"},{"v":0,"d":"0.00"},"2",{"v":0,"d":"0.000"},"16","2099992646"]
[{"$nulls":3},"D","735","Ústredné kúrenie - vykurovacie telesá",{"$nulls":3},{"v":0,"d":"0.000"},{"$nulls":5},{"v":0.5866,"d":"0.58660"},null,0.01202,null,{"v":0,"d":"0.00000"},{"$nulls":23},"2",null,"D","1",{"$nulls":3},"ROZPOCET",{"$nulls":11},{"v":0,"d":"0.000"}]
[null,null,"72","K","735162130","Montáž vykurovacieho telesa rúrkového výšky 1220 mm","ks",{"v":1,"d":"1.000"},null,{"v":0,"d":"0.000"},null,null,"","znížená",{"v":0.5866,"d":"0.58660"},{"v":0.5866,"d":"0.58660"},{"v":2e-05,"d":"0.00002"},{"v":2e-05,"d":"0.00002"},{"v":0,"d":"0.00000"},{"v":0,"d":"0.00000"},{"$nulls":23},"16",null,"K","2",{"$nulls":3},"ROZPOCET",{"$nulls":5},{"v":0,"d":"0.00"},{"v":0,"d":"0.00"},{"v":0,"d":"0.00"},{"v":0,"d":"0.00"},{"v":0,"d":"0.00"},"2",{"v":0,"d":"0.000"},"16","1219175094"]
[null,null,"73","M","484520001300","Teleso vykurovacie rebríkové oceľové napr.KORALUX LINEAR CLASSIC KLC, lxvxhĺ 750x1220x30 mm, pripojenie G 1/2\" vnútorné, KORADO","ks",{"v":1,"d":"1.000"},null,{"v":0,"d":"0.000"},null,null,"","znížená",{"v":0,"d":"0.00000"},{"v":0,"d":"0.00000"},{"v":0.012,"d":"0.01200"},{"v":0.012,"d":"0.01200"},{"v":0,"d":"0.00000"},{"v":0,"d":"0.00000"},{"$nulls":23},"32",null,"M","2",{"$nulls":3},"ROZPOCET",{"$nulls":5},{"v":0,"d":"0.00"},{"v":0,"d":"0.00"},{"v":0,"d":"0.00"},{"v":0,"d":"0.00"},{"v":0,"d":"0.00"},"2",{"v":0,"d":"0.000"},"16","-466037607"]
[null,null,"74","K","998735201","Presun hmôt pre vykurovacie telesá v objektoch výšky do 6 m","%",0.754,null,{"v":0,"d":"0.000"},null,null,"","znížená",{"v":0,"d":"0.00000"},{"v":0,"d":"0.00000"},{"v":0,"d":"0.00000"},{"v":0,"d":"0.00000"},{"v":0,"d":"0.00000"},{"v":0,"d":"0.00000"},{"$nulls":23},"16",null,"K","2",{"$nulls":3},"ROZPOCET",{"$nulls":5},{"v":0,"d":"0.00"},{"v":0,"d":"0.00"},{"v":0,"d":"0.00"},{"v":0,"d":"0.00"},{"v":0,"d":"0.00"},"2",{"v":0,"d":"0.000"},"16","-832287054"]
[{"$nulls":3},"D","763","Konštrukcie - drevostavby",{"$nulls":3},{"v":0,"d":"0.000"},{"$nulls":5},{"v":37.1808,"d":"37.18080"},null,0.40144,null,{"v":0,"d":"0.00000"},{"$nulls":23},"2",null,"D","1",{"$nulls":3},"ROZPOCET",{"$nulls":11},{"v":0,"d":"0.000"}]
[null,null,"75","K","763132310","SDK podhľad napr.KNAUF D112, závesná dvojvrstvová kca profil montažný CD a nosný UD, dosky GKBI hr. 12,5 mm","m2",{"v":28.4,"d":"28.400"},null,{"v":0,"d":"0.000"},null,null,"","znížená",{"v":0.916,"d":"0.91600"},{"v":26.0144,"d":"26.01440"},0.01184,{"v":0.336256,"d":"0.33626"},{"v":0,"d":"0.00000"},{"v":0,"d":"0.00000"},{"$nulls":23},"16",null,"K","2",{"$nulls":3},"ROZPOCET",{"$nulls":5},{"v":0,"d":"0.00"},{"v":0,"d":"0.00"},{"v":0,"d":"0.00"},{"v":0,"d":"0.00"},{"v":0,"d":"0.00"},"2",{"v":0,"d":"0.000"},"16","-2045442967"]
[null,null,"76","K","763168111","SDK obklady napr.KNAUF K254 stupačky kanalizácie , dosky GKB hr. 12,5 mm, ochranný uholník","m",{"v":11.2,"d":"11.200"},null,{"v":0,"d":"0.000"},null,null,"","znížená",{"v":0.997,"d":"0.99700"},{"v":11.1664,"d":"11.16640"},0.00582,{"v":0.06518399999999999,"d":"0.06518"},{"v":0,"d":"0.00000"},{"v":0,"d":"0.00000"},{"$nulls":23},"16",null,"K","2",{"$nulls":3},"ROZPOCET",{"$nulls":5},{"v":0,"d":"0.00"},{"v":0,"d":"0.00"},{"v":0,"d":"0.00"},{"v":0,"d":"0.00"},{"v":0,"d":"0.00"},"2",{"v":0,"d":"0.000"},"16","-66752119"]
[null,null,"77","K","998763201","Presun hmôt pre drevostavby v objektoch výšky do 12 m","%",9.651,null,{"v":0,"d":"0.000"},null,null,"","znížená",{"v":0,"d":"0.00000"},{"v":0,"d":"0.00000"},{"v":0,"d":"0.00000"},{"v":0,"d":"0.00000"},{"v":0,"d":"0.00000"},{"v":0,"d":"0.00000"},{"$nulls":23},"16",null,"K","2",{"$nulls":3},"ROZPOCET",{"$nulls":5},{"v":0,"d":"0.00"},{"v":0,"d":"0.00"},{"v":0,"d":"0.00"},{"v":0,"d":"0.00"},{"v":0,"d":"0.00"},"2",{"v":0,"d":"0.000"},"16","-458319794"]
[{"$nulls":3},"D","766","Konštrukcie stolárske",{"$nulls":3},{"v":0,"d":"0.000"},{"$nulls":5},2.45002,null,{"v":0.052000000000000005,"d":"0.05200"},null,{"v":0,"d":"0.00000"},{"$nulls":23},"2",null,"D","1",{"$nulls":3},"ROZPOCET",{"$nulls":11},{"v":0,"d":"0.000"}]
[null,null,"78","K","766662112","Montáž dverového krídla otočného jednokrídlového poldrážkového, do existujúcej zárubne, vrátane kovania","ks",{"v":2,"d":"2.000"},null,{"v":0,"d":"0.000"},null,null,"","znížená",1.22501,2.45002,{"v":0,"d":"0.00000"},{"v":0,"d":"0.00000"},{"v":0,"d":"0.00000"},{"v":0,"d":"0.00000"},{"$nulls":23},"16",null,"K","2",{"$nulls":3},"ROZPOCET",{"$nulls":5},{"v":0,"d":"0.00"},{"v":0,"d":"0.00"},{"v":0,"d":"0.00"},{"v":0,"d":"0.00"},{"v":0,"d":"0.00"},"2",{"v":0,"d":"0.000"},"16","-1783340133"]
[null,null,"79","M","549150000600","Kľučka dverová 2x, 2x rozeta BB, FAB, nehrdzavejúca oceľ, povrch nerez brúsený, napr.SAPELI","ks",{"v":2,"d":"2.000"},null,{"v":0,"d":"0.000"},null,null,"","znížená",{"v":0,"d":"0.00000"},{"v":0,"d":"0.00000"},{"v":0.001,"d":"0.00100"},{"v":0.002,"d":"0.00200"},{"v":0,"d":"0.00000"},{"v":0,"d":"0.00000"},{"$nulls":23},"32",null,"M","2",{"$nulls":3},"ROZPOCET",{"$nulls":5},{"v":0,"d":"0.00"},{"v":0,"d":"0.00"},{"v":0,"d":"0.00"},{"v":0,"d":"0.00"},{"v":0,"d":"0.00"},"2",{"v":0,"d":"0.000"},"16","426410142"]
[null,null,"80","M","611610001100","Dvere vnútorné jednokrídlové, šírka 1100 mm, výplň papierová voština, povrch CPL laminát M40, mechanicky odolné, napr.SAPELI","ks",{"v":1,"d":"1.000"},null,{"v":0,"d":"0.000"},null,null,"","znížená",{"v":0,"d":"0.00000"},{"v":0,"d":"0.00000"},{"v":0.025,"d":"0.02500"},{"v":0.025,"d":"0.02500"},{"v":0,"d":"0.00000"},{"v":0,"d":"0.00000"},{"$nulls":23},"32",null,"M","2",{"$nulls":3},"ROZPOCET",{"$nulls":5},{"v":0,"d":"0.00"},{"v":0,"d":"0.00"},{"v":0,"d":"0.00"},{"v":0,"d":"0.00"},{"v":0,"d":"0.00"},"2",{"v":0,"d":"0.000"},"16","875287454"]
[null,null,"81","M","611610001600","Dvere vnútorné dvojkrídlové, šírka 1450 mm, výplň papierová voština, povrch dyha M13,  napr.SAPELI","ks",{"v":1,"d":"1.000"},null,{"v":0,"d":"0.000"},null,null,"","znížená",{"v":0,"d":"0.00000"},{"v":0,"d":"0.00000"},{"v":0.025,"d":"0.02500"},{"v":0.025,"d":"0.02500"},{"v":0,"d":"0.00000"},{"v":0,"d":"0.00000"},{"$nulls":23},"32",null,"M","2",{"$nulls":3},"ROZPOCET",{"$nulls":5},{"v":0,"d":"0.00"},{"v":0,"d":"0.00"},{"v":0,"d":"0.00"},{"v":0,"d":"0.00"},{"v":0,"d":"0.00"},"2",{"v":0,"d":"0.000"},"16","-536473427"]
[null,null,"82","K","998766201","Presun hmot pre konštrukcie stolárske v objektoch výšky do 6 m","%",4.913,null,{"v":0,"d":"0.000"},null,null,"","znížená",{"v":0,"d":"0.00000"},{"v":0,"d":"0.00000"},{"v":0,"d":"0.00000"},{"v":0,"d":"0.00000"},{"v":0,"d":"0.00000"},{"v":0,"d":"0.00000"},{"$nulls":23},"16",null,"K","2",{"$nulls":3},"ROZPOCET",{"$nulls":5},{"v":0,"d":"0.00"},{"v":0,"d":"0.00"},{"v":0,"d":"0.00"},{"v":0,"d":"0.00"},{"v":0,"d":"0.00"},"2",{"v":0,"d":"0.000"},"16","-1614664832"]
[{"$nulls":3},"D","771","Podlahy z dlaždíc",{"$nulls":3},{"v":0,"d":"0.000"},{"$nulls":5},{"v":12.129600000000002,"d":"12.12960"},null,{"v":0.28496580000000005,"d":"0.28497"},null,{"v":0,"d":"0.00000"},{"$nulls":23},"2",null,"D","1",{"$nulls":3},"ROZPOCET",{"$nulls":11},{"v":0,"d":"0.000"}]
[null,null,"83","K","771576119","Montáž podláh z dlaždíc keramických do tmelu flexibilného mrazuvzdorného v obmedzenom priestore veľ. 300 x 300 mm","m2",{"v":13.3,"d":"13.300"},null,{"v":0,"d":"0.000"},null,null,"","znížená",{"v":0.912,"d":"0.91200"},{"v":12.129600000000002,"d":"12.12960"},0.00327,{"v":0.043491,"d":"0.04349"},{"v":0,"d":"0.00000"},{"v":0,"d":"0.00000"},{"$nulls":23},"16",null,"K","2",{"$nulls":3},"ROZPOCET",{"$nulls":5},{"v":0,"d":"0.00"},{"v":0,"d":"0.00"},{"v":0,"d":"0.00"},{"v":0,"d":"0.00"},{"v":0,"d":"0.00"},"2",{"v":0,"d":"0.000"},"16","1521719821"]
[null,null,"84","M","597740001600","Dlaždice keramické lxvxhr 297x297x8 mm, farba biela, napr.RAKO","m2",13.566,null,{"v":0,"d":"0.000"},null,null,"","znížená",{"v":0,"d":"0.00000"},{"v":0,"d":"0.00000"},{"v":0.0178,"d":"0.01780"},{"v":0.24147480000000002,"d":"0.24147"},{"v":0,"d":"0.00000"},{"v":0,"d":"0.00000"},{"$nulls":23},"32",null,"M","2",{"$nulls":3},"ROZPOCET",{"$nulls":5},{"v":0,"d":"0.00"},{"v":0,"d":"0.00"},{"v":0,"d":"0.00"},{"v":0,"d":"0.00"},{"v":0,"d":"0.00"},"2",{"v":0,"d":"0.000"},"16","1707667393"]
[null,null,"85","K","998771201","Presun hmôt pre podlahy z dlaždíc v objektoch výšky do 6m","%",4.806,null,{"v":0,"d":"0.000"},null,null,"","znížená",{"v":0,"d":"0.00000"},{"v":0,"d":"0.00000"},{"v":0,"d":"0.00000"},{"v":0,"d":"0.00000"},{"v":0,"d":"0.00000"},{"v":0,"d":"0.00000"},{"$nulls":23},"16",null,"K","2",{"$nulls":3},"ROZPOCET",{"$nulls":5},{"v":0,"d":"0.00"},{"v":0,"d":"0.00"},{"v":0,"d":"0.00"},{"v":0,"d":"0.00"},{"v":0,"d":"0.00"},"2",{"v":0,"d":"0.000"},"16","-966064516"]
[{"$nulls":3},"D","776","Podlahy povlakové",{"$nulls":3},{"v":0,"d":"0.000"},{"$nulls":5},{"v":36.656918000000005,"d":"36.65692"},null,{"v":0.07833843,"d":"0.07834"},null,{"v":0.028100000000000003,"d":"0.02810"},{"$nulls":23},"2",null,"D","1",{"$nulls":3},"ROZPOCET",{"$nulls":11},{"v":0,"d":"0.000"}]
[null,null,"86","K","776411000","Lepenie podlahových líšt soklových","m",{"v":16.1,"d":"16.100"},null,{"v":0,"d":"0.000"},null,null,"","znížená",{"v":0.118,"d":"0.11800"},{"v":1.8998000000000002,"d":"1.89980"},{"v":4e-05,"d":"0.00004"},{"v":0.0006440000000000001,"d":"0.00064"},{"v":0,"d":"0.00000"},{"v":0,"d":"0.00000"},{"$nulls":23},"16",null,"K","2",{"$nulls":3},"ROZPOCET",{"$nulls":5},{"v":0,"d":"0.00"},{"v":0,"d":"0.00"},{"v":0,"d":"0.00"},{"v":0,"d":"0.00"},{"v":0,"d":"0.00"},"2",{"v":0,"d":"0.000"},"16","1515581258"]
[null,null,"87","M","283410017900","Soklová PVC lišta DSL 60, ochranný lem 5 mm, napr.BRENO","m",16.261,null,{"v":0,"d":"0.000"},null,null,"","znížená",{"v":0,"d":"0.00000"},{"v":0,"d":"0.00000"},0.00163,{"v":0.026505429999999996,"d":"0.02651"},{"v":0,"d":"0.00000"},{"v":0,"d":"0.00000"},{"$nulls":23},"32",null,"M","2",{"$nulls":3},"ROZPOCET",{"$nulls":5},{"v":0,"d":"0.00"},{"v":0,"d":"0.00"},{"v":0,"d":"0.00"},{"v":0,"d":"0.00"},{"v":0,"d":"0.00"},"2",{"v":0,"d":"0.000"},"16","586415118"]
[null,null,"88","K","776511820","Odstránenie povlakových podláh z nášľapnej plochy lepených s podložkou,  -0,00100t","m2",{"v":28.1,"d":"28.100"},null,{"v":0,"d":"0.000"},null,null,"","znížená",{"v":0.241,"d":"0.24100"},{"v":6.7721,"d":"6.77210"},{"v":0,"d":"0.00000"},{"v":0,"d":"0.00000"},{"v":0.001,"d":"0.00100"},{"v":0.028100000000000003,"d":"0.02810"},{"$nulls":23},"16",null,"K","2",{"$nulls":3},"ROZPOCET",{"$nulls":5},{"v":0,"d":"0.00"},{"v":0,"d":"0.00"},{"v":0,"d":"0.00"},{"v":0,"d":"0.00"},{"v":0,"d":"0.00"},"2",{"v":0,"d":"0.000"},"16","1992334113"]
[null,null,"89","K","776541100","Lepenie povlakových podláh PVC heterogénnych v pásoch","m2",{"v":15.1,"d":"15.100"},null,{"v":0,"d":"0.000"},null,null,"","znížená",{"v":0.309,"d":"0.30900"},{"v":4.6659,"d":"4.66590"},{"v":0.0003,"d":"0.00030"},{"v":0.004529999999999999,"d":"0.00453"},{"v":0,"d":"0.00000"},{"v":0,"d":"0.00000"},{"$nulls":23},"16",null,"K","2",{"$nulls":3},"ROZPOCET",{"$nulls":5},{"v":0,"d":"0.00"},{"v":0,"d":"0.00"},{"v":0,"d":"0.00"},{"v":0,"d":"0.00"},{"v":0,"d":"0.00"},"2",{"v":0,"d":"0.000"},"16","214825644"]
[null,null,"90","M","284110003120","Podlaha PVC ","m2",15.553,null,{"v":0,"d":"0.000"},null,null,"","znížená",{"v":0,"d":"0.00000"},{"v":0,"d":"0.00000"},{"v":0.003,"d":"0.00300"},{"v":0.046659000000000006,"d":"0.04666"},{"v":0,"d":"0.00000"},{"v":0,"d":"0.00000"},{"$nulls":23},"32",null,"M","2",{"$nulls":3},"ROZPOCET",{"$nulls":5},{"v":0,"d":"0.00"},{"v":0,"d":"0.00"},{"v":0,"d":"0.00"},{"v":0,"d":"0.00"},{"v":0,"d":"0.00"},"2",{"v":0,"d":"0.000"},"16","-1644463691"]
[null,null,"91","K","776992210","Príprava podkladu prebrúsením betónu ručným elektrickým náradím","m2",{"v":28.1,"d":"28.100"},null,{"v":0,"d":"0.000"},null,null,"","znížená",{"v":0.827,"d":"0.82700"},{"v":23.2387,"d":"23.23870"},{"v":0,"d":"0.00000"},{"v":0,"d":"0.00000"},{"v":0,"d":"0.00000"},{"v":0,"d":"0.00000"},{"$nulls":23},"16",null,"K","2",{"$nulls":3},"ROZPOCET",{"$nulls":5},{"v":0,"d":"0.00"},{"v":0,"d":"0.00"},{"v":0,"d":"0.00"},{"v":0,"d":"0.00"},{"v":0,"d":"0.00"},"2",{"v":0,"d":"0.000"},"16","849856171"]
[null,null,"92","K","998776101","Presun hmôt pre podlahy povlakové v objektoch výšky do 6 m","t",0.078,null,{"v":0,"d":"0.000"},null,null,"","znížená",{"v":1.031,"d":"1.03100"},{"v":0.08041799999999999,"d":"0.08042"},{"v":0,"d":"0.00000"},{"v":0,"d":"0.00000"},{"v":0,"d":"0.00000"},{"v":0,"d":"0.00000"},{"$nulls":23},"16",null,"K","2",{"$nulls":3},"ROZPOCET",{"$nulls":5},{"v":0,"d":"0.00"},{"v":0,"d":"0.00"},{"v":0,"d":"0.00"},{"v":0,"d":"0.00"},{"v":0,"d":"0.00"},"2",{"v":0,"d":"0.000"},"16","115045984"]
[{"$nulls":3},"D","781","Obklady",{"$nulls":3},{"v":0,"d":"0.000"},{"$nulls":5},{"v":44.413199999999996,"d":"44.41320"},null,{"v":0.39577680000000004,"d":"0.39578"},null,{"v":0,"d":"0.00000"},{"$nulls":23},"2",null,"D","1",{"$nulls":3},"ROZPOCET",{"$nulls":11},{"v":0,"d":"0.000"}]
[null,null,"93","K","781445121","Montáž obkladov vnútor. stien z obkladačiek kladených do tmelu v obmedzenom priestore veľ. 200x250 mm","m2",{"v":29.2,"d":"29.200"},null,{"v":0,"d":"0.000"},null,null,"","znížená",{"v":1.521,"d":"1.52100"},{"v":44.413199999999996,"d":"44.41320"},0.00315,{"v":0.09197999999999999,"d":"0.09198"},{"v":0,"d":"0.00000"},{"v":0,"d":"0.00000"},{"$nulls":23},"16",null,"K","2",{"$nulls":3},"ROZPOCET",{"$nulls":5},{"v":0,"d":"0.00"},{"v":0,"d":"0.00"},{"v":0,"d":"0.00"},{"v":0,"d":"0.00"},{"v":0,"d":"0.00"},"2",{"v":0,"d":"0.000"},"16","972893777"]
[null,null,"94","M","597640002300","Obkladačky keramické , lxvxhr 148x198x6 mm, farba biela, napr.RAKO","m2",29.784,null,{"v":0,"d":"0.000"},null,null,"","znížená",{"v":0,"d":"0.00000"},{"v":0,"d":"0.00000"},{"v":0.0102,"d":"0.01020"},{"v":0.30379680000000003,"d":"0.30380"},{"v":0,"d":"0.00000"},{"v":0,"d":"0.00000"},{"$nulls":23},"32",null,"M","2",{"$nulls":3},"ROZPOCET",{"$nulls":5},{"v":0,"d":"0.00"},{"v":0,"d":"0.00"},{"v":0,"d":"0.00"},{"v":0,"d":"0.00"},{"v":0,"d":"0.00"},"2",{"v":0,"d":"0.000"},"16","-116245152"]
[null,null,"95","K","998781201","Presun hmôt pre obklady keramické v objektoch výšky do 6 m","%",11.444,null,{"v":0,"d":"0.000"},null,null,"","znížená",{"v":0,"d":"0.00000"},{"v":0,"d":"0.00000"},{"v":0,"d":"0.00000"},{"v":0,"d":"0.00000"},{"v":0,"d":"0.00000"},{"v":0,"d":"0.00000"},{"$nulls":23},"16",null,"K","2",{"$nulls":3},"ROZPOCET",{"$nulls":5},{"v":0,"d":"0.00"},{"v":0,"d":"0.00"},{"v":0,"d":"0.00"},{"v":0,"d":"0.00"},{"v":0,"d":"0.00"},"2",{"v":0,"d":"0.000"},"16","-34579861"]
[{"$nulls":3},"D","783","Nátery",{"$nulls":3},{"v":0,"d":"0.000"},{"$nulls":5},{"v":15.851580000000002,"d":"15.85158"},null,{"v":0.010721400000000002,"d":"0.01072"},null,{"v":0,"d":"0.00000"},{"$nulls":23},"2",null,"D","1",{"$nulls":3},"ROZPOCET",{"$nulls":11},{"v":0,"d":"0.000"}]
[null,null,"96","K","783222100","Nátery kov.stav.doplnk.konštr. syntetické farby šedej na vzduchu schnúce dvojnásobné - 70µm","m2",5.115,null,{"v":0,"d":"0.000"},null,null,"","znížená",{"v":0.265,"d":"0.26500"},{"v":1.3554750000000002,"d":"1.35548"},0.00016,{"v":0.0008184,"d":"0.00082"},{"v":0,"d":"0.00000"},{"v":0,"d":"0.00000"},{"$nulls":23},"16",null,"K","2",{"$nulls":3},"ROZPOCET",{"$nulls":5},{"v":0,"d":"0.00"},{"v":0,"d":"0.00"},{"v":0,"d":"0.00"},{"v":0,"d":"0.00"},{"v":0,"d":"0.00"},"2",{"v":0,"d":"0.000"},"16","-1644683551"]
[null,null,"97","K","783802822","Odstránenie starých náterov z omietok opálením s obrúsením stien","m2",{"v":15.9,"d":"15.900"},null,{"v":0,"d":"0.000"},null,null,"","znížená",0.47514,{"v":7.5547260000000005,"d":"7.55473"},{"v":8e-05,"d":"0.00008"},{"v":0.0012720000000000001,"d":"0.00127"},{"v":0,"d":"0.00000"},{"v":0,"d":"0.00000"},{"$nulls":23},"16",null,"K","2",{"$nulls":3},"ROZPOCET",{"$nulls":5},{"v":0,"d":"0.00"},{"v":0,"d":"0.00"},{"v":0,"d":"0.00"},{"v":0,"d":"0.00"},{"v":0,"d":"0.00"},"2",{"v":0,"d":"0.000"},"16","-1855488618"]
[null,null,"98","K","783824220","Nátery syntetické farby bielej betónových povrchov stien dvojnásobné 1x s emailovaním","m2",{"v":20.55,"d":"20.550"},null,{"v":0,"d":"0.000"},null,null,"","znížená",0.33778,{"v":6.941379,"d":"6.94138"},0.00042,{"v":0.008631000000000002,"d":"0.00863"},{"v":0,"d":"0.00000"},{"v":0,"d":"0.00000"},{"$nulls":23},"16",null,"K","2",{"$nulls":3},"ROZPOCET",{"$nulls":5},{"v":0,"d":"0.00"},{"v":0,"d":"0.00"},{"v":0,"d":"0.00"},{"v":0,"d":"0.00"},{"v":0,"d":"0.00"},"2",{"v":0,"d":"0.000"},"16","1767544251"]
[{"$nulls":3},"D","784","Maľby",{"$nulls":3},{"v":0,"d":"0.000"},{"$nulls":5},{"v":9.029553,"d":"9.02955"},null,{"v":0.037843,"d":"0.03784"},null,{"v":0,"d":"0.00000"},{"$nulls":23},"2",null,"D","1",{"$nulls":3},"ROZPOCET",{"$nulls":11},{"v":0,"d":"0.000"}]
[null,null,"99","K","784410120","Penetrovanie jednonásobné hrubozrnných, savých podkladov výšky do 3,80 m","m2",{"v":53.3,"d":"53.300"},null,{"v":0,"d":"0.000"},null,null,"","znížená",0.05031,{"v":2.681523,"d":"2.68152"},0.00017,{"v":0.009061,"d":"0.00906"},{"v":0,"d":"0.00000"},{"v":0,"d":"0.00000"},{"$nulls":23},"16",null,"K","2",{"$nulls":3},"ROZPOCET",{"$nulls":5},{"v":0,"d":"0.00"},{"v":0,"d":"0.00"},{"v":0,"d":"0.00"},{"v":0,"d":"0.00"},{"v":0,"d":"0.00"},"2",{"v":0,"d":"0.000"},"16","-1933313734"]
[null,null,"100","K","784410501","Prebrúsenie a oprášenie hrubozrnných povrchov výšky do 3,80 m","m2",{"v":53.3,"d":"53.300"},null,{"v":0,"d":"0.000"},null,null,"","znížená",{"v":0.01,"d":"0.01000"},{"v":0.533,"d":"0.53300"},{"v":1e-05,"d":"0.00001"},{"v":0.000533,"d":"0.00053"},{"v":0,"d":"0.00000"},{"v":0,"d":"0.00000"},{"$nulls":23},"16",null,"K","2",{"$nulls":3},"ROZPOCET",{"$nulls":5},{"v":0,"d":"0.00"},{"v":0,"d":"0.00"},{"v":0,"d":"0.00"},{"v":0,"d":"0.00"},{"v":0,"d":"0.00"},"2",{"v":0,"d":"0.000"},"16","-365577196"]
[null,null,"101","K","784410620","Vyrovnanie trhlín a nerovností na hrubozrnných povrchoch výšky do 3,80 m","m2",{"v":53.3,"d":"53.300"},null,{"v":0,"d":"0.000"},null,null,"","znížená",{"v":0.0124,"d":"0.01240"},0.66092,{"v":5e-05,"d":"0.00005"},{"v":0.002665,"d":"0.00267"},{"v":0,"d":"0.00000"},{"v":0,"d":"0.00000"},{"$nulls":23},"16",null,"K","2",{"$nulls":3},"ROZPOCET",{"$nulls":5},{"v":0,"d":"0.00"},{"v":0,"d":"0.00"},{"v":0,"d":"0.00"},{"v":0,"d":"0.00"},{"v":0,"d":"0.00"},"2",{"v":0,"d":"0.000"},"16","-2015965585"]
[null,null,"102","K","784422273","Maľby vápenné základné dvojnásobné, ručne nanášané na hrubozrnný podklad výšky do 3,80 m","m2",{"v":53.3,"d":"53.300"},null,{"v":0,"d":"0.000"},null,null,"","znížená",{"v":0.0967,"d":"0.09670"},{"v":5.154109999999999,"d":"5.15411"},0.00048,{"v":0.025584,"d":"0.02558"},{"v":0,"d":"0.00000"},{"v":0,"d":"0.00000"},{"$nulls":23},"16",null,"K","2",{"$nulls":3},"ROZPOCET",{"$nulls":5},{"v":0,"d":"0.00"},{"v":0,"d":"0.00"},{"v":0,"d":"0.00"},{"v":0,"d":"0.00"},{"v":0,"d":"0.00"},"2",{"v":0,"d":"0.000"},"16","-1506286272"]
[{"$nulls":3},"D","M","Práce a dodávky M",{"$nulls":3},{"v":0,"d":"0.000"},{"$nulls":5},{"v":6.07,"d":"6.07000"},null,{"v":0.022784,"d":"0.02278"},null,{"v":0,"d":"0.00000"},{"$nulls":23},"3",null,"D","0",{"$nulls":3},"ROZPOCET",{"$nulls":11},{"v":0,"d":"0.000"}]
[{"$nulls":3},"D","21-M","Elektromontáže",{"$nulls":3},{"v":0,"d":"0.000"},{"$nulls":5},{"v":6.07,"d":"6.07000"},null,{"v":0.022784,"d":"0.02278"},null,{"v":0,"d":"0.00000"},{"$nulls":23},"3",null,"D","1",{"$nulls":3},"ROZPOCET",{"$nulls":11},{"v":0,"d":"0.000"}]
[null,null,"103","K","210010301","Krabica prístrojová bez zapojenia (1901, KP 68, KZ 3)","ks",{"v":2,"d":"2.000"},null,{"v":0,"d":"0.000"},null,null,"","znížená",{"v":0.086,"d":"0.08600"},{"v":0.172,"d":"0.17200"},{"v":0,"d":"0.00000"},{"v":0,"d":"0.00000"},{"v":0,"d":"0.00000"},{"v":0,"d":"0.00000"},{"$nulls":23},"64",null,"K","2",{"$nulls":3},"ROZPOCET",{"$nulls":5},{"v":0,"d":"0.00"},{"v":0,"d":"0.00"},{"v":0,"d":"0.00"},{"v":0,"d":"0.00"},{"v":0,"d":"0.00"},"2",{"v":0,"d":"0.000"},"64","755591729"]
[null,null,"104","M","345410002400","Krabica univerzálna z PVC pod omietku KU 68-1901,Dxh 73x42 mm, napr.KOPOS","ks",{"v":2,"d":"2.000"},null,{"v":0,"d":"0.000"},null,null,"","znížená",{"v":0,"d":"0.00000"},{"v":0,"d":"0.00000"},{"v":3e-05,"d":"0.00003"},{"v":6e-05,"d":"0.00006"},{"v":0,"d":"0.00000"},{"v":0,"d":"0.00000"},{"$nulls":23},"128",null,"M","2",{"$nulls":3},"ROZPOCET",{"$nulls":5},{"v":0,"d":"0.00"},{"v":0,"d":"0.00"},{"v":0,"d":"0.00"},{"v":0,"d":"0.00"},{"v":0,"d":"0.00"},"2",{"v":0,"d":"0.000"},"128","1686086433"]
[null,null,"105","K","210110021","Spínač nástenný pre prostredie vonkajšie a mokré, vrátane zapojenia jednopólový - radenie 1","ks",{"v":2,"d":"2.000"},null,{"v":0,"d":"0.000"},null,null,"","znížená",{"v":0.367,"d":"0.36700"},{"v":0.734,"d":"0.73400"},{"v":0,"d":"0.00000"},{"v":0,"d":"0.00000"},{"v":0,"d":"0.00000"},{"v":0,"d":"0.00000"},{"$nulls":23},"64",null,"K","2",{"$nulls":3},"ROZPOCET",{"$nulls":5},{"v":0,"d":"0.00"},{"v":0,"d":"0.00"},{"v":0,"d":"0.00"},{"v":0,"d":"0.00"},{"v":0,"d":"0.00"},"2",{"v":0,"d":"0.000"},"64","-1905540349"]
[null,null,"106","M","345320003100","Vypínač jednoduchý, radenie 1, IP 43","ks",{"v":2,"d":"2.000"},null,{"v":0,"d":"0.000"},null,null,"","znížená",{"v":0,"d":"0.00000"},{"v":0,"d":"0.00000"},{"v":0.0001,"d":"0.00010"},{"v":0.0002,"d":"0.00020"},{"v":0,"d":"0.00000"},{"v":0,"d":"0.00000"},{"$nulls":23},"128",null,"M","2",{"$nulls":3},"ROZPOCET",{"$nulls":5},{"v":0,"d":"0.00"},{"v":0,"d":"0.00"},{"v":0,"d":"0.00"},{"v":0,"d":"0.00"},{"v":0,"d":"0.00"},"2",{"v":0,"d":"0.000"},"128","1278075257"]
[null,null,"107","K","210111011","Domová zásuvka polozapustená alebo zapustená vrátane zapojenia 10/16 A 250 V 2P + Z","ks",{"v":3,"d":"3.000"},null,{"v":0,"d":"0.000"},null,null,"","znížená",{"v":0.258,"d":"0.25800"},{"v":0.774,"d":"0.77400"},{"v":0,"d":"0.00000"},{"v":0,"d":"0.00000"},{"v":0,"d":"0.00000"},{"v":0,"d":"0.00000"},{"$nulls":23},"64",null,"K","2",{"$nulls":3},"ROZPOCET",{"$nulls":5},{"v":0,"d":"0.00"},{"v":0,"d":"0.00"},{"v":0,"d":"0.00"},{"v":0,"d":"0.00"},{"v":0,"d":"0.00"},"2",{"v":0,"d":"0.000"},"64","-349856851"]
[null,null,"108","M","345510002000","Zásuvka ŠTANDARD 4FN 15038 BM dvojitá, napr.TESLA","ks",{"v":3,"d":"3.000"},null,{"v":0,"d":"0.000"},null,null,"","znížená",{"v":0,"d":"0.00000"},{"v":0,"d":"0.00000"},{"v":0.0001,"d":"0.00010"},{"v":0.00030000000000000003,"d":"0.00030"},{"v":0,"d":"0.00000"},{"v":0,"d":"0.00000"},{"$nulls":23},"128",null,"M","2",{"$nulls":3},"ROZPOCET",{"$nulls":5},{"v":0,"d":"0.00"},{"v":0,"d":"0.00"},{"v":0,"d":"0.00"},{"v":0,"d":"0.00"},{"v":0,"d":"0.00"},"2",{"v":0,"d":"0.000"},"128","357798782"]
[null,null,"109","K","210203040","Montáž a zapojenie stropného LED svietidla 3-18 W","ks",{"v":4,"d":"4.000"},null,{"v":0,"d":"0.000"},null,null,"","znížená",{"v":0.65,"d":"0.65000"},{"v":2.6,"d":"2.60000"},{"v":0,"d":"0.00000"},{"v":0,"d":"0.00000"},{"v":0,"d":"0.00000"},{"v":0,"d":"0.00000"},{"$nulls":23},"64",null,"K","2",{"$nulls":3},"ROZPOCET",{"$nulls":5},{"v":0,"d":"0.00"},{"v":0,"d":"0.00"},{"v":0,"d":"0.00"},{"v":0,"d":"0.00"},{"v":0,"d":"0.00"},"2",{"v":0,"d":"0.000"},"64","1711268362"]
[null,null,"110","M","348120000100","LED svietidlo DL03 kruh teplá biela 3W","ks",{"v":2,"d":"2.000"},null,{"v":0,"d":"0.000"},null,null,"","znížená",{"v":0,"d":"0.00000"},{"v":0,"d":"0.00000"},0.00019,0.00038,{"v":0,"d":"0.00000"},{"v":0,"d":"0.00000"},{"$nulls":23},"128",null,"M","2",{"$nulls":3},"ROZPOCET",{"$nulls":5},{"v":0,"d":"0.00"},{"v":0,"d":"0.00"},{"v":0,"d":"0.00"},{"v":0,"d":"0.00"},{"v":0,"d":"0.00"},"2",{"v":0,"d":"0.000"},"128","1021143172"]
[null,null,"111","M","348130002400","LED panel 600x600 mm studená biela 48W","ks",{"v":2,"d":"2.000"},null,{"v":0,"d":"0.000"},null,null,"","znížená",{"v":0,"d":"0.00000"},{"v":0,"d":"0.00000"},{"v":0.0065,"d":"0.00650"},{"v":0.013,"d":"0.01300"},{"v":0,"d":"0.00000"},{"v":0,"d":"0.00000"},{"$nulls":23},"128",null,"M","2",{"$nulls":3},"ROZPOCET",{"$nulls":5},{"v":0,"d":"0.00"},{"v":0,"d":"0.00"},{"v":0,"d":"0.00"},{"v":0,"d":"0.00"},{"v":0,"d":"0.00"},"2",{"v":0,"d":"0.000"},"128","-1154432805"]
[null,null,"112","K","210800101","Kábel medený uložený voľne CYKY 450/750 V 2x1,5","m",{"v":21.2,"d":"21.200"},null,{"v":0,"d":"0.000"},null,null,"","znížená",{"v":0.025,"d":"0.02500"},{"v":0.53,"d":"0.53000"},{"v":0,"d":"0.00000"},{"v":0,"d":"0.00000"},{"v":0,"d":"0.00000"},{"v":0,"d":"0.00000"},{"$nulls":23},"64",null,"K","2",{"$nulls":3},"ROZPOCET",{"$nulls":5},{"v":0,"d":"0.00"},{"v":0,"d":"0.00"},{"v":0,"d":"0.00"},{"v":0,"d":"0.00"},{"v":0,"d":"0.00"},"2",{"v":0,"d":"0.000"},"64","-1630502015"]
[null,null,"113","M","341110000100","Kábel medený CYKY 2x1,5 mm2","m",{"v":21.2,"d":"21.200"},null,{"v":0,"d":"0.000"},null,null,"","znížená",{"v":0,"d":"0.00000"},{"v":0,"d":"0.00000"},0.00012,{"v":0.002544,"d":"0.00254"},{"v":0,"d":"0.00000"},{"v":0,"d":"0.00000"},{"$nulls":23},"128",null,"M","2",{"$nulls":3},"ROZPOCET",{"$nulls":5},{"v":0,"d":"0.00"},{"v":0,"d":"0.00"},{"v":0,"d":"0.00"},{"v":0,"d":"0.00"},{"v":0,"d":"0.00"},"2",{"v":0,"d":"0.000"},"128","-1142101762"]
[null,null,"114","K","210800107","Kábel medený uložený voľne CYKY 450/750 V 3x1,5","m",{"v":45,"d":"45.000"},null,{"v":0,"d":"0.000"},null,null,"","znížená",{"v":0.028,"d":"0.02800"},{"v":1.26,"d":"1.26000"},{"v":0,"d":"0.00000"},{"v":0,"d":"0.00000"},{"v":0,"d":"0.00000"},{"v":0,"d":"0.00000"},{"$nulls":23},"64",null,"K","2",{"$nulls":3},"ROZPOCET",{"$nulls":5},{"v":0,"d":"0.00"},{"v":0,"d":"0.00"},{"v":0,"d":"0.00"},{"v":0,"d":"0.00"},{"v":0,"d":"0.00"},"2",{"v":0,"d":"0.000"},"64","-2141089834"]
[null,null,"115","M","341110000700","Kábel medený CYKY 3x1,5 mm2","m",{"v":45,"d":"45.000"},null,{"v":0,"d":"0.000"},null,null,"","znížená",{"v":0,"d":"0.00000"},{"v":0,"d":"0.00000"},0.00014,{"v":0.006299999999999999,"d":"0.00630"},{"v":0,"d":"0.00000"},{"v":0,"d":"0.00000"},{"$nulls":23},"128",null,"M","2",{"$nulls":3},"ROZPOCET",{"$nulls":5},{"v":0,"d":"0.00"},{"v":0,"d":"0.00"},{"v":0,"d":"0.00"},{"v":0,"d":"0.00"},{"v":0,"d":"0.00"},"2",{"v":0,"d":"0.000"},"128","-978970218"]
[null,null,"116","K","MV","Murárske výpomoci","%",4.703,null,{"v":0,"d":"0.000"},null,null,"","znížená",{"v":0,"d":"0.00000"},{"v":0,"d":"0.00000"},{"v":0,"d":"0.00000"},{"v":0,"d":"0.00000"},{"v":0,"d":"0.00000"},{"v":0,"d":"0.00000"},{"$nulls":23},"64",null,"K","2",{"$nulls":3},"ROZPOCET",{"$nulls":5},{"v":0,"d":"0.00"},{"v":0,"d":"0.00"},{"v":0,"d":"0.00"},{"v":0,"d":"0.00"},{"v":0,"d":"0.00"},"2",{"v":0,"d":"0.000"},"64","-1843082363"]
[null,null,"117","K","PM","Podružný materiál","%",3.801,null,{"v":0,"d":"0.000"},null,null,"","znížená",{"v":0,"d":"0.00000"},{"v":0,"d":"0.00000"},{"v":0,"d":"0.00000"},{"v":0,"d":"0.00000"},{"v":0,"d":"0.00000"},{"v":0,"d":"0.00000"},{"$nulls":23},"128",null,"K","2",{"$nulls":3},"ROZPOCET",{"$nulls":5},{"v":0,"d":"0.00"},{"v":0,"d":"0.00"},{"v":0,"d":"0.00"},{"v":0,"d":"0.00"},{"v":0,"d":"0.00"},"2",{"v":0,"d":"0.000"},"128","2113091258"]
[null,null,"118","K","PPV","Podiel pridružených výkonov","%",4.703,null,{"v":0,"d":"0.000"},null,null,"","znížená",{"v":0,"d":"0.00000"},{"v":0,"d":"0.00000"},{"v":0,"d":"0.00000"},{"v":0,"d":"0.00000"},{"v":0,"d":"0.00000"},{"v":0,"d":"0.00000"},{"$nulls":23},"64",null,"K","2",{"$nulls":3},"ROZPOCET",{"$nulls":5},{"v":0,"d":"0.00"},{"v":0,"d":"0.00"},{"v":0,"d":"0.00"},{"v":0,"d":"0.00"},{"v":0,"d":"0.00"},"2",{"v":0,"d":"0.000"},"64","-1179062385"]

{"sheet":"05 - SO 05 Výmena radiato...","index":5,"n_rows":140,"n_cols":65,"rows_kept":140,"merged":[[1,11,1,21],[6,4,6,7],[8,4,8,7],[17,4,17,7],[26,4,26,7],[84,4,84,7],[86,4,86,7],[109,4,109,7],[111,4,111,7]],"flags":["formulas_cached_only"]}
[]
[{"$nulls":11},">>  skryté stĺpce  <<",{"$nulls":33},"{dde4ec87-112c-463a-9d05-0362379c873c}"]
[{"$nulls":45},"0"]
[{"$nulls":3},"KRYCÍ LIST ROZPOČTU",{"$nulls":8},"v ---  nižšie sa nachádzajú doplnkové a pomocné údaje k zostavám  --- v",{"$nulls":32},"False"]
[]
[{"$nulls":3},"Stavba:"]
[{"$nulls":4},"Rekonštrukcia izieb a chodbových priestorov v pavilóne \"D\""]
[{"$nulls":3},"Objekt:"]
[{"$nulls":4},"05 - SO 05 Výmena radiatorových ventilov a nátery radiatorov a potrubia "]
[]
[{"$nulls":3},"JKSO:",null,"",null,null,"KS:",""]
[{"$nulls":3},"Miesto:",null,"Trebišov ",null,null,"Dátum:","1. 10. 2019"]
[]
[{"$nulls":3},"Objednávateľ:",{"$nulls":4},"IČO:",""]
[{"$nulls":4},"LUMEN ŠZ, ZpS a DSS Trebišov",{"$nulls":3},"IČ DPH:",""]
[]
[{"$nulls":3},"Zhotoviteľ:",{"$nulls":4},"IČO:",""]
[{"$nulls":4}," ",{"$nulls":3},"IČ DPH:",""]
[]
[{"$nulls":3},"Projektant:",{"$nulls":4},"IČO:",""]
[{"$nulls":4}," ",{"$nulls":3},"IČ DPH:",""]
[]
[{"$nulls":3},"Spracovateľ:",{"$nulls":4},"IČO:",""]
[{"$nulls":4}," ",{"$nulls":3},"IČ DPH:",""]
[]
[{"$nulls":3},"Poznámka:"]
[{"$nulls":4},""]
[]
[]
[{"$nulls":3},"Cena bez DPH",{"$nulls":5},{"v":0,"d":"0.00"}]
[]
[{"$nulls":5},"Základ dane",null,null,"Sadzba dane","Výška dane"]
[{"$nulls":3},"DPH","základná",{"v":0,"d":"0.00"},null,null,{"v":0.2,"d":"20.00%"},{"v":0,"d":"0.00"}]
[{"$nulls":4},"znížená",{"v":0,"d":"0.00"},null,null,{"v":0.2,"d":"20.00%"},{"v":0,"d":"0.00"}]
[{"$nulls":4},"zákl. prenesená",{"v":0,"d":"0.00"},null,null,{"v":0.2,"d":"20.00%"},{"v":0,"d":"0.00"}]
[{"$nulls":4},"zníž. prenesená",{"v":0,"d":"0.00"},null,null,{"v":0.2,"d":"20.00%"},{"v":0,"d":"0.00"}]
[{"$nulls":4},"nulová",{"v":0,"d":"0.00"},null,null,{"v":0,"d":"0.00%"},{"v":0,"d":"0.00"}]
[]
[{"$nulls":3},"Cena s DPH",null,null,"v","EUR",null,{"v":0,"d":"0.00"}]
{"$rows_empty":10}
[{"$nulls":3},"Projektant",null,null,"Spracovateľ"]
{"$rows_empty":10}
[{"$nulls":3},"Dátum a podpis:",null,"Pečiatka","Dátum a podpis:",null,null,"Pečiatka"]
[]
[]
[]
[{"$nulls":3},"Objednávateľ",null,null,"Zhotoviteľ"]
{"$rows_empty":10}
[{"$nulls":3},"Dátum a podpis:",null,"Pečiatka","Dátum a podpis:",null,null,"Pečiatka"]
[]
[]
[]
[]
[]
[null,null,"REKAPITULÁCIA ROZPOČTU"]
[]
[null,null,"Stavba:"]
[{"$nulls":4},"Rekonštrukcia izieb a chodbových priestorov v pavilóne \"D\""]
[null,null,"Objekt:"]
[{"$nulls":4},"05 - SO 05 Výmena radiatorových ventilov a nátery radiatorov a potrubia "]
[]
[null,null,"Miesto:",null,null,"Trebišov ",null,null,"Dátum:","1. 10. 2019"]
[]
[null,null,"Objednávateľ:",null,null,"LUMEN ŠZ, ZpS a DSS Trebišov",null,null,"Projektant:"," "]
[null,null,"Zhotoviteľ:",null,null," ",null,null,"Spracovateľ:"," "]
[]
[null,null,"Kód dielu - Popis",{"$nulls":6},"Cena celkom [EUR]"]
[]
[null,null,"Náklady z rozpočtu",{"$nulls":6},{"v":0,"d":"0.00"},{"$nulls":36},"-1"]
[{"$nulls":3},"PSV - Práce a dodávky PSV",{"$nulls":5},{"v":0,"d":"0.00"}]
[{"$nulls":3},"    734 - Ústredné kúrenie - armatúry",{"$nulls":5},{"v":0,"d":"0.00"}]
[{"$nulls":3},"    735 - Ústredné kúrenie - vykurovacie telesá",{"$nulls":5},{"v":0,"d":"0.00"}]
[{"$nulls":3},"    783 - Nátery",{"$nulls":5},{"v":0,"d":"0.00"}]
[]
[]
[]
[]
[]
[]
[null,null,"ROZPOČET"]
[]
[null,null,"Stavba:"]
[{"$nulls":4},"Rekonštrukcia izieb a chodbových priestorov v pavilóne \"D\""]
[null,null,"Objekt:"]
[{"$nulls":4},"05 - SO 05 Výmena radiatorových ventilov a nátery radiatorov a potrubia "]
[]
[null,null,"Miesto:",null,null,"Trebišov ",null,null,"Dátum:","1. 10. 2019"]
[]
[null,null,"Objednávateľ:",null,null,"LUMEN ŠZ, ZpS a DSS Trebišov",null,null,"Projektant:"," "]
[null,null,"Zhotoviteľ:",null,null," ",null,null,"Spracovateľ:"," "]
[]
[null,null,"PČ","Typ","Kód","Popis","MJ","Množstvo","J.cena [EUR]","Cena celkom [EUR]","Cenová sústava",null,"","DPH","J. Nh [h]","Nh celkom [h]","J. hmotnosť [t]","Hmotnosť celkom [t]","J. suť [t]","Suť Celkom [t]"]
[null,null,"Náklady z rozpočtu",{"$nulls":6},{"v":0,"d":"0.000"},{"$nulls":5},{"v":484.2878036,"d":"484.28780"},null,{"v":0.4379426,"d":"0.43794"},null,{"v":0.2641,"d":"0.26410"},{"$nulls":25},"D","-1",{"$nulls":15},{"v":0,"d":"0.000"}]
[{"$nulls":3},"D","PSV","Práce a dodávky PSV",{"$nulls":3},{"v":0,"d":"0.000"},{"$nulls":5},{"v":484.2878036,"d":"484.28780"},null,{"v":0.4379426,"d":"0.43794"},null,{"v":0.2641,"d":"0.26410"},{"$nulls":23},"2",null,"D","0",{"$nulls":3},"ROZPOCET",{"$nulls":11},{"v":0,"d":"0.000"}]
[{"$nulls":3},"D","734","Ústredné kúrenie - armatúry",{"$nulls":3},{"v":0,"d":"0.000"},{"$nulls":5},{"v":26.230449999999998,"d":"26.23045"},null,0.05795,null,{"v":0.2641,"d":"0.26410"},{"$nulls":23},"2",null,"D","1",{"$nulls":3},"ROZPOCET",{"$nulls":11},{"v":0,"d":"0.000"}]
[null,null,"1","K","734209104","Montáž závitovej armatúry s 1 závitom G 3/4","ks",{"v":95,"d":"95.000"},null,{"v":0,"d":"0.000"},null,null,"","znížená",0.05002,{"v":4.7519,"d":"4.75190"},{"v":3e-05,"d":"0.00003"},0.00285,{"v":0,"d":"0.00000"},{"v":0,"d":"0.00000"},{"$nulls":23},"16",null,"K","2",{"$nulls":3},"ROZPOCET",{"$nulls":5},{"v":0,"d":"0.00"},{"v":0,"d":"0.00"},{"v":0,"d":"0.00"},{"v":0,"d":"0.00"},{"v":0,"d":"0.00"},"2",{"v":0,"d":"0.000"},"16","573945628"]
[null,null,"2","M","551210030300","Ventil radiátorový rohový VE 4263 1/2\" s nastaviteľnou reguláciou, k armaturám pre ústredné vykurovanie","ks",{"v":95,"d":"95.000"},null,{"v":0,"d":"0.000"},null,null,"","znížená",{"v":0,"d":"0.00000"},{"v":0,"d":"0.00000"},0.00042,{"v":0.039900000000000005,"d":"0.03990"},{"v":0,"d":"0.00000"},{"v":0,"d":"0.00000"},{"$nulls":23},"32",null,"M","2",{"$nulls":3},"ROZPOCET",{"$nulls":5},{"v":0,"d":"0.00"},{"v":0,"d":"0.00"},{"v":0,"d":"0.00"},{"v":0,"d":"0.00"},{"v":0,"d":"0.00"},"2",{"v":0,"d":"0.000"},"16","306155209"]
[null,null,"3","K","734211111","Ventil odvzdušňovací závitový vykurovacích telies do G 3/8","ks",{"v":95,"d":"95.000"},null,{"v":0,"d":"0.000"},null,null,"","znížená",0.05909,5.61355,0.00016,{"v":0.015200000000000002,"d":"0.01520"},{"v":0,"d":"0.00000"},{"v":0,"d":"0.00000"},{"$nulls":23},"16",null,"K","2",{"$nulls":3},"ROZPOCET",{"$nulls":5},{"v":0,"d":"0.00"},{"v":0,"d":"0.00"},{"v":0,"d":"0.00"},{"v":0,"d":"0.00"},{"v":0,"d":"0.00"},"2",{"v":0,"d":"0.000"},"16","1888279042"]
[null,null,"4","K","734300812","Demontáž armatúry horúcovodnej, ventil nad 15 do DN 25,  -0,00278t","ks",{"v":95,"d":"95.000"},null,{"v":0,"d":"0.000"},null,null,"","znížená",{"v":0.167,"d":"0.16700"},{"v":15.865,"d":"15.86500"},{"v":0,"d":"0.00000"},{"v":0,"d":"0.00000"},0.00278,{"v":0.2641,"d":"0.26410"},{"$nulls":23},"16",null,"K","2",{"$nulls":3},"ROZPOCET",{"$nulls":5},{"v":0,"d":"0.00"},{"v":0,"d":"0.00"},{"v":0,"d":"0.00"},{"v":0,"d":"0.00"},{"v":0,"d":"0.00"},"2",{"v":0,"d":"0.000"},"16","-460247230"]
[null,null,"5","K","998734201","Presun hmôt pre armatúry v objektoch výšky do 6 m","%",23.172,null,{"v":0,"d":"0.000"},null,null,"","znížená",{"v":0,"d":"0.00000"},{"v":0,"d":"0.00000"},{"v":0,"d":"0.00000"},{"v":0,"d":"0.00000"},{"v":0,"d":"0.00000"},{"v":0,"d":"0.00000"},{"$nulls":23},"16",null,"K","2",{"$nulls":3},"ROZPOCET",{"$nulls":5},{"v":0,"d":"0.00"},{"v":0,"d":"0.00"},{"v":0,"d":"0.00"},{"v":0,"d":"0.00"},{"v":0,"d":"0.00"},"2",{"v":0,"d":"0.000"},"16","-1821583969"]
[{"$nulls":3},"D","735","Ústredné kúrenie - vykurovacie telesá",{"$nulls":3},{"v":0,"d":"0.000"},{"$nulls":5},216.13735,null,0.00855,null,{"v":0,"d":"0.00000"},{"$nulls":23},"2",null,"D","1",{"$nulls":3},"ROZPOCET",{"$nulls":11},{"v":0,"d":"0.000"}]
[null,null,"6","K","735000912","Vyregulovanie dvojregulačného ventilu s termostatickým ovládaním","ks",{"v":95,"d":"95.000"},null,{"v":0,"d":"0.000"},null,null,"","znížená",{"v":0.254,"d":"0.25400"},{"v":24.13,"d":"24.13000"},{"v":0,"d":"0.00000"},{"v":0,"d":"0.00000"},{"v":0,"d":"0.00000"},{"v":0,"d":"0.00000"},{"$nulls":23},"16",null,"K","2",{"$nulls":3},"ROZPOCET",{"$nulls":5},{"v":0,"d":"0.00"},{"v":0,"d":"0.00"},{"v":0,"d":"0.00"},{"v":0,"d":"0.00"},{"v":0,"d":"0.00"},"2",{"v":0,"d":"0.000"},"16","528234017"]
[null,null,"7","K","735110911","Oprava vykurovacieho telesa článkového liatinového, pretesnenie radiátorovej ružice","ks",{"v":95,"d":"95.000"},null,{"v":0,"d":"0.000"},null,null,"","znížená",0.24404,{"v":23.1838,"d":"23.18380"},{"v":7e-05,"d":"0.00007"},0.00665,{"v":0,"d":"0.00000"},{"v":0,"d":"0.00000"},{"$nulls":23},"16",null,"K","2",{"$nulls":3},"ROZPOCET",{"$nulls":5},{"v":0,"d":"0.00"},{"v":0,"d":"0.00"},{"v":0,"d":"0.00"},{"v":0,"d":"0.00"},{"v":0,"d":"0.00"},"2",{"v":0,"d":"0.000"},"16","-736580891"]
[null,null,"8","K","735110914","Oprava vykurovacieho telesa článkového liatinového, stiahnutie vykurovacieho telesa","ks",{"v":95,"d":"95.000"},null,{"v":0,"d":"0.000"},null,null,"","znížená",0.32209,30.59855,{"v":2e-05,"d":"0.00002"},{"v":0.0019000000000000002,"d":"0.00190"},{"v":0,"d":"0.00000"},{"v":0,"d":"0.00000"},{"$nulls":23},"16",null,"K","2",{"$nulls":3},"ROZPOCET",{"$nulls":5},{"v":0,"d":"0.00"},{"v":0,"d":"0.00"},{"v":0,"d":"0.00"},{"v":0,"d":"0.00"},{"v":0,"d":"0.00"},"2",{"v":0,"d":"0.000"},"16","-2051719705"]
[null,null,"9","K","735191901","Vyskúšanie vykurovacích telies po oprave tlakom oceľových alebo liatinových","m2",691.125,null,{"v":0,"d":"0.000"},null,null,"","znížená",{"v":0.122,"d":"0.12200"},84.31725,{"v":0,"d":"0.00000"},{"v":0,"d":"0.00000"},{"v":0,"d":"0.00000"},{"v":0,"d":"0.00000"},{"$nulls":23},"16",null,"K","2",{"$nulls":3},"ROZPOCET",{"$nulls":5},{"v":0,"d":"0.00"},{"v":0,"d":"0.00"},{"v":0,"d":"0.00"},{"v":0,"d":"0.00"},{"v":0,"d":"0.00"},"2",{"v":0,"d":"0.000"},"16","-195754218"]
[null,null,"10","K","735191910","Napustenie vody do vykurovacieho systému vrátane potrubia o v. pl. vykurovacích telies","m2",691.125,null,{"v":0,"d":"0.000"},null,null,"","znížená",{"v":0.029,"d":"0.02900"},{"v":20.042625,"d":"20.04263"},{"v":0,"d":"0.00000"},{"v":0,"d":"0.00000"},{"v":0,"d":"0.00000"},{"v":0,"d":"0.00000"},{"$nulls":23},"16",null,"K","2",{"$nulls":3},"ROZPOCET",{"$nulls":5},{"v":0,"d":"0.00"},{"v":0,"d":"0.00"},{"v":0,"d":"0.00"},{"v":0,"d":"0.00"},{"v":0,"d":"0.00"},"2",{"v":0,"d":"0.000"},"16","-1838145413"]
[null,null,"11","K","735494811","Vypúšťanie vody z vykurovacích sústav o v. pl. vykurovacích telies","m2",691.125,null,{"v":0,"d":"0.000"},null,null,"","znížená",{"v":0.049,"d":"0.04900"},{"v":33.865125,"d":"33.86513"},{"v":0,"d":"0.00000"},{"v":0,"d":"0.00000"},{"v":0,"d":"0.00000"},{"v":0,"d":"0.00000"},{"$nulls":23},"16",null,"K","2",{"$nulls":3},"ROZPOCET",{"$nulls":5},{"v":0,"d":"0.00"},{"v":0,"d":"0.00"},{"v":0,"d":"0.00"},{"v":0,"d":"0.00"},{"v":0,"d":"0.00"},"2",{"v":0,"d":"0.000"},"16","1982153006"]
[null,null,"12","K","998735201","Presun hmôt pre vykurovacie telesá v objektoch výšky do 6 m","%",{"v":34.15,"d":"34.150"},null,{"v":0,"d":"0.000"},null,null,"","znížená",{"v":0,"d":"0.00000"},{"v":0,"d":"0.00000"},{"v":0,"d":"0.00000"},{"v":0,"d":"0.00000"},{"v":0,"d":"0.00000"},{"v":0,"d":"0.00000"},{"$nulls":23},"16",null,"K","2",{"$nulls":3},"ROZPOCET",{"$nulls":5},{"v":0,"d":"0.00"},{"v":0,"d":"0.00"},{"v":0,"d":"0.00"},{"v":0,"d":"0.00"},{"v":0,"d":"0.00"},"2",{"v":0,"d":"0.000"},"16","-2015223328"]
[{"$nulls":3},"D","783","Nátery",{"$nulls":3},{"v":0,"d":"0.000"},{"$nulls":5},{"v":241.92000360000003,"d":"241.92000"},null,{"v":0.3714426,"d":"0.37144"},null,{"v":0,"d":"0.00000"},{"$nulls":23},"2",null,"D","1",{"$nulls":3},"ROZPOCET",{"$nulls":11},{"v":0,"d":"0.000"}]
[null,null,"13","K","783201812","Odstránenie starých náterov z radoatorov  oceľovou kefou","m2",406.125,null,{"v":0,"d":"0.000"},null,null,"","znížená",{"v":0.115,"d":"0.11500"},{"v":46.704375,"d":"46.70438"},{"v":0,"d":"0.00000"},{"v":0,"d":"0.00000"},{"v":0,"d":"0.00000"},{"v":0,"d":"0.00000"},{"$nulls":23},"16",null,"K","2",{"$nulls":3},"ROZPOCET",{"$nulls":5},{"v":0,"d":"0.00"},{"v":0,"d":"0.00"},{"v":0,"d":"0.00"},{"v":0,"d":"0.00"},{"v":0,"d":"0.00"},"2",{"v":0,"d":"0.000"},"16","841921920"]
[null,null,"14","K","783314340","Nátery vykurovacích telies olejové liatinových radiátorov dvojnásobné  a základným náterom - 175µm","m2",406.125,null,{"v":0,"d":"0.000"},null,null,"","znížená",0.37052,{"v":150.477435,"d":"150.47744"},0.00084,{"v":0.34114500000000003,"d":"0.34115"},{"v":0,"d":"0.00000"},{"v":0,"d":"0.00000"},{"$nulls":23},"16",null,"K","2",{"$nulls":3},"ROZPOCET",{"$nulls":5},{"v":0,"d":"0.00"},{"v":0,"d":"0.00"},{"v":0,"d":"0.00"},{"v":0,"d":"0.00"},{"v":0,"d":"0.00"},"2",{"v":0,"d":"0.000"},"16","-1260407345"]
[null,null,"15","K","783401811","Odstránenie starých náterov z kovových potrubí a armatúr potrubie do DN 50 mm","m",{"v":378.72,"d":"378.720"},null,{"v":0,"d":"0.000"},null,null,"","znížená",{"v":0.008,"d":"0.00800"},{"v":3.0297600000000005,"d":"3.02976"},{"v":0,"d":"0.00000"},{"v":0,"d":"0.00000"},{"v":0,"d":"0.00000"},{"v":0,"d":"0.00000"},{"$nulls":23},"16",null,"K","2",{"$nulls":3},"ROZPOCET",{"$nulls":5},{"v":0,"d":"0.00"},{"v":0,"d":"0.00"},{"v":0,"d":"0.00"},{"v":0,"d":"0.00"},{"v":0,"d":"0.00"},"2",{"v":0,"d":"0.000"},"16","-963789163"]
[null,null,"16","K","783424241","Nátery kov.potr.a armatúr v kanáloch a šachtách syntet. potrubie do DN 50 mm ednonás. 1x email a základný náter - 105µm","m",{"v":378.72,"d":"378.720"},null,{"v":0,"d":"0.000"},null,null,"","znížená",0.11013,{"v":41.708433600000006,"d":"41.70843"},{"v":8e-05,"d":"0.00008"},{"v":0.030297600000000004,"d":"0.03030"},{"v":0,"d":"0.00000"},{"v":0,"d":"0.00000"},{"$nulls":23},"16",null,"K","2",{"$nulls":3},"ROZPOCET",{"$nulls":5},{"v":0,"d":"0.00"},{"v":0,"d":"0.00"},{"v":0,"d":"0.00"},{"v":0,"d":"0.00"},{"v":0,"d":"0.00"},"2",{"v":0,"d":"0.000"},"16","-1890671510"]

{"sheet":"06 - SO 06 Pavilon D - IV...","index":6,"n_rows":164,"n_cols":65,"rows_kept":164,"merged":[[1,11,1,21],[6,4,6,7],[8,4,8,7],[17,4,17,7],[26,4,26,7],[84,4,84,7],[86,4,86,7],[113,4,113,7],[115,4,115,7]],"flags":["formulas_cached_only"]}
[]
[{"$nulls":11},">>  skryté stĺpce  <<",{"$nulls":33},"{dd8cf32e-2b5a-4c6c-9f9d-2a4960b3313a}"]
[{"$nulls":45},"0"]
[{"$nulls":3},"KRYCÍ LIST ROZPOČTU",{"$nulls":8},"v ---  nižšie sa nachádzajú doplnkové a pomocné údaje k zostavám  --- v",{"$nulls":32},"False"]
[]
[{"$nulls":3},"Stavba:"]
[{"$nulls":4},"Rekonštrukcia izieb a chodbových priestorov v pavilóne \"D\""]
[{"$nulls":3},"Objekt:"]
[{"$nulls":4},"06 - SO 06 Pavilon D - IV.N.P.  -  Výmena podláh a maľby "]
[]
[{"$nulls":3},"JKSO:",null,"",null,null,"KS:",""]
[{"$nulls":3},"Miesto:",null,"Trebišov ",null,null,"Dátum:","1. 10. 2019"]
[]
[{"$nulls":3},"Objednávateľ:",{"$nulls":4},"IČO:",""]
[{"$nulls":4},"LUMEN ŠZ, ZpS a DSS Trebišov",{"$nulls":3},"IČ DPH:",""]
[]
[{"$nulls":3},"Zhotoviteľ:",{"$nulls":4},"IČO:",""]
[{"$nulls":4}," ",{"$nulls":3},"IČ DPH:",""]
[]
[{"$nulls":3},"Projektant:",{"$nulls":4},"IČO:",""]
[{"$nulls":4}," ",{"$nulls":3},"IČ DPH:",""]
[]
[{"$nulls":3},"Spracovateľ:",{"$nulls":4},"IČO:",""]
[{"$nulls":4}," ",{"$nulls":3},"IČ DPH:",""]
[]
[{"$nulls":3},"Poznámka:"]
[{"$nulls":4},""]
[]
[]
[{"$nulls":3},"Cena bez DPH",{"$nulls":5},{"v":0,"d":"0.00"}]
[]
[{"$nulls":5},"Základ dane",null,null,"Sadzba dane","Výška dane"]
[{"$nulls":3},"DPH","základná",{"v":0,"d":"0.00"},null,null,{"v":0.2,"d":"20.00%"},{"v":0,"d":"0.00"}]
[{"$nulls":4},"znížená",{"v":0,"d":"0.00"},null,null,{"v":0.2,"d":"20.00%"},{"v":0,"d":"0.00"}]
[{"$nulls":4},"zákl. prenesená",{"v":0,"d":"0.00"},null,null,{"v":0.2,"d":"20.00%"},{"v":0,"d":"0.00"}]
[{"$nulls":4},"zníž. prenesená",{"v":0,"d":"0.00"},null,null,{"v":0.2,"d":"20.00%"},{"v":0,"d":"0.00"}]
[{"$nulls":4},"nulová",{"v":0,"d":"0.00"},null,null,{"v":0,"d":"0.00%"},{"v":0,"d":"0.00"}]
[]
[{"$nulls":3},"Cena s DPH",null,null,"v","EUR",null,{"v":0,"d":"0.00"}]
{"$rows_empty":10}
[{"$nulls":3},"Projektant",null,null,"Spracovateľ"]
{"$rows_empty":10}
[{"$nulls":3},"Dátum a podpis:",null,"Pečiatka","Dátum a podpis:",null,null,"Pečiatka"]
[]
[]
[]
[{"$nulls":3},"Objednávateľ",null,null,"Zhotoviteľ"]
{"$rows_empty":10}
[{"$nulls":3},"Dátum a podpis:",null,"Pečiatka","Dátum a podpis:",null,null,"Pečiatka"]
[]
[]
[]
[]
[]
[null,null,"REKAPITULÁCIA ROZPOČTU"]
[]
[null,null,"Stavba:"]
[{"$nulls":4},"Rekonštrukcia izieb a chodbových priestorov v pavilóne \"D\""]
[null,null,"Objekt:"]
[{"$nulls":4},"06 - SO 06 Pavilon D - IV.N.P.  -  Výmena podláh a maľby "]
[]
[null,null,"Miesto:",null,null,"Trebišov ",null,null,"Dátum:","1. 10. 2019"]
[]
[null,null,"Objednávateľ:",null,null,"LUMEN ŠZ, ZpS a DSS Trebišov",null,null,"Projektant:"," "]
[null,null,"Zhotoviteľ:",null,null," ",null,null,"Spracovateľ:"," "]
[]
[null,null,"Kód dielu - Popis",{"$nulls":6},"Cena celkom [EUR]"]
[]
[null,null,"Náklady z rozpočtu",{"$nulls":6},{"v":0,"d":"0.00"},{"$nulls":36},"-1"]
[{"$nulls":3},"HSV - Práce a dodávky HSV",{"$nulls":5},{"v":0,"d":"0.00"}]
[{"$nulls":3},"    6 - Úpravy povrchov, podlahy, osadenie",{"$nulls":5},{"v":0,"d":"0.00"}]
[{"$nulls":3},"    9 - Ostatné konštrukcie a práce-búranie",{"$nulls":5},{"v":0,"d":"0.00"}]
[{"$nulls":3},"    99 - Presun hmôt HSV",{"$nulls":5},{"v":0,"d":"0.00"}]
[{"$nulls":3},"PSV - Práce a dodávky PSV",{"$nulls":5},{"v":0,"d":"0.00"}]
[{"$nulls":3},"    776 - Podlahy povlakové",{"$nulls":5},{"v":0,"d":"0.00"}]
[{"$nulls":3},"    784 - Maľby",{"$nulls":5},{"v":0,"d":"0.00"}]
[{"$nulls":3},"HZS - Hodinové zúčtovacie sadzby",{"$nulls":5},{"v":0,"d":"0.00"}]
[]
[]
[]
[]
[]
[]
[null,null,"ROZPOČET"]
[]
[null,null,"Stavba:"]
[{"$nulls":4},"Rekonštrukcia izieb a chodbových priestorov v pavilóne \"D\""]
[null,null,"Objekt:"]
[{"$nulls":4},"06 - SO 06 Pavilon D - IV.N.P.  -  Výmena podláh a maľby "]
[]
[null,null,"Miesto:",null,null,"Trebišov ",null,null,"Dátum:","1. 10. 2019"]
[]
[null,null,"Objednávateľ:",null,null,"LUMEN ŠZ, ZpS a DSS Trebišov",null,null,"Projektant:"," "]
[null,null,"Zhotoviteľ:",null,null," ",null,null,"Spracovateľ:"," "]
[]
[null,null,"PČ","Typ","Kód","Popis","MJ","Množstvo","J.cena [EUR]","Cena celkom [EUR]","Cenová sústava",null,"","DPH","J. Nh [h]","Nh celkom [h]","J. hmotnosť [t]","Hmotnosť celkom [t]","J. suť [t]","Suť Celkom [t]"]
[null,null,"Náklady z rozpočtu",{"$nulls":6},{"v":0,"d":"0.000"},{"$nulls":5},{"v":1043.5150765,"d":"1,043.51508"},null,{"v":9.2776736,"d":"9.27767"},null,4.23975,{"$nulls":25},"D","-1",{"$nulls":15},{"v":0,"d":"0.000"}]
[{"$nulls":3},"D","HSV","Práce a dodávky HSV",{"$nulls":3},{"v":0,"d":"0.000"},{"$nulls":5},{"v":197.77062650000002,"d":"197.77063"},null,{"v":4.9589525,"d":"4.95895"},null,{"v":0,"d":"0.00000"},{"$nulls":23},"1",null,"D","0",{"$nulls":3},"ROZPOCET",{"$nulls":11},{"v":0,"d":"0.000"}]
[{"$nulls":3},"D","6","Úpravy povrchov, podlahy, osadenie",{"$nulls":3},{"v":0,"d":"0.000"},{"$nulls":5},{"v":74.9107295,"d":"74.91073"},null,4.94482,null,{"v":0,"d":"0.00000"},{"$nulls":23},"1",null,"D","1",{"$nulls":3},"ROZPOCET",{"$nulls":11},{"v":0,"d":"0.000"}]
[null,null,"1","K","632001051","Zhotovenie jednonásobného penetračného náteru pre potery a stierky","m2",{"v":282.65,"d":"282.650"},null,{"v":0,"d":"0.000"},null,null,"","znížená",0.03501,{"v":9.895576499999999,"d":"9.89558"},{"v":0,"d":"0.00000"},{"v":0,"d":"0.00000"},{"v":0,"d":"0.00000"},{"v":0,"d":"0.00000"},{"$nulls":23},"4",null,"K","2",{"$nulls":3},"ROZPOCET",{"$nulls":5},{"v":0,"d":"0.00"},{"v":0,"d":"0.00"},{"v":0,"d":"0.00"},{"v":0,"d":"0.00"},{"v":0,"d":"0.00"},"2",{"v":0,"d":"0.000"},"4","-816243595"]
[null,null,"2","M","585520001900","Penetračný náter na báze disperzie napr.BAUMIT Grund, pre samonivelizačné potery a sierky, 25 kg","kg",43.669,null,{"v":0,"d":"0.000"},null,null,"","znížená",{"v":0,"d":"0.00000"},{"v":0,"d":"0.00000"},{"v":0.001,"d":"0.00100"},{"v":0.043669,"d":"0.04367"},{"v":0,"d":"0.00000"},{"v":0,"d":"0.00000"},{"$nulls":23},"8",null,"M","2",{"$nulls":3},"ROZPOCET",{"$nulls":5},{"v":0,"d":"0.00"},{"v":0,"d":"0.00"},{"v":0,"d":"0.00"},{"v":0,"d":"0.00"},{"v":0,"d":"0.00"},"2",{"v":0,"d":"0.000"},"4","1380109730"]
[null,null,"3","K","632450300","Cementová samonivelizačná stierka napr. BAUMIT Nivello 30, triedy CT-C25-F5, hr. 10 mm","m2",{"v":282.65,"d":"282.650"},null,{"v":0,"d":"0.000"},null,null,"","znížená",0.23002,{"v":65.015153,"d":"65.01515"},0.01734,{"v":4.901151,"d":"4.90115"},{"v":0,"d":"0.00000"},{"v":0,"d":"0.00000"},{"$nulls":23},"4",null,"K","2",{"$nulls":3},"ROZPOCET",{"$nulls":5},{"v":0,"d":"0.00"},{"v":0,"d":"0.00"},{"v":0,"d":"0.00"},{"v":0,"d":"0.00"},{"v":0,"d":"0.00"},"2",{"v":0,"d":"0.000"},"4","-857718472"]
[{"$nulls":3},"D","9","Ostatné konštrukcie a práce-búranie",{"$nulls":3},{"v":0,"d":"0.000"},{"$nulls":5},110.64588,null,{"v":0.0141325,"d":"0.01413"},null,{"v":0,"d":"0.00000"},{"$nulls":23},"1",null,"D","1",{"$nulls":3},"ROZPOCET",{"$nulls":11},{"v":0,"d":"0.000"}]
[null,null,"4","K","952901111","Vyčistenie budov pri výške podlaží do 4 m","m2",{"v":282.65,"d":"282.650"},null,{"v":0,"d":"0.000"},null,null,"","znížená",{"v":0.324,"d":"0.32400"},{"v":91.5786,"d":"91.57860"},{"v":5e-05,"d":"0.00005"},{"v":0.0141325,"d":"0.01413"},{"v":0,"d":"0.00000"},{"v":0,"d":"0.00000"},{"$nulls":23},"4",null,"K","2",{"$nulls":3},"ROZPOCET",{"$nulls":5},{"v":0,"d":"0.00"},{"v":0,"d":"0.00"},{"v":0,"d":"0.00"},{"v":0,"d":"0.00"},{"v":0,"d":"0.00"},"2",{"v":0,"d":"0.000"},"4","1862121805"]
[null,null,"5","K","979011131","Zvislá doprava sutiny po schodoch ručne do 3,5 m","t",{"v":4.24,"d":"4.240"},null,{"v":0,"d":"0.000"},null,null,"","znížená",{"v":1.972,"d":"1.97200"},8.36128,{"v":0,"d":"0.00000"},{"v":0,"d":"0.00000"},{"v":0,"d":"0.00000"},{"v":0,"d":"0.00000"},{"$nulls":23},"4",null,"K","2",{"$nulls":3},"ROZPOCET",{"$nulls":5},{"v":0,"d":"0.00"},{"v":0,"d":"0.00"},{"v":0,"d":"0.00"},{"v":0,"d":"0.00"},{"v":0,"d":"0.00"},"2",{"v":0,"d":"0.000"},"4","2066138985"]
[null,null,"6","K","979011141","Príplatok za každých ďalších 3,5 m","t",{"v":12.72,"d":"12.720"},null,{"v":0,"d":"0.000"},null,null,"","znížená",{"v":0.619,"d":"0.61900"},7.87368,{"v":0,"d":"0.00000"},{"v":0,"d":"0.00000"},{"v":0,"d":"0.00000"},{"v":0,"d":"0.00000"},{"$nulls":23},"4",null,"K","2",{"$nulls":3},"ROZPOCET",{"$nulls":5},{"v":0,"d":"0.00"},{"v":0,"d":"0.00"},{"v":0,"d":"0.00"},{"v":0,"d":"0.00"},{"v":0,"d":"0.00"},"2",{"v":0,"d":"0.000"},"4","-1371471624"]
[null,null,"7","K","979081111","Odvoz sutiny a vybúraných hmôt na skládku do 1 km","t",{"v":4.24,"d":"4.240"},null,{"v":0,"d":"0.000"},null,null,"","znížená",{"v":0.598,"d":"0.59800"},2.53552,{"v":0,"d":"0.00000"},{"v":0,"d":"0.00000"},{"v":0,"d":"0.00000"},{"v":0,"d":"0.00000"},{"$nulls":23},"4",null,"K","2",{"$nulls":3},"ROZPOCET",{"$nulls":5},{"v":0,"d":"0.00"},{"v":0,"d":"0.00"},{"v":0,"d":"0.00"},{"v":0,"d":"0.00"},{"v":0,"d":"0.00"},"2",{"v":0,"d":"0.000"},"4","-1984015305"]
[null,null,"8","K","979081121","Odvoz sutiny a vybúraných hmôt na skládku za každý ďalší 1 km","t",{"v":42.4,"d":"42.400"},null,{"v":0,"d":"0.000"},null,null,"","znížená",{"v":0.007,"d":"0.00700"},{"v":0.2968,"d":"0.29680"},{"v":0,"d":"0.00000"},{"v":0,"d":"0.00000"},{"v":0,"d":"0.00000"},{"v":0,"d":"0.00000"},{"$nulls":23},"4",null,"K","2",{"$nulls":3},"ROZPOCET",{"$nulls":5},{"v":0,"d":"0.00"},{"v":0,"d":"0.00"},{"v":0,"d":"0.00"},{"v":0,"d":"0.00"},{"v":0,"d":"0.00"},"2",{"v":0,"d":"0.000"},"4","-2131859056"]
[null,null,"9","K","979089012","Poplatok za skladovanie - betón, tehly, dlaždice (17 01 ), ostatné","t",{"v":4.24,"d":"4.240"},null,{"v":0,"d":"0.000"},null,null,"","znížená",{"v":0,"d":"0.00000"},{"v":0,"d":"0.00000"},{"v":0,"d":"0.00000"},{"v":0,"d":"0.00000"},{"v":0,"d":"0.00000"},{"v":0,"d":"0.00000"},{"$nulls":23},"4",null,"K","2",{"$nulls":3},"ROZPOCET",{"$nulls":5},{"v":0,"d":"0.00"},{"v":0,"d":"0.00"},{"v":0,"d":"0.00"},{"v":0,"d":"0.00"},{"v":0,"d":"0.00"},"2",{"v":0,"d":"0.000"},"4","-810298698"]
[null,null,"10","K","979089112","Poplatok za skladovanie - drevo, sklo, plasty (17 02 ), ostatné","t",{"v":4.24,"d":"4.240"},null,{"v":0,"d":"0.000"},null,null,"","znížená",{"v":0,"d":"0.00000"},{"v":0,"d":"0.00000"},{"v":0,"d":"0.00000"},{"v":0,"d":"0.00000"},{"v":0,"d":"0.00000"},{"v":0,"d":"0.00000"},{"$nulls":23},"4",null,"K","2",{"$nulls":3},"ROZPOCET",{"$nulls":5},{"v":0,"d":"0.00"},{"v":0,"d":"0.00"},{"v":0,"d":"0.00"},{"v":0,"d":"0.00"},{"v":0,"d":"0.00"},"2",{"v":0,"d":"0.000"},"4","455287476"]
[{"$nulls":3},"D","99","Presun hmôt HSV",{"$nulls":3},{"v":0,"d":"0.000"},{"$nulls":5},{"v":12.214017,"d":"12.21402"},null,{"v":0,"d":"0.00000"},null,{"v":0,"d":"0.00000"},{"$nulls":23},"1",null,"D","1",{"$nulls":3},"ROZPOCET",{"$nulls":11},{"v":0,"d":"0.000"}]
[null,null,"11","K","999281111","Presun hmôt pre opravy a údržbu objektov vrátane vonkajších plášťov výšky do 25 m","t",4.959,null,{"v":0,"d":"0.000"},null,null,"","znížená",{"v":2.463,"d":"2.46300"},{"v":12.214017,"d":"12.21402"},{"v":0,"d":"0.00000"},{"v":0,"d":"0.00000"},{"v":0,"d":"0.00000"},{"v":0,"d":"0.00000"},{"$nulls":23},"4",null,"K","2",{"$nulls":3},"ROZPOCET",{"$nulls":5},{"v":0,"d":"0.00"},{"v":0,"d":"0.00"},{"v":0,"d":"0.00"},{"v":0,"d":"0.00"},{"v":0,"d":"0.00"},"2",{"v":0,"d":"0.000"},"4","-388681535"]
[{"$nulls":3},"D","PSV","Práce a dodávky PSV",{"$nulls":3},{"v":0,"d":"0.000"},{"$nulls":5},794.86445,null,{"v":4.3187211,"d":"4.31872"},null,4.23975,{"$nulls":23},"2",null,"D","0",{"$nulls":3},"ROZPOCET",{"$nulls":11},{"v":0,"d":"0.000"}]
[{"$nulls":3},"D","776","Podlahy povlakové",{"$nulls":3},{"v":0,"d":"0.000"},{"$nulls":5},{"v":443.82166599999994,"d":"443.82167"},null,{"v":2.08646411,"d":"2.08646"},null,4.23975,{"$nulls":23},"2",null,"D","1",{"$nulls":3},"ROZPOCET",{"$nulls":11},{"v":0,"d":"0.000"}]
[null,null,"12","K","776220116","Lepenie povlakových podláh z linolea na schodiskových stupňoch na stupnice rovné","m",{"v":26.95,"d":"26.950"},null,{"v":0,"d":"0.000"},null,null,"","znížená",{"v":0.12,"d":"0.12000"},{"v":3.234,"d":"3.23400"},{"v":0.0001,"d":"0.00010"},{"v":0.002695,"d":"0.00270"},{"v":0,"d":"0.00000"},{"v":0,"d":"0.00000"},{"$nulls":23},"16",null,"K","2",{"$nulls":3},"ROZPOCET",{"$nulls":5},{"v":0,"d":"0.00"},{"v":0,"d":"0.00"},{"v":0,"d":"0.00"},{"v":0,"d":"0.00"},{"v":0,"d":"0.00"},"2",{"v":0,"d":"0.000"},"16","-25560348"]
[null,null,"13","M","284110003400","Podlaha PVC heterogénna,, hrúbka 2 mm, vyššia trieda záťaže 42, nášľapná vrstva od 0,6mm","m2",12.128,null,{"v":0,"d":"0.000"},null,null,"","znížená",{"v":0,"d":"0.00000"},{"v":0,"d":"0.00000"},{"v":0.008,"d":"0.00800"},{"v":0.097024,"d":"0.09702"},{"v":0,"d":"0.00000"},{"v":0,"d":"0.00000"},{"$nulls":23},"32",null,"M","2",{"$nulls":3},"ROZPOCET",{"$nulls":5},{"v":0,"d":"0.00"},{"v":0,"d":"0.00"},{"v":0,"d":"0.00"},{"v":0,"d":"0.00"},{"v":0,"d":"0.00"},"2",{"v":0,"d":"0.000"},"16","1244889274"]
[null,null,"14","K","776270117","Lepenie schodových hrán","m",{"v":59.95,"d":"59.950"},null,{"v":0,"d":"0.000"},null,null,"","znížená",{"v":0.095,"d":"0.09500"},{"v":5.695250000000001,"d":"5.69525"},{"v":3e-05,"d":"0.00003"},{"v":0.0017985000000000002,"d":"0.00180"},{"v":0,"d":"0.00000"},{"v":0,"d":"0.00000"},{"$nulls":23},"16",null,"K","2",{"$nulls":3},"ROZPOCET",{"$nulls":5},{"v":0,"d":"0.00"},{"v":0,"d":"0.00"},{"v":0,"d":"0.00"},{"v":0,"d":"0.00"},{"v":0,"d":"0.00"},"2",{"v":0,"d":"0.000"},"16","692920890"]
[null,null,"15","M","697590000400","Schodová hrana","m",61.149,null,{"v":0,"d":"0.000"},null,null,"","znížená",{"v":0,"d":"0.00000"},{"v":0,"d":"0.00000"},0.00015,{"v":0.00917235,"d":"0.00917"},{"v":0,"d":"0.00000"},{"v":0,"d":"0.00000"},{"$nulls":23},"32",null,"M","2",{"$nulls":3},"ROZPOCET",{"$nulls":5},{"v":0,"d":"0.00"},{"v":0,"d":"0.00"},{"v":0,"d":"0.00"},{"v":0,"d":"0.00"},{"v":0,"d":"0.00"},"2",{"v":0,"d":"0.000"},"16","2025039295"]
[null,null,"16","K","776411000","Lepenie podlahových líšt soklových","m",{"v":369.21,"d":"369.210"},null,{"v":0,"d":"0.000"},null,null,"","znížená",{"v":0.118,"d":"0.11800"},{"v":43.566779999999994,"d":"43.56678"},{"v":4e-05,"d":"0.00004"},{"v":0.014768400000000001,"d":"0.01477"},{"v":0,"d":"0.00000"},{"v":0,"d":"0.00000"},{"$nulls":23},"16",null,"K","2",{"$nulls":3},"ROZPOCET",{"$nulls":5},{"v":0,"d":"0.00"},{"v":0,"d":"0.00"},{"v":0,"d":"0.00"},{"v":0,"d":"0.00"},{"v":0,"d":"0.00"},"2",{"v":0,"d":"0.000"},"16","-150015223"]
[null,null,"17","M","283410017900","Soklová PVC lišta DSL 60, ochranný lem 5 mm, napr.BRENO","m",372.902,null,{"v":0,"d":"0.000"},null,null,"","znížená",{"v":0,"d":"0.00000"},{"v":0,"d":"0.00000"},0.00163,{"v":0.60783026,"d":"0.60783"},{"v":0,"d":"0.00000"},{"v":0,"d":"0.00000"},{"$nulls":23},"32",null,"M","2",{"$nulls":3},"ROZPOCET",{"$nulls":5},{"v":0,"d":"0.00"},{"v":0,"d":"0.00"},{"v":0,"d":"0.00"},{"v":0,"d":"0.00"},{"v":0,"d":"0.00"},"2",{"v":0,"d":"0.000"},"16","-1318306656"]
[null,null,"18","K","776511820","Odstránenie povlakových podláh z nášľapnej plochy lepených s podložkou,  -0,00100t","m2",{"v":282.65,"d":"282.650"},null,{"v":0,"d":"0.000"},null,null,"","znížená",{"v":0.241,"d":"0.24100"},{"v":68.11864999999999,"d":"68.11865"},{"v":0,"d":"0.00000"},{"v":0,"d":"0.00000"},{"v":0.015,"d":"0.01500"},4.23975,{"$nulls":23},"16",null,"K","2",{"$nulls":3},"ROZPOCET",{"$nulls":5},{"v":0,"d":"0.00"},{"v":0,"d":"0.00"},{"v":0,"d":"0.00"},{"v":0,"d":"0.00"},{"v":0,"d":"0.00"},"2",{"v":0,"d":"0.000"},"16","1469656447"]
[null,null,"19","K","776541100","Lepenie povlakových podláh PVC heterogénnych v pásoch","m2",{"v":282.62,"d":"282.620"},null,{"v":0,"d":"0.000"},null,null,"","znížená",{"v":0.309,"d":"0.30900"},87.32958,{"v":0.0003,"d":"0.00030"},{"v":0.084786,"d":"0.08479"},{"v":0,"d":"0.00000"},{"v":0,"d":"0.00000"},{"$nulls":23},"16",null,"K","2",{"$nulls":3},"ROZPOCET",{"$nulls":5},{"v":0,"d":"0.00"},{"v":0,"d":"0.00"},{"v":0,"d":"0.00"},{"v":0,"d":"0.00"},{"v":0,"d":"0.00"},"2",{"v":0,"d":"0.000"},"16","737870920"]
[null,null,"20","M","284110003400","Podlaha PVC heterogénna,, hrúbka 2 mm, vyššia trieda záťaže 42, nášľapná vrstva od 0,6mm","m2",{"v":83.69,"d":"83.690"},null,{"v":0,"d":"0.000"},null,null,"","znížená",{"v":0,"d":"0.00000"},{"v":0,"d":"0.00000"},{"v":0.008,"d":"0.00800"},0.66952,{"v":0,"d":"0.00000"},{"v":0,"d":"0.00000"},{"$nulls":23},"32",null,"M","2",{"$nulls":3},"ROZPOCET",{"$nulls":5},{"v":0,"d":"0.00"},{"v":0,"d":"0.00"},{"v":0,"d":"0.00"},{"v":0,"d":"0.00"},{"v":0,"d":"0.00"},"2",{"v":0,"d":"0.000"},"16","-667988761"]
[null,null,"21","M","284110002630","Podlaha PVC ","m2",{"v":198.96,"d":"198.960"},null,{"v":0,"d":"0.000"},null,null,"","znížená",{"v":0,"d":"0.00000"},{"v":0,"d":"0.00000"},0.00301,{"v":0.5988696,"d":"0.59887"},{"v":0,"d":"0.00000"},{"v":0,"d":"0.00000"},{"$nulls":23},"32",null,"M","2",{"$nulls":3},"ROZPOCET",{"$nulls":5},{"v":0,"d":"0.00"},{"v":0,"d":"0.00"},{"v":0,"d":"0.00"},{"v":0,"d":"0.00"},{"v":0,"d":"0.00"},"2",{"v":0,"d":"0.000"},"16","-1391380273"]
[null,null,"22","K","776992210","Príprava podkladu prebrúsením betónu ručným elektrickým náradím","m2",{"v":282.62,"d":"282.620"},null,{"v":0,"d":"0.000"},null,null,"","znížená",{"v":0.827,"d":"0.82700"},{"v":233.72673999999998,"d":"233.72674"},{"v":0,"d":"0.00000"},{"v":0,"d":"0.00000"},{"v":0,"d":"0.00000"},{"v":0,"d":"0.00000"},{"$nulls":23},"16",null,"K","2",{"$nulls":3},"ROZPOCET",{"$nulls":5},{"v":0,"d":"0.00"},{"v":0,"d":"0.00"},{"v":0,"d":"0.00"},{"v":0,"d":"0.00"},{"v":0,"d":"0.00"},"2",{"v":0,"d":"0.000"},"16","-1203969161"]
[null,null,"23","K","998776101","Presun hmôt pre podlahy povlakové v objektoch výšky do 6 m","t",2.086,null,{"v":0,"d":"0.000"},null,null,"","znížená",{"v":1.031,"d":"1.03100"},{"v":2.1506659999999997,"d":"2.15067"},{"v":0,"d":"0.00000"},{"v":0,"d":"0.00000"},{"v":0,"d":"0.00000"},{"v":0,"d":"0.00000"},{"$nulls":23},"16",null,"K","2",{"$nulls":3},"ROZPOCET",{"$nulls":5},{"v":0,"d":"0.00"},{"v":0,"d":"0.00"},{"v":0,"d":"0.00"},{"v":0,"d":"0.00"},{"v":0,"d":"0.00"},"2",{"v":0,"d":"0.000"},"16","408556423"]
[{"$nulls":3},"D","784","Maľby",{"$nulls":3},{"v":0,"d":"0.000"},{"$nulls":5},{"v":351.04278400000004,"d":"351.04278"},null,{"v":2.23225699,"d":"2.23226"},null,{"v":0,"d":"0.00000"},{"$nulls":23},"2",null,"D","1",{"$nulls":3},"ROZPOCET",{"$nulls":11},{"v":0,"d":"0.000"}]
[null,null,"24","K","784402801","Odstránenie malieb oškrabaním, výšky do 3,80 m","m2",{"v":1172.039,"d":"1,172.039"},null,{"v":0,"d":"0.000"},null,null,"","znížená",{"v":0.058,"d":"0.05800"},{"v":67.978262,"d":"67.97826"},{"v":0,"d":"0.00000"},{"v":0,"d":"0.00000"},{"v":0,"d":"0.00000"},{"v":0,"d":"0.00000"},{"$nulls":23},"16",null,"K","2",{"$nulls":3},"ROZPOCET",{"$nulls":5},{"v":0,"d":"0.00"},{"v":0,"d":"0.00"},{"v":0,"d":"0.00"},{"v":0,"d":"0.00"},{"v":0,"d":"0.00"},"2",{"v":0,"d":"0.000"},"16","1638973706"]
[null,null,"25","K","784410010","Oblepenie vypínačov, zásuviek páskou výšky do 3,80 m","ks",{"v":71,"d":"71.000"},null,{"v":0,"d":"0.000"},null,null,"","znížená",{"v":0.03,"d":"0.03000"},{"v":2.13,"d":"2.13000"},{"v":0,"d":"0.00000"},{"v":0,"d":"0.00000"},{"v":0,"d":"0.00000"},{"v":0,"d":"0.00000"},{"$nulls":23},"16",null,"K","2",{"$nulls":3},"ROZPOCET",{"$nulls":5},{"v":0,"d":"0.00"},{"v":0,"d":"0.00"},{"v":0,"d":"0.00"},{"v":0,"d":"0.00"},{"v":0,"d":"0.00"},"2",{"v":0,"d":"0.000"},"16","1844951257"]
[null,null,"26","K","784410100","Penetrovanie jednonásobné jemnozrnných podkladov výšky do 3,80 m","m2",{"v":1336.529,"d":"1,336.529"},null,{"v":0,"d":"0.000"},null,null,"","znížená",{"v":0.03,"d":"0.03000"},40.09587,{"v":0.0001,"d":"0.00010"},{"v":0.13365290000000002,"d":"0.13365"},{"v":0,"d":"0.00000"},{"v":0,"d":"0.00000"},{"$nulls":23},"16",null,"K","2",{"$nulls":3},"ROZPOCET",{"$nulls":5},{"v":0,"d":"0.00"},{"v":0,"d":"0.00"},{"v":0,"d":"0.00"},{"v":0,"d":"0.00"},{"v":0,"d":"0.00"},"2",{"v":0,"d":"0.000"},"16","977557435"]
[null,null,"27","K","784418011","Zakrývanie otvorov, podláh a zariadení fóliou v miestnostiach alebo na schodisku","m2",292.945,null,{"v":0,"d":"0.000"},null,null,"","znížená",{"v":0.045,"d":"0.04500"},{"v":13.182525,"d":"13.18253"},0.00015,{"v":0.043941749999999995,"d":"0.04394"},{"v":0,"d":"0.00000"},{"v":0,"d":"0.00000"},{"$nulls":23},"16",null,"K","2",{"$nulls":3},"ROZPOCET",{"$nulls":5},{"v":0,"d":"0.00"},{"v":0,"d":"0.00"},{"v":0,"d":"0.00"},{"v":0,"d":"0.00"},{"v":0,"d":"0.00"},"2",{"v":0,"d":"0.000"},"16","-992740392"]
[null,null,"28","K","784452273","Maľby z maliarskych zmesí Primalex, Farmal, ručne nanášané dvojnásobné základné na podklad hrubozrnný výšky do 3,80 m","m2",{"v":1172.039,"d":"1,172.039"},null,{"v":0,"d":"0.000"},null,null,"","znížená",{"v":0.063,"d":"0.06300"},{"v":73.838457,"d":"73.83846"},0.00027,{"v":0.31645053,"d":"0.31645"},{"v":0,"d":"0.00000"},{"v":0,"d":"0.00000"},{"$nulls":23},"16",null,"K","2",{"$nulls":3},"ROZPOCET",{"$nulls":5},{"v":0,"d":"0.00"},{"v":0,"d":"0.00"},{"v":0,"d":"0.00"},{"v":0,"d":"0.00"},{"v":0,"d":"0.00"},"2",{"v":0,"d":"0.000"},"16","-237700666"]
[null,null,"29","K","78445403R","Maľby z maliarských zmesí ručne Primalex Plastik  nanášaná, dekoratívna  na hrubozrnný podklad výšky do 3,80 m","m2",153.524,null,{"v":0,"d":"0.000"},null,null,"","znížená",{"v":0.193,"d":"0.19300"},{"v":29.630132,"d":"29.63013"},0.00044,{"v":0.06755056000000001,"d":"0.06755"},{"v":0,"d":"0.00000"},{"v":0,"d":"0.00000"},{"$nulls":23},"16",null,"K","2",{"$nulls":3},"ROZPOCET",{"$nulls":5},{"v":0,"d":"0.00"},{"v":0,"d":"0.00"},{"v":0,"d":"0.00"},{"v":0,"d":"0.00"},{"v":0,"d":"0.00"},"2",{"v":0,"d":"0.000"},"16","-623104827"]
[null,null,"30","K","784482911","Oprava stierky stien v rozsahu 30 % výšky do 3,80 m","m2",{"v":1043.584,"d":"1,043.584"},null,{"v":0,"d":"0.000"},null,null,"","znížená",{"v":0.087,"d":"0.08700"},{"v":90.791808,"d":"90.79181"},0.00125,1.30448,{"v":0,"d":"0.00000"},{"v":0,"d":"0.00000"},{"$nulls":23},"16",null,"K","2",{"$nulls":3},"ROZPOCET",{"$nulls":5},{"v":0,"d":"0.00"},{"v":0,"d":"0.00"},{"v":0,"d":"0.00"},{"v":0,"d":"0.00"},{"v":0,"d":"0.00"},"2",{"v":0,"d":"0.000"},"16","1814220285"]
[null,null,"31","K","784483911","Oprava stierky stropov v rozsahu 30 % výšky do 3,80 m","m2",292.945,null,{"v":0,"d":"0.000"},null,null,"","znížená",{"v":0.114,"d":"0.11400"},33.39573,0.00125,{"v":0.36618125,"d":"0.36618"},{"v":0,"d":"0.00000"},{"v":0,"d":"0.00000"},{"$nulls":23},"16",null,"K","2",{"$nulls":3},"ROZPOCET",{"$nulls":5},{"v":0,"d":"0.00"},{"v":0,"d":"0.00"},{"v":0,"d":"0.00"},{"v":0,"d":"0.00"},{"v":0,"d":"0.00"},"2",{"v":0,"d":"0.000"},"16","-1735154657"]
[{"$nulls":3},"D","HZS","Hodinové zúčtovacie sadzby",{"$nulls":3},{"v":0,"d":"0.000"},{"$nulls":5},{"v":50.88,"d":"50.88000"},null,{"v":0,"d":"0.00000"},null,{"v":0,"d":"0.00000"},{"$nulls":23},"4",null,"D","0",{"$nulls":3},"ROZPOCET",{"$nulls":11},{"v":0,"d":"0.000"}]
[null,null,"32","K","HZS000111","Príprava miestnosti na maľovanie - sťahovanie nábytku ","hod",{"v":48,"d":"48.000"},null,{"v":0,"d":"0.000"},null,null,"","znížená",{"v":1.06,"d":"1.06000"},{"v":50.88,"d":"50.88000"},{"v":0,"d":"0.00000"},{"v":0,"d":"0.00000"},{"v":0,"d":"0.00000"},{"v":0,"d":"0.00000"},{"$nulls":23},"512",null,"K","1",{"$nulls":3},"ROZPOCET",{"$nulls":5},{"v":0,"d":"0.00"},{"v":0,"d":"0.00"},{"v":0,"d":"0.00"},{"v":0,"d":"0.00"},{"v":0,"d":"0.00"},"2",{"v":0,"d":"0.000"},"512","-2043391779"]